頭文字から駅名(東日本) - Statistics

General Stats
  • This quiz has been taken 618 times
    544 since last reset
  • The average score is 6 of 10
Answer Stats
Question Answer % Correct
あ五小三羽羽鶴 あつみ温泉、五十川、小波渡、三瀬、羽前水沢、羽前大山、鶴岡
100%
い赤小江川夏小 いわき、赤井、小川郷、江田、川前、夏井、小野新町
100%
お堀京千町新日 お花茶屋、堀切菖蒲園、京成関屋、千住大橋、町屋、新三河島、日暮里
100%
かさ相大瀬三希 かしわ台、さがみ野、相模大塚、大和、瀬谷、三ツ境、希望ヶ丘
100%
か芳芳ゆゆゆグ かしの森公園前、芳賀町工業団地管理センター前、芳賀台、ゆいの杜東、ゆいの杜中央、ゆいの杜西、グリーンスタジアム前
100%
く一水北新盛い くりこま高原、一ノ関、水沢江刺、北上、新花巻、盛岡、いわて沼宮内
100%
グ清清飛平平宇 グリーンスタジアム前、清原地区市民センター前、清陵高校前、飛山城跡、平石中央小学校前、平石、宇都宮大学陽東キャンパス
100%
く北新初鎌二三 くぬぎ山、北初富、新鎌ヶ谷、初富、鎌ヶ谷大仏、二和向台、三咲
100%
さ新古矢田羽加 さつき野、新津、古津、矢代田、田上、羽生田、加茂
100%
サ長千南植沼苫 サッポロビール庭園、長都、千歳、南千歳、植苗、沼ノ端、苫小牧
100%
さ与北浦南蕨西 さいたま新都心、与野、北浦和、浦和、南浦和、蕨、西川口
100%
ス動み都桜小千 スポーツセンター、動物公園、みつわ台、都賀、桜木、小倉台、千城台北
100%
セセ仲新北新岸 センター北、センター南、仲町台、新羽、北新横浜、新横浜、岸根公園
100%
せ武一春北姫東 せんげん台、武里、一ノ割、春日部、北春日部、姫宮、東武動物公園
100%
テ坂戸千屋屋篠 テクノさかき、坂城、戸倉、千曲、屋代、屋代高校前、篠ノ井
100%
と上東下成和朝 ときわ台、上板橋、東武練馬、下赤塚、成増、和光市、朝霞
100%
ふ会弥塔湯芦大 ふるさと公園、会津下郷、弥五島、塔のへつり、湯野上温泉、芦ノ牧温泉南、大川ダム公園
100%
ふ小桜寄波樋野 ふかや花園、小前田、桜沢、寄居、波久礼、樋口、野上
100%
ほゆ和岩横立藤 ほっとゆだ、ゆだ錦秋湖、和賀仙人、岩沢、横川目、立川目、藤根
100%
み守柏柏流流南 みらい平、守谷、柏たなか、柏の葉キャンパス、流山おおたかの森、流山セントラルパーク、南流山
100%
ゆほゆ和岩横立 ゆだ高原、ほっとゆだ、ゆだ錦秋湖、和賀仙人、岩沢、横川目、立川目
100%
ユ地公井中女公 ユーカリが丘、地区センター、公園、井野、中学校、女子大、公園
100%
阿奥比岩笑萱荒 阿仁マタギ、奥阿仁、比立内、岩野目、笑内、萱草、荒瀬
100%
阿荻西吉三武東 阿佐ケ谷、荻窪、西荻窪、吉祥寺、三鷹、武蔵境、東小金井
100%
阿高中新四御神 阿佐ケ谷、高円寺、中野、新宿、四ツ谷、御茶ノ水、神田
100%
愛掛菊金島六藤 愛野、掛川、菊川、金谷、島田、六合、藤枝
100%
愛松塩国陸岩東 愛宕、松島、塩釜、国府多賀城、陸前山王、岩切、東仙台
100%
愛袋御磐豊天浜 愛野、袋井、御厨、磐田、豊田町、天竜川、浜松
100%
愛中安上白丸瀬 愛別、中愛別、安足間、上川、白滝、丸瀬布、瀬戸瀬
100%
愛品鹿松小田瀬 愛宕、品井沼、鹿島台、松山町、小牛田、田尻、瀬峰
100%
愛陸熊作奥面山 愛子、陸前白沢、熊ケ根、作並、奥新川、面白山高原、山寺
100%
旭旭新永北比蘭 旭川、旭川四条、新旭川、永山、北永山、比布、蘭留
100%
旭干八飯横松成 旭、干潟、八日市場、飯倉、横芝、松尾、成東
100%
旭新永北比蘭塩 旭川四条、新旭川、永山、北永山、比布、蘭留、塩狩
100%
芦八上桜下明代 芦花公園、八幡山、上北沢、桜上水、下高井戸、明大前、代田橋
100%
綾亀金松北馬新 綾瀬、亀有、金町、松戸、北松戸、馬橋、新松戸
100%
綾恋甫三吉唐平 綾里、恋し浜、甫嶺、三陸、吉浜、唐丹、平田
100%
安茨柏鯨青笠米 安田、茨目、柏崎、鯨波、青海川、笠島、米山
100%
安軽佐上長飯上 安中榛名、軽井沢、佐久平、上田、長野、飯山、上越妙高
100%
伊阪吉蒔弘上港 伊勢佐木長者町、阪東橋、吉野町、蒔田、弘明寺、上大岡、港南中央
100%
伊長有洞豊大礼 伊達紋別、長和、有珠、洞爺、豊浦、大岸、礼文
100%
伊飯田伊小駒大 伊那本郷、飯島、田切、伊那福岡、小町屋、駒ケ根、大田切
100%
伊蓮稲河今伊片 伊豆急下田、蓮台寺、稲梓、河津、今井浜海岸、伊豆稲取、片瀬白田
100%
為平鶯伊中小大 為栗、平岡、鶯巣、伊那小沢、中井侍、小和田、大嵐
100%
井羽大追上土泉 井川さくら、羽後飯塚、大久保、追分、上飯島、土崎、泉外旭川
100%
井新群八渋敷津 井野、新前橋、群馬総社、八木原、渋川、敷島、津久田
100%
井新前前駒伊国 井野、新前橋、前橋、前橋大島、駒形、伊勢崎、国定
100%
井南黄日戸横神 井土ヶ谷、南太田、黄金町、日ノ出町、戸部、横浜、神奈川
100%
一中南豊柏穂有 一日市場、中萱、南豊科、豊科、柏矢町、穂高、有明
100%
一武せ大北越新 一ノ割、武里、せんげん台、大袋、北越谷、越谷、新越谷
100%
逸汐横県堀京馬 逸見、汐入、横須賀中央、県立大学、堀ノ内、京急大津、馬堀海岸
100%
稲検海幕新南二 稲毛海岸、検見川浜、海浜幕張、幕張豊砂、新習志野、南船橋、二俣新町
100%
稲十井寄内甲身 稲子、十島、井出、寄畑、内船、甲斐大島、身延
100%
稲南府分西谷矢 稲城長沼、南多摩、府中本町、分倍河原、西府、谷保、矢川
100%
稲武狭小西所秋 稲荷山公園、武蔵藤沢、狭山ヶ丘、小手指、西所沢、所沢、秋津
100%
茨安北越長塚越 茨目、安田、北条、越後広田、長鳥、塚山、越後岩塚
100%
宇那新郡福白仙 宇都宮、那須塩原、新白河、郡山、福島、白石蔵王、仙台
100%
羽加保東三東帯 羽生田、加茂、保内、東三条、三条、東光寺、帯織
100%
羽折羽岩道下桂 羽後岩谷、折渡、羽後亀田、岩城みなと、道川、下浜、桂根
100%
羽大和四秋泉土 羽後境、大張野、和田、四ツ小屋、秋田、泉外旭川、土崎
100%
羽鶴藤西余北砂 羽前大山、鶴岡、藤島、西袋、余目、北余目、砂越
100%
羽南加花鷲久和 羽生、南羽生、加須、花崎、鷲宮、久喜、和戸
100%
羽南漆高天天乱 羽前千歳、南出羽、漆山、高擶、天童南、天童、乱川
100%
鵜勝御浪大三長 鵜原、勝浦、御宿、浪花、大原、三門、長者町
100%
臼龍太中滑北岩 臼田、龍岡城、太田部、中込、滑津、北中込、岩村田
100%
浦さ大土東蓮白 浦和、さいたま新都心、大宮、土呂、東大宮、蓮田、白岡
100%
浦影御秩大和皆 浦山口、影森、御花畑、秩父、大野原、和銅黒谷、皆野
100%
浦葛西南東木門 浦安、葛西、西葛西、南砂町、東陽町、木場、門前仲町
100%
浦赤池新渋恵大 浦和、赤羽、池袋、新宿、渋谷、恵比寿、大崎
100%
浦南蕨西川赤東 浦和、南浦和、蕨、西川口、川口、赤羽、東十条
100%
瓜静常玉野山中 瓜連、静、常陸大宮、玉川村、野上原、山方宿、中舟生
100%
永ふ小桜寄波樋 永田、ふかや花園、小前田、桜沢、寄居、波久礼、樋口
100%
永大土誉鎌蘇本 永田、大網、土気、誉田、鎌取、蘇我、本千葉
100%
益七多市笹天茂 益子、七井、多田羅、市塙、笹原田、天矢場、茂木
100%
越越内内新寺小 越後曽根、越後赤塚、内野西が丘、内野、新潟大学前、寺尾、小針
100%
越巻岩北吉南粟 越後曽根、巻、岩室、北吉田、吉田、南吉田、粟生津
100%
越吉吉新三南新 越谷レイクタウン、吉川、吉川美南、新三郷、三郷、南流山、新松戸
100%
越上入大只会会 越後須原、上条、入広瀬、大白川、只見、会津蒲生、会津塩沢
100%
越潮新葛舞新市 越中島、潮見、新木場、葛西臨海公園、舞浜、新浦安、市川塩浜
100%
越明小竹折寄用 越生、明覚、小川町、竹沢、折原、寄居、用土
100%
越来前宮長北押 越後岩塚、来迎寺、前川、宮内、長岡、北長岡、押切
100%
塩広村平南松田 塩尻、広丘、村井、平田、南松本、松本、田沢
100%
塩地川抜家大福 塩郷、地名、川根温泉笹間渡、抜里、家山、大和田、福用
100%
塩東山春石酒甲 塩山、東山梨、山梨市、春日居町、石和温泉、酒折、甲府
100%
奥御い岩好渋滝 奥中山高原、御堂、いわて沼宮内、岩手川口、好摩、渋民、滝沢
100%
奥田多新武元日 奥沢、田園調布、多摩川、新丸子、武蔵小杉、元住吉、日吉
100%
押曳東鐘堀牛北 押上、曳舟、東向島、鐘ヶ淵、堀切、牛田、北千住
100%
押錦住清水三大 押上、錦糸町、住吉、清澄白河、水天宮前、三越前、大手町
100%
横三三片岸新北 横浜、三ツ沢下町、三ツ沢上町、片倉町、岸根公園、新横浜、北新横浜
100%
横汐逸安京追金 横須賀中央、汐入、逸見、安針塚、京急田浦、追浜、金沢八景
100%
横新武西品新東 横浜、新川崎、武蔵小杉、西大井、品川、新橋、東京
100%
横深広追驫風大 横磯、深浦、広戸、追良瀬、驫木、風合瀬、大戸瀬
100%
横神京神子京生 横浜、神奈川、京急東神奈川、神奈川新町、子安、京急新子安、生麦
100%
横東馬下小俵久 横田、東横田、馬来田、下郡、小櫃、俵田、久留里
100%
王王西駒本東後 王子神谷、王子、西ケ原、駒込、本駒込、東大前、後楽園
100%
王上田西日鶯上 王子、上中里、田端、西日暮里、日暮里、鶯谷、上野
100%
卸福瀬向高上保 卸町、福島学院前、瀬上、向瀬上、高子、上保原、保原
100%
卸薬連宮仙青大 卸町、薬師堂、連坊、宮城野通、仙台、青葉通一番町、大町西公園
100%
温為平鶯伊中小 温田、為栗、平岡、鶯巣、伊那小沢、中井侍、小和田
100%
音厚浦新豊十池 音別、厚内、浦幌、新吉野、豊頃、十弗、池田
100%
音咲天美智智日 音威子府、咲来、天塩川温泉、美深、智北、智恵文、日進
100%
下井上上武東西 下井草、井荻、上井草、上石神井、武蔵関、東伏見、西武柳沢
100%
下玉川東結小小 下館、玉戸、川島、東結城、結城、小田林、小山
100%
下桜上八芦千仙 下高井戸、桜上水、上北沢、八幡山、芦花公園、千歳烏山、仙川
100%
下小俵久平上上 下郡、小櫃、俵田、久留里、平山、上総松丘、上総亀山
100%
下上茅青す富信 下諏訪、上諏訪、茅野、青柳、すずらんの里、富士見、信濃境
100%
下上相松東山谷 下曽我、上大井、相模金子、松田、東山北、山北、谷峨
100%
下仁鴻大小滝烏 下野花岡、仁井田、鴻野山、大金、小塙、滝、烏山
100%
下西船東津幕幕 下総中山、西船橋、船橋、東船橋、津田沼、幕張本郷、幕張
100%
下西本東陸松高 下馬、西塩釜、本塩釜、東塩釜、陸前浜田、松島海岸、高城町
100%
下鼎切飯桜伊元 下山村、鼎、切石、飯田、桜町、伊那上郷、元善光寺
100%
下陸八北苫剣諏 下田、陸奥市川、八戸、北高岩、苫米地、剣吉、諏訪ノ平
100%
下立中踊戸舞下 下飯田、立場、中田、踊場、戸塚、舞岡、下永谷
100%
下葭寿三東十都 下吉田、葭池温泉前、寿、三つ峠、東桂、十日市場、都留文科大学前
100%
加保東三東帯見 加茂、保内、東三条、三条、東光寺、帯織、見附
100%
河富富月下葭寿 河口湖、富士急ハイランド、富士山、月江寺、下吉田、葭池温泉前、寿
100%
花京鶴八京六雑 花月総持寺、京急鶴見、鶴見市場、八丁畷、京急川崎、六郷土手、雑色
100%
花似新小土晴岩 花巻、似内、新花巻、小山田、土沢、晴山、岩根橋
100%
花田西東武上上 花小金井、田無、西武柳沢、東伏見、武蔵関、上石神井、上井草
100%
霞国赤四四新新 霞ケ関、国会議事堂前、赤坂見附、四ツ谷、四谷三丁目、新宿御苑前、新宿三丁目
100%
霞国赤乃表明代 霞ケ関、国会議事堂前、赤坂、乃木坂、表参道、明治神宮前、代々木公園
100%
霞日二大新湯根 霞ケ関、日比谷、二重橋前、大手町、新御茶ノ水、湯島、根津
100%
会会会会只大入 会津横田、会津大塩、会津塩沢、会津蒲生、只見、大白川、入広瀬
100%
会会会滝郷会会 会津宮下、会津西方、会津桧原、滝谷、郷戸、会津柳津、会津坂本
100%
会会中会田会養 会津山村道場、会津荒海、中荒井、会津田島、田島高校前、会津長野、養鱒公園
100%
会広東磐翁猪川 会津若松、広田、東長原、磐梯町、翁島、猪苗代、川桁
100%
会塔会若新根会 会津坂本、塔寺、会津坂下、若宮、新鶴、根岸、会津高田
100%
海厚本愛伊鶴東 海老名、厚木、本厚木、愛甲石田、伊勢原、鶴巻温泉、東海大学前
100%
海幕新南二市新 海浜幕張、幕張豊砂、新習志野、南船橋、二俣新町、市川塩浜、新浦安
100%
皆和大秩御影浦 皆野、和銅黒谷、大野原、秩父、御花畑、影森、浦山口
100%
貝越白東北大船 貝田、越河、白石、東白石、北白川、大河原、船岡
100%
柿新百読生向登 柿生、新百合ヶ丘、百合ヶ丘、読売ランド前、生田、向ヶ丘遊園、登戸
100%
掛掛西桜い細原 掛川、掛川市役所前、西掛川、桜木、いこいの広場、細谷、原谷
100%
潟上柿米笠青鯨 潟町、上下浜、柿崎、米山、笠島、青海川、鯨波
100%
葛浦南行妙原西 葛西、浦安、南行徳、行徳、妙典、原木中山、西船橋
100%
蒲氏宝岡宇雀石 蒲須坂、氏家、宝積寺、岡本、宇都宮、雀宮、石橋
100%
鎌逗東田横衣久 鎌倉、逗子、東逗子、田浦、横須賀、衣笠、久里浜
100%
茅日大竹九飯神 茅場町、日本橋、大手町、竹橋、九段下、飯田橋、神楽坂
100%
茅北香寒宮倉門 茅ケ崎、北茅ケ崎、香川、寒川、宮山、倉見、門沢橋
100%
巻越越内内新寺 巻、越後曽根、越後赤塚、内野西が丘、内野、新潟大学前、寺尾
100%
観本笠西海君犬 観音、本銚子、笠上黒生、西海鹿島、海鹿島、君ヶ浜、犬吠
100%
間小小自石雀宇 間々田、小山、小金井、自治医大、石橋、雀宮、宇都宮
100%
関川猪翁磐東広 関都、川桁、猪苗代、翁島、磐梯町、東長原、広田
100%
関大峠板庭笹福 関根、大沢、峠、板谷、庭坂、笹木野、福島
100%
館那富岩安保浜 館山、那古船形、富浦、岩井、安房勝山、保田、浜金谷
100%
丸あ兜富や梁新 丸森、あぶくま、兜、富野、やながわ希望の森公園前、梁川、新田
100%
岩逢亘浜山坂新 岩沼、逢隈、亘理、浜吉田、山下、坂元、新地
100%
岩峰光美茶奈豊 岩見沢、峰延、光珠内、美唄、茶志内、奈井江、豊沼
100%
喜成祖千経豪梅 喜多見、成城学園前、祖師ヶ谷大蔵、千歳船橋、経堂、豪徳寺、梅ヶ丘
100%
寄玉鉢男み東小 寄居、玉淀、鉢形、男衾、みなみ寄居、東武竹沢、小川町
100%
寄用松児丹群北 寄居、用土、松久、児玉、丹荘、群馬藤岡、北藤岡
100%
鬼京東京海京大 鬼越、京成中山、東中山、京成西船、海神、京成船橋、大神宮下
100%
亀綾北南三日上 亀有、綾瀬、北千住、南千住、三河島、日暮里、上野
100%
亀錦両浅秋御水 亀戸、錦糸町、両国、浅草橋、秋葉原、御茶ノ水、水道橋
100%
菊掛愛袋御磐豊 菊川、掛川、愛野、袋井、御厨、磐田、豊田町
100%
吉吉新三南新新 吉川、吉川美南、新三郷、三郷、南流山、新松戸、新八柱
100%
吉三武東武国西 吉祥寺、三鷹、武蔵境、東小金井、武蔵小金井、国分寺、西国分寺
100%
吉新三南新新東 吉川美南、新三郷、三郷、南流山、新松戸、新八柱、東松戸
100%
吉西荻阿高中新 吉祥寺、西荻窪、荻窪、阿佐ケ谷、高円寺、中野、新宿
100%
吉唐平釜両鵜大 吉浜、唐丹、平田、釜石、両石、鵜住居、大槌
100%
吉富富新蒲由興 吉原、富士、富士川、新蒲原、蒲原、由比、興津
100%
逆高六新鎌馬塚 逆井、高柳、六実、新鎌ヶ谷、鎌ヶ谷、馬込沢、塚田
100%
久寺真北西北益 久下田、寺内、真岡、北真岡、西田井、北山、益子
100%
久東栗古野間小 久喜、東鷲宮、栗橋、古河、野木、間々田、小山
100%
久陸陸十野堀白 久慈、陸中宇部、陸中野田、十府ヶ浦海岸、野田玉川、堀内、白井海岸
100%
宮宮梶溝高二二 宮前平、宮崎台、梶が谷、溝の口、高津、二子新地、二子玉川
100%
宮青東河小羽福 宮ノ平、青梅、東青梅、河辺、小作、羽村、福生
100%
宮大さ浦赤尾上 宮原、大宮、さいたま新都心、浦和、赤羽、尾久、上野
100%
宮大塔箱入風箱 宮ノ下、大平台、塔ノ沢、箱根湯本、入生田、風祭、箱根板橋
100%
宮藪奈木贄日洗 宮ノ越、藪原、奈良井、木曽平沢、贄川、日出塩、洗馬
100%
牛飯春本上新蔵 牛込神楽坂、飯田橋、春日、本郷三丁目、上野御徒町、新御徒町、蔵前
100%
牛福羽小河東青 牛浜、福生、羽村、小作、河辺、東青梅、青梅
100%
牛堀鐘東曳押と 牛田、堀切、鐘ヶ淵、東向島、曳舟、押上、とうきょうスカイツリー
100%
魚越上入大只会 魚沼田中、越後須原、上条、入広瀬、大白川、只見、会津蒲生
100%
京安逸汐横県堀 京急田浦、安針塚、逸見、汐入、横須賀中央、県立大学、堀ノ内
100%
京京稲若京京京 京王稲田堤、京王よみうりランド、稲城、若葉台、京王永山、京王多摩センター、京王堀之内
100%
京京青お堀京千 京成小岩、京成高砂、青砥、お花茶屋、堀切菖蒲園、京成関屋、千住大橋
100%
京京大京宗公京 京成臼井、京成佐倉、大佐倉、京成酒々井、宗吾参道、公津の杜、京成成田
100%
京子神京神横戸 京急新子安、子安、神奈川新町、京急東神奈川、神奈川、横浜、戸部
100%
京若稲京京京調 京王永山、若葉台、稲城、京王よみうりランド、京王稲田堤、京王多摩川、調布
100%
京新西み京検京 京成千葉、新千葉、西登戸、みどり台、京成稲毛、検見川、京成幕張
100%
京新前薬習北高 京成津田沼、新津田沼、前原、薬園台、習志野、北習志野、高根木戸
100%
京神横戸日黄南 京急東神奈川、神奈川、横浜、戸部、日ノ出町、黄金町、南太田
100%
京神子京生花京 京急東神奈川、神奈川新町、子安、京急新子安、生麦、花月総持寺、京急鶴見
100%
京北長平南高百 京王八王子、北野、長沼、平山城址公園、南平、高幡不動、百草園
100%
京堀お青京京江 京成関屋、堀切菖蒲園、お花茶屋、青砥、京成高砂、京成小岩、江戸川
100%
京堀県横汐逸安 京急大津、堀ノ内、県立大学、横須賀中央、汐入、逸見、安針塚
100%
橋南上番原下相 橋本、南橋本、上溝、番田、原当麻、下溝、相武台下
100%
狭武稲入仏元飯 狭山ヶ丘、武蔵藤沢、稲荷山公園、入間市、仏子、元加治、飯能
100%
興由蒲新富富吉 興津、由比、蒲原、新蒲原、富士川、富士、吉原
100%
桐小山足あ富佐 桐生、小俣、山前、足利、あしかがフラワーパーク、富田、佐野
100%
錦両浅秋御水飯 錦糸町、両国、浅草橋、秋葉原、御茶ノ水、水道橋、飯田橋
100%
琴桑札苗白厚森 琴似、桑園、札幌、苗穂、白石、厚別、森林公園
100%
琴発発稲手稲星 琴似、発寒中央、発寒、稲積公園、手稲、稲穂、星置
100%
金菊掛愛袋御磐 金谷、菊川、掛川、愛野、袋井、御厨、磐田
100%
金松安二杉本五 金谷川、松川、安達、二本松、杉田、本宮、五百川
100%
金象上小女吹遊 金浦、象潟、上浜、小砂川、女鹿、吹浦、遊佐
100%
金常都フ宮岩西 金指、常葉大学前、都田、フルーツパーク、宮口、岩水寺、西鹿島
100%
金善南甲国常小 金手、善光寺、南甲府、甲斐住吉、国母、常永、小井川
100%
金祖小小市中群 金島、祖母島、小野上、小野上温泉、市城、中之条、群馬原町
100%
金追京安逸汐横 金沢八景、追浜、京急田浦、安針塚、逸見、汐入、横須賀中央
100%
金唐門田温為平 金野、唐笠、門島、田本、温田、為栗、平岡
100%
金島六藤西焼用 金谷、島田、六合、藤枝、西焼津、焼津、用宗
100%
銀京日三神末上 銀座、京橋、日本橋、三越前、神田、末広町、上野広小路
100%
銀東築八茅人小 銀座、東銀座、築地、八丁堀、茅場町、人形町、小伝馬町
100%
九神小岩馬浜森 九段下、神保町、小川町、岩本町、馬喰横山、浜町、森下
100%
倶小銀然仁余蘭 倶知安、小沢、銀山、然別、仁木、余市、蘭島
100%
倶比ニ昆蘭目熱 倶知安、比羅夫、ニセコ、昆布、蘭越、目名、熱郛
100%
駒巣大池目高新 駒込、巣鴨、大塚、池袋、目白、高田馬場、新大久保
100%
熊ソ持行東武新 熊谷、ソシオ流通センター、持田、行田市、東行田、武州荒木、新郷
100%
栗栗由古三追安 栗丘、栗山、由仁、古山、三川、追分、安平
100%
栗新柳板藤静新 栗橋、新古河、柳生、板倉東洋大前、藤岡、静和、新大平下
100%
君木巌袖長姉五 君津、木更津、巌根、袖ケ浦、長浦、姉ケ崎、五井
100%
群八渋敷津岩沼 群馬総社、八木原、渋川、敷島、津久田、岩本、沼田
100%
軍二石日宮青東 軍畑、二俣尾、石神前、日向和田、宮ノ平、青梅、東青梅
100%
兄湯八陸鹿柴十 兄畑、湯瀬温泉、八幡平、陸中大里、鹿角花輪、柴平、十和田南
100%
恵渋新池赤浦大 恵比寿、渋谷、新宿、池袋、赤羽、浦和、大宮
100%
恵目五大品高田 恵比寿、目黒、五反田、大崎、品川、高輪ゲートウェイ、田町
100%
桂米上合大縄西 桂瀬、米内沢、上杉、合川、大野台、縄文小ヶ田、西鷹巣
100%
経千祖成喜狛和 経堂、千歳船橋、祖師ヶ谷大蔵、成城学園前、喜多見、狛江、和泉多摩川
100%
月新銀有桜永麹 月島、新富町、銀座一丁目、有楽町、桜田門、永田町、麹町
100%
月美豊学豊大さ 月寒中央、美園、豊平公園、学園前、豊水すすきの、大通、さっぽろ
100%
検海幕新南二市 検見川浜、海浜幕張、幕張豊砂、新習志野、南船橋、二俣新町、市川塩浜
100%
見帯東三東保加 見附、帯織、東光寺、三条、東三条、保内、加茂
100%
元日綱大菊妙白 元住吉、日吉、綱島、大倉山、菊名、妙蓮寺、白楽
100%
原下相入海厚社 原当麻、下溝、相武台下、入谷、海老名、厚木、社家
100%
原浜止知中清札 原生花園、浜小清水、止別、知床斜里、中斜里、清里町、札弦
100%
古川御沢軍二石 古里、川井、御嶽、沢井、軍畑、二俣尾、石神前
100%
戸阿奥比岩笑萱 戸沢、阿仁マタギ、奥阿仁、比立内、岩野目、笑内、萱草
100%
戸横神京神子京 戸部、横浜、神奈川、京急東神奈川、神奈川新町、子安、京急新子安
100%
戸坂テ西上信大 戸倉、坂城、テクノさかき、西上田、上田、信濃国分寺、大屋
100%
戸上左羽松羽八 戸沢、上桧木内、左通、羽後中里、松葉、羽後長戸呂、八津
100%
戸信北飯蓮替上 戸狩野沢温泉、信濃平、北飯山、飯山、蓮、替佐、上今井
100%
戸大藤辻茅平大 戸塚、大船、藤沢、辻堂、茅ケ崎、平塚、大磯
100%
戸日黄南井弘上 戸部、日ノ出町、黄金町、南太田、井土ヶ谷、弘明寺、上大岡
100%
虎溜赤青外表渋 虎ノ門、溜池山王、赤坂見附、青山一丁目、外苑前、表参道、渋谷
100%
五姉長袖巌木君 五井、姉ケ崎、長浦、袖ケ浦、巌根、木更津、君津
100%
五日郡安須鏡矢 五百川、日和田、郡山、安積永盛、須賀川、鏡石、矢吹
100%
五六塩上大石越 五日町、六日町、塩沢、上越国際スキー場前、大沢、石打、越後湯沢
100%
後東本駒西王王 後楽園、東大前、本駒込、駒込、西ケ原、王子、王子神谷
100%
御秋浅両錦亀平 御茶ノ水、秋葉原、浅草橋、両国、錦糸町、亀戸、平井
100%
御秩大和皆親上 御花畑、秩父、大野原、和銅黒谷、皆野、親鼻、上長瀞
100%
御浪大三長太東 御宿、浪花、大原、三門、長者町、太東、東浪見
100%
護江飯市麹永桜 護国寺、江戸川橋、飯田橋、市ケ谷、麹町、永田町、桜田門
100%
厚茶浜姉厚別落 厚岸、茶内、浜中、姉別、厚床、別当賀、落石
100%
向武武武武津久 向河原、武蔵小杉、武蔵中原、武蔵新城、武蔵溝ノ口、津田山、久地
100%
好渋滝巣厨青盛 好摩、渋民、滝沢、巣子、厨川、青山、盛岡
100%
広東磐翁猪川関 広田、東長原、磐梯町、翁島、猪苗代、川桁、関都
100%
広六神虎霞日銀 広尾、六本木、神谷町、虎ノ門ヒルズ、霞ケ関、日比谷、銀座
100%
江市藤青田長つ 江田、市が尾、藤が丘、青葉台、田奈、長津田、つくし野
100%
江初流豊柏新増 江戸川台、初石、流山おおたかの森、豊四季、柏、新柏、増尾
100%
港洋新磯根山石 港南台、洋光台、新杉田、磯子、根岸、山手、石川町
100%
溝梶宮宮鷺たあ 溝の口、梶が谷、宮崎台、宮前平、鷺沼、たまプラーザ、あざみ野
100%
甲下波塩身甲内 甲斐常葉、下部温泉、波高島、塩之沢、身延、甲斐大島、内船
100%
甲金善南甲国常 甲府、金手、善光寺、南甲府、甲斐住吉、国母、常永
100%
甲清野信佐佐海 甲斐大泉、清里、野辺山、信濃川上、佐久広瀬、佐久海ノ口、海尻
100%
糠鷹前二富鶴東 糠沢、鷹ノ巣、前山、二ツ井、富根、鶴形、東能代
100%
荒岩綾遠青岩平 荒谷前、岩手二日町、綾織、遠野、青笹、岩手上郷、平倉
100%
行吹北鴻北桶北 行田、吹上、北鴻巣、鴻巣、北本、桶川、北上尾
100%
行南浦葛西南東 行徳、南行徳、浦安、葛西、西葛西、南砂町、東陽町
100%
香水小笹下下椎 香取、水郷、小見川、笹川、下総橘、下総豊里、椎柴
100%
高安軽佐上長飯 高崎、安中榛名、軽井沢、佐久平、上田、長野、飯山
100%
高井新前前駒伊 高崎問屋町、井野、新前橋、前橋、前橋大島、駒形、伊勢崎
100%
高江豊幌上岩峰 高砂、江別、豊幌、幌向、上幌向、岩見沢、峰延
100%
高山面奥作熊陸 高瀬、山寺、面白山高原、奥新川、作並、熊ケ根、陸前白沢
100%
高上保大二新梁 高子、上保原、保原、大泉、二井田、新田、梁川
100%
高新新代原渋恵 高田馬場、新大久保、新宿、代々木、原宿、渋谷、恵比寿
100%
高神土荒ひ牛龍 高浜、神立、土浦、荒川沖、ひたち野うしく、牛久、龍ケ崎市
100%
高西蓮志志本板 高島平、西台、蓮根、志村三丁目、志村坂上、本蓮沼、板橋本町
100%
高倉新神本岡深 高崎、倉賀野、新町、神保原、本庄、岡部、深谷
100%
高長湘六善藤藤 高座渋谷、長後、湘南台、六会日大前、善行、藤沢本町、藤沢
100%
高程多中大松多 高幡不動、程久保、多摩動物公園、中央大学・明星大学、大塚・帝京大学、松が谷、多摩センター
100%
高東金箱東拝小 高麗川、東飯能、金子、箱根ケ崎、東福生、拝島、小宮
100%
高那殿平美磯阿 高田の鉄橋、那珂湊、殿山、平磯、美乃浜学園、磯崎、阿字ヶ浦
100%
高品大五目恵渋 高輪ゲートウェイ、品川、大崎、五反田、目黒、恵比寿、渋谷
100%
高武笠的西川南 高麗川、武蔵高萩、笠幡、的場、西川越、川越、南古谷
100%
高北坂若鶴霞川 高坂、北坂戸、坂戸、若葉、鶴ヶ島、霞ヶ関、川越市
100%
高北習薬前新京 高根木戸、北習志野、習志野、薬園台、前原、新津田沼、京成津田沼
100%
高毛越明小竹折 高麗川、毛呂、越生、明覚、小川町、竹沢、折原
100%
高野大森厚白苗 高砂、野幌、大麻、森林公園、厚別、白石、苗穂
100%
合新栃新静藤板 合戦場、新栃木、栃木、新大平下、静和、藤岡、板倉東洋大前
100%
国下上相松東山 国府津、下曽我、上大井、相模金子、松田、東山北、山北
100%
国市菅京鬼京東 国府台、市川真間、菅野、京成八幡、鬼越、京成中山、東中山
100%
国柴つ仙千芦八 国領、柴崎、つつじヶ丘、仙川、千歳烏山、芦花公園、八幡山
100%
国西国武東武三 国立、西国分寺、国分寺、武蔵小金井、東小金井、武蔵境、三鷹
100%
国陸岩東仙長太 国府多賀城、陸前山王、岩切、東仙台、仙台、長町、太子堂
100%
鵠湘江腰鎌七稲 鵠沼、湘南海岸公園、江ノ島、腰越、鎌倉高校前、七里ヶ浜、稲村ヶ崎
100%
黒熱目蘭昆ニ比 黒松内、熱郛、目名、蘭越、昆布、ニセコ、比羅夫
100%
黒豊白新白久泉 黒田原、豊原、白坂、新白河、白河、久田野、泉崎
100%
狛喜成祖千経豪 狛江、喜多見、成城学園前、祖師ヶ谷大蔵、千歳船橋、経堂、豪徳寺
100%
今越勝府鼠小あ 今川、越後寒川、勝木、府屋、鼠ケ関、小岩川、あつみ温泉
100%
今西梨お宮南赤 今泉、西大塚、梨郷、おりはた、宮内、南陽市役所、赤湯
100%
今大津大中蟹瀬 今別、大川平、津軽二股、大平、中小国、蟹田、瀬辺地
100%
根早小鴨国二大 根府川、早川、小田原、鴨宮、国府津、二宮、大磯
100%
佐香水小笹下下 佐原、香取、水郷、小見川、笹川、下総橘、下総豊里
100%
佐筬音咲天美智 佐久、筬島、音威子府、咲来、天塩川温泉、美深、智北
100%
左柴羽西寒南羽 左沢、柴橋、羽前高松、西寒河江、寒河江、南寒河江、羽前長崎
100%
砂北余西藤鶴羽 砂越、北余目、余目、西袋、藤島、鶴岡、羽前大山
100%
犀土潟上柿米笠 犀潟、土底浜、潟町、上下浜、柿崎、米山、笠島
100%
坂北高東森つ武 坂戸、北坂戸、高坂、東松山、森林公園、つきのわ、武蔵嵐山
100%
阪伊関桜高横三 阪東橋、伊勢佐木長者町、関内、桜木町、高島町、横浜、三ツ沢下町
100%
堺赤立最大鵜瀬 堺田、赤倉温泉、立小路、最上、大堀、鵜杉、瀬見温泉
100%
堺中鳴鳴川池上 堺田、中山平温泉、鳴子温泉、鳴子御殿湯、川渡温泉、池月、上野目
100%
桜寄波樋野長上 桜沢、寄居、波久礼、樋口、野上、長瀞、上長瀞
100%
桜都小北須日村 桜沢、都住、小布施、北須坂、須坂、日野、村山
100%
桜有銀新月豊辰 桜田門、有楽町、銀座一丁目、新富町、月島、豊洲、辰巳
100%
笹代明下桜上八 笹塚、代田橋、明大前、下高井戸、桜上水、上北沢、八幡山
100%
札桑八新新太百 札幌、桑園、八軒、新川、新琴似、太平、百合が原
100%
雑西東新北明渋 雑司が谷、西早稲田、東新宿、新宿三丁目、北参道、明治神宮前、渋谷
100%
雑六京八鶴京花 雑色、六郷土手、京急川崎、八丁畷、鶴見市場、京急鶴見、花月総持寺
100%
三吉西荻阿高中 三鷹、吉祥寺、西荻窪、荻窪、阿佐ケ谷、高円寺、中野
100%
三荒荒荒荒町町 三ノ輪橋、荒川一中前、荒川区役所前、荒川二丁目、荒川七丁目、町屋駅前、町屋二丁目
100%
三神末上上稲田 三越前、神田、末広町、上野広小路、上野、稲荷町、田原町
100%
三西若松世上宮 三軒茶屋、西太子堂、若林、松陰神社前、世田谷、上町、宮の坂
100%
三大神九半永青 三越前、大手町、神保町、九段下、半蔵門、永田町、青山一丁目
100%
三都東浜寸西気 三ヶ日、都筑、東都筑、浜名湖佐久米、寸座、西気賀、気賀
100%
三八六青北南浅 三郷中央、八潮、六町、青井、北千住、南千住、浅草
100%
三武東武国西国 三鷹、武蔵境、東小金井、武蔵小金井、国分寺、西国分寺、国立
100%
三片岸新北新仲 三ツ沢上町、片倉町、岸根公園、新横浜、北新横浜、新羽、仲町台
100%
山喜会姥塩笈堂 山都、喜多方、会津豊川、姥堂、塩川、笈川、堂島
100%
山宮上世松若西 山下、宮の坂、上町、世田谷、松陰神社前、若林、西太子堂
100%
山北東羽羽羽南 山形、北山形、東金井、羽前山辺、羽前金沢、羽前長崎、南寒河江
100%
山野玉常静瓜常 山方宿、野上原、玉川村、常陸大宮、静、瓜連、常陸鴻巣
100%
四永溜六麻白白 四ツ谷、永田町、溜池山王、六本木一丁目、麻布十番、白金高輪、白金台
100%
四市飯水御秋浅 四ツ谷、市ケ谷、飯田橋、水道橋、御茶ノ水、秋葉原、浅草橋
100%
四梁鳥猿大初笹 四方津、梁川、鳥沢、猿橋、大月、初狩、笹子
100%
四和大羽峰刈神 四ツ小屋、和田、大張野、羽後境、峰吉川、刈和野、神宮寺
100%
士多瑞風名名日 士別、多寄、瑞穂、風連、名寄高校、名寄、日進
100%
姉長袖巌木君青 姉ケ崎、長浦、袖ケ浦、巌根、木更津、君津、青堀
100%
姉浜茶厚門尾上 姉別、浜中、茶内、厚岸、門静、尾幌、上尾幌
100%
子京生花京鶴八 子安、京急新子安、生麦、花月総持寺、京急鶴見、鶴見市場、八丁畷
100%
市市鰍落甲久市 市川本町、市川大門、鰍沢口、落居、甲斐岩間、久那土、市ノ瀬
100%
市小新平亀錦両 市川、小岩、新小岩、平井、亀戸、錦糸町、両国
100%
市船津稲千東都 市川、船橋、津田沼、稲毛、千葉、東千葉、都賀
100%
市本下西船東津 市川、本八幡、下総中山、西船橋、船橋、東船橋、津田沼
100%
市有有東青テ東 市場前、有明テニスの森、有明、東京ビッグサイト、青海、テレコムセンター、東京国際クルーズターミナル
100%
志王王西駒本東 志茂、王子神谷、王子、西ケ原、駒込、本駒込、東大前
100%
志丸沼原吉今東 志久、丸山、沼南、原市、吉野原、今羽、東宮原
100%
志志本板板新西 志村三丁目、志村坂上、本蓮沼、板橋本町、板橋区役所前、新板橋、西巣鴨
100%
志志蓮西高新西 志村坂上、志村三丁目、蓮根、西台、高島平、新高島平、西高島平
100%
思栃大岩佐富あ 思川、栃木、大平下、岩舟、佐野、富田、あしかがフラワーパーク
100%
指南川西的笠武 指扇、南古谷、川越、西川越、的場、笠幡、武蔵高萩
100%
寺新ゆ稲戸南守 寺原、新取手、ゆめみ野、稲戸井、戸頭、南守谷、守谷
100%
自九尾等上二二 自由が丘、九品仏、尾山台、等々力、上野毛、二子玉川、二子新地
100%
自緑大北旗荏中 自由が丘、緑が丘、大岡山、北千束、旗の台、荏原町、中延
100%
汐竹日芝お台東 汐留、竹芝、日の出、芝浦ふ頭、お台場海浜公園、台場、東京国際クルーズターミナル
100%
鹿矢東陸石蛇陸 鹿妻、矢本、東矢本、陸前赤井、石巻あゆみ野、蛇田、陸前山下
100%
七清愛野梅運江 七光台、清水公園、愛宕、野田市、梅郷、運河、江戸川台
100%
七東久清上茂渡 七重浜、東久根別、久根別、清川口、上磯、茂辺地、渡島当別
100%
実八京勝志ユ京 実籾、八千代台、京成大和田、勝田台、志津、ユーカリが丘、京成臼井
100%
舎谷西江高扇足 舎人公園、谷在家、西新井大師西、江北、高野、扇大橋、足立小台
100%
社厚海入相下原 社家、厚木、海老名、入谷、相武台下、下溝、原当麻
100%
蛇石陸矢陸野高 蛇田、石巻あゆみ野、陸前赤井、矢本、陸前小野、野蒜、高城町
100%
若牛牛飯春本上 若松河田、牛込柳町、牛込神楽坂、飯田橋、春日、本郷三丁目、上野御徒町
100%
若坂北高東森つ 若葉、坂戸、北坂戸、高坂、東松山、森林公園、つきのわ
100%
若鶴霞川川新上 若葉、鶴ヶ島、霞ヶ関、川越市、川越、新河岸、上福岡
100%
取西寺新ゆ稲戸 取手、西取手、寺原、新取手、ゆめみ野、稲戸井、戸頭
100%
取天我北柏南北 取手、天王台、我孫子、北柏、柏、南柏、北小金
100%
種平角階大金大 種市、平内、角の浜、階上、大蛇、金浜、大久喜
100%
秋羽新桂下道岩 秋田、羽後牛島、新屋、桂根、下浜、道川、岩城みなと
100%
秋御上鶯日西田 秋葉原、御徒町、上野、鶯谷、日暮里、西日暮里、田端
100%
秋御水飯市四信 秋葉原、御茶ノ水、水道橋、飯田橋、市ケ谷、四ツ谷、信濃町
100%
習北高高滝三二 習志野、北習志野、高根木戸、高根公団、滝不動、三咲、二和向台
100%
十下湯上三横院 十文字、下湯沢、湯沢、上湯沢、三関、横堀、院内
100%
十御芽大西柏帯 十勝清水、御影、芽室、大成、西帯広、柏林台、帯広
100%
十高南磯大勿植 十王、高萩、南中郷、磯原、大津港、勿来、植田
100%
十池利幕札帯柏 十弗、池田、利別、幕別、札内、帯広、柏林台
100%
十野大須倉上木 十二兼、野尻、大桑、須原、倉本、上松、木曽福島
100%
渋原代新新高目 渋谷、原宿、代々木、新宿、新大久保、高田馬場、目白
100%
渋八群新井高高 渋川、八木原、群馬総社、新前橋、井野、高崎問屋町、高崎
100%
春赤田刺神生角 春木場、赤渕、田沢湖、刺巻、神代、生田、角館
100%
楯高山面奥作熊 楯山、高瀬、山寺、面白山高原、奥新川、作並、熊ケ根
100%
初鎌二三滝高高 初富、鎌ヶ谷大仏、二和向台、三咲、滝不動、高根公団、高根木戸
100%
初江運梅野愛清 初石、江戸川台、運河、梅郷、野田市、愛宕、清水公園
100%
初笹甲勝塩東山 初狩、笹子、甲斐大和、勝沼ぶどう郷、塩山、東山梨、山梨市
100%
初大猿鳥梁四上 初狩、大月、猿橋、鳥沢、梁川、四方津、上野原
100%
勝京八実京京谷 勝田台、京成大和田、八千代台、実籾、京成大久保、京成津田沼、谷津
100%
勝御浪大三長太 勝浦、御宿、浪花、大原、三門、長者町、太東
100%
勝工金中高那殿 勝田、工機前、金上、中根、高田の鉄橋、那珂湊、殿山
100%
勝築汐大赤麻六 勝どき、築地市場、汐留、大門、赤羽橋、麻布十番、六本木
100%
小宮大塔箱入風 小涌谷、宮ノ下、大平台、塔ノ沢、箱根湯本、入生田、風祭
100%
小狭武稲入仏元 小手指、狭山ヶ丘、武蔵藤沢、稲荷山公園、入間市、仏子、元加治
100%
小倶比ニ昆蘭目 小沢、倶知安、比羅夫、ニセコ、昆布、蘭越、目名
100%
小苦陸宮榴仙あ 小鶴新田、苦竹、陸前原ノ町、宮城野原、榴ケ岡、仙台、あおば通
100%
小甲甲清野信佐 小淵沢、甲斐小泉、甲斐大泉、清里、野辺山、信濃川上、佐久広瀬
100%
小荒荒梶栄王飛 小台、荒川遊園地前、荒川車庫前、梶原、栄町、王子駅前、飛鳥山
100%
小桜寄波樋野長 小前田、桜沢、寄居、波久礼、樋口、野上、長瀞
100%
小笹下下椎松銚 小見川、笹川、下総橘、下総豊里、椎柴、松岸、銚子
100%
小雫春赤田刺神 小岩井、雫石、春木場、赤渕、田沢湖、刺巻、神代
100%
小十高南磯大勿 小木津、十王、高萩、南中郷、磯原、大津港、勿来
100%
小松洞陸上足平 小佐野、松倉、洞泉、陸中大橋、上有住、足ケ瀬、平倉
100%
小神九市曙新新 小川町、神保町、九段下、市ヶ谷、曙橋、新宿三丁目、新宿
100%
小人茅八築東銀 小伝馬町、人形町、茅場町、八丁堀、築地、東銀座、銀座
100%
小千要池雑西東 小竹向原、千川、要町、池袋、雑司が谷、西早稲田、東新宿
100%
小足螢富栢開新 小田原、足柄、螢田、富水、栢山、開成、新松田
100%
小中伊鶯平為温 小和田、中井侍、伊那小沢、鶯巣、平岡、為栗、温田
100%
小桃浪双大夜富 小高、桃内、浪江、双葉、大野、夜ノ森、富岡
100%
小南小朝銭ほ星 小樽、南小樽、小樽築港、朝里、銭函、ほしみ、星置
100%
小日常大東佐勝 小木津、日立、常陸多賀、大甕、東海、佐和、勝田
100%
小熱三新静掛浜 小田原、熱海、三島、新富士、静岡、掛川、浜松
100%
小磐原鹿日相駒 小高、磐城太田、原ノ町、鹿島、日立木、相馬、駒ケ嶺
100%
松横飯八干旭飯 松尾、横芝、飯倉、八日市場、干潟、旭、飯岡
100%
松椎下下笹小水 松岸、椎柴、下総豊里、下総橘、笹川、小見川、水郷
100%
松田明西坂聖冠 松本、田沢、明科、西条、坂北、聖高原、冠着
100%
沼遠早安追三古 沼ノ端、遠浅、早来、安平、追分、三川、古山
100%
沼後上水湯土土 沼田、後閑、上牧、水上、湯檜曽、土合、土樽
100%
湘下立中踊戸舞 湘南台、下飯田、立場、中田、踊場、戸塚、舞岡
100%
湘江腰鎌七稲極 湘南海岸公園、江ノ島、腰越、鎌倉高校前、七里ヶ浜、稲村ヶ崎、極楽寺
100%
焼西藤六島金菊 焼津、西焼津、藤枝、六合、島田、金谷、菊川
100%
象上小女吹遊南 象潟、上浜、小砂川、女鹿、吹浦、遊佐、南鳥海
100%
上と中大下北池 上板橋、ときわ台、中板橋、大山、下板橋、北池袋、池袋
100%
上鵜勝御浪大三 上総興津、鵜原、勝浦、御宿、浪花、大原、三門
100%
上塩六五浦八小 上越国際スキー場前、塩沢、六日町、五日町、浦佐、八色、小出
100%
上王東赤川西蕨 上中里、王子、東十条、赤羽、川口、西川口、蕨
100%
上柿米笠青鯨柏 上下浜、柿崎、米山、笠島、青海川、鯨波、柏崎
100%
上茅青す富信小 上諏訪、茅野、青柳、すずらんの里、富士見、信濃境、小淵沢
100%
上御秋神東有新 上野、御徒町、秋葉原、神田、東京、有楽町、新橋
100%
上上末神三日京 上野、上野広小路、末広町、神田、三越前、日本橋、京橋
100%
上新川川霞鶴若 上福岡、新河岸、川越、川越市、霞ヶ関、鶴ヶ島、若葉
100%
上大小宇那新郡 上野、大宮、小山、宇都宮、那須塩原、新白河、郡山
100%
上猪関川猪翁磐 上戸、猪苗代湖畔、関都、川桁、猪苗代、翁島、磐梯町
100%
上入大只会会会 上条、入広瀬、大白川、只見、会津蒲生、会津塩沢、会津大塩
100%
上八茂新本永大 上総一ノ宮、八積、茂原、新茂原、本納、永田、大網
100%
上飯長上佐軽安 上越妙高、飯山、長野、上田、佐久平、軽井沢、安中榛名
100%
上幌豊江高野大 上幌向、幌向、豊幌、江別、高砂、野幌、大麻
100%
常瓜静常玉野山 常陸鴻巣、瓜連、静、常陸大宮、玉川村、野上原、山方宿
100%
常静瓜常上中下 常陸大宮、静、瓜連、常陸鴻巣、上菅谷、中菅谷、下菅谷
100%
信桐本善権市長 信濃吉田、桐原、本郷、善光寺下、権堂、市役所前、長野
100%
信北細安有穂柏 信濃松川、北細野、細野、安曇追分、有明、穂高、柏矢町
100%
新越亀荻さ新古 新潟、越後石山、亀田、荻川、さつき野、新津、古津
100%
新燕長浦越上高 新潟、燕三条、長岡、浦佐、越後湯沢、上毛高原、高崎
100%
新横保東戸大北 新川崎、横浜、保土ケ谷、東戸塚、戸塚、大船、北鎌倉
100%
新蒲新獨草谷竹 新越谷、蒲生、新田、獨協大学前、草加、谷塚、竹ノ塚
100%
新鬼鬼東小新大 新藤原、鬼怒川公園、鬼怒川温泉、東武ワールドスクウェア、小佐越、新高徳、大桑
100%
新吉三国立日豊 新宿、吉祥寺、三鷹、国分寺、立川、日野、豊田
100%
新久東栗古野間 新白岡、久喜、東鷲宮、栗橋、古河、野木、間々田
100%
新狭入新航所東 新狭山、狭山市、入曽、新所沢、航空公園、所沢、東村山
100%
新庚巣大向東都 新庚申塚、庚申塚、巣鴨新田、大塚駅前、向原、東池袋四丁目、都電雑司ヶ谷
100%
新根会会西七会 新鶴、根岸、会津高田、会津本郷、西若松、七日町、会津若松
100%
新三熱小新品東 新富士、三島、熱海、小田原、新横浜、品川、東京
100%
新市有有東青テ 新豊洲、市場前、有明テニスの森、有明、東京ビッグサイト、青海、テレコムセンター
100%
新曙市九神小岩 新宿三丁目、曙橋、市ヶ谷、九段下、神保町、小川町、岩本町
100%
新小鴨中十長成 新横浜、小机、鴨居、中山、十日市場、長津田、成瀬
100%
新小熱三新静掛 新横浜、小田原、熱海、三島、新富士、静岡、掛川
100%
新新太百篠拓あ 新川、新琴似、太平、百合が原、篠路、拓北、あいの里教育大
100%
新新大庶西白音 新富士、新大楽毛、大楽毛、庶路、西庶路、白糠、音別
100%
新新南三新吉吉 新八柱、新松戸、南流山、三郷、新三郷、吉川美南、吉川
100%
新西滝飛王栄梶 新庚申塚、西ヶ原四丁目、滝野川一丁目、飛鳥山、王子駅前、栄町、梶原
100%
新折矢小千摺柴 新月、折壁、矢越、小梨、千厩、摺沢、柴宿
100%
新浅南北青六八 新御徒町、浅草、南千住、北千住、青井、六町、八潮
100%
新多田自都学祐 新丸子、多摩川、田園調布、自由が丘、都立大学、学芸大学、祐天寺
100%
新太百篠拓ああ 新琴似、太平、百合が原、篠路、拓北、あいの里教育大、あいの里公園
100%
新代国青六麻赤 新宿、代々木、国立競技場、青山一丁目、六本木、麻布十番、赤羽橋
100%
新代日合門神福 新金谷、代官町、日切、合格、門出、神尾、福用
100%
新中月神水京新 新発田、中浦、月岡、神山、水原、京ケ瀬、新津
100%
新町千京堀お青 新三河島、町屋、千住大橋、京成関屋、堀切菖蒲園、お花茶屋、青砥
100%
新東新中西新新 新高円寺、東高円寺、新中野、中野坂上、西新宿、新宿、新宿三丁目
100%
新湯根千西町北 新御茶ノ水、湯島、根津、千駄木、西日暮里、町屋、北千住
100%
新徳鹿涸大常東 新鉾田、徳宿、鹿島旭、涸沼、大洗、常澄、東水戸
100%
新栃新合家東楡 新大平下、栃木、新栃木、合戦場、家中、東武金崎、楡木
100%
新白久泉矢鏡須 新白河、白河、久田野、泉崎、矢吹、鏡石、須賀川
100%
新百読生向登和 新百合ヶ丘、百合ヶ丘、読売ランド前、生田、向ヶ丘遊園、登戸、和泉多摩川
100%
新布木小安下成 新木、布佐、木下、小林、安食、下総松崎、成田
100%
新武東行持ソ熊 新郷、武州荒木、東行田、行田市、持田、ソシオ流通センター、熊谷
100%
新幕幕津東船西 新検見川、幕張、幕張本郷、津田沼、東船橋、船橋、西船橋
100%
新六高逆増新柏 新鎌ヶ谷、六実、高柳、逆井、増尾、新柏、柏
100%
森横平信西桑上 森宮野原、横倉、平滝、信濃白鳥、西大滝、桑名川、上桑名川
100%
森浜馬岩小神九 森下、浜町、馬喰横山、岩本町、小川町、神保町、九段下
100%
神駒池下新東明 神泉、駒場東大前、池ノ上、下北沢、新代田、東松原、明大前
100%
神本岡深籠熊行 神保原、本庄、岡部、深谷、籠原、熊谷、行田
100%
秦東鶴伊愛本厚 秦野、東海大学前、鶴巻温泉、伊勢原、愛甲石田、本厚木、厚木
100%
親皆和大秩御影 親鼻、皆野、和銅黒谷、大野原、秩父、御花畑、影森
100%
人東浅蔵浅本押 人形町、東日本橋、浅草橋、蔵前、浅草、本所吾妻橋、押上
100%
須鏡矢泉久白新 須賀川、鏡石、矢吹、泉崎、久田野、白河、新白河
100%
吹北鴻北桶北上 吹上、北鴻巣、鴻巣、北本、桶川、北上尾、上尾
100%
吹陸有近金赤下 吹越、陸奥横浜、有畑、近川、金谷沢、赤川、下北
100%
水御秋浅両錦亀 水道橋、御茶ノ水、秋葉原、浅草橋、両国、錦糸町、亀戸
100%
水北新盛い二八 水沢江刺、北上、新花巻、盛岡、いわて沼宮内、二戸、八戸
100%
水北中三南石玉 水海道、北水海道、中妻、三妻、南石下、石下、玉村
100%
菅神小夏川江小 菅谷、神俣、小野新町、夏井、川前、江田、小川郷
100%
雀宇岡宝氏蒲片 雀宮、宇都宮、岡本、宝積寺、氏家、蒲須坂、片岡
100%
雀石自小小間野 雀宮、石橋、自治医大、小金井、小山、間々田、野木
100%
摺柴猊陸岩陸真 摺沢、柴宿、猊鼻渓、陸中松川、岩ノ下、陸中門崎、真滝
100%
成松横飯八干旭 成東、松尾、横芝、飯倉、八日市場、干潟、旭
100%
成祖千経豪梅世 成城学園前、祖師ヶ谷大蔵、千歳船橋、経堂、豪徳寺、梅ヶ丘、世田谷代田
100%
星ほ銭朝小南小 星置、ほしみ、銭函、朝里、小樽築港、南小樽、小樽
100%
清花油石新梅瀬 清水原、花泉、油島、石越、新田、梅ケ沢、瀬峰
100%
清水三大神九半 清澄白河、水天宮前、三越前、大手町、神保町、九段下、半蔵門
100%
清東ひ保大石練 清瀬、東久留米、ひばりヶ丘、保谷、大泉学園、石神井公園、練馬高野台
100%
生角鶯羽鑓羽北 生田、角館、鶯野、羽後長野、鑓見内、羽後四ツ屋、北大曲
100%
生向登和狛喜成 生田、向ヶ丘遊園、登戸、和泉多摩川、狛江、喜多見、成城学園前
100%
盛陸綾恋甫三吉 盛、陸前赤崎、綾里、恋し浜、甫嶺、三陸、吉浜
100%
西安お国壬野野 西川田、安塚、おもちゃのまち、国谷、壬生、野州大塚、野州平川
100%
西荻阿高中新四 西荻窪、荻窪、阿佐ケ谷、高円寺、中野、新宿、四ツ谷
100%
西葛浦南行妙原 西葛西、葛西、浦安、南行徳、行徳、妙典、原木中山
100%
西国武東武三吉 西国分寺、国分寺、武蔵小金井、東小金井、武蔵境、三鷹、吉祥寺
100%
西新新新四四赤 西新宿、新宿、新宿三丁目、新宿御苑前、四谷三丁目、四ツ谷、赤坂見附
100%
西中新東新南荻 西新宿、中野坂上、新中野、東高円寺、新高円寺、南阿佐ケ谷、荻窪
100%
西天星和上西鶴 西横浜、天王町、星川、和田町、上星川、西谷、鶴ヶ峰
100%
西都新代国青六 西新宿五丁目、都庁前、新宿、代々木、国立競技場、青山一丁目、六本木
100%
西南東木門茅日 西葛西、南砂町、東陽町、木場、門前仲町、茅場町、日本橋
100%
西日鶯上御秋神 西日暮里、日暮里、鶯谷、上野、御徒町、秋葉原、神田
100%
西馬中戸五高泉 西馬込、馬込、中延、戸越、五反田、高輪台、泉岳寺
100%
西梅五小北牛堀 西新井、梅島、五反野、小菅、北千住、牛田、堀切
100%
西白音厚浦新豊 西庶路、白糠、音別、厚内、浦幌、新吉野、豊頃
100%
西豊二新鷲新弁 西小坂井、豊橋、二川、新所原、鷲津、新居町、弁天島
100%
西留相東西北柏 西留辺蘂、留辺蘂、相内、東相内、西北見、北見、柏陽
100%
西蕨南浦北与さ 西川口、蕨、南浦和、浦和、北浦和、与野、さいたま新都心
100%
青茅上下岡み塩 青柳、茅野、上諏訪、下諏訪、岡谷、みどり湖、塩尻
100%
青京京江国市菅 青砥、京成高砂、京成小岩、江戸川、国府台、市川真間、菅野
100%
青仙宮連薬卸六 青葉通一番町、仙台、宮城野通、連坊、薬師堂、卸町、六丁の目
100%
青田長つす南つ 青葉台、田奈、長津田、つくし野、すずかけ台、南町田グランベリーパーク、つきみ野
100%
静新栃新合家東 静和、新大平下、栃木、新栃木、合戦場、家中、東武金崎
100%
静藤板柳新栗南 静和、藤岡、板倉東洋大前、柳生、新古河、栗橋、南栗橋
100%
石羽岩友内赤偕 石岡、羽鳥、岩間、友部、内原、赤塚、偕楽園
100%
石上熊ソ持行東 石原、上熊谷、熊谷、ソシオ流通センター、持田、行田市、東行田
100%
石雪御久千池蓮 石川台、雪が谷大塚、御嶽山、久が原、千鳥町、池上、蓮沼
100%
石大上塩六五浦 石打、大沢、上越国際スキー場前、塩沢、六日町、五日町、浦佐
100%
石日紫古矢岩仙 石鳥谷、日詰、紫波中央、古館、矢幅、岩手飯岡、仙北町
100%
石油花清有一山 石越、油島、花泉、清水原、有壁、一ノ関、山ノ目
100%
石陸渡万沢浦女 石巻、陸前稲井、渡波、万石浦、沢田、浦宿、女川
100%
石礼西刈荒西東 石地、礼拝、西山、刈羽、荒浜、西中通、東柏崎
100%
赤国霞日二大新 赤坂、国会議事堂前、霞ケ関、日比谷、二重橋前、大手町、新御茶ノ水
100%
赤志王王西駒本 赤羽岩淵、志茂、王子神谷、王子、西ケ原、駒込、本駒込
100%
赤十板池新渋恵 赤羽、十条、板橋、池袋、新宿、渋谷、恵比寿
100%
赤川西蕨南浦北 赤羽、川口、西川口、蕨、南浦和、浦和、北浦和
100%
切鼎下伊毛駄時 切石、鼎、下山村、伊那八幡、毛賀、駄科、時又
100%
切飯桜伊元下市 切石、飯田、桜町、伊那上郷、元善光寺、下市田、市田
100%
雪御久千池蓮蒲 雪が谷大塚、御嶽山、久が原、千鳥町、池上、蓮沼、蒲田
100%
仙古く一水北新 仙台、古川、くりこま高原、一ノ関、水沢江刺、北上、新花巻
100%
仙東岩陸国塩松 仙台、東仙台、岩切、陸前山王、国府多賀城、塩釜、松島
100%
仙榴宮陸苦小福 仙台、榴ケ岡、宮城野原、陸前原ノ町、苦竹、小鶴新田、福田町
100%
千稲津船市新錦 千葉、稲毛、津田沼、船橋、市川、新小岩、錦糸町
100%
千作天穴ス動み 千葉公園、作草部、天台、穴川、スポーツセンター、動物公園、みつわ台
100%
千小氷平地地和 千川、小竹向原、氷川台、平和台、地下鉄赤塚、地下鉄成増、和光市
100%
千祖成喜狛和登 千歳船橋、祖師ヶ谷大蔵、成城学園前、喜多見、狛江、和泉多摩川、登戸
100%
千中五杉柏深競 千代台、中央病院前、五稜郭公園前、杉並町、柏木町、深堀町、競馬場前
100%
千東都四物佐南 千葉、東千葉、都賀、四街道、物井、佐倉、南酒々井
100%
千北美美上西ラ 千代ケ岡、北美瑛、美瑛、美馬牛、上富良野、西中、ラベンダー畑
100%
川国大青仙宮連 川内、国際センター、大町西公園、青葉通一番町、仙台、宮城野通、連坊
100%
川七清愛野梅運 川間、七光台、清水公園、愛宕、野田市、梅郷、運河
100%
川松区上山上盛 川内、松草、区界、上米内、山岸、上盛岡、盛岡
100%
川川霞鶴若坂北 川越、川越市、霞ヶ関、鶴ヶ島、若葉、坂戸、北坂戸
100%
川川新上ふ鶴み 川越市、川越、新河岸、上福岡、ふじみ野、鶴瀬、みずほ台
100%
川茂館多県福東 川俣、茂林寺前、館林、多々良、県、福居、東武和泉
100%
泉植勿大磯南高 泉、植田、勿来、大津港、磯原、南中郷、高萩
100%
浅秋御水飯市四 浅草橋、秋葉原、御茶ノ水、水道橋、飯田橋、市ケ谷、四ツ谷
100%
銭ほ星稲手稲発 銭函、ほしみ、星置、稲穂、手稲、稲積公園、発寒
100%
前大小雫春赤田 前潟、大釜、小岩井、雫石、春木場、赤渕、田沢湖
100%
善本桐信朝附柳 善光寺下、本郷、桐原、信濃吉田、朝陽、附属中学前、柳原
100%
善六湘長高桜大 善行、六会日大前、湘南台、長後、高座渋谷、桜ヶ丘、大和
100%
然銀小倶比ニ昆 然別、銀山、小沢、倶知安、比羅夫、ニセコ、昆布
100%
倉須大野十南田 倉本、須原、大桑、野尻、十二兼、南木曽、田立
100%
倉北群丹児松用 倉賀野、北藤岡、群馬藤岡、丹荘、児玉、松久、用土
100%
倉門社厚海入相 倉見、門沢橋、社家、厚木、海老名、入谷、相武台下
100%
早糠鷹前二富鶴 早口、糠沢、鷹ノ巣、前山、二ツ井、富根、鶴形
100%
早面学鬼都東向 早稲田、面影橋、学習院下、鬼子母神前、都電雑司ヶ谷、東池袋四丁目、向原
100%
相橋相矢淵古町 相原、橋本、相模原、矢部、淵野辺、古淵、町田
100%
相高西八豊日立 相模湖、高尾、西八王子、八王子、豊田、日野、立川
100%
相小相座海厚本 相模大野、小田急相模原、相武台前、座間、海老名、厚木、本厚木
100%
足山小桐岩国伊 足利、山前、小俣、桐生、岩宿、国定、伊勢崎
100%
足上陸洞松小釜 足ケ瀬、上有住、陸中大橋、洞泉、松倉、小佐野、釜石
100%
足平岩青遠綾岩 足ケ瀬、平倉、岩手上郷、青笹、遠野、綾織、岩手二日町
100%
袖巌木君青大佐 袖ケ浦、巌根、木更津、君津、青堀、大貫、佐貫町
100%
袖村東さ神乱天 袖崎、村山、東根、さくらんぼ東根、神町、乱川、天童
100%
多士剣和塩蘭比 多寄、士別、剣淵、和寒、塩狩、蘭留、比布
100%
多中陸福小苦陸 多賀城、中野栄、陸前高砂、福田町、小鶴新田、苦竹、陸前原ノ町
100%
多東府分中聖百 多磨霊園、東府中、府中、分倍河原、中河原、聖蹟桜ヶ丘、百草園
100%
太長仙東岩陸国 太子堂、長町、仙台、東仙台、岩切、陸前山王、国府多賀城
100%
太南名館岩逢亘 太子堂、南仙台、名取、館腰、岩沼、逢隈、亘理
100%
替蓮飯北信戸上 替佐、蓮、飯山、北飯山、信濃平、戸狩野沢温泉、上境
100%
袋上西下中山野 袋田、上小川、西金、下小川、中舟生、山方宿、野上原
100%
代新新高目池大 代々木、新宿、新大久保、高田馬場、目白、池袋、大塚
100%
代中祐学都自田 代官山、中目黒、祐天寺、学芸大学、都立大学、自由が丘、田園調布
100%
代東下世梅豪経 代々木上原、東北沢、下北沢、世田谷代田、梅ヶ丘、豪徳寺、経堂
100%
代明表乃赤国霞 代々木公園、明治神宮前、表参道、乃木坂、赤坂、国会議事堂前、霞ケ関
100%
台東テ青東有有 台場、東京国際クルーズターミナル、テレコムセンター、青海、東京ビッグサイト、有明、有明テニスの森
100%
大猿鳥梁四上藤 大月、猿橋、鳥沢、梁川、四方津、上野原、藤野
100%
大及院横三上湯 大滝、及位、院内、横堀、三関、上湯沢、湯沢
100%
大金大種陸鮫白 大蛇、金浜、大久喜、種差海岸、陸奥白浜、鮫、白銀
100%
大戸横川品新東 大船、戸塚、横浜、川崎、品川、新橋、東京
100%
大桜高長湘六善 大和、桜ヶ丘、高座渋谷、長後、湘南台、六会日大前、善行
100%
大汐築勝月門清 大門、汐留、築地市場、勝どき、月島、門前仲町、清澄白河
100%
大小宇那新郡福 大宮、小山、宇都宮、那須塩原、新白河、郡山、福島
100%
大小東久総西上 大多喜、小谷松、東総元、久我原、総元、西畑、上総中野
100%
大信上西テ坂戸 大屋、信濃国分寺、上田、西上田、テクノさかき、坂城、戸倉
100%
大新下玉川東結 大和、新治、下館、玉戸、川島、東結城、結城
100%
大新湯根千西町 大手町、新御茶ノ水、湯島、根津、千駄木、西日暮里、町屋
100%
大仁新七大桔五 大沼、仁山、新函館北斗、七飯、大中山、桔梗、五稜郭
100%
大西武新横保東 大崎、西大井、武蔵小杉、新川崎、横浜、保土ケ谷、東戸塚
100%
大石弘撫川北浪 大鰐温泉、石川、弘前、撫牛子、川部、北常盤、浪岡
100%
大双浪桃小磐原 大野、双葉、浪江、桃内、小高、磐城太田、原ノ町
100%
大竹九飯神早高 大手町、竹橋、九段下、飯田橋、神楽坂、早稲田、高田馬場
100%
大秩御影浦武武 大野原、秩父、御花畑、影森、浦山口、武州中川、武州日野
100%
大土誉鎌蘇本千 大網、土気、誉田、鎌取、蘇我、本千葉、千葉
100%
大二国鴨小早根 大磯、二宮、国府津、鴨宮、小田原、早川、根府川
100%
大日西指南川西 大宮、日進、西大宮、指扇、南古谷、川越、西川越
100%
大日内御芝三白 大手町、日比谷、内幸町、御成門、芝公園、三田、白金高輪
100%
大梅京雑六京八 大森町、梅屋敷、京急蒲田、雑色、六郷土手、京急川崎、八丁畷
100%
大北越新蒲新獨 大袋、北越谷、越谷、新越谷、蒲生、新田、獨協大学前
100%
大北与南中武北 大宮、北与野、与野本町、南与野、中浦和、武蔵浦和、北戸田
100%
大本港洋新磯根 大船、本郷台、港南台、洋光台、新杉田、磯子、根岸
100%
醍柳横後飯大神 醍醐、柳田、横手、後三年、飯詰、大曲、神宮寺
100%
滝江妹深納近旭 滝川、江部乙、妹背牛、深川、納内、近文、旭川
100%
滝西新庚巣大向 滝野川一丁目、西ヶ原四丁目、新庚申塚、庚申塚、巣鴨新田、大塚駅前、向原
100%
沢御川古鳩白奥 沢井、御嶽、川井、古里、鳩ノ巣、白丸、奥多摩
100%
只大入上越魚越 只見、大白川、入広瀬、上条、越後須原、魚沼田中、越後広瀬
100%
谷山東松相上下 谷峨、山北、東山北、松田、相模金子、上大井、下曽我
100%
谷西分府南稲矢 谷保、西府、分倍河原、府中本町、南多摩、稲城長沼、矢野口
100%
谷草獨新蒲新越 谷塚、草加、獨協大学前、新田、蒲生、新越谷、越谷
100%
谷竹西梅五小北 谷塚、竹ノ塚、西新井、梅島、五反野、小菅、北千住
100%
淡御本後茗新池 淡路町、御茶ノ水、本郷三丁目、後楽園、茗荷谷、新大塚、池袋
100%
端緋美西女呼網 端野、緋牛内、美幌、西女満別、女満別、呼人、網走
100%
智日名名風瑞多 智恵文、日進、名寄、名寄高校、風連、瑞穂、多寄
100%
智美天咲音筬佐 智北、美深、天塩川温泉、咲来、音威子府、筬島、佐久
100%
池三駒桜用二二 池尻大橋、三軒茶屋、駒沢大学、桜新町、用賀、二子玉川、二子新地
100%
池川鳴鳴中堺赤 池月、川渡温泉、鳴子御殿湯、鳴子温泉、中山平温泉、堺田、赤倉温泉
100%
稚南勇兜豊下幌 稚内、南稚内、勇知、兜沼、豊富、下沼、幌延
100%
竹大日茅門木東 竹橋、大手町、日本橋、茅場町、門前仲町、木場、東陽町
100%
秩大和皆親上長 秩父、大野原、和銅黒谷、皆野、親鼻、上長瀞、長瀞
100%
中セセ仲新北新 中川、センター北、センター南、仲町台、新羽、北新横浜、新横浜
100%
中一梓島島北松 中萱、一日市場、梓橋、島高松、島内、北松本、松本
100%
中会田会養ふ会 中荒井、会津田島、田島高校前、会津長野、養鱒公園、ふるさと公園、会津下郷
100%
中鴨小新菊大東 中山、鴨居、小机、新横浜、菊名、大口、東神奈川
100%
中近磐磐南東矢 中豊、近津、磐城塙、磐城石井、南石井、東館、矢祭山
100%
中戸五高泉三大 中延、戸越、五反田、高輪台、泉岳寺、三田、大門
100%
中五杉柏深競駒 中央病院前、五稜郭公園前、杉並町、柏木町、深堀町、競馬場前、駒場車庫前
100%
中上常瓜静常玉 中菅谷、上菅谷、常陸鴻巣、瓜連、静、常陸大宮、玉川村
100%
中新沼野都鷺下 中井、新井薬師前、沼袋、野方、都立家政、鷺ノ宮、下井草
100%
中西新新新四四 中野坂上、西新宿、新宿、新宿三丁目、新宿御苑前、四谷三丁目、四ツ谷
100%
中川都セセ北東 中山、川和町、都筑ふれあいの丘、センター南、センター北、北山田、東山田
100%
中多程高万甲柴 中央大学・明星大学、多摩動物公園、程久保、高幡不動、万願寺、甲州街道、柴崎体育館
100%
中登宿久津武武 中野島、登戸、宿河原、久地、津田山、武蔵溝ノ口、武蔵新城
100%
中東中落新練豊 中野坂上、東中野、中井、落合南長崎、新江古田、練馬、豊島園
100%
中磐磐里磐野川 中豊、磐城棚倉、磐城浅川、里白石、磐城石川、野木沢、川辺沖
100%
中鳴鳴川池上有 中山平温泉、鳴子温泉、鳴子御殿湯、川渡温泉、池月、上野目、有備館
100%
中祐学都自田多 中目黒、祐天寺、学芸大学、都立大学、自由が丘、田園調布、多摩川
100%
彫小宮大塔箱入 彫刻の森、小涌谷、宮ノ下、大平台、塔ノ沢、箱根湯本、入生田
100%
朝銭ほ星稲手稲 朝里、銭函、ほしみ、星置、稲穂、手稲、稲積公園
100%
潮新葛舞新市二 潮見、新木場、葛西臨海公園、舞浜、新浦安、市川塩浜、二俣新町
100%
町玉鶴柿新百読 町田、玉川学園前、鶴川、柿生、新百合ヶ丘、百合ヶ丘、読売ランド前
100%
町古淵矢相橋相 町田、古淵、淵野辺、矢部、相模原、橋本、相原
100%
町成長十中鴨小 町田、成瀬、長津田、十日市場、中山、鴨居、小机
100%
町町荒荒荒荒三 町屋二丁目、町屋駅前、荒川七丁目、荒川二丁目、荒川区役所前、荒川一中前、三ノ輪橋
100%
調西飛武多東府 調布、西調布、飛田給、武蔵野台、多磨霊園、東府中、府中
100%
銚松椎下下笹小 銚子、松岸、椎柴、下総豊里、下総橘、笹川、小見川
100%
長浦越上高本熊 長岡、浦佐、越後湯沢、上毛高原、高崎、本庄早稲田、熊谷
100%
長市権善本桐信 長野、市役所前、権堂、善光寺下、本郷、桐原、信濃吉田
100%
長仙東岩陸国塩 長町、仙台、東仙台、岩切、陸前山王、国府多賀城、塩釜
100%
長田青藤市江あ 長津田、田奈、青葉台、藤が丘、市が尾、江田、あざみ野
100%
長日穴新韮塩竜 長坂、日野春、穴山、新府、韮崎、塩崎、竜王
100%
直谷有名筒能浦 直江津、谷浜、有間川、名立、筒石、能生、浦本
100%
津船市新錦馬新 津田沼、船橋、市川、新小岩、錦糸町、馬喰町、新日本橋
100%
津敷渋八群新井 津久田、敷島、渋川、八木原、群馬総社、新前橋、井野
100%
津武武武武向平 津田山、武蔵溝ノ口、武蔵新城、武蔵中原、武蔵小杉、向河原、平間
100%
追金金能京杉屏 追浜、金沢八景、金沢文庫、能見台、京急富岡、杉田、屏風浦
100%
追三古由栗栗栗 追分、三川、古山、由仁、栗山、栗丘、栗沢
100%
追出上二天船脇 追分、出戸浜、上二田、二田、天王、船越、脇本
100%
追大羽井八鯉鹿 追分、大久保、羽後飯塚、井川さくら、八郎潟、鯉川、鹿渡
100%
鶴ふ上新川川霞 鶴瀬、ふじみ野、上福岡、新河岸、川越、川越市、霞ヶ関
100%
鶴羽羽三小五あ 鶴岡、羽前大山、羽前水沢、三瀬、小波渡、五十川、あつみ温泉
100%
鶴国鶴弁浅安武 鶴見、国道、鶴見小野、弁天橋、浅野、安善、武蔵白石
100%
鶴若坂北高東森 鶴ヶ島、若葉、坂戸、北坂戸、高坂、東松山、森林公園
100%
碇長大石弘撫川 碇ケ関、長峰、大鰐温泉、石川、弘前、撫牛子、川部
100%
天星和上西鶴二 天王町、星川、和田町、上星川、西谷、鶴ヶ峰、二俣川
100%
田会養ふ会弥塔 田島高校前、会津長野、養鱒公園、ふるさと公園、会津下郷、弥五島、塔のへつり
100%
田吉堀佐佐田渡 田沼、吉水、堀米、佐野、佐野市、田島、渡瀬
100%
田高品大大蒲川 田町、高輪ゲートウェイ、品川、大井町、大森、蒲田、川崎
100%
田西東武上上井 田無、西武柳沢、東伏見、武蔵関、上石神井、上井草、井荻
100%
田多新武元日綱 田園調布、多摩川、新丸子、武蔵小杉、元住吉、日吉、綱島
100%
田長つす南つ中 田奈、長津田、つくし野、すずかけ台、南町田グランベリーパーク、つきみ野、中央林間
100%
都鷺下井上上武 都立家政、鷺ノ宮、下井草、井荻、上井草、上石神井、武蔵関
100%
都小北須日村柳 都住、小布施、北須坂、須坂、日野、村山、柳原
100%
都東向大巣庚新 都電雑司ヶ谷、東池袋四丁目、向原、大塚駅前、巣鴨新田、庚申塚、新庚申塚
100%
都東千稲津船市 都賀、東千葉、千葉、稲毛、津田沼、船橋、市川
100%
土荒ひ牛龍藤取 土浦、荒川沖、ひたち野うしく、牛久、龍ケ崎市、藤代、取手
100%
土十魚下越内越 土市、十日町、魚沼中条、下条、越後岩沢、内ケ巻、越後川口
100%
土上追大羽井八 土崎、上飯島、追分、大久保、羽後飯塚、井川さくら、八郎潟
100%
唐小小は黒栗五 唐木田、小田急多摩センター、小田急永山、はるひ野、黒川、栗平、五月台
100%
塔湯芦大芦あ門 塔のへつり、湯野上温泉、芦ノ牧温泉南、大川ダム公園、芦ノ牧温泉、あまや、門田
100%
島六藤西焼用安 島田、六合、藤枝、西焼津、焼津、用宗、安倍川
100%
東さ神乱天天高 東根、さくらんぼ東根、神町、乱川、天童、天童南、高擶
100%
東テ青東有有市 東京国際クルーズターミナル、テレコムセンター、青海、東京ビッグサイト、有明、有明テニスの森、市場前
100%
東下世梅豪経千 東北沢、下北沢、世田谷代田、梅ヶ丘、豪徳寺、経堂、千歳船橋
100%
東吉富富新蒲由 東田子の浦、吉原、富士、富士川、新蒲原、蒲原、由比
100%
東湖新布木小安 東我孫子、湖北、新木、布佐、木下、小林、安食
100%
東護江飯市麹永 東池袋、護国寺、江戸川橋、飯田橋、市ケ谷、麹町、永田町
100%
東高北坂若鶴霞 東松山、高坂、北坂戸、坂戸、若葉、鶴ヶ島、霞ヶ関
100%
東今吉原沼丸志 東宮原、今羽、吉野原、原市、沼南、丸山、志久
100%
東佐勝水偕赤内 東海、佐和、勝田、水戸、偕楽園、赤塚、内原
100%
東山春石酒甲竜 東山梨、山梨市、春日居町、石和温泉、酒折、甲府、竜王
100%
東十都谷都赤禾 東桂、十日市場、都留文科大学前、谷村町、都留市、赤坂、禾生
100%
東新鶴川蒲大大 東神奈川、新子安、鶴見、川崎、蒲田、大森、大井町
100%
東新北西武南東 東所沢、新座、北朝霞、西浦和、武蔵浦和、南浦和、東浦和
100%
東森つ武小東み 東松山、森林公園、つきのわ、武蔵嵐山、小川町、東武竹沢、みなみ寄居
100%
東人日宝東新大 東日本橋、人形町、日本橋、宝町、東銀座、新橋、大門
100%
東西北柏愛端緋 東相内、西北見、北見、柏陽、愛し野、端野、緋牛内
100%
東船西下本市小 東船橋、船橋、西船橋、下総中山、本八幡、市川、小岩
100%
東草清興由蒲新 東静岡、草薙、清水、興津、由比、蒲原、新蒲原
100%
東中昭拝牛福羽 東中神、中神、昭島、拝島、牛浜、福生、羽村
100%
東中落新練豊練 東中野、中井、落合南長崎、新江古田、練馬、豊島園、練馬春日町
100%
東町町荒荒荒荒 東尾久三丁目、町屋二丁目、町屋駅前、荒川七丁目、荒川二丁目、荒川区役所前、荒川一中前
100%
東津幕幕新稲西 東船橋、津田沼、幕張本郷、幕張、新検見川、稲毛、西千葉
100%
東鶴富二前鷹糠 東能代、鶴形、富根、二ツ井、前山、鷹ノ巣、糠沢
100%
東南越吉吉新三 東川口、南越谷、越谷レイクタウン、吉川、吉川美南、新三郷、三郷
100%
東白越貝藤桑伊 東白石、白石、越河、貝田、藤田、桑折、伊達
100%
東福南金松安二 東福島、福島、南福島、金谷川、松川、安達、二本松
100%
東保横新武西大 東戸塚、保土ケ谷、横浜、新川崎、武蔵小杉、西大井、大崎
100%
東北燕燕西吉矢 東三条、北三条、燕三条、燕、西燕、吉田、矢作
100%
東陸陸手高松陸 東名、陸前大塚、陸前富山、手樽、高城町、松島海岸、陸前浜田
100%
湯下十醍柳横後 湯沢、下湯沢、十文字、醍醐、柳田、横手、後三年
100%
湯八陸鹿柴十末 湯瀬温泉、八幡平、陸中大里、鹿角花輪、柴平、十和田南、末広
100%
等尾九自緑大北 等々力、尾山台、九品仏、自由が丘、緑が丘、大岡山、北千束
100%
藤西焼用安静東 藤枝、西焼津、焼津、用宗、安倍川、静岡、東静岡
100%
栃新静藤板柳新 栃木、新大平下、静和、藤岡、板倉東洋大前、柳生、新古河
100%
那新郡福白仙古 那須塩原、新白河、郡山、福島、白石蔵王、仙台、古川
100%
内御芝三白白目 内幸町、御成門、芝公園、三田、白金高輪、白金台、目黒
100%
南磯大勿植泉湯 南中郷、磯原、大津港、勿来、植田、泉、湯本
100%
南加花鷲久和東 南羽生、加須、花崎、鷲宮、久喜、和戸、東武動物公園
100%
南吉北岩巻越越 南吉田、吉田、北吉田、岩室、巻、越後曽根、越後赤塚
100%
南京京京若稲京 南大沢、京王堀之内、京王多摩センター、京王永山、若葉台、稲城、京王よみうりランド
100%
南守新小水北中 南守谷、守谷、新守谷、小絹、水海道、北水海道、中妻
100%
南新幕海検稲千 南船橋、新習志野、幕張豊砂、海浜幕張、検見川浜、稲毛海岸、千葉みなと
100%
南千千九館那富 南三原、千歳、千倉、九重、館山、那古船形、富浦
100%
南川西的笠武高 南古谷、川越、西川越、的場、笠幡、武蔵高萩、高麗川
100%
南長東瀬鵜大最 南新庄、長沢、東長沢、瀬見温泉、鵜杉、大堀、最上
100%
南東東南越吉吉 南浦和、東浦和、東川口、南越谷、越谷レイクタウン、吉川、吉川美南
100%
南磐磐近中磐磐 南石井、磐城石井、磐城塙、近津、中豊、磐城棚倉、磐城浅川
100%
南豊柏穂有安細 南豊科、豊科、柏矢町、穂高、有明、安曇追分、細野
100%
南北新馬北松金 南柏、北小金、新松戸、馬橋、北松戸、松戸、金町
100%
南本酒東砂北余 南鳥海、本楯、酒田、東酒田、砂越、北余目、余目
100%
二国鴨小早根真 二宮、国府津、鴨宮、小田原、早川、根府川、真鶴
100%
二鶴西上和星天 二俣川、鶴ヶ峰、西谷、上星川、和田町、星川、天王町
100%
二南新幕海検稲 二俣新町、南船橋、新習志野、幕張豊砂、海浜幕張、検見川浜、稲毛海岸
100%
二南緑弥いいゆ 二俣川、南万騎が原、緑園都市、弥生台、いずみ野、いずみ中央、ゆめが丘
100%
日霞国赤乃表明 日比谷、霞ケ関、国会議事堂前、赤坂、乃木坂、表参道、明治神宮前
100%
日穴新韮塩竜甲 日野春、穴山、新府、韮崎、塩崎、竜王、甲府
100%
日元武新多田自 日吉、元住吉、武蔵小杉、新丸子、多摩川、田園調布、自由が丘
100%
日小十高南磯大 日立、小木津、十王、高萩、南中郷、磯原、大津港
100%
日人東浅蔵浅本 日本橋、人形町、東日本橋、浅草橋、蔵前、浅草、本所吾妻橋
100%
日西指南川西的 日進、西大宮、指扇、南古谷、川越、西川越、的場
100%
日西田上王東赤 日暮里、西日暮里、田端、上中里、王子、東十条、赤羽
100%
日豊八西高相藤 日野、豊田、八王子、西八王子、高尾、相模湖、藤野
100%
日贄木奈藪宮原 日出塩、贄川、木曽平沢、奈良井、藪原、宮ノ越、原野
100%
入上仲秋小人茅 入谷、上野、仲御徒町、秋葉原、小伝馬町、人形町、茅場町
100%
入仏元飯東高武 入間市、仏子、元加治、飯能、東飯能、高麗、武蔵横手
100%
乃赤国霞日二大 乃木坂、赤坂、国会議事堂前、霞ケ関、日比谷、二重橋前、大手町
100%
波寄桜小ふ永武 波久礼、寄居、桜沢、小前田、ふかや花園、永田、武川
100%
波樋野長上親皆 波久礼、樋口、野上、長瀞、上長瀞、親鼻、皆野
100%
馬下小俵久平上 馬来田、下郡、小櫃、俵田、久留里、平山、上総松丘
100%
馬小松海佐佐信 馬流、小海、松原湖、海尻、佐久海ノ口、佐久広瀬、信濃川上
100%
梅五小北牛堀鐘 梅島、五反野、小菅、北千住、牛田、堀切、鐘ヶ淵
100%
梅新石油花清有 梅ケ沢、新田、石越、油島、花泉、清水原、有壁
100%
柏茨安北越長塚 柏崎、茨目、安田、北条、越後広田、長鳥、塚山
100%
柏南北新馬北松 柏、南柏、北小金、新松戸、馬橋、北松戸、松戸
100%
柏豊南中一梓島 柏矢町、豊科、南豊科、中萱、一日市場、梓橋、島高松
100%
白羽あ長南時今 白兎、羽前成田、あやめ公園、長井、南長井、時庭、今泉
100%
白関青小寺新内 白山、関屋、青山、小針、寺尾、新潟大学前、内野
100%
白厚森大野高江 白石、厚別、森林公園、大麻、野幌、高砂、江別
100%
白信白千南中北 白馬、信濃森上、白馬大池、千国、南小谷、中土、北小谷
100%
白西庶大新新釧 白糠、西庶路、庶路、大楽毛、新大楽毛、新富士、釧路
100%
白千巣西新板板 白山、千石、巣鴨、西巣鴨、新板橋、板橋区役所前、板橋本町
100%
白福郡新那宇小 白石蔵王、福島、郡山、新白河、那須塩原、宇都宮、小山
100%
白堀野十陸陸久 白井海岸、堀内、野田玉川、十府ヶ浦海岸、陸中野田、陸中宇部、久慈
100%
白蓮東土大さ浦 白岡、蓮田、東大宮、土呂、大宮、さいたま新都心、浦和
100%
函五桔大七新仁 函館、五稜郭、桔梗、大中山、七飯、新函館北斗、仁山
100%
幡笹代明下桜上 幡ヶ谷、笹塚、代田橋、明大前、下高井戸、桜上水、上北沢
100%
八越潮新葛舞新 八丁堀、越中島、潮見、新木場、葛西臨海公園、舞浜、新浦安
100%
八茅人小秋仲上 八丁堀、茅場町、人形町、小伝馬町、秋葉原、仲御徒町、上野
100%
八京六雑京梅大 八丁畷、京急川崎、六郷土手、雑色、京急蒲田、梅屋敷、大森町
100%
八市福産幸並並 八景島、市大医学部、福浦、産業振興センター、幸浦、並木中央、並木北
100%
八築東銀日霞虎 八丁堀、築地、東銀座、銀座、日比谷、霞ケ関、虎ノ門ヒルズ
100%
八長本小陸白鮫 八戸、長苗代、本八戸、小中野、陸奥湊、白銀、鮫
100%
八東沢鳥北向能 八森、東八森、沢目、鳥形、北能代、向能代、能代
100%
八二い盛新北水 八戸、二戸、いわて沼宮内、盛岡、新花巻、北上、水沢江刺
100%
八飯横松成日八 八日市場、飯倉、横芝、松尾、成東、日向、八街
100%
八豊日立国三吉 八王子、豊田、日野、立川、国分寺、三鷹、吉祥寺
100%
八豊日立国西国 八王子、豊田、日野、立川、国立、西国分寺、国分寺
100%
八北苫剣諏三目 八戸、北高岩、苫米地、剣吉、諏訪ノ平、三戸、目時
100%
八陸下向三小上 八戸、陸奥市川、下田、向山、三沢、小川原、上北町
100%
半九神大三水清 半蔵門、九段下、神保町、大手町、三越前、水天宮前、清澄白河
100%
板板本志志蓮西 板橋区役所前、板橋本町、本蓮沼、志村坂上、志村三丁目、蓮根、西台
100%
板本志志蓮西高 板橋本町、本蓮沼、志村坂上、志村三丁目、蓮根、西台、高島平
100%
飯牛牛若東新都 飯田橋、牛込神楽坂、牛込柳町、若松河田、東新宿、新宿西口、都庁前
100%
飯九竹大日茅門 飯田橋、九段下、竹橋、大手町、日本橋、茅場町、門前仲町
100%
飯後横柳醍十下 飯詰、後三年、横手、柳田、醍醐、十文字、下湯沢
100%
飯切鼎下伊毛駄 飯田、切石、鼎、下山村、伊那八幡、毛賀、駄科
100%
番原下相入海厚 番田、原当麻、下溝、相武台下、入谷、海老名、厚木
100%
磐小桃浪双大夜 磐城太田、小高、桃内、浪江、双葉、大野、夜ノ森
100%
磐中上猪関川猪 磐梯熱海、中山宿、上戸、猪苗代湖畔、関都、川桁、猪苗代
100%
尾赤浦さ大宮上 尾久、赤羽、浦和、さいたま新都心、大宮、宮原、上尾
100%
尾赤浦さ大土東 尾久、赤羽、浦和、さいたま新都心、大宮、土呂、東大宮
100%
百聖中分府東多 百草園、聖蹟桜ヶ丘、中河原、分倍河原、府中、東府中、多磨霊園
100%
百読生向登和狛 百合ヶ丘、読売ランド前、生田、向ヶ丘遊園、登戸、和泉多摩川、狛江
100%
表外青赤溜虎新 表参道、外苑前、青山一丁目、赤坂見附、溜池山王、虎ノ門、新橋
100%
表乃赤国霞日二 表参道、乃木坂、赤坂、国会議事堂前、霞ケ関、日比谷、二重橋前
100%
品川横戸大藤辻 品川、川崎、横浜、戸塚、大船、藤沢、辻堂
100%
浜止知中清札緑 浜小清水、止別、知床斜里、中斜里、清里町、札弦、緑
100%
浜天豊磐御袋愛 浜松、天竜川、豊田町、磐田、御厨、袋井、愛野
100%
浜馬岩小神九市 浜町、馬喰横山、岩本町、小川町、神保町、九段下、市ヶ谷
100%
浜八五姉長袖巌 浜野、八幡宿、五井、姉ケ崎、長浦、袖ケ浦、巌根
100%
浜武安浅弁鶴国 浜川崎、武蔵白石、安善、浅野、弁天橋、鶴見小野、国道
100%
浜亘逢岩館名南 浜吉田、亘理、逢隈、岩沼、館腰、名取、南仙台
100%
富栢開新渋秦東 富水、栢山、開成、新松田、渋沢、秦野、東海大学前
100%
富吉東原片沼三 富士、吉原、東田子の浦、原、片浜、沼津、三島
100%
富高浜西永明東 富士見ヶ丘、高井戸、浜田山、西永福、永福町、明大前、東松原
100%
富佐岩大栃思小 富田、佐野、岩舟、大平下、栃木、思川、小山
100%
富西沼芝稲十井 富士宮、西富士宮、沼久保、芝川、稲子、十島、井出
100%
富練石大保ひ東 富士見台、練馬高野台、石神井公園、大泉学園、保谷、ひばりヶ丘、東久留米
100%
布調西飛武多東 布田、調布、西調布、飛田給、武蔵野台、多磨霊園、東府中
100%
府分中聖百高南 府中、分倍河原、中河原、聖蹟桜ヶ丘、百草園、高幡不動、南平
100%
武つ森東高北坂 武蔵嵐山、つきのわ、森林公園、東松山、高坂、北坂戸、坂戸
100%
武狭小西所秋清 武蔵藤沢、狭山ヶ丘、小手指、西所沢、所沢、秋津、清瀬
100%
武向平鹿矢尻川 武蔵小杉、向河原、平間、鹿島田、矢向、尻手、川崎
100%
武国西国立日豊 武蔵小金井、国分寺、西国分寺、国立、立川、日野、豊田
100%
武小東み男鉢玉 武蔵嵐山、小川町、東武竹沢、みなみ寄居、男衾、鉢形、玉淀
100%
武東行持ソ熊上 武州荒木、東行田、行田市、持田、ソシオ流通センター、熊谷、上熊谷
100%
武東西田花小久 武蔵関、東伏見、西武柳沢、田無、花小金井、小平、久米川
100%
武南東東南越吉 武蔵浦和、南浦和、東浦和、東川口、南越谷、越谷レイクタウン、吉川
100%
武飛西調布国柴 武蔵野台、飛田給、西調布、調布、布田、国領、柴崎
100%
舞下上港上弘蒔 舞岡、下永谷、上永谷、港南中央、上大岡、弘明寺、蒔田
100%
舞葛新潮越八東 舞浜、葛西臨海公園、新木場、潮見、越中島、八丁堀、東京
100%
舞新市二南新幕 舞浜、新浦安、市川塩浜、二俣新町、南船橋、新習志野、幕張豊砂
100%
風瑞多士剣和塩 風連、瑞穂、多寄、士別、剣淵、和寒、塩狩
100%
風入箱塔大宮小 風祭、入生田、箱根湯本、塔ノ沢、大平台、宮ノ下、小涌谷
100%
福羽小河東青宮 福生、羽村、小作、河辺、東青梅、青梅、宮ノ平
100%
福小苦陸宮榴仙 福田町、小鶴新田、苦竹、陸前原ノ町、宮城野原、榴ケ岡、仙台
100%
福東伊桑藤貝越 福島、東福島、伊達、桑折、藤田、貝田、越河
100%
淵矢相橋相八片 淵野辺、矢部、相模原、橋本、相原、八王子みなみ野、片倉
100%
分中聖百高南平 分倍河原、中河原、聖蹟桜ヶ丘、百草園、高幡不動、南平、平山城址公園
100%
平岩青遠綾岩荒 平倉、岩手上郷、青笹、遠野、綾織、岩手二日町、荒谷前
100%
平亀錦両浅秋御 平井、亀戸、錦糸町、両国、浅草橋、秋葉原、御茶ノ水
100%
平新小市本下西 平井、新小岩、小岩、市川、本八幡、下総中山、西船橋
100%
平西天星和上西 平沼橋、西横浜、天王町、星川、和田町、上星川、西谷
100%
平中幌中す大さ 平岸、中の島、幌平橋、中島公園、すすきの、大通、さっぽろ
100%
平南松田明西坂 平田、南松本、松本、田沢、明科、西条、坂北
100%
平氷小千要池雑 平和台、氷川台、小竹向原、千川、要町、池袋、雑司が谷
100%
平平飛清清グゆ 平石、平石中央小学校前、飛山城跡、清陵高校前、清原地区市民センター前、グリーンスタジアム前、ゆいの杜西
100%
並並幸産福市八 並木北、並木中央、幸浦、産業振興センター、福浦、市大医学部、八景島
100%
片蒲氏宝岡宇雀 片岡、蒲須坂、氏家、宝積寺、岡本、宇都宮、雀宮
100%
宝岡宇雀石自小 宝積寺、岡本、宇都宮、雀宮、石橋、自治医大、小金井
100%
宝日人東浅蔵浅 宝町、日本橋、人形町、東日本橋、浅草橋、蔵前、浅草
100%
峰刈神大飯後横 峰吉川、刈和野、神宮寺、大曲、飯詰、後三年、横手
100%
豊十池利幕札帯 豊頃、十弗、池田、利別、幕別、札内、帯広
100%
豊日立国三吉新 豊田、日野、立川、国分寺、三鷹、吉祥寺、新宿
100%
豊八西高相藤上 豊田、八王子、西八王子、高尾、相模湖、藤野、上野原
100%
豊浜掛静新三熱 豊橋、浜松、掛川、静岡、新富士、三島、熱海
100%
豊練新落中東中 豊島園、練馬、新江古田、落合南長崎、中井、東中野、中野坂上
100%
北伊長有洞豊大 北舟岡、伊達紋別、長和、有珠、洞爺、豊浦、大岸
100%
北燕燕西吉矢弥 北三条、燕三条、燕、西燕、吉田、矢作、弥彦
100%
北桶北鴻北吹行 北上尾、桶川、北本、鴻巣、北鴻巣、吹上、行田
100%
北滑中太龍臼青 北中込、滑津、中込、太田部、龍岡城、臼田、青沼
100%
北五猿馬咲東五 北五泉、五泉、猿和田、馬下、咲花、東下条、五十島
100%
北鴻北桶北上宮 北鴻巣、鴻巣、北本、桶川、北上尾、上尾、宮原
100%
北春一武せ大北 北春日部、春日部、一ノ割、武里、せんげん台、大袋、北越谷
100%
北松金亀綾北南 北松戸、松戸、金町、亀有、綾瀬、北千住、南千住
100%
北信稲海簗南神 北大町、信濃木崎、稲尾、海ノ口、簗場、南神城、神城
100%
北新岸片三三横 北新横浜、新横浜、岸根公園、片倉町、三ツ沢上町、三ツ沢下町、横浜
100%
北吹行熊籠深岡 北鴻巣、吹上、行田、熊谷、籠原、深谷、岡部
100%
北西東相留西生 北見、西北見、東相内、相内、留辺蘂、西留辺蘂、生田原
100%
北青六八三南流 北千住、青井、六町、八潮、三郷中央、南流山、流山セントラルパーク
100%
北中三南石玉宗 北水海道、中妻、三妻、南石下、石下、玉村、宗道
100%
北東白越貝藤桑 北白川、東白石、白石、越河、貝田、藤田、桑折
100%
北比蘭塩和剣士 北永山、比布、蘭留、塩狩、和寒、剣淵、士別
100%
北与南中武北戸 北与野、与野本町、南与野、中浦和、武蔵浦和、北戸田、戸田
100%
本永大土誉鎌蘇 本納、永田、大網、土気、誉田、鎌取、蘇我
100%
本笠西海君犬外 本銚子、笠上黒生、西海鹿島、海鹿島、君ヶ浜、犬吠、外川
100%
本駒西王王志赤 本駒込、駒込、西ケ原、王子、王子神谷、志茂、赤羽岩淵
100%
本篠瑞一船東大 本八幡、篠崎、瑞江、一之江、船堀、東大島、大島
100%
本春飯牛牛若東 本郷三丁目、春日、飯田橋、牛込神楽坂、牛込柳町、若松河田、東新宿
100%
本上大運相下桐 本宿、上神梅、大間々、運動公園、相老、下新田、桐生
100%
本蘇鎌誉土大永 本千葉、蘇我、鎌取、誉田、土気、大網、永田
100%
本南新狭入新航 本川越、南大塚、新狭山、狭山市、入曽、新所沢、航空公園
100%
摩磯標茅塘細釧 摩周、磯分内、標茶、茅沼、塘路、細岡、釧路湿原
100%
麻六溜永四市飯 麻布十番、六本木一丁目、溜池山王、永田町、四ツ谷、市ケ谷、飯田橋
100%
幕札帯柏西大芽 幕別、札内、帯広、柏林台、西帯広、大成、芽室
100%
幕幕津東船西下 幕張、幕張本郷、津田沼、東船橋、船橋、西船橋、下総中山
100%
幕利池十豊新浦 幕別、利別、池田、十弗、豊頃、新吉野、浦幌
100%
万甲柴立立高立 万願寺、甲州街道、柴崎体育館、立川南、立川北、高松、立飛
100%
妙行南浦葛西南 妙典、行徳、南行徳、浦安、葛西、西葛西、南砂町
100%
妙黒古牟豊三北 妙高高原、黒姫、古間、牟礼、豊野、三才、北長野
100%
明小竹折寄用松 明覚、小川町、竹沢、折原、寄居、用土、松久
100%
木伊沢羽伊宮辰 木ノ下、伊那松島、沢、羽場、伊那新町、宮木、辰野
100%
木祇上東横東馬 木更津、祇園、上総清川、東清川、横田、東横田、馬来田
100%
木君青大佐上竹 木更津、君津、青堀、大貫、佐貫町、上総湊、竹岡
100%
木門茅日大竹九 木場、門前仲町、茅場町、日本橋、大手町、竹橋、九段下
100%
勿大磯南高十小 勿来、大津港、磯原、南中郷、高萩、十王、小木津
100%
問天佐筬音咲天 問寒別、天塩中川、佐久、筬島、音威子府、咲来、天塩川温泉
100%
門茅日大竹九飯 門前仲町、茅場町、日本橋、大手町、竹橋、九段下、飯田橋
100%
野間小小自石雀 野木、間々田、小山、小金井、自治医大、石橋、雀宮
100%
野古栗東久新白 野木、古河、栗橋、東鷲宮、久喜、新白岡、白岡
100%
野長上親皆和大 野上、長瀞、上長瀞、親鼻、皆野、和銅黒谷、大野原
100%
弥矢吉西燕燕北 弥彦、矢作、吉田、西燕、燕、燕三条、北三条
100%
矢鏡須安郡日五 矢吹、鏡石、須賀川、安積永盛、郡山、日和田、五百川
100%
矢淵古町成長十 矢部、淵野辺、古淵、町田、成瀬、長津田、十日市場
100%
矢片蒲氏宝岡宇 矢板、片岡、蒲須坂、氏家、宝積寺、岡本、宇都宮
100%
薬連宮仙青大国 薬師堂、連坊、宮城野通、仙台、青葉通一番町、大町西公園、国際センター
100%
鑓羽鶯角生神刺 鑓見内、羽後長野、鶯野、角館、生田、神代、刺巻
100%
油石新梅瀬田小 油島、石越、新田、梅ケ沢、瀬峰、田尻、小牛田
100%
勇兜豊下幌糠問 勇知、兜沼、豊富、下沼、幌延、糠南、問寒別
100%
涌前佳鹿曽石陸 涌谷、前谷地、佳景山、鹿又、曽波神、石巻、陸前稲井
100%
誉土大永本新茂 誉田、土気、大網、永田、本納、新茂原、茂原
100%
洋新磯根山石関 洋光台、新杉田、磯子、根岸、山手、石川町、関内
100%
用寄折竹小明越 用土、寄居、折原、竹沢、小川町、明覚、越生
100%
用二二高溝梶宮 用賀、二子玉川、二子新地、高津、溝の口、梶が谷、宮崎台
100%
要池雑西東新北 要町、池袋、雑司が谷、西早稲田、東新宿、新宿三丁目、北参道
100%
蘭塩和剣士多瑞 蘭留、塩狩、和寒、剣淵、士別、多寄、瑞穂
100%
陸越鳴鰺陸陸北 陸奥森田、越水、鳴沢、鰺ケ沢、陸奥赤石、陸奥柳田、北金ケ沢
100%
陸岩東仙長太南 陸前山王、岩切、東仙台、仙台、長町、太子堂、南仙台
100%
陸鹿矢東陸石蛇 陸前小野、鹿妻、矢本、東矢本、陸前赤井、石巻あゆみ野、蛇田
100%
陸蛇石陸矢陸野 陸前山下、蛇田、石巻あゆみ野、陸前赤井、矢本、陸前小野、野蒜
100%
陸箱川松区上山 陸中川井、箱石、川内、松草、区界、上米内、山岸
100%
陸八北苫剣諏三 陸奥市川、八戸、北高岩、苫米地、剣吉、諏訪ノ平、三戸
100%
陸北千大風驫追 陸奥柳田、北金ケ沢、千畳敷、大戸瀬、風合瀬、驫木、追良瀬
100%
立高立泉砂玉桜 立川北、高松、立飛、泉体育館、砂川七番、玉川上水、桜街道
100%
立国西国武東武 立川、国立、西国分寺、国分寺、武蔵小金井、東小金井、武蔵境
100%
立鮫青新北品泉 立会川、鮫洲、青物横丁、新馬場、北品川、品川、泉岳寺
100%
流初江運梅野愛 流山おおたかの森、初石、江戸川台、運河、梅郷、野田市、愛宕
100%
流南三八六青北 流山セントラルパーク、南流山、三郷中央、八潮、六町、青井、北千住
100%
龍川川湯中上男 龍王峡、川治温泉、川治湯元、湯西川温泉、中三依温泉、上三依塩原温泉口、男鹿高原
100%
両錦亀平新小市 両国、錦糸町、亀戸、平井、新小岩、小岩、市川
100%
梁四上藤相高西 梁川、四方津、上野原、藤野、相模湖、高尾、西八王子
100%
緑川美摩磯標茅 緑、川湯温泉、美留和、摩周、磯分内、標茶、茅沼
100%
礼西刈荒西東柏 礼拝、西山、刈羽、荒浜、西中通、東柏崎、柏崎
100%
練豊練新落中東 練馬春日町、豊島園、練馬、新江古田、落合南長崎、中井、東中野
100%
蓮志志本板板新 蓮根、志村三丁目、志村坂上、本蓮沼、板橋本町、板橋区役所前、新板橋
100%
浪御勝鵜上行安 浪花、御宿、勝浦、鵜原、上総興津、行川アイランド、安房小湊
100%
六五浦八小越北 六日町、五日町、浦佐、八色、小出、越後堀之内、北堀之内
100%
六高逆増新柏豊 六実、高柳、逆井、増尾、新柏、柏、豊四季
100%
六神虎霞日銀東 六本木、神谷町、虎ノ門ヒルズ、霞ケ関、日比谷、銀座、東銀座
100%
六青北南浅新秋 六町、青井、北千住、南千住、浅草、新御徒町、秋葉原
100%
六麻赤大汐築勝 六本木、麻布十番、赤羽橋、大門、汐留、築地市場、勝どき
100%
和岩横立藤江柳 和賀仙人、岩沢、横川目、立川目、藤根、江釣子、柳原
100%
和朝朝志柳み鶴 和光市、朝霞、朝霞台、志木、柳瀬川、みずほ台、鶴瀬
100%
和登向生読百新 和泉多摩川、登戸、向ヶ丘遊園、生田、読売ランド前、百合ヶ丘、新百合ヶ丘
100%
和南千千九館那 和田浦、南三原、千歳、千倉、九重、館山、那古船形
100%
和由長極稲七鎌 和田塚、由比ヶ浜、長谷、極楽寺、稲村ヶ崎、七里ヶ浜、鎌倉高校前
100%
偕水勝佐東大常 偕楽園、水戸、勝田、佐和、東海、大甕、常陸多賀
100%
屏上弘井南黄日 屏風浦、上大岡、弘明寺、井土ヶ谷、南太田、黄金町、日ノ出町
100%
獨草谷竹西梅五 獨協大学前、草加、谷塚、竹ノ塚、西新井、梅島、五反野
100%
筬音咲天美智智 筬島、音威子府、咲来、天塩川温泉、美深、智北、智恵文
100%
筬佐天問糠幌下 筬島、佐久、天塩中川、問寒別、糠南、幌延、下沼
100%
艫横深広追驫風 艫作、横磯、深浦、広戸、追良瀬、驫木、風合瀬
100%
鶯日西田駒巣大 鶯谷、日暮里、西日暮里、田端、駒込、巣鴨、大塚
100%
鶯平為温田門唐 鶯巣、平岡、為栗、温田、田本、門島、唐笠
100%
バ大西西円西二 バスセンター前、大通、西11丁目、西18丁目、円山公園、西28丁目、二十四軒
100%
羽羽天穴大糀京 羽田空港第1・第2ターミナル、羽田空港第3ターミナル、天空橋、穴守稲荷、大鳥居、糀谷、京急蒲田
100%
大さ北東環元新 大通、さっぽろ、北13条東、東区役所前、環状通東、元町、新道東
100%
幌東石中電ロ西 幌南小学校前、東屯田通、石山通、中央図書館前、電車事業所前、ロープウェイ入口、西線16条
100%
成空成印千新東 成田空港、空港第2ビル、成田湯川、印旛日本医大、千葉ニュータウン中央、新鎌ヶ谷、東松戸
100%
羽天整昭流大天 羽田空港第3ターミナル、天空橋、整備場、昭和島、流通センター、大井競馬場前、天王洲アイル
100%
駅峰陽宇平平飛 駅東公園前、峰、陽東3丁目、宇都宮大学陽東キャンパス、平石、平石中央小学校前、飛山城跡
100%
天大流昭整天羽 天王洲アイル、大井競馬場前、流通センター、昭和島、整備場、天空橋、羽田空港第3ターミナル
100%
京糀大穴天羽羽 京急蒲田、糀谷、大鳥居、穴守稲荷、天空橋、羽田空港第3ターミナル、羽田空港第1・第2ターミナル
100%
昭整天羽新羽羽 昭和島、整備場、天空橋、羽田空港第3ターミナル、新整備場、羽田空港第1ターミナル、羽田空港第2ターミナル
100%
南白東菊バ大西 南郷7丁目、白石、東札幌、菊水、バスセンター前、大通、西11丁目
100%
中西西狸す資東 中央区役所前、西8丁目、西4丁目、狸小路、すすきの、資生館小学校前、東本願寺前
100%
い草四久末広J いわき、草野、四ツ倉、久ノ浜、末続、広野、Jヴィレッジ
100%
草四久末広J木 草野、四ツ倉、久ノ浜、末続、広野、Jヴィレッジ、木戸
100%
富竜木J広末久 富岡、竜田、木戸、Jヴィレッジ、広野、末続、久ノ浜
100%
新北京Y京津三 新大津、北久里浜、京急久里浜、YRP野比、京急長沢、津久井浜、三浦海岸
100%
伊愛中安上白丸 伊香牛、愛別、中愛別、安足間、上川、白滝、丸瀬布
67%
羽岩大新下玉川 羽黒、岩瀬、大和、新治、下館、玉戸、川島
67%
関青小寺新内内 関屋、青山、小針、寺尾、新潟大学前、内野、内野西が丘
67%
厚門尾上別武東 厚岸、門静、尾幌、上尾幌、別保、武佐、東釧路
67%
上高本熊大上東 上毛高原、高崎、本庄早稲田、熊谷、大宮、上野、東京
67%
上八芦千仙つ柴 上北沢、八幡山、芦花公園、千歳烏山、仙川、つつじヶ丘、柴崎
67%
新西佐黒豊早新 新発田、西新発田、佐々木、黒山、豊栄、早通、新崎
67%
川鳴鳴中堺赤立 川渡温泉、鳴子御殿湯、鳴子温泉、中山平温泉、堺田、赤倉温泉、立小路
67%
池新渋恵大西武 池袋、新宿、渋谷、恵比寿、大崎、西大井、武蔵小杉
67%
南勇兜豊下幌糠 南稚内、勇知、兜沼、豊富、下沼、幌延、糠南
67%
まほ虫う大く犀 まつだい、ほくほく大島、虫川大杉、うらがわら、大池いこいの森、くびき、犀潟
50%
芦湯塔弥会ふ養 芦ノ牧温泉南、湯野上温泉、塔のへつり、弥五島、会津下郷、ふるさと公園、養鱒公園
50%
伊伊伊伊片伊今 伊豆高原、伊豆大川、伊豆北川、伊豆熱川、片瀬白田、伊豆稲取、今井浜海岸
50%
伊桑藤貝越白東 伊達、桑折、藤田、貝田、越河、白石、東白石
50%
印千小白西新大 印西牧の原、千葉ニュータウン中央、小室、白井、西白井、新鎌ヶ谷、大町
50%
下中上常瓜静常 下菅谷、中菅谷、上菅谷、常陸鴻巣、瓜連、静、常陸大宮
50%
霞日銀東築八茅 霞ケ関、日比谷、銀座、東銀座、築地、八丁堀、茅場町
50%
会早会会会本会 会津宮下、早戸、会津水沼、会津中川、会津川口、本名、会津越川
50%
鬼東小新大大下 鬼怒川温泉、東武ワールドスクウェア、小佐越、新高徳、大桑、大谷向、下今市
50%
菊大綱日元武新 菊名、大倉山、綱島、日吉、元住吉、武蔵小杉、新丸子
50%
京京実八京勝志 京成津田沼、京成大久保、実籾、八千代台、京成大和田、勝田台、志津
50%
金斗二一小小奥 金田一温泉、斗米、二戸、一戸、小鳥谷、小繋、奥中山高原
50%
月下葭寿三東十 月江寺、下吉田、葭池温泉前、寿、三つ峠、東桂、十日市場
50%
県県草御狐桜入 県総合運動場、県立美術館前、草薙、御門台、狐ヶ崎、桜橋、入江岡
50%
元武新多田奥大 元住吉、武蔵小杉、新丸子、多摩川、田園調布、奥沢、大岡山
50%
江川夏小神菅大 江田、川前、夏井、小野新町、神俣、菅谷、大越
50%
江滝砂豊奈茶美 江部乙、滝川、砂川、豊沼、奈井江、茶志内、美唄
50%
荒荒荒荒町町東 荒川一中前、荒川区役所前、荒川二丁目、荒川七丁目、町屋駅前、町屋二丁目、東尾久三丁目
50%
荒荒町町東熊宮 荒川二丁目、荒川七丁目、町屋駅前、町屋二丁目、東尾久三丁目、熊野前、宮ノ前
50%
桜高長湘六善藤 桜ヶ丘、高座渋谷、長後、湘南台、六会日大前、善行、藤沢本町
50%
三日京銀新虎溜 三越前、日本橋、京橋、銀座、新橋、虎ノ門、溜池山王
50%
三美中佐岩北滑 三岡、美里、中佐都、佐久平、岩村田、北中込、滑津
50%
四新吉三国立日 四ツ谷、新宿、吉祥寺、三鷹、国分寺、立川、日野
50%
小ふ永武明大ひ 小前田、ふかや花園、永田、武川、明戸、大麻生、ひろせ野鳥の森
50%
小越北越小越宮 小出、越後堀之内、北堀之内、越後川口、小千谷、越後滝谷、宮内
50%
小山足あ富佐岩 小俣、山前、足利、あしかがフラワーパーク、富田、佐野、岩舟
50%
松金南福東伊桑 松川、金谷川、南福島、福島、東福島、伊達、桑折
50%
笑萱荒阿小前阿 笑内、萱草、荒瀬、阿仁合、小渕、前田南、阿仁前田温泉
50%
上自さ積遠遠浜 上島、自動車学校前、さぎの宮、積志、遠州西ヶ崎、遠州小松、浜北
50%
上象金仁西羽羽 上浜、象潟、金浦、仁賀保、西目、羽後本荘、羽後岩谷
50%
上上西上東上上 上州一ノ宮、上州七日市、西富岡、上州富岡、東富岡、上州福島、上州新屋
50%
常五元く北新初 常盤平、五香、元山、くぬぎ山、北初富、新鎌ヶ谷、初富
50%
常大涸鹿徳新北 常澄、大洗、涸沼、鹿島旭、徳宿、新鉾田、北浦湖畔
50%
新下玉川東結小 新治、下館、玉戸、川島、東結城、結城、小田林
50%
新汐竹日芝お台 新橋、汐留、竹芝、日の出、芝浦ふ頭、お台場海浜公園、台場
50%
新蔵両森清門月 新御徒町、蔵前、両国、森下、清澄白河、門前仲町、月島
50%
神福大家抜川地 神尾、福用、大和田、家山、抜里、川根温泉笹間渡、地名
50%
須日村柳附朝信 須坂、日野、村山、柳原、附属中学前、朝陽、信濃吉田
50%
須北小都桜延信 須坂、北須坂、小布施、都住、桜沢、延徳、信州中野
50%
青お堀京千町新 青砥、お花茶屋、堀切菖蒲園、京成関屋、千住大橋、町屋、新三河島
50%
青駿田下塩地川 青部、駿河徳山、田野口、下泉、塩郷、地名、川根温泉笹間渡
50%
静安用焼西藤六 静岡、安倍川、用宗、焼津、西焼津、藤枝、六合
50%
千千九館那富岩 千歳、千倉、九重、館山、那古船形、富浦、岩井
50%
川泉川小谷磐安 川辺沖、泉郷、川東、小塩江、谷田川、磐城守山、安積永盛
50%
相新阿藪治三太 相老、新桐生、阿左美、藪塚、治良門橋、三枚橋、太田
50%
大巣駒田西日鶯 大塚、巣鴨、駒込、田端、西日暮里、日暮里、鶯谷
50%
大藤辻茅平大二 大船、藤沢、辻堂、茅ケ崎、平塚、大磯、二宮
50%
槻船大北東白越 槻木、船岡、大河原、北白川、東白石、白石、越河
50%
天笹市多七益北 天矢場、笹原田、市塙、多田羅、七井、益子、北山
50%
田横荒小赤安松 田山、横間、荒屋新町、小屋の畑、赤坂田、安比高原、松尾八幡平
50%
東横東馬下小俵 東清川、横田、東横田、馬来田、下郡、小櫃、俵田
50%
東銀日霞虎神六 東銀座、銀座、日比谷、霞ケ関、虎ノ門ヒルズ、神谷町、六本木
50%
東所航新入狭新 東村山、所沢、航空公園、新所沢、入曽、狭山市、新狭山
50%
東築八茅人小秋 東銀座、築地、八丁堀、茅場町、人形町、小伝馬町、秋葉原
50%
東尾掛渡渡鹿大 東森、尾白内、掛澗、渡島砂原、渡島沼尻、鹿部、大沼
50%
湯上三横院及大 湯沢、上湯沢、三関、横堀、院内、及位、大滝
50%
当太ロああ拓篠 当別、太美、ロイズタウン、あいの里公園、あいの里教育大、拓北、篠路
50%
栃大岩佐富あ足 栃木、大平下、岩舟、佐野、富田、あしかがフラワーパーク、足利
50%
日大神水春白千 日比谷、大手町、神保町、水道橋、春日、白山、千石
50%
板北新樅楡東家 板荷、北鹿沼、新鹿沼、樅山、楡木、東武金崎、家中
50%
飯伊七高伊上伊 飯島、伊那本郷、七久保、高遠原、伊那田島、上片桐、伊那大島
50%
尾等上二二高溝 尾山台、等々力、上野毛、二子玉川、二子新地、高津、溝の口
50%
武せ大北越新蒲 武里、せんげん台、大袋、北越谷、越谷、新越谷、蒲生
50%
平氷小千要池東 平和台、氷川台、小竹向原、千川、要町、池袋、東池袋
50%
別上尾門厚茶浜 別保、上尾幌、尾幌、門静、厚岸、茶内、浜中
50%
峰岩上幌豊江高 峰延、岩見沢、上幌向、幌向、豊幌、江別、高砂
50%
北下大信渚西松 北新・松本大学前、下新、大庭、信濃荒井、渚、西松本、松本
50%
北西新新東新北 北府中、西国分寺、新小平、新秋津、東所沢、新座、北朝霞
50%
門厚茶浜姉厚別 門静、厚岸、茶内、浜中、姉別、厚床、別当賀
50%
六善藤藤本鵠片 六会日大前、善行、藤沢本町、藤沢、本鵠沼、鵠沼海岸、片瀬江ノ島
50%
狸す資東山中行 狸小路、すすきの、資生館小学校前、東本願寺前、山鼻9条、中島公園通、行啓通
50%
J広末久四草い Jヴィレッジ、広野、末続、久ノ浜、四ツ倉、草野、いわき
50%
ラ西上美美北千 ラベンダー畑、西中、上富良野、美馬牛、美瑛、北美瑛、千代ケ岡
33%
春高南上北新二 春日山、高田、南高田、上越妙高、北新井、新井、二本木
33%
ああ拓篠百太新 あいの里公園、あいの里教育大、拓北、篠路、百合が原、太平、新琴似
0%
あた鷺宮宮梶溝 あざみ野、たまプラーザ、鷺沼、宮前平、宮崎台、梶が谷、溝の口
0%
あ芦大芦湯塔弥 あまや、芦ノ牧温泉、大川ダム公園、芦ノ牧温泉南、湯野上温泉、塔のへつり、弥五島
0%
あ羽白蚕鮎四荒 あやめ公園、羽前成田、白兎、蚕桑、鮎貝、四季の郷、荒砥
0%
ア奥川土沢川千 アプトいちしろ、奥泉、川根小山、土本、沢間、川根両国、千頭
0%
あ兜富や梁新二 あぶくま、兜、富野、やながわ希望の森公園前、梁川、新田、二井田
0%
あ丸北南角横岡 あぶくま、丸森、北丸森、南角田、角田、横倉、岡
0%
あ岩大白松十陸 あきた白神、岩館、大間越、白神岳登山口、松神、十二湖、陸奥岩崎
0%
あ江市藤青田長 あざみ野、江田、市が尾、藤が丘、青葉台、田奈、長津田
0%
あ小鼠府勝越今 あつみ温泉、小岩川、鼠ケ関、府屋、勝木、越後寒川、今川
0%
あ仙榴宮陸苦小 あおば通、仙台、榴ケ岡、宮城野原、陸前原ノ町、苦竹、小鶴新田
0%
あ足山小桐岩国 あしかがフラワーパーク、足利、山前、小俣、桐生、岩宿、国定
0%
ア大知尾奥三都 アスモ前、大森、知波田、尾奈、奥浜名湖、三ヶ日、都筑
0%
あ滝八東沢鳥北 あきた白神、滝ノ間、八森、東八森、沢目、鳥形、北能代
0%
あ拓篠百太新新 あいの里教育大、拓北、篠路、百合が原、太平、新琴似、新川
0%
あ中セセ仲新北 あざみ野、中川、センター北、センター南、仲町台、新羽、北新横浜
0%
ア長ひ奥接尾閑 アプトいちしろ、長島ダム、ひらんだ、奥大井湖上、接岨峡温泉、尾盛、閑蔵
0%
あ長南時今西梨 あやめ公園、長井、南長井、時庭、今泉、西大塚、梨郷
0%
あ富佐岩大栃思 あしかがフラワーパーク、富田、佐野、岩舟、大平下、栃木、思川
0%
い岩好渋滝巣厨 いわて沼宮内、岩手川口、好摩、渋民、滝沢、巣子、厨川
0%
い御奥小小一二 いわて沼宮内、御堂、奥中山高原、小繋、小鳥谷、一戸、二戸
0%
い細原原戸遠森 いこいの広場、細谷、原谷、原田、戸綿、遠州森、森町病院前
0%
い盛新北水一く いわて沼宮内、盛岡、新花巻、北上、水沢江刺、一ノ関、くりこま高原
0%
い内湯泉植勿大 いわき、内郷、湯本、泉、植田、勿来、大津港
0%
う虫ほま十し美 うらがわら、虫川大杉、ほくほく大島、まつだい、十日町、しんざ、美佐島
0%
ウ陸陸十松白大 ウェスパ椿山、陸奥沢辺、陸奥岩崎、十二湖、松神、白神岳登山口、大間越
0%
ウ艫横深広追驫 ウェスパ椿山、艫作、横磯、深浦、広戸、追良瀬、驫木
0%
え梶浦能筒名有 えちご押上ひすい海岸、梶屋敷、浦本、能生、筒石、名立、有間川
0%
お国壬野野新栃 おもちゃのまち、国谷、壬生、野州大塚、野州平川、新栃木、栃木
0%
お青京京江国市 お花茶屋、青砥、京成高砂、京成小岩、江戸川、国府台、市川真間
0%
お台東テ青東有 お台場海浜公園、台場、東京国際クルーズターミナル、テレコムセンター、青海、東京ビッグサイト、有明
0%
お梨西今時南長 おりはた、梨郷、西大塚、今泉、時庭、南長井、長井
0%
か羽中赤高置米 かみのやま温泉、羽前中山、中川、赤湯、高畠、置賜、米沢
0%
か茂蔵山北羽南 かみのやま温泉、茂吉記念館前、蔵王、山形、北山形、羽前千歳、南出羽
0%
グゆゆゆ芳芳か グリーンスタジアム前、ゆいの杜西、ゆいの杜中央、ゆいの杜東、芳賀台、芳賀町工業団地管理センター前、かしの森公園前
0%
く元五常八み松 くぬぎ山、元山、五香、常盤平、八柱、みのり台、松戸新田
0%
く古仙白福郡新 くりこま高原、古川、仙台、白石蔵王、福島、郡山、新白河
0%
く大う虫ほま十 くびき、大池いこいの森、うらがわら、虫川大杉、ほくほく大島、まつだい、十日町
0%
サ恵恵島北上新 サッポロビール庭園、恵庭、恵み野、島松、北広島、上野幌、新札幌
0%
さ自上曳助八遠 さぎの宮、自動車学校前、上島、曳馬、助信、八幡、遠州病院
0%
さ神乱天天高漆 さくらんぼ東根、神町、乱川、天童、天童南、高擶、漆山
0%
さ積遠遠浜美遠 さぎの宮、積志、遠州西ヶ崎、遠州小松、浜北、美薗中央公園、遠州小林
0%
さ相大瀬三希二 さがみ野、相模大塚、大和、瀬谷、三ツ境、希望ヶ丘、二俣川
0%
さ大す中幌中平 さっぽろ、大通、すすきの、中島公園、幌平橋、中の島、平岸
0%
さ大宮上北桶北 さいたま新都心、大宮、宮原、上尾、北上尾、桶川、北本
0%
さ大土東蓮白新 さいたま新都心、大宮、土呂、東大宮、蓮田、白岡、新白岡
0%
さ大豊学豊美月 さっぽろ、大通、豊水すすきの、学園前、豊平公園、美園、月寒中央
0%
さ東村袖大北芦 さくらんぼ東根、東根、村山、袖崎、大石田、北大石田、芦沢
0%
ジ吉本岳比岳須 ジヤトコ前、吉原本町、本吉原、岳南原田、比奈、岳南富士岡、須津
0%
し十まほ虫う大 しんざ、十日町、まつだい、ほくほく大島、虫川大杉、うらがわら、大池いこいの森
0%
すつ長田青藤市 すずかけ台、つくし野、長津田、田奈、青葉台、藤が丘、市が尾
0%
す青茅上下岡み すずらんの里、青柳、茅野、上諏訪、下諏訪、岡谷、みどり湖
0%
す中幌中平南澄 すすきの、中島公園、幌平橋、中の島、平岸、南平岸、澄川
0%
す富信小長日穴 すずらんの里、富士見、信濃境、小淵沢、長坂、日野春、穴山
0%
セセ北東高日日 センター南、センター北、北山田、東山田、高田、日吉本町、日吉
0%
せ大北越新蒲新 せんげん台、大袋、北越谷、越谷、新越谷、蒲生、新田
0%
セ仲新北新岸片 センター南、仲町台、新羽、北新横浜、新横浜、岸根公園、片倉町
0%
ソ熊上石ひ大明 ソシオ流通センター、熊谷、上熊谷、石原、ひろせ野鳥の森、大麻生、明戸
0%
ソ持行東武新西 ソシオ流通センター、持田、行田市、東行田、武州荒木、新郷、西羽生
0%
たあ江市藤青田 たまプラーザ、あざみ野、江田、市が尾、藤が丘、青葉台、田奈
0%
た鷺宮宮梶溝高 たまプラーザ、鷺沼、宮前平、宮崎台、梶が谷、溝の口、高津
0%
つ研万みみ守柏 つくば、研究学園、万博記念公園、みどりの、みらい平、守谷、柏たなか
0%
つ柴国布調西飛 つつじヶ丘、柴崎、国領、布田、調布、西調布、飛田給
0%
つ森東高北坂若 つきのわ、森林公園、東松山、高坂、北坂戸、坂戸、若葉
0%
つ仙千芦八上桜 つつじヶ丘、仙川、千歳烏山、芦花公園、八幡山、上北沢、桜上水
0%
つ長田青藤市江 つくし野、長津田、田奈、青葉台、藤が丘、市が尾、江田
0%
つ南すつ長田青 つきみ野、南町田グランベリーパーク、すずかけ台、つくし野、長津田、田奈、青葉台
0%
つ武小東み男鉢 つきのわ、武蔵嵐山、小川町、東武竹沢、みなみ寄居、男衾、鉢形
0%
テ西上信大田滋 テクノさかき、西上田、上田、信濃国分寺、大屋、田中、滋野
0%
テ青東有有市新 テレコムセンター、青海、東京ビッグサイト、有明、有明テニスの森、市場前、新豊洲
0%
テ東台お芝日竹 テレコムセンター、東京国際クルーズターミナル、台場、お台場海浜公園、芝浦ふ頭、日の出、竹芝
0%
と押曳東鐘堀牛 とうきょうスカイツリー、押上、曳舟、東向島、鐘ヶ淵、堀切、牛田
0%
ニ昆蘭目熱黒二 ニセコ、昆布、蘭越、目名、熱郛、黒松内、二股
0%
ニ比倶小銀然仁 ニセコ、比羅夫、倶知安、小沢、銀山、然別、仁木
0%
ひ久寺真北西北 ひぐち、久下田、寺内、真岡、北真岡、西田井、北山
0%
ひ荒土神高石羽 ひたち野うしく、荒川沖、土浦、神立、高浜、石岡、羽鳥
0%
ひ石上熊ソ持行 ひろせ野鳥の森、石原、上熊谷、熊谷、ソシオ流通センター、持田、行田市
0%
ひ大明武永ふ小 ひろせ野鳥の森、大麻生、明戸、武川、永田、ふかや花園、小前田
0%
ひ長ア奥川土沢 ひらんだ、長島ダム、アプトいちしろ、奥泉、川根小山、土本、沢間
0%
ひ東清秋所西小 ひばりヶ丘、東久留米、清瀬、秋津、所沢、西所沢、小手指
0%
ひ保大石練富中 ひばりヶ丘、保谷、大泉学園、石神井公園、練馬高野台、富士見台、中村橋
0%
ふ永武明大ひ石 ふかや花園、永田、武川、明戸、大麻生、ひろせ野鳥の森、石原
0%
フ宮岩西二天上 フルーツパーク、宮口、岩水寺、西鹿島、二俣本町、天竜二俣、上野部
0%
ふ上新川川霞鶴 ふじみ野、上福岡、新河岸、川越、川越市、霞ヶ関、鶴ヶ島
0%
ふ鶴み柳志朝朝 ふじみ野、鶴瀬、みずほ台、柳瀬川、志木、朝霞台、朝霞
0%
フ都常金岡気西 フルーツパーク、都田、常葉大学前、金指、岡地、気賀、西気賀
0%
ふ養会田会中会 ふるさと公園、養鱒公園、会津長野、田島高校前、会津田島、中荒井、会津荒海
0%
ほま十し美魚六 ほくほく大島、まつだい、十日町、しんざ、美佐島、魚沼丘陵、六日町
0%
ほ星稲手稲発発 ほしみ、星置、稲穂、手稲、稲積公園、発寒、発寒中央
0%
みみ守柏柏流流 みどりの、みらい平、守谷、柏たなか、柏の葉キャンパス、流山おおたかの森、流山セントラルパーク
0%
み岡下上茅青す みどり湖、岡谷、下諏訪、上諏訪、茅野、青柳、すずらんの里
0%
み鶴ふ上新川川 みずほ台、鶴瀬、ふじみ野、上福岡、新河岸、川越、川越市
0%
み東小武つ森東 みなみ寄居、東武竹沢、小川町、武蔵嵐山、つきのわ、森林公園、東松山
0%
み動ス穴天作千 みつわ台、動物公園、スポーツセンター、穴川、天台、作草部、千葉公園
0%
み八常五元く北 みのり台、八柱、常盤平、五香、元山、くぬぎ山、北初富
0%
み柳志朝朝和成 みずほ台、柳瀬川、志木、朝霞台、朝霞、和光市、成増
0%
モ天大流昭整天 モノレール浜松町、天王洲アイル、大井競馬場前、流通センター、昭和島、整備場、天空橋
0%
や富兜あ丸北南 やながわ希望の森公園前、富野、兜、あぶくま、丸森、北丸森、南角田
0%
や梁新二大保上 やながわ希望の森公園前、梁川、新田、二井田、大泉、保原、上保原
0%
ゆいい弥緑南二 ゆめが丘、いずみ中央、いずみ野、弥生台、緑園都市、南万騎が原、二俣川
0%
ゆグ清清飛平平 ゆいの杜西、グリーンスタジアム前、清原地区市民センター前、清陵高校前、飛山城跡、平石中央小学校前、平石
0%
ゆほゆ黒小相横 ゆだ錦秋湖、ほっとゆだ、ゆだ高原、黒沢、小松川、相野々、横手
0%
ゆゆグ清清飛平 ゆいの杜中央、ゆいの杜西、グリーンスタジアム前、清原地区市民センター前、清陵高校前、飛山城跡、平石中央小学校前
0%
ゆゆゆグ清清飛 ゆいの杜東、ゆいの杜中央、ゆいの杜西、グリーンスタジアム前、清原地区市民センター前、清陵高校前、飛山城跡
0%
ゆゆゆ芳芳か芳 ゆいの杜西、ゆいの杜中央、ゆいの杜東、芳賀台、芳賀町工業団地管理センター前、かしの森公園前、芳賀・高根沢工業団地
0%
ゆ稲戸南守新小 ゆめみ野、稲戸井、戸頭、南守谷、守谷、新守谷、小絹
0%
ユ京京大京宗公 ユーカリが丘、京成臼井、京成佐倉、大佐倉、京成酒々井、宗吾参道、公津の杜
0%
ユ志勝京八実京 ユーカリが丘、志津、勝田台、京成大和田、八千代台、実籾、京成大久保
0%
ユ地公女中井公 ユーカリが丘、地区センター、公園、女子大、中学校、井野、公園
0%
ゆ和岩横立藤江 ゆだ錦秋湖、和賀仙人、岩沢、横川目、立川目、藤根、江釣子
0%
ロああ拓篠百太 ロイズタウン、あいの里公園、あいの里教育大、拓北、篠路、百合が原、太平
0%
阿磯美平殿那高 阿字ヶ浦、磯崎、美乃浜学園、平磯、殿山、那珂湊、高田の鉄橋
0%
阿桂米上合大縄 阿仁前田温泉、桂瀬、米内沢、上杉、合川、大野台、縄文小ヶ田
0%
阿戸上左羽松羽 阿仁マタギ、戸沢、上桧木内、左通、羽後中里、松葉、羽後長戸呂
0%
阿荒萱笑岩比奥 阿仁合、荒瀬、萱草、笑内、岩野目、比立内、奥阿仁
0%
阿高中東大新代 阿佐ケ谷、高円寺、中野、東中野、大久保、新宿、代々木
0%
阿小前阿桂米上 阿仁合、小渕、前田南、阿仁前田温泉、桂瀬、米内沢、上杉
0%
阿前小阿荒萱笑 阿仁前田温泉、前田南、小渕、阿仁合、荒瀬、萱草、笑内
0%
愛伊鶴東秦渋新 愛甲石田、伊勢原、鶴巻温泉、東海大学前、秦野、渋沢、新松田
0%
愛伊当桜東南新 愛別、伊香牛、当麻、桜岡、東旭川、南永山、新旭川
0%
愛五仙広勾北北 愛宕橋、五橋、仙台、広瀬通、勾当台公園、北四番丁、北仙台
0%
愛清七川南藤春 愛宕、清水公園、七光台、川間、南桜井、藤の牛島、春日部
0%
愛端緋美西女呼 愛し野、端野、緋牛内、美幌、西女満別、女満別、呼人
0%
愛柏北西東相留 愛し野、柏陽、北見、西北見、東相内、相内、留辺蘂
0%
愛本厚海座相小 愛甲石田、本厚木、厚木、海老名、座間、相武台前、小田急相模原
0%
愛野梅運江初流 愛宕、野田市、梅郷、運河、江戸川台、初石、流山おおたかの森
0%
愛陸葛国東北北 愛子、陸前落合、葛岡、国見、東北福祉大前、北山、北仙台
0%
逢岩館名南太長 逢隈、岩沼、館腰、名取、南仙台、太子堂、長町
0%
逢亘浜山坂新駒 逢隈、亘理、浜吉田、山下、坂元、新地、駒ケ嶺
0%
旭旭新南東桜当 旭川、旭川四条、新旭川、南永山、東旭川、桜岡、当麻
0%
旭近納深妹江滝 旭川、近文、納内、深川、妹背牛、江部乙、滝川
0%
旭新南東桜当伊 旭川四条、新旭川、南永山、東旭川、桜岡、当麻、伊香牛
0%
旭神緑西西西西 旭川、神楽岡、緑が丘、西御料、西瑞穂、西神楽、西聖和
0%
旭台北北勾広仙 旭ヶ丘、台原、北仙台、北四番丁、勾当台公園、広瀬通、仙台
0%
芦金嘉毘津五十 芦野公園、金木、嘉瀬、毘沙門、津軽飯詰、五農校前、十川
0%
芦甲東小常国甲 芦川、甲斐上野、東花輪、小井川、常永、国母、甲斐住吉
0%
芦市市鰍落甲久 芦川、市川本町、市川大門、鰍沢口、落居、甲斐岩間、久那土
0%
芦千仙つ柴国布 芦花公園、千歳烏山、仙川、つつじヶ丘、柴崎、国領、布田
0%
芦大芦あ門南西 芦ノ牧温泉南、大川ダム公園、芦ノ牧温泉、あまや、門田、南若松、西若松
0%
芦大芦湯塔弥会 芦ノ牧温泉、大川ダム公園、芦ノ牧温泉南、湯野上温泉、塔のへつり、弥五島、会津下郷
0%
芦北大袖村東さ 芦沢、北大石田、大石田、袖崎、村山、東根、さくらんぼ東根
0%
梓一中南豊柏穂 梓橋、一日市場、中萱、南豊科、豊科、柏矢町、穂高
0%
綾遠青岩平足上 綾織、遠野、青笹、岩手上郷、平倉、足ケ瀬、上有住
0%
綾岩荒鱒柏宮岩 綾織、岩手二日町、荒谷前、鱒沢、柏木平、宮守、岩根橋
0%
綾北町西千根湯 綾瀬、北千住、町屋、西日暮里、千駄木、根津、湯島
0%
鮎黒曲前久西吉 鮎川、黒沢、曲沢、前郷、久保田、西滝沢、吉沢
0%
鮎蚕白羽あ長南 鮎貝、蚕桑、白兎、羽前成田、あやめ公園、長井、南長井
0%
粟南吉北岩巻越 粟生津、南吉田、吉田、北吉田、岩室、巻、越後曽根
0%
粟分寺桐小妙出 粟生津、分水、寺泊、桐原、小島谷、妙法寺、出雲崎
0%
安お国壬野野新 安塚、おもちゃのまち、国谷、壬生、野州大塚、野州平川、新栃木
0%
安安安行上鵜勝 安房鴨川、安房天津、安房小湊、行川アイランド、上総興津、鵜原、勝浦
0%
安安行上鵜勝御 安房天津、安房小湊、行川アイランド、上総興津、鵜原、勝浦、御宿
0%
安逸汐横県堀京 安針塚、逸見、汐入、横須賀中央、県立大学、堀ノ内、京急大津
0%
安遠瀬丸白上安 安国、遠軽、瀬戸瀬、丸瀬布、白滝、上川、安足間
0%
安岩富那館九千 安房勝山、岩井、富浦、那古船形、館山、九重、千倉
0%
安京追金金能京 安針塚、京急田浦、追浜、金沢八景、金沢文庫、能見台、京急富岡
0%
安郡日五本杉二 安積永盛、郡山、日和田、五百川、本宮、杉田、二本松
0%
安行上鵜勝御浪 安房小湊、行川アイランド、上総興津、鵜原、勝浦、御宿、浪花
0%
安細北信安信南 安曇追分、細野、北細野、信濃松川、安曇沓掛、信濃常盤、南大町
0%
安小木布新湖東 安食、小林、木下、布佐、新木、湖北、東我孫子
0%
安松金南福東伊 安達、松川、金谷川、南福島、福島、東福島、伊達
0%
安松北平大東好 安比高原、松尾八幡平、北森、平館、大更、東大更、好摩
0%
安上白丸瀬遠安 安足間、上川、白滝、丸瀬布、瀬戸瀬、遠軽、安国
0%
安信南信北信稲 安曇沓掛、信濃常盤、南大町、信濃大町、北大町、信濃木崎、稲尾
0%
安信北細安有穂 安曇沓掛、信濃松川、北細野、細野、安曇追分、有明、穂高
0%
安須鏡矢泉久白 安積永盛、須賀川、鏡石、矢吹、泉崎、久田野、白河
0%
安生西留相東西 安国、生田原、西留辺蘂、留辺蘂、相内、東相内、西北見
0%
安静東草清興由 安倍川、静岡、東静岡、草薙、清水、興津、由比
0%
安赤小荒横田兄 安比高原、赤坂田、小屋の畑、荒屋新町、横間、田山、兄畑
0%
安太江和南千千 安房鴨川、太海、江見、和田浦、南三原、千歳、千倉
0%
安中愛伊当桜東 安足間、中愛別、愛別、伊香牛、当麻、桜岡、東旭川
0%
安追三古由栗栗 安平、追分、三川、古山、由仁、栗山、栗丘
0%
安二杉本五日郡 安達、二本松、杉田、本宮、五百川、日和田、郡山
0%
安磐谷小川泉川 安積永盛、磐城守山、谷田川、小塩江、川東、泉郷、川辺沖
0%
安磐中上猪関川 安子ケ島、磐梯熱海、中山宿、上戸、猪苗代湖畔、関都、川桁
0%
安保浜竹上佐大 安房勝山、保田、浜金谷、竹岡、上総湊、佐貫町、大貫
0%
安北越長塚越来 安田、北条、越後広田、長鳥、塚山、越後岩塚、来迎寺
0%
安有穂柏豊南中 安曇追分、有明、穂高、柏矢町、豊科、南豊科、中萱
0%
安用焼西藤六島 安倍川、用宗、焼津、西焼津、藤枝、六合、島田
0%
伊愛本厚海座相 伊勢原、愛甲石田、本厚木、厚木、海老名、座間、相武台前
0%
伊伊伊伊城富川 伊豆熱川、伊豆北川、伊豆大川、伊豆高原、城ヶ崎海岸、富戸、川奈
0%
伊伊伊城富川南 伊豆北川、伊豆大川、伊豆高原、城ヶ崎海岸、富戸、川奈、南伊東
0%
伊伊伊片伊今河 伊豆大川、伊豆北川、伊豆熱川、片瀬白田、伊豆稲取、今井浜海岸、河津
0%
伊伊下沢赤宮大 伊那北、伊那市、下島、沢渡、赤木、宮田、大田切
0%
伊伊城富川南伊 伊豆大川、伊豆高原、城ヶ崎海岸、富戸、川奈、南伊東、伊東
0%
伊伊田北木伊沢 伊那市、伊那北、田畑、北殿、木ノ下、伊那松島、沢
0%
伊伊片伊今河稲 伊豆北川、伊豆熱川、片瀬白田、伊豆稲取、今井浜海岸、河津、稲梓
0%
伊羽手羽萩今犬 伊佐領、羽前沼沢、手ノ子、羽前椿、萩生、今泉、犬川
0%
伊羽小越越越越 伊佐領、羽前松岡、小国、越後金丸、越後片貝、越後下関、越後大島
0%
伊羽沢伊木北田 伊那新町、羽場、沢、伊那松島、木ノ下、北殿、田畑
0%
伊下沢赤宮大駒 伊那市、下島、沢渡、赤木、宮田、大田切、駒ケ根
0%
伊下鼎切飯桜伊 伊那八幡、下山村、鼎、切石、飯田、桜町、伊那上郷
0%
伊関桜高横三三 伊勢佐木長者町、関内、桜木町、高島町、横浜、三ツ沢下町、三ツ沢上町
0%
伊駒前前新井高 伊勢崎、駒形、前橋大島、前橋、新前橋、井野、高崎問屋町
0%
伊元下市下山伊 伊那上郷、元善光寺、下市田、市田、下平、山吹、伊那大島
0%
伊原韮伊田大牧 伊豆仁田、原木、韮山、伊豆長岡、田京、大仁、牧之郷
0%
伊高七伊飯田伊 伊那田島、高遠原、七久保、伊那本郷、飯島、田切、伊那福岡
0%
伊国岩桐小山足 伊勢崎、国定、岩宿、桐生、小俣、山前、足利
0%
伊桜飯切鼎下伊 伊那上郷、桜町、飯田、切石、鼎、下山村、伊那八幡
0%
伊山下市下元伊 伊那大島、山吹、下平、市田、下市田、元善光寺、伊那上郷
0%
伊志丸沼原吉今 伊奈中央、志久、丸山、沼南、原市、吉野原、今羽
0%
伊七高伊上伊山 伊那本郷、七久保、高遠原、伊那田島、上片桐、伊那大島、山吹
0%
伊小駒大宮赤沢 伊那福岡、小町屋、駒ケ根、大田切、宮田、赤木、沢渡
0%
伊上伊高七伊飯 伊那大島、上片桐、伊那田島、高遠原、七久保、伊那本郷、飯島
0%
伊上伊山下市下 伊那田島、上片桐、伊那大島、山吹、下平、市田、下市田
0%
伊新剛境世木細 伊勢崎、新伊勢崎、剛志、境町、世良田、木崎、細谷
0%
伊中小大水向城 伊那小沢、中井侍、小和田、大嵐、水窪、向市場、城西
0%
伊鶴東秦渋新開 伊勢原、鶴巻温泉、東海大学前、秦野、渋沢、新松田、開成
0%
伊田飯伊七高伊 伊那福岡、田切、飯島、伊那本郷、七久保、高遠原、伊那田島
0%
伊田北木伊沢羽 伊那北、田畑、北殿、木ノ下、伊那松島、沢、羽場
0%
伊東福南金松安 伊達、東福島、福島、南福島、金谷川、松川、安達
0%
伊当桜東南新旭 伊香牛、当麻、桜岡、東旭川、南永山、新旭川、旭川四条
0%
伊南川富城伊伊 伊東、南伊東、川奈、富戸、城ヶ崎海岸、伊豆高原、伊豆大川
0%
伊韮原伊大三三 伊豆長岡、韮山、原木、伊豆仁田、大場、三島二日町、三島田町
0%
伊片伊伊伊伊城 伊豆稲取、片瀬白田、伊豆熱川、伊豆北川、伊豆大川、伊豆高原、城ヶ崎海岸
0%
伊片伊今河稲蓮 伊豆熱川、片瀬白田、伊豆稲取、今井浜海岸、河津、稲梓、蓮台寺
0%
伊北稀黄崎本東 伊達紋別、北舟岡、稀府、黄金、崎守、本輪西、東室蘭
0%
伊木北田伊伊下 伊那松島、木ノ下、北殿、田畑、伊那北、伊那市、下島
0%
伊鶯平為温田門 伊那小沢、鶯巣、平岡、為栗、温田、田本、門島
0%
為温田門唐金千 為栗、温田、田本、門島、唐笠、金野、千代
0%
衣横田東逗鎌北 衣笠、横須賀、田浦、東逗子、逗子、鎌倉、北鎌倉
0%
医平桜笹上泉岩 医王寺前、平野、桜水、笹谷、上松川、泉、岩代清水
0%
井下鷺都野沼新 井荻、下井草、鷺ノ宮、都立家政、野方、沼袋、新井薬師前
0%
井閑尾接奥ひ長 井川、閑蔵、尾盛、接岨峡温泉、奥大井湖上、ひらんだ、長島ダム
0%
井寄内甲身塩波 井出、寄畑、内船、甲斐大島、身延、塩之沢、波高島
0%
井五穴飯相岩塚 井細田、五百羅漢、穴部、飯田岡、相模沼田、岩原、塚原
0%
井弘上屏杉京能 井土ヶ谷、弘明寺、上大岡、屏風浦、杉田、京急富岡、能見台
0%
井三久富高浜西 井の頭公園、三鷹台、久我山、富士見ヶ丘、高井戸、浜田山、西永福
0%
井十稲芝沼西富 井出、十島、稲子、芝川、沼久保、西富士宮、富士宮
0%
井上上武東西田 井荻、上井草、上石神井、武蔵関、東伏見、西武柳沢、田無
0%
井八鯉鹿森北東 井川さくら、八郎潟、鯉川、鹿渡、森岳、北金岡、東能代
0%
磯宮山一佐田新 磯鶏、宮古、山口団地、一の渡、佐羽根、田老、新田老
0%
磯根山石関桜横 磯子、根岸、山手、石川町、関内、桜木町、横浜
0%
磯大勿植泉湯内 磯原、大津港、勿来、植田、泉、湯本、内郷
0%
磯南高十小日常 磯原、南中郷、高萩、十王、小木津、日立、常陸多賀
0%
磯八津払豊陸織 磯鶏、八木沢・宮古短大、津軽石、払川、豊間根、陸中山田、織笠
0%
磯美平殿那高中 磯崎、美乃浜学園、平磯、殿山、那珂湊、高田の鉄橋、中根
0%
磯標茅塘細釧遠 磯分内、標茶、茅沼、塘路、細岡、釧路湿原、遠矢
0%
磯摩美川緑札清 磯分内、摩周、美留和、川湯温泉、緑、札弦、清里町
0%
一く古仙白福郡 一ノ関、くりこま高原、古川、仙台、白石蔵王、福島、郡山
0%
一佐田新摂岩島 一の渡、佐羽根、田老、新田老、摂待、岩泉小本、島越
0%
一山宮磯八津払 一の渡、山口団地、宮古、磯鶏、八木沢・宮古短大、津軽石、払川
0%
一山平前陸水金 一ノ関、山ノ目、平泉、前沢、陸中折居、水沢、金ケ崎
0%
一春北姫東和久 一ノ割、春日部、北春日部、姫宮、東武動物公園、和戸、久喜
0%
一小小奥御い岩 一戸、小鳥谷、小繋、奥中山高原、御堂、いわて沼宮内、岩手川口
0%
一真陸岩陸猊柴 一ノ関、真滝、陸中門崎、岩ノ下、陸中松川、猊鼻渓、柴宿
0%
一水北新盛い二 一ノ関、水沢江刺、北上、新花巻、盛岡、いわて沼宮内、二戸
0%
一西川武東武越 一本松、西大家、川角、武州長瀬、東毛呂、武州唐沢、越生
0%
一船東大西住菊 一之江、船堀、東大島、大島、西大島、住吉、菊川
0%
一有清花油石新 一ノ関、有壁、清水原、花泉、油島、石越、新田
0%
逸安京追金金能 逸見、安針塚、京急田浦、追浜、金沢八景、金沢文庫、能見台
0%
稲河今伊片伊伊 稲梓、河津、今井浜海岸、伊豆稲取、片瀬白田、伊豆熱川、伊豆北川
0%
稲海簗南神飯白 稲尾、海ノ口、簗場、南神城、神城、飯森、白馬
0%
稲戸南守新小水 稲戸井、戸頭、南守谷、守谷、新守谷、小絹、水海道
0%
稲七鎌腰江湘鵠 稲村ヶ崎、七里ヶ浜、鎌倉高校前、腰越、江ノ島、湘南海岸公園、鵠沼
0%
稲芝沼西富源富 稲子、芝川、沼久保、西富士宮、富士宮、源道寺、富士根
0%
稲若京京京南多 稲城、若葉台、京王永山、京王多摩センター、京王堀之内、南大沢、多摩境
0%
稲手稲星ほ銭朝 稲積公園、手稲、稲穂、星置、ほしみ、銭函、朝里
0%
稲手稲発発琴桑 稲穂、手稲、稲積公園、発寒、発寒中央、琴似、桑園
0%
稲上上末神三日 稲荷町、上野、上野広小路、末広町、神田、三越前、日本橋
0%
稲信北信南信安 稲尾、信濃木崎、北大町、信濃大町、南大町、信濃常盤、安曇沓掛
0%
稲新幕幕津東船 稲毛、新検見川、幕張、幕張本郷、津田沼、東船橋、船橋
0%
稲星ほ銭朝小南 稲穂、星置、ほしみ、銭函、朝里、小樽築港、南小樽
0%
稲千東都四物佐 稲毛、千葉、東千葉、都賀、四街道、物井、佐倉
0%
稲中登宿久津武 稲田堤、中野島、登戸、宿河原、久地、津田山、武蔵溝ノ口
0%
稲津船市新錦馬 稲毛、津田沼、船橋、市川、新小岩、錦糸町、馬喰町
0%
稲入仏元飯東高 稲荷山公園、入間市、仏子、元加治、飯能、東飯能、高麗
0%
稲発発琴桑札苗 稲積公園、発寒、発寒中央、琴似、桑園、札幌、苗穂
0%
稲福羽岩大新下 稲田、福原、羽黒、岩瀬、大和、新治、下館
0%
稲矢稲中登宿久 稲城長沼、矢野口、稲田堤、中野島、登戸、宿河原、久地
0%
稲矢稲南府分西 稲田堤、矢野口、稲城長沼、南多摩、府中本町、分倍河原、西府
0%
稲姨冠聖坂西明 稲荷山、姨捨、冠着、聖高原、坂北、西条、明科
0%
茨柏鯨青笠米柿 茨目、柏崎、鯨波、青海川、笠島、米山、柿崎
0%
印印千小白西新 印旛日本医大、印西牧の原、千葉ニュータウン中央、小室、白井、西白井、新鎌ヶ谷
0%
印千新東京青日 印旛日本医大、千葉ニュータウン中央、新鎌ヶ谷、東松戸、京成高砂、青砥、日暮里
0%
院横三上湯下十 院内、横堀、三関、上湯沢、湯沢、下湯沢、十文字
0%
院及大釜真羽泉 院内、及位、大滝、釜淵、真室川、羽前豊里、泉田
0%
宇岡宝氏蒲片矢 宇都宮、岡本、宝積寺、氏家、蒲須坂、片岡、矢板
0%
宇雀石自小小間 宇都宮、雀宮、石橋、自治医大、小金井、小山、間々田
0%
宇鶴鹿文下今日 宇都宮、鶴田、鹿沼、文挟、下野大沢、今市、日光
0%
宇平平飛清清グ 宇都宮大学陽東キャンパス、平石、平石中央小学校前、飛山城跡、清陵高校前、清原地区市民センター前、グリーンスタジアム前
0%
烏滝小大鴻仁下 烏山、滝、小塙、大金、鴻野山、仁井田、下野花岡
0%
羽あ長南時今西 羽前成田、あやめ公園、長井、南長井、時庭、今泉、西大塚
0%
羽か茂蔵山北羽 羽前中山、かみのやま温泉、茂吉記念館前、蔵王、山形、北山形、羽前千歳
0%
羽伊羽手羽萩今 羽前松岡、伊佐領、羽前沼沢、手ノ子、羽前椿、萩生、今泉
0%
羽伊羽小越越越 羽前沼沢、伊佐領、羽前松岡、小国、越後金丸、越後片貝、越後下関
0%
羽伊志丸沼原吉 羽貫、伊奈中央、志久、丸山、沼南、原市、吉野原
0%
羽井八鯉鹿森北 羽後飯塚、井川さくら、八郎潟、鯉川、鹿渡、森岳、北金岡
0%
羽羽羽南寒西羽 羽前山辺、羽前金沢、羽前長崎、南寒河江、寒河江、西寒河江、羽前高松
0%
羽羽三小五あ小 羽前大山、羽前水沢、三瀬、小波渡、五十川、あつみ温泉、小岩川
0%
羽羽西仁金象上 羽後岩谷、羽後本荘、西目、仁賀保、金浦、象潟、上浜
0%
羽羽折羽岩道下 羽後本荘、羽後岩谷、折渡、羽後亀田、岩城みなと、道川、下浜
0%
羽羽鶴藤西余北 羽前水沢、羽前大山、鶴岡、藤島、西袋、余目、北余目
0%
羽羽南寒西羽柴 羽前金沢、羽前長崎、南寒河江、寒河江、西寒河江、羽前高松、柴橋
0%
羽海八高馬小松 羽黒下、海瀬、八千穂、高岩、馬流、小海、松原湖
0%
羽岩道下桂新羽 羽後亀田、岩城みなと、道川、下浜、桂根、新屋、羽後牛島
0%
羽岩友内赤偕水 羽鳥、岩間、友部、内原、赤塚、偕楽園、水戸
0%
羽群長川岩矢郷 羽根尾、群馬大津、長野原草津口、川原湯温泉、岩島、矢倉、郷原
0%
羽犬今萩羽手羽 羽前小松、犬川、今泉、萩生、羽前椿、手ノ子、羽前沼沢
0%
羽左上戸阿奥比 羽後中里、左通、上桧木内、戸沢、阿仁マタギ、奥阿仁、比立内
0%
羽三小五あ小鼠 羽前水沢、三瀬、小波渡、五十川、あつみ温泉、小岩川、鼠ケ関
0%
羽手羽伊羽小越 羽前椿、手ノ子、羽前沼沢、伊佐領、羽前松岡、小国、越後金丸
0%
羽手羽萩今犬羽 羽前沼沢、手ノ子、羽前椿、萩生、今泉、犬川、羽前小松
0%
羽楯高山面奥作 羽前千歳、楯山、高瀬、山寺、面白山高原、奥新川、作並
0%
羽小越越越越坂 羽前松岡、小国、越後金丸、越後片貝、越後下関、越後大島、坂町
0%
羽小河東青宮日 羽村、小作、河辺、東青梅、青梅、宮ノ平、日向和田
0%
羽松羽左上戸阿 羽後長戸呂、松葉、羽後中里、左通、上桧木内、戸沢、阿仁マタギ
0%
羽松羽八西羽角 羽後中里、松葉、羽後長戸呂、八津、西明寺、羽後太田、角館
0%
羽新桂下道岩羽 羽後牛島、新屋、桂根、下浜、道川、岩城みなと、羽後亀田
0%
羽真釜大及院横 羽前豊里、真室川、釜淵、大滝、及位、院内、横堀
0%
羽西寒南羽羽羽 羽前高松、西寒河江、寒河江、南寒河江、羽前長崎、羽前金沢、羽前山辺
0%
羽西新武東行持 羽生、西羽生、新郷、武州荒木、東行田、行田市、持田
0%
羽西仁金象上小 羽後本荘、西目、仁賀保、金浦、象潟、上浜、小砂川
0%
羽西八羽松羽左 羽後太田、西明寺、八津、羽後長戸呂、松葉、羽後中里、左通
0%
羽青臼龍太中滑 羽黒下、青沼、臼田、龍岡城、太田部、中込、滑津
0%
羽石高神土荒ひ 羽鳥、石岡、高浜、神立、土浦、荒川沖、ひたち野うしく
0%
羽折羽羽西仁金 羽後亀田、折渡、羽後岩谷、羽後本荘、西目、仁賀保、金浦
0%
羽川茂館多県福 羽生、川俣、茂林寺前、館林、多々良、県、福居
0%
羽大追上土泉秋 羽後飯塚、大久保、追分、上飯島、土崎、泉外旭川、秋田
0%
羽沢伊木北田伊 羽場、沢、伊那松島、木ノ下、北殿、田畑、伊那北
0%
羽中赤高置米関 羽前中山、中川、赤湯、高畠、置賜、米沢、関根
0%
羽津古高清狩南 羽前前波、津谷、古口、高屋、清川、狩川、南野
0%
羽田矢古新さ荻 羽生田、田上、矢代田、古津、新津、さつき野、荻川
0%
羽南寒西羽柴左 羽前長崎、南寒河江、寒河江、西寒河江、羽前高松、柴橋、左沢
0%
羽萩今犬羽中成 羽前椿、萩生、今泉、犬川、羽前小松、中郡、成島
0%
羽福牛拝昭中東 羽村、福生、牛浜、拝島、昭島、中神、東中神
0%
羽峰刈神大飯後 羽後境、峰吉川、刈和野、神宮寺、大曲、飯詰、後三年
0%
羽北山蔵茂か羽 羽前千歳、北山形、山形、蔵王、茂吉記念館前、かみのやま温泉、羽前中山
0%
羽薬子鮎黒曲前 羽後本荘、薬師堂、子吉、鮎川、黒沢、曲沢、前郷
0%
羽鑓羽鶯角生神 羽後四ツ屋、鑓見内、羽後長野、鶯野、角館、生田、神代
0%
羽脇船天二上出 羽立、脇本、船越、天王、二田、上二田、出戸浜
0%
羽鶯角生神刺田 羽後長野、鶯野、角館、生田、神代、刺巻、田沢湖
0%
鵜大吉浪岩織陸 鵜住居、大槌、吉里吉里、浪板海岸、岩手船越、織笠、陸中山田
0%
鵜大最立赤堺中 鵜杉、大堀、最上、立小路、赤倉温泉、堺田、中山平温泉
0%
鵜両釜平唐吉三 鵜住居、両石、釜石、平田、唐丹、吉浜、三陸
0%
臼青羽海八高馬 臼田、青沼、羽黒下、海瀬、八千穂、高岩、馬流
0%
姥会喜山荻尾野 姥堂、会津豊川、喜多方、山都、荻野、尾登、野沢
0%
浦さ大宮上北桶 浦和、さいたま新都心、大宮、宮原、上尾、北上尾、桶川
0%
浦越上高本熊大 浦佐、越後湯沢、上毛高原、高崎、本庄早稲田、熊谷、大宮
0%
浦梶え糸青親市 浦本、梶屋敷、えちご押上ひすい海岸、糸魚川、青海、親不知、市振
0%
浦五六塩上大石 浦佐、五日町、六日町、塩沢、上越国際スキー場前、大沢、石打
0%
浦厚音白西庶大 浦幌、厚内、音別、白糠、西庶路、庶路、大楽毛
0%
浦新豊十池利幕 浦幌、新吉野、豊頃、十弗、池田、利別、幕別
0%
浦早下中佐相城 浦川、早瀬、下川合、中部天竜、佐久間、相月、城西
0%
浦沢万渡陸石曽 浦宿、沢田、万石浦、渡波、陸前稲井、石巻、曽波神
0%
浦東戸新鳩南川 浦和美園、東川口、戸塚安行、新井宿、鳩ヶ谷、南鳩ヶ谷、川口元郷
0%
浦能筒名有谷直 浦本、能生、筒石、名立、有間川、谷浜、直江津
0%
浦馬京堀県横汐 浦賀、馬堀海岸、京急大津、堀ノ内、県立大学、横須賀中央、汐入
0%
浦八小越北越小 浦佐、八色、小出、越後堀之内、北堀之内、越後川口、小千谷
0%
瓜常上中下後常 瓜連、常陸鴻巣、上菅谷、中菅谷、下菅谷、後台、常陸津田
0%
運江初流豊柏新 運河、江戸川台、初石、流山おおたかの森、豊四季、柏、新柏
0%
運新館平柏津尾 運動公園前、新里、館田、平賀、柏農高校前、津軽尾上、尾上高校前
0%
運大上本水花中 運動公園、大間々、上神梅、本宿、水沼、花輪、中野
0%
運梅野愛清七川 運河、梅郷、野田市、愛宕、清水公園、七光台、川間
0%
荏旗長洗石雪御 荏原中延、旗の台、長原、洗足池、石川台、雪が谷大塚、御嶽山
0%
荏旗北大緑自九 荏原町、旗の台、北千束、大岡山、緑が丘、自由が丘、九品仏
0%
影御秩大和皆親 影森、御花畑、秩父、大野原、和銅黒谷、皆野、親鼻
0%
曳上自さ積遠遠 曳馬、上島、自動車学校前、さぎの宮、積志、遠州西ヶ崎、遠州小松
0%
曳東鐘堀牛北小 曳舟、東向島、鐘ヶ淵、堀切、牛田、北千住、小菅
0%
栄王飛滝西新庚 栄町、王子駅前、飛鳥山、滝野川一丁目、西ヶ原四丁目、新庚申塚、庚申塚
0%
栄梶荒荒小宮熊 栄町、梶原、荒川車庫前、荒川遊園地前、小台、宮ノ前、熊野前
0%
永麹市飯江護東 永田町、麹町、市ケ谷、飯田橋、江戸川橋、護国寺、東池袋
0%
永桜有銀新月豊 永田町、桜田門、有楽町、銀座一丁目、新富町、月島、豊洲
0%
永四市飯後東本 永田町、四ツ谷、市ケ谷、飯田橋、後楽園、東大前、本駒込
0%
永西浜高富久三 永福町、西永福、浜田山、高井戸、富士見ヶ丘、久我山、三鷹台
0%
永半九神大三水 永田町、半蔵門、九段下、神保町、大手町、三越前、水天宮前
0%
永武明大ひ石上 永田、武川、明戸、大麻生、ひろせ野鳥の森、石原、上熊谷
0%
永北比蘭塩和剣 永山、北永山、比布、蘭留、塩狩、和寒、剣淵
0%
永本新茂八上東 永田、本納、新茂原、茂原、八積、上総一ノ宮、東浪見
0%
永明東新下池駒 永福町、明大前、東松原、新代田、下北沢、池ノ上、駒場東大前
0%
永溜六麻白白目 永田町、溜池山王、六本木一丁目、麻布十番、白金高輪、白金台、目黒
0%
益北西北真寺久 益子、北山、西田井、北真岡、真岡、寺内、久下田
0%
越越越越小羽伊 越後大島、越後下関、越後片貝、越後金丸、小国、羽前松岡、伊佐領
0%
越越越小羽伊羽 越後下関、越後片貝、越後金丸、小国、羽前松岡、伊佐領、羽前沼沢
0%
越越越津越足森 越後水沢、越後田沢、越後鹿渡、津南、越後田中、足滝、森宮野原
0%
越越越土十魚下 越後鹿渡、越後田沢、越後水沢、土市、十日町、魚沼中条、下条
0%
越越巻岩北吉南 越後赤塚、越後曽根、巻、岩室、北吉田、吉田、南吉田
0%
越越小羽伊羽手 越後片貝、越後金丸、小国、羽前松岡、伊佐領、羽前沼沢、手ノ子
0%
越越津越足森横 越後田沢、越後鹿渡、津南、越後田中、足滝、森宮野原、横倉
0%
越越土十魚下越 越後田沢、越後水沢、土市、十日町、魚沼中条、下条、越後岩沢
0%
越下魚十土越越 越後岩沢、下条、魚沼中条、十日町、土市、越後水沢、越後田沢
0%
越貝藤桑伊東福 越河、貝田、藤田、桑折、伊達、東福島、福島
0%
越間村岩平坂平 越後早川、間島、村上、岩船町、平林、坂町、平木田
0%
越岩越石大上塩 越後中里、岩原スキー場前、越後湯沢、石打、大沢、上越国際スキー場前、塩沢
0%
越岩越土土湯水 越後湯沢、岩原スキー場前、越後中里、土樽、土合、湯檜曽、水上
0%
越亀荻さ新古矢 越後石山、亀田、荻川、さつき野、新津、古津、矢代田
0%
越魚越上入大只 越後広瀬、魚沼田中、越後須原、上条、入広瀬、大白川、只見
0%
越桑今越勝府鼠 越後早川、桑川、今川、越後寒川、勝木、府屋、鼠ケ関
0%
越今桑越間村岩 越後寒川、今川、桑川、越後早川、間島、村上、岩船町
0%
越勝府鼠小あ五 越後寒川、勝木、府屋、鼠ケ関、小岩川、あつみ温泉、五十川
0%
越小羽伊羽手羽 越後金丸、小国、羽前松岡、伊佐領、羽前沼沢、手ノ子、羽前椿
0%
越小越北越小八 越後滝谷、小千谷、越後川口、北堀之内、越後堀之内、小出、八色
0%
越小八浦五六塩 越後堀之内、小出、八色、浦佐、五日町、六日町、塩沢
0%
越上高本熊大上 越後湯沢、上毛高原、高崎、本庄早稲田、熊谷、大宮、上野
0%
越新蒲新獨草谷 越谷、新越谷、蒲生、新田、獨協大学前、草加、谷塚
0%
越石大上塩六五 越後湯沢、石打、大沢、上越国際スキー場前、塩沢、六日町、五日町
0%
越足森横平信西 越後田中、足滝、森宮野原、横倉、平滝、信濃白鳥、西大滝
0%
越長塚越来前宮 越後広田、長鳥、塚山、越後岩塚、来迎寺、前川、宮内
0%
越津越越越土十 越後田中、津南、越後鹿渡、越後田沢、越後水沢、土市、十日町
0%
越津越足森横平 越後鹿渡、津南、越後田中、足滝、森宮野原、横倉、平滝
0%
越塚長越北安茨 越後岩塚、塚山、長鳥、越後広田、北条、安田、茨目
0%
越土十魚下越内 越後水沢、土市、十日町、魚沼中条、下条、越後岩沢、内ケ巻
0%
越土土湯水上後 越後中里、土樽、土合、湯檜曽、水上、上牧、後閑
0%
越内越下魚十土 越後川口、内ケ巻、越後岩沢、下条、魚沼中条、十日町、土市
0%
越内内新寺小青 越後赤塚、内野西が丘、内野、新潟大学前、寺尾、小針、青山
0%
越南東東南武西 越谷レイクタウン、南越谷、東川口、東浦和、南浦和、武蔵浦和、西浦和
0%
越白東北大船槻 越河、白石、東白石、北白川、大河原、船岡、槻木
0%
越武東武川西一 越生、武州唐沢、東毛呂、武州長瀬、川角、西大家、一本松
0%
越北安茨柏鯨青 越後広田、北条、安田、茨目、柏崎、鯨波、青海川
0%
越北越小越宮長 越後堀之内、北堀之内、越後川口、小千谷、越後滝谷、宮内、長岡
0%
越北越小八浦五 越後川口、北堀之内、越後堀之内、小出、八色、浦佐、五日町
0%
越北大せ武一春 越谷、北越谷、大袋、せんげん台、武里、一ノ割、春日部
0%
越鳴鰺陸陸北千 越水、鳴沢、鰺ケ沢、陸奥赤石、陸奥柳田、北金ケ沢、千畳敷
0%
越陸中木五陸鶴 越水、陸奥森田、中田、木造、五所川原、陸奥鶴田、鶴泊
0%
榎南佐物四都東 榎戸、南酒々井、佐倉、物井、四街道、都賀、東千葉
0%
榎八日成松横飯 榎戸、八街、日向、成東、松尾、横芝、飯倉
0%
円遠敷豊上天二 円田、遠江一宮、敷地、豊岡、上野部、天竜二俣、二俣本町
0%
円森遠戸原原細 円田、森町病院前、遠州森、戸綿、原田、原谷、細谷
0%
延桜都小北須日 延徳、桜沢、都住、小布施、北須坂、須坂、日野
0%
延信中信夜上湯 延徳、信州中野、中野松川、信濃竹原、夜間瀬、上条、湯田中
0%
燕長浦越上高本 燕三条、長岡、浦佐、越後湯沢、上毛高原、高崎、本庄早稲田
0%
猿倉飯旭干八飯 猿田、倉橋、飯岡、旭、干潟、八日市場、飯倉
0%
猿大初笹甲勝塩 猿橋、大月、初狩、笹子、甲斐大和、勝沼ぶどう郷、塩山
0%
猿鳥梁四上藤相 猿橋、鳥沢、梁川、四方津、上野原、藤野、相模湖
0%
猿馬咲東五三津 猿和田、馬下、咲花、東下条、五十島、三川、津川
0%
遠綾岩荒鱒柏宮 遠野、綾織、岩手二日町、荒谷前、鱒沢、柏木平、宮守
0%
遠安生西留相東 遠軽、安国、生田原、西留辺蘂、留辺蘂、相内、東相内
0%
遠円森遠戸原原 遠江一宮、円田、森町病院前、遠州森、戸綿、原田、原谷
0%
遠遠遠美浜遠遠 遠州岩水寺、遠州芝本、遠州小林、美薗中央公園、浜北、遠州小松、遠州西ヶ崎
0%
遠遠積さ自上曳 遠州小松、遠州西ヶ崎、積志、さぎの宮、自動車学校前、上島、曳馬
0%
遠遠美浜遠遠積 遠州芝本、遠州小林、美薗中央公園、浜北、遠州小松、遠州西ヶ崎、積志
0%
遠遠浜美遠遠遠 遠州西ヶ崎、遠州小松、浜北、美薗中央公園、遠州小林、遠州芝本、遠州岩水寺
0%
遠釧細塘茅標磯 遠矢、釧路湿原、細岡、塘路、茅沼、標茶、磯分内
0%
遠戸原原細い桜 遠州森、戸綿、原田、原谷、細谷、いこいの広場、桜木
0%
遠森円遠敷豊上 遠州森、森町病院前、円田、遠江一宮、敷地、豊岡、上野部
0%
遠瀬丸白上安中 遠軽、瀬戸瀬、丸瀬布、白滝、上川、安足間、中愛別
0%
遠青岩平足上陸 遠野、青笹、岩手上郷、平倉、足ケ瀬、上有住、陸中大橋
0%
遠積さ自上曳助 遠州西ヶ崎、積志、さぎの宮、自動車学校前、上島、曳馬、助信
0%
遠早安追三古由 遠浅、早来、安平、追分、三川、古山、由仁
0%
遠八助曳上自さ 遠州病院、八幡、助信、曳馬、上島、自動車学校前、さぎの宮
0%
遠美浜遠遠積さ 遠州小林、美薗中央公園、浜北、遠州小松、遠州西ヶ崎、積志、さぎの宮
0%
遠浜美遠遠遠西 遠州小松、浜北、美薗中央公園、遠州小林、遠州芝本、遠州岩水寺、西鹿島
0%
遠敷豊上天二西 遠江一宮、敷地、豊岡、上野部、天竜二俣、二俣本町、西鹿島
0%
塩み岡下上茅青 塩尻、みどり湖、岡谷、下諏訪、上諏訪、茅野、青柳
0%
塩姥会喜山荻尾 塩川、姥堂、会津豊川、喜多方、山都、荻野、尾登
0%
塩下田駿青崎千 塩郷、下泉、田野口、駿河徳山、青部、崎平、千頭
0%
塩高野陸矢陸石 塩釜、高城町、野蒜、陸前小野、矢本、陸前赤井、石巻あゆみ野
0%
塩国陸岩東仙長 塩釜、国府多賀城、陸前山王、岩切、東仙台、仙台、長町
0%
塩勝甲笹初大猿 塩山、勝沼ぶどう郷、甲斐大和、笹子、初狩、大月、猿橋
0%
塩松愛品鹿松小 塩釜、松島、愛宕、品井沼、鹿島台、松山町、小牛田
0%
塩上大石越岩越 塩沢、上越国際スキー場前、大沢、石打、越後湯沢、岩原スキー場前、越後中里
0%
塩身甲内寄井十 塩之沢、身延、甲斐大島、内船、寄畑、井出、十島
0%
塩洗日贄木奈藪 塩尻、洗馬、日出塩、贄川、木曽平沢、奈良井、藪原
0%
塩中下大神寺上 塩田町、中塩田、下之郷、大学前、神畑、寺下、上田原
0%
塩韮新穴日長小 塩崎、韮崎、新府、穴山、日野春、長坂、小淵沢
0%
塩波下甲市久甲 塩之沢、波高島、下部温泉、甲斐常葉、市ノ瀬、久那土、甲斐岩間
0%
塩蘭比北永新旭 塩狩、蘭留、比布、北永山、永山、新旭川、旭川四条
0%
塩蘭余仁然銀小 塩谷、蘭島、余市、仁木、然別、銀山、小沢
0%
塩竜甲酒石春山 塩崎、竜王、甲府、酒折、石和温泉、春日居町、山梨市
0%
塩六五浦八小越 塩沢、六日町、五日町、浦佐、八色、小出、越後堀之内
0%
塩和剣士多瑞風 塩狩、和寒、剣淵、士別、多寄、瑞穂、風連
0%
奥ア長ひ奥接尾 奥泉、アプトいちしろ、長島ダム、ひらんだ、奥大井湖上、接岨峡温泉、尾盛
0%
奥ひ長ア奥川土 奥大井湖上、ひらんだ、長島ダム、アプトいちしろ、奥泉、川根小山、土本
0%
奥阿戸上左羽松 奥阿仁、阿仁マタギ、戸沢、上桧木内、左通、羽後中里、松葉
0%
奥左後中蓬郷瀬 奥内、左堰、後潟、中沢、蓬田、郷沢、瀬辺地
0%
奥作熊陸愛陸葛 奥新川、作並、熊ケ根、陸前白沢、愛子、陸前落合、葛岡
0%
奥三都東浜寸西 奥浜名湖、三ヶ日、都筑、東都筑、浜名湖佐久米、寸座、西気賀
0%
奥小小一二斗金 奥中山高原、小繋、小鳥谷、一戸、二戸、斗米、金田一温泉
0%
奥大洗西武不目 奥沢、大岡山、洗足、西小山、武蔵小山、不動前、目黒
0%
奥白鳩古川御沢 奥多摩、白丸、鳩ノ巣、古里、川井、御嶽、沢井
0%
奥比岩笑萱荒阿 奥阿仁、比立内、岩野目、笑内、萱草、荒瀬、阿仁合
0%
奥面山高楯羽北 奥新川、面白山高原、山寺、高瀬、楯山、羽前千歳、北山形
0%
押京八四京青京 押上、京成曳舟、八広、四ツ木、京成立石、青砥、京成高砂
0%
押見帯東三東保 押切、見附、帯織、東光寺、三条、東三条、保内
0%
押北長宮前来越 押切、北長岡、長岡、宮内、前川、来迎寺、越後岩塚
0%
押本浅蔵浅東人 押上、本所吾妻橋、浅草、蔵前、浅草橋、東日本橋、人形町
0%
横院及大釜真羽 横堀、院内、及位、大滝、釜淵、真室川、羽前豊里
0%
横角南北丸あ兜 横倉、角田、南角田、北丸森、丸森、あぶくま、兜
0%
横岩和ゆほゆ黒 横川目、岩沢、和賀仙人、ゆだ錦秋湖、ほっとゆだ、ゆだ高原、黒沢
0%
横戸大藤辻茅平 横浜、戸塚、大船、藤沢、辻堂、茅ケ崎、平塚
0%
横戸日黄南井弘 横浜、戸部、日ノ出町、黄金町、南太田、井土ヶ谷、弘明寺
0%
横後飯大神刈峰 横手、後三年、飯詰、大曲、神宮寺、刈和野、峰吉川
0%
横荒小赤安松北 横間、荒屋新町、小屋の畑、赤坂田、安比高原、松尾八幡平、北森
0%
横高桜関伊阪吉 横浜、高島町、桜木町、関内、伊勢佐木長者町、阪東橋、吉野町
0%
横桜関石山根磯 横浜、桜木町、関内、石川町、山手、根岸、磯子
0%
横三上湯下十醍 横堀、三関、上湯沢、湯沢、下湯沢、十文字、醍醐
0%
横松成日八榎南 横芝、松尾、成東、日向、八街、榎戸、南酒々井
0%
横新武西大恵渋 横浜、新川崎、武蔵小杉、西大井、大崎、恵比寿、渋谷
0%
横森足越津越越 横倉、森宮野原、足滝、越後田中、津南、越後鹿渡、越後田沢
0%
横西松磯安群北 横川、西松井田、松井田、磯部、安中、群馬八幡、北高崎
0%
横相小黒ゆほゆ 横手、相野々、小松川、黒沢、ゆだ高原、ほっとゆだ、ゆだ錦秋湖
0%
横田兄湯八陸鹿 横間、田山、兄畑、湯瀬温泉、八幡平、陸中大里、鹿角花輪
0%
横田東逗鎌北大 横須賀、田浦、東逗子、逗子、鎌倉、北鎌倉、大船
0%
横東新鶴川蒲大 横浜、東神奈川、新子安、鶴見、川崎、蒲田、大森
0%
横反東白妙菊大 横浜、反町、東白楽、白楽、妙蓮寺、菊名、大倉山
0%
横飯八干旭飯倉 横芝、飯倉、八日市場、干潟、旭、飯岡、倉橋
0%
横平信西桑上上 横倉、平滝、信濃白鳥、西大滝、桑名川、上桑名川、上境
0%
横平西天星和上 横浜、平沼橋、西横浜、天王町、星川、和田町、上星川
0%
横保東戸大北鎌 横浜、保土ケ谷、東戸塚、戸塚、大船、北鎌倉、鎌倉
0%
横柳醍十下湯上 横手、柳田、醍醐、十文字、下湯沢、湯沢、上湯沢
0%
横艫ウ陸陸十松 横磯、艫作、ウェスパ椿山、陸奥沢辺、陸奥岩崎、十二湖、松神
0%
王栄梶荒荒小宮 王子駅前、栄町、梶原、荒川車庫前、荒川遊園地前、小台、宮ノ前
0%
王西駒本東後飯 王子、西ケ原、駒込、本駒込、東大前、後楽園、飯田橋
0%
王東赤川西蕨南 王子、東十条、赤羽、川口、西川口、蕨、南浦和
0%
王飛滝西新庚巣 王子駅前、飛鳥山、滝野川一丁目、西ヶ原四丁目、新庚申塚、庚申塚、巣鴨新田
0%
翁猪川関猪上中 翁島、猪苗代、川桁、関都、猪苗代湖畔、上戸、中山宿
0%
黄稀北伊長有洞 黄金、稀府、北舟岡、伊達紋別、長和、有珠、洞爺
0%
黄崎本東鷲幌富 黄金、崎守、本輪西、東室蘭、鷲別、幌別、富浦
0%
黄南井弘上屏杉 黄金町、南太田、井土ヶ谷、弘明寺、上大岡、屏風浦、杉田
0%
黄日戸横神京神 黄金町、日ノ出町、戸部、横浜、神奈川、京急東神奈川、神奈川新町
0%
岡宇雀石自小小 岡本、宇都宮、雀宮、石橋、自治医大、小金井、小山
0%
岡横角南北丸あ 岡、横倉、角田、南角田、北丸森、丸森、あぶくま
0%
岡下上茅青す富 岡谷、下諏訪、上諏訪、茅野、青柳、すずらんの里、富士見
0%
岡気西寸浜東都 岡地、気賀、西気賀、寸座、浜名湖佐久米、東都筑、都筑
0%
岡金常都フ宮岩 岡地、金指、常葉大学前、都田、フルーツパーク、宮口、岩水寺
0%
岡深籠熊行吹北 岡部、深谷、籠原、熊谷、行田、吹上、北鴻巣
0%
岡宝氏蒲片矢野 岡本、宝積寺、氏家、蒲須坂、片岡、矢板、野崎
0%
荻さ新古矢田羽 荻川、さつき野、新津、古津、矢代田、田上、羽生田
0%
荻阿高中新四御 荻窪、阿佐ケ谷、高円寺、中野、新宿、四ツ谷、御茶ノ水
0%
荻阿高中東大新 荻窪、阿佐ケ谷、高円寺、中野、東中野、大久保、新宿
0%
荻山喜会姥塩笈 荻野、山都、喜多方、会津豊川、姥堂、塩川、笈川
0%
荻西吉三武東武 荻窪、西荻窪、吉祥寺、三鷹、武蔵境、東小金井、武蔵小金井
0%
荻南新東新中西 荻窪、南阿佐ケ谷、新高円寺、東高円寺、新中野、中野坂上、西新宿
0%
荻尾野上徳豊日 荻野、尾登、野沢、上野尻、徳沢、豊実、日出谷
0%
屋屋千戸坂テ西 屋代高校前、屋代、千曲、戸倉、坂城、テクノさかき、西上田
0%
屋千戸坂テ西上 屋代、千曲、戸倉、坂城、テクノさかき、西上田、上田
0%
桶北鴻北吹行熊 桶川、北本、鴻巣、北鴻巣、吹上、行田、熊谷
0%
桶北上宮大さ浦 桶川、北上尾、上尾、宮原、大宮、さいたま新都心、浦和
0%
乙三美中佐岩北 乙女、三岡、美里、中佐都、佐久平、岩村田、北中込
0%
乙上小三向下陸 乙供、上北町、小川原、三沢、向山、下田、陸奥市川
0%
乙千野狩清小西 乙供、千曳、野辺地、狩場沢、清水川、小湊、西平内
0%
温田門唐金千天 温田、田本、門島、唐笠、金野、千代、天竜峡
0%
音春柚長古県県 音羽町、春日町、柚木、長沼、古庄、県総合運動場、県立美術館前
0%
音白西庶大新新 音別、白糠、西庶路、庶路、大楽毛、新大楽毛、新富士
0%
音筬佐天問糠幌 音威子府、筬島、佐久、天塩中川、問寒別、糠南、幌延
0%
下安小木布新湖 下総松崎、安食、小林、木下、布佐、新木、湖北
0%
下伊伊田北木伊 下島、伊那市、伊那北、田畑、北殿、木ノ下、伊那松島
0%
下伊毛駄時川天 下山村、伊那八幡、毛賀、駄科、時又、川路、天竜峡
0%
下塩地川抜家大 下泉、塩郷、地名、川根温泉笹間渡、抜里、家山、大和田
0%
下下笹小水香佐 下総豊里、下総橘、笹川、小見川、水郷、香取、佐原
0%
下下折ひ久寺真 下館、下館二高前、折本、ひぐち、久下田、寺内、真岡
0%
下魚十土越越越 下条、魚沼中条、十日町、土市、越後水沢、越後田沢、越後鹿渡
0%
下元伊桜飯切鼎 下市田、元善光寺、伊那上郷、桜町、飯田、切石、鼎
0%
下戸中荏旗北大 下神明、戸越公園、中延、荏原町、旗の台、北千束、大岡山
0%
下向三小上乙千 下田、向山、三沢、小川原、上北町、乙供、千曳
0%
下甲市久甲落鰍 下部温泉、甲斐常葉、市ノ瀬、久那土、甲斐岩間、落居、鰍沢口
0%
下鷺都野沼新中 下井草、鷺ノ宮、都立家政、野方、沼袋、新井薬師前、中井
0%
下笹小水香佐大 下総橘、笹川、小見川、水郷、香取、佐原、大戸
0%
下山伊上伊高七 下平、山吹、伊那大島、上片桐、伊那田島、高遠原、七久保
0%
下市下元伊桜飯 下平、市田、下市田、元善光寺、伊那上郷、桜町、飯田
0%
下市下山伊上伊 下市田、市田、下平、山吹、伊那大島、上片桐、伊那田島
0%
下宗玉石南三中 下妻、宗道、玉村、石下、南石下、三妻、中妻
0%
下十醍柳横後飯 下湯沢、十文字、醍醐、柳田、横手、後三年、飯詰
0%
下松山宮上世松 下高井戸、松原、山下、宮の坂、上町、世田谷、松陰神社前
0%
下上港上弘蒔吉 下永谷、上永谷、港南中央、上大岡、弘明寺、蒔田、吉野町
0%
下常袋上西下中 下野宮、常陸大子、袋田、上小川、西金、下小川、中舟生
0%
下新大岩羽福稲 下館、新治、大和、岩瀬、羽黒、福原、稲田
0%
下新東明永西浜 下北沢、新代田、東松原、明大前、永福町、西永福、浜田山
0%
下森三新北下大 下島、森口、三溝、新村、北新・松本大学前、下新、大庭
0%
下世梅豪経千祖 下北沢、世田谷代田、梅ヶ丘、豪徳寺、経堂、千歳船橋、祖師ヶ谷大蔵
0%
下成和朝朝志柳 下赤塚、成増、和光市、朝霞、朝霞台、志木、柳瀬川
0%
下西上袋常下矢 下小川、西金、上小川、袋田、常陸大子、下野宮、矢祭山
0%
下赤金近有陸吹 下北、赤川、金谷沢、近川、有畑、陸奥横浜、吹越
0%
下折ひ久寺真北 下館二高前、折本、ひぐち、久下田、寺内、真岡、北真岡
0%
下千南神上上西 下仁田、千平、南蛇井、神農原、上州一ノ宮、上州七日市、西富岡
0%
下早浦上出東池 下川合、早瀬、浦川、上市場、出馬、東栄、池場
0%
下早糠鷹前二富 下川沿、早口、糠沢、鷹ノ巣、前山、二ツ井、富根
0%
下相運大上本水 下新田、相老、運動公園、大間々、上神梅、本宿、水沼
0%
下相入海厚社門 下溝、相武台下、入谷、海老名、厚木、社家、門沢橋
0%
下多中陸福小苦 下馬、多賀城、中野栄、陸前高砂、福田町、小鶴新田、苦竹
0%
下大黒騰大下宗 下館、大田郷、黒子、騰波ノ江、大宝、下妻、宗道
0%
下大佐香水小笹 下総神崎、大戸、佐原、香取、水郷、小見川、笹川
0%
下大神寺上赤三 下之郷、大学前、神畑、寺下、上田原、赤坂上、三好町
0%
下大大新小東鬼 下今市、大谷向、大桑、新高徳、小佐越、東武ワールドスクウェア、鬼怒川温泉
0%
下大中と上東下 下板橋、大山、中板橋、ときわ台、上板橋、東武練馬、下赤塚
0%
下大白陣津碇長 下川沿、大館、白沢、陣場、津軽湯の沢、碇ケ関、長峰
0%
下沢赤宮大駒小 下島、沢渡、赤木、宮田、大田切、駒ケ根、小町屋
0%
下中塩中舞八別 下之郷、中塩田、塩田町、中野、舞田、八木沢、別所温泉
0%
下中佐相城向水 下川合、中部天竜、佐久間、相月、城西、向市場、水窪
0%
下中山野玉常静 下小川、中舟生、山方宿、野上原、玉川村、常陸大宮、静
0%
下中新沼野都鷺 下落合、中井、新井薬師前、沼袋、野方、都立家政、鷺ノ宮
0%
下長裾岩富南御 下土狩、長泉なめり、裾野、岩波、富士岡、南御殿場、御殿場
0%
下東上と中大下 下赤塚、東武練馬、上板橋、ときわ台、中板橋、大山、下板橋
0%
下東代代参南新 下北沢、東北沢、代々木上原、代々木八幡、参宮橋、南新宿、新宿
0%
下湯上三横院及 下湯沢、湯沢、上湯沢、三関、横堀、院内、及位
0%
下道岩羽折羽羽 下浜、道川、岩城みなと、羽後亀田、折渡、羽後岩谷、羽後本荘
0%
下波塩身甲内寄 下部温泉、波高島、塩之沢、身延、甲斐大島、内船、寄畑
0%
下馬東横東上祇 下郡、馬来田、東横田、横田、東清川、上総清川、祇園
0%
下板北新樅楡東 下小代、板荷、北鹿沼、新鹿沼、樅山、楡木、東武金崎
0%
下舞戸踊中立下 下永谷、舞岡、戸塚、踊場、中田、立場、下飯田
0%
下北新三森下波 下新、北新・松本大学前、新村、三溝、森口、下島、波田
0%
下幌糠問天佐筬 下沼、幌延、糠南、問寒別、天塩中川、佐久、筬島
0%
下本市小新平亀 下総中山、本八幡、市川、小岩、新小岩、平井、亀戸
0%
下明下板北新樅 下今市、明神、下小代、板荷、北鹿沼、新鹿沼、樅山
0%
下明代笹幡初新 下高井戸、明大前、代田橋、笹塚、幡ヶ谷、初台、新宿
0%
下矢東南磐磐近 下野宮、矢祭山、東館、南石井、磐城石井、磐城塙、近津
0%
佳鹿曽石陸渡万 佳景山、鹿又、曽波神、石巻、陸前稲井、渡波、万石浦
0%
加羽田矢古新さ 加茂、羽生田、田上、矢代田、古津、新津、さつき野
0%
加花鷲久和東姫 加須、花崎、鷲宮、久喜、和戸、東武動物公園、姫宮
0%
加金中平坂平岩 加治、金塚、中条、平木田、坂町、平林、岩船町
0%
加新中月神水京 加治、新発田、中浦、月岡、神山、水原、京ケ瀬
0%
加東今吉原沼丸 加茂宮、東宮原、今羽、吉野原、原市、沼南、丸山
0%
加南羽川茂館多 加須、南羽生、羽生、川俣、茂林寺前、館林、多々良
0%
嘉金芦川大深津 嘉瀬、金木、芦野公園、川倉、大沢内、深郷田、津軽中里
0%
夏小神菅大磐船 夏井、小野新町、神俣、菅谷、大越、磐城常葉、船引
0%
家合新栃新静藤 家中、合戦場、新栃木、栃木、新大平下、静和、藤岡
0%
家大福神門合日 家山、大和田、福用、神尾、門出、合格、日切
0%
家東楡樅新北板 家中、東武金崎、楡木、樅山、新鹿沼、北鹿沼、板荷
0%
家抜川地塩下田 家山、抜里、川根温泉笹間渡、地名、塩郷、下泉、田野口
0%
河愛五仙広勾北 河原町、愛宕橋、五橋、仙台、広瀬通、勾当台公園、北四番丁
0%
河今伊片伊伊伊 河津、今井浜海岸、伊豆稲取、片瀬白田、伊豆熱川、伊豆北川、伊豆大川
0%
河小羽福牛拝昭 河辺、小作、羽村、福生、牛浜、拝島、昭島
0%
河東青宮日石二 河辺、東青梅、青梅、宮ノ平、日向和田、石神前、二俣尾
0%
禾赤都谷都十東 禾生、赤坂、都留市、谷村町、都留文科大学前、十日市場、東桂
0%
花医平桜笹上泉 花水坂、医王寺前、平野、桜水、笹谷、上松川、泉
0%
花加南羽川茂館 花崎、加須、南羽生、羽生、川俣、茂林寺前、館林
0%
花花石日紫古矢 花巻、花巻空港、石鳥谷、日詰、紫波中央、古館、矢幅
0%
花花村北六金水 花巻空港、花巻、村崎野、北上、六原、金ケ崎、水沢
0%
花小久東所航新 花小金井、小平、久米川、東村山、所沢、航空公園、新所沢
0%
花水本上大運相 花輪、水沼、本宿、上神梅、大間々、運動公園、相老
0%
花清有一山平前 花泉、清水原、有壁、一ノ関、山ノ目、平泉、前沢
0%
花生京子神京神 花月総持寺、生麦、京急新子安、子安、神奈川新町、京急東神奈川、神奈川
0%
花石日紫古矢岩 花巻空港、石鳥谷、日詰、紫波中央、古館、矢幅、岩手飯岡
0%
花村北六金水陸 花巻、村崎野、北上、六原、金ケ崎、水沢、陸中折居
0%
花中小神沢原通 花輪、中野、小中、神戸、沢入、原向、通洞
0%
花油石新梅瀬田 花泉、油島、石越、新田、梅ケ沢、瀬峰、田尻
0%
花鷲久和東姫北 花崎、鷲宮、久喜、和戸、東武動物公園、姫宮、北春日部
0%
花蟇茂腹陸箱川 花原市、蟇目、茂市、腹帯、陸中川井、箱石、川内
0%
霞銀東大淡御本 霞ケ関、銀座、東京、大手町、淡路町、御茶ノ水、本郷三丁目
0%
霞虎神六広恵中 霞ケ関、虎ノ門ヒルズ、神谷町、六本木、広尾、恵比寿、中目黒
0%
霞川川新上ふ鶴 霞ヶ関、川越市、川越、新河岸、上福岡、ふじみ野、鶴瀬
0%
霞鶴若坂北高東 霞ヶ関、鶴ヶ島、若葉、坂戸、北坂戸、高坂、東松山
0%
我東湖新布木小 我孫子、東我孫子、湖北、新木、布佐、木下、小林
0%
我北柏南北新馬 我孫子、北柏、柏、南柏、北小金、新松戸、馬橋
0%
芽大西柏帯札幕 芽室、大成、西帯広、柏林台、帯広、札内、幕別
0%
会ふ養会田会中 会津下郷、ふるさと公園、養鱒公園、会津長野、田島高校前、会津田島、中荒井
0%
会会会会会只大 会津越川、会津横田、会津大塩、会津塩沢、会津蒲生、只見、大白川
0%
会会会会会本会 会津蒲生、会津塩沢、会津大塩、会津横田、会津越川、本名、会津川口
0%
会会会会本会会 会津塩沢、会津大塩、会津横田、会津越川、本名、会津川口、会津中川
0%
会会会只大入上 会津大塩、会津塩沢、会津蒲生、只見、大白川、入広瀬、上条
0%
会会郷滝会会会 会津坂本、会津柳津、郷戸、滝谷、会津桧原、会津西方、会津宮下
0%
会会根新若会塔 会津本郷、会津高田、根岸、新鶴、若宮、会津坂下、塔寺
0%
会会早会会会滝 会津中川、会津水沼、早戸、会津宮下、会津西方、会津桧原、滝谷
0%
会会早会会会本 会津西方、会津宮下、早戸、会津水沼、会津中川、会津川口、本名
0%
会会滝郷会会塔 会津西方、会津桧原、滝谷、郷戸、会津柳津、会津坂本、塔寺
0%
会会只大入上越 会津塩沢、会津蒲生、只見、大白川、入広瀬、上条、越後須原
0%
会会塔会若新根 会津柳津、会津坂本、塔寺、会津坂下、若宮、新鶴、根岸
0%
会会本会会会会 会津中川、会津川口、本名、会津越川、会津横田、会津大塩、会津塩沢
0%
会会本会会会早 会津横田、会津越川、本名、会津川口、会津中川、会津水沼、早戸
0%
会喜山荻尾野上 会津豊川、喜多方、山都、荻野、尾登、野沢、上野尻
0%
会郷滝会会会早 会津柳津、郷戸、滝谷、会津桧原、会津西方、会津宮下、早戸
0%
会根新若会塔会 会津高田、根岸、新鶴、若宮、会津坂下、塔寺、会津坂本
0%
会七会会中会田 会津高原尾瀬口、七ヶ岳登山口、会津山村道場、会津荒海、中荒井、会津田島、田島高校前
0%
会七西会会根新 会津若松、七日町、西若松、会津本郷、会津高田、根岸、新鶴
0%
会若新根会会西 会津坂下、若宮、新鶴、根岸、会津高田、会津本郷、西若松
0%
会早会会会滝郷 会津水沼、早戸、会津宮下、会津西方、会津桧原、滝谷、郷戸
0%
会滝郷会会塔会 会津桧原、滝谷、郷戸、会津柳津、会津坂本、塔寺、会津坂下
0%
会只大入上越魚 会津蒲生、只見、大白川、入広瀬、上条、越後須原、魚沼田中
0%
会男上中湯川川 会津高原尾瀬口、男鹿高原、上三依塩原温泉口、中三依温泉、湯西川温泉、川治湯元、川治温泉
0%
会中会田会養ふ 会津荒海、中荒井、会津田島、田島高校前、会津長野、養鱒公園、ふるさと公園
0%
会田会中会会七 会津長野、田島高校前、会津田島、中荒井、会津荒海、会津山村道場、七ヶ岳登山口
0%
会田会養ふ会弥 会津田島、田島高校前、会津長野、養鱒公園、ふるさと公園、会津下郷、弥五島
0%
会塔会会郷滝会 会津坂下、塔寺、会津坂本、会津柳津、郷戸、滝谷、会津桧原
0%
会堂笈塩姥会喜 会津若松、堂島、笈川、塩川、姥堂、会津豊川、喜多方
0%
会本会会会会会 会津川口、本名、会津越川、会津横田、会津大塩、会津塩沢、会津蒲生
0%
会本会会会早会 会津越川、本名、会津川口、会津中川、会津水沼、早戸、会津宮下
0%
会弥塔湯芦大芦 会津下郷、弥五島、塔のへつり、湯野上温泉、芦ノ牧温泉南、大川ダム公園、芦ノ牧温泉
0%
会養ふ会弥塔湯 会津長野、養鱒公園、ふるさと公園、会津下郷、弥五島、塔のへつり、湯野上温泉
0%
海かさ相大瀬三 海老名、かしわ台、さがみ野、相模大塚、大和、瀬谷、三ツ境
0%
海稲信北信南信 海ノ口、稲尾、信濃木崎、北大町、信濃大町、南大町、信濃常盤
0%
海羽青臼龍太中 海瀬、羽黒下、青沼、臼田、龍岡城、太田部、中込
0%
海海八市福産幸 海の公園南口、海の公園柴口、八景島、市大医学部、福浦、産業振興センター、幸浦
0%
海京大船谷京京 海神、京成船橋、大神宮下、船橋競馬場、谷津、京成津田沼、京成大久保
0%
海京東京鬼京菅 海神、京成西船、東中山、京成中山、鬼越、京成八幡、菅野
0%
海厚社門倉宮寒 海老名、厚木、社家、門沢橋、倉見、宮山、寒川
0%
海佐佐信野清甲 海尻、佐久海ノ口、佐久広瀬、信濃川上、野辺山、清里、甲斐大泉
0%
海座相小相町玉 海老名、座間、相武台前、小田急相模原、相模大野、町田、玉川学園前
0%
海松小馬高八海 海尻、松原湖、小海、馬流、高岩、八千穂、海瀬
0%
海上上光馬上上 海士有木、上総三又、上総山田、光風台、馬立、上総牛久、上総川間
0%
海西笠本観仲銚 海鹿島、西海鹿島、笠上黒生、本銚子、観音、仲ノ町、銚子
0%
海入相下原番上 海老名、入谷、相武台下、下溝、原当麻、番田、上溝
0%
海八高馬小松海 海瀬、八千穂、高岩、馬流、小海、松原湖、海尻
0%
海八市福産幸並 海の公園柴口、八景島、市大医学部、福浦、産業振興センター、幸浦、並木中央
0%
海簗南神飯白信 海ノ口、簗場、南神城、神城、飯森、白馬、信濃森上
0%
皆親上長野樋波 皆野、親鼻、上長瀞、長瀞、野上、樋口、波久礼
0%
蟹瀬郷蓬中後左 蟹田、瀬辺地、郷沢、蓬田、中沢、後潟、左堰
0%
蟹中大津大今津 蟹田、中小国、大平、津軽二股、大川平、今別、津軽浜名
0%
開新渋秦東鶴伊 開成、新松田、渋沢、秦野、東海大学前、鶴巻温泉、伊勢原
0%
階角平種玉宿陸 階上、角の浜、平内、種市、玉川、宿戸、陸中八木
0%
階大金大種陸鮫 階上、大蛇、金浜、大久喜、種差海岸、陸奥白浜、鮫
0%
貝藤桑伊東福南 貝田、藤田、桑折、伊達、東福島、福島、南福島
0%
外犬君海西笠本 外川、犬吠、君ヶ浜、海鹿島、西海鹿島、笠上黒生、本銚子
0%
外青赤溜虎新銀 外苑前、青山一丁目、赤坂見附、溜池山王、虎ノ門、新橋、銀座
0%
柿上潟土犀黒直 柿崎、上下浜、潟町、土底浜、犀潟、黒井、直江津
0%
柿鶴玉町相小相 柿生、鶴川、玉川学園前、町田、相模大野、小田急相模原、相武台前
0%
柿米笠青鯨柏茨 柿崎、米山、笠島、青海川、鯨波、柏崎、茨目
0%
角羽西八羽松羽 角館、羽後太田、西明寺、八津、羽後長戸呂、松葉、羽後中里
0%
角階大金大種陸 角の浜、階上、大蛇、金浜、大久喜、種差海岸、陸奥白浜
0%
角生神刺田赤春 角館、生田、神代、刺巻、田沢湖、赤渕、春木場
0%
角南北丸あ兜富 角田、南角田、北丸森、丸森、あぶくま、兜、富野
0%
角平種玉宿陸有 角の浜、平内、種市、玉川、宿戸、陸中八木、有家
0%
角鶯羽鑓羽北大 角館、鶯野、羽後長野、鑓見内、羽後四ツ屋、北大曲、大曲
0%
学鬼都東向大巣 学習院下、鬼子母神前、都電雑司ヶ谷、東池袋四丁目、向原、大塚駅前、巣鴨新田
0%
学鹿中ラ西上美 学田、鹿討、中富良野、ラベンダー畑、西中、上富良野、美馬牛
0%
学都自田多新武 学芸大学、都立大学、自由が丘、田園調布、多摩川、新丸子、武蔵小杉
0%
岳神須岳比岳本 岳南江尾、神谷、須津、岳南富士岡、比奈、岳南原田、本吉原
0%
岳比岳本吉ジ吉 岳南富士岡、比奈、岳南原田、本吉原、吉原本町、ジヤトコ前、吉原
0%
掛愛袋御磐豊天 掛川、愛野、袋井、御厨、磐田、豊田町、天竜川
0%
掛菊金島六藤西 掛川、菊川、金谷、島田、六合、藤枝、西焼津
0%
掛西桜い細原原 掛川市役所前、西掛川、桜木、いこいの広場、細谷、原谷、原田
0%
掛静新三熱小新 掛川、静岡、新富士、三島、熱海、小田原、新横浜
0%
笠稲福羽岩大新 笠間、稲田、福原、羽黒、岩瀬、大和、新治
0%
笠青鯨柏茨安北 笠島、青海川、鯨波、柏崎、茨目、安田、北条
0%
笠的西川南指西 笠幡、的場、西川越、川越、南古谷、指扇、西大宮
0%
笠米柿上潟土犀 笠島、米山、柿崎、上下浜、潟町、土底浜、犀潟
0%
梶浦能筒名有谷 梶屋敷、浦本、能生、筒石、名立、有間川、谷浜
0%
梶栄王飛滝西新 梶原、栄町、王子駅前、飛鳥山、滝野川一丁目、西ヶ原四丁目、新庚申塚
0%
梶宮宮鷺たあ江 梶が谷、宮崎台、宮前平、鷺沼、たまプラーザ、あざみ野、江田
0%
梶溝高二二用桜 梶が谷、溝の口、高津、二子新地、二子玉川、用賀、桜新町
0%
梶荒荒小宮熊東 梶原、荒川車庫前、荒川遊園地前、小台、宮ノ前、熊野前、東尾久三丁目
0%
鰍市市芦甲東小 鰍沢口、市川大門、市川本町、芦川、甲斐上野、東花輪、小井川
0%
鰍落甲久市甲下 鰍沢口、落居、甲斐岩間、久那土、市ノ瀬、甲斐常葉、下部温泉
0%
滑下大佐香水小 滑河、下総神崎、大戸、佐原、香取、水郷、小見川
0%
滑中太龍臼青羽 滑津、中込、太田部、龍岡城、臼田、青沼、羽黒下
0%
滑北岩佐中美三 滑津、北中込、岩村田、佐久平、中佐都、美里、三岡
0%
葛国東北北東仙 葛岡、国見、東北福祉大前、北山、北仙台、東照宮、仙台
0%
葛西南東木門茅 葛西、西葛西、南砂町、東陽町、木場、門前仲町、茅場町
0%
葛多田吉堀佐佐 葛生、多田、田沼、吉水、堀米、佐野、佐野市
0%
葛舞新市二南新 葛西臨海公園、舞浜、新浦安、市川塩浜、二俣新町、南船橋、新習志野
0%
葛陸愛陸熊作奥 葛岡、陸前落合、愛子、陸前白沢、熊ケ根、作並、奥新川
0%
兜あ丸北南角横 兜、あぶくま、丸森、北丸森、南角田、角田、横倉
0%
兜富や梁新二大 兜、富野、やながわ希望の森公園前、梁川、新田、二井田、大泉
0%
兜豊下幌糠問天 兜沼、豊富、下沼、幌延、糠南、問寒別、天塩中川
0%
蒲新越北大せ武 蒲生、新越谷、越谷、北越谷、大袋、せんげん台、武里
0%
蒲新富富吉東原 蒲原、新蒲原、富士川、富士、吉原、東田子の浦、原
0%
蒲新獨草谷竹西 蒲生、新田、獨協大学前、草加、谷塚、竹ノ塚、西新井
0%
蒲大大品高田浜 蒲田、大森、大井町、品川、高輪ゲートウェイ、田町、浜松町
0%
蒲片矢野西那黒 蒲須坂、片岡、矢板、野崎、西那須野、那須塩原、黒磯
0%
蒲矢武下鵜沼多 蒲田、矢口渡、武蔵新田、下丸子、鵜の木、沼部、多摩川
0%
蒲由興清草東静 蒲原、由比、興津、清水、草薙、東静岡、静岡
0%
蒲蓮池千久御雪 蒲田、蓮沼、池上、千鳥町、久が原、御嶽山、雪が谷大塚
0%
釜小松洞陸上足 釜石、小佐野、松倉、洞泉、陸中大橋、上有住、足ケ瀬
0%
釜大及院横三上 釜淵、大滝、及位、院内、横堀、三関、上湯沢
0%
釜渡茂上清久東 釜谷、渡島当別、茂辺地、上磯、清川口、久根別、東久根別
0%
釜平唐吉三甫恋 釜石、平田、唐丹、吉浜、三陸、甫嶺、恋し浜
0%
釜両鵜大吉浪岩 釜石、両石、鵜住居、大槌、吉里吉里、浪板海岸、岩手船越
0%
鎌腰江湘鵠柳石 鎌倉高校前、腰越、江ノ島、湘南海岸公園、鵠沼、柳小路、石上
0%
鎌七稲極長由和 鎌倉高校前、七里ヶ浜、稲村ヶ崎、極楽寺、長谷、由比ヶ浜、和田塚
0%
鎌初新北く元五 鎌ヶ谷大仏、初富、新鎌ヶ谷、北初富、くぬぎ山、元山、五香
0%
鎌新六高逆増新 鎌ヶ谷、新鎌ヶ谷、六実、高柳、逆井、増尾、新柏
0%
鎌二三滝高高北 鎌ヶ谷大仏、二和向台、三咲、滝不動、高根公団、高根木戸、北習志野
0%
鎌北大戸東保横 鎌倉、北鎌倉、大船、戸塚、東戸塚、保土ケ谷、横浜
0%
鎌誉土大永本新 鎌取、誉田、土気、大網、永田、本納、新茂原
0%
鎌和由長極稲七 鎌倉、和田塚、由比ヶ浜、長谷、極楽寺、稲村ヶ崎、七里ヶ浜
0%
鴨国二大平茅辻 鴨宮、国府津、二宮、大磯、平塚、茅ケ崎、辻堂
0%
鴨小早根真湯熱 鴨宮、小田原、早川、根府川、真鶴、湯河原、熱海
0%
鴨中十長成町古 鴨居、中山、十日市場、長津田、成瀬、町田、古淵
0%
栢開新渋秦東鶴 栢山、開成、新松田、渋沢、秦野、東海大学前、鶴巻温泉
0%
茅人小秋仲上入 茅場町、人形町、小伝馬町、秋葉原、仲御徒町、上野、入谷
0%
茅青す富信小長 茅野、青柳、すずらんの里、富士見、信濃境、小淵沢、長坂
0%
茅辻藤大戸横川 茅ケ崎、辻堂、藤沢、大船、戸塚、横浜、川崎
0%
茅塘細釧遠東釧 茅沼、塘路、細岡、釧路湿原、遠矢、東釧路、釧路
0%
茅八築東銀日霞 茅場町、八丁堀、築地、東銀座、銀座、日比谷、霞ケ関
0%
茅標磯摩美川緑 茅沼、標茶、磯分内、摩周、美留和、川湯温泉、緑
0%
茅平大二国鴨小 茅ケ崎、平塚、大磯、二宮、国府津、鴨宮、小田原
0%
茅門木東南西葛 茅場町、門前仲町、木場、東陽町、南砂町、西葛西、葛西
0%
萱荒阿小前阿桂 萱草、荒瀬、阿仁合、小渕、前田南、阿仁前田温泉、桂瀬
0%
萱笑岩比奥阿戸 萱草、笑内、岩野目、比立内、奥阿仁、阿仁マタギ、戸沢
0%
刈神大飯後横柳 刈和野、神宮寺、大曲、飯詰、後三年、横手、柳田
0%
刈西礼石小出妙 刈羽、西山、礼拝、石地、小木ノ城、出雲崎、妙法寺
0%
刈峰羽大和四秋 刈和野、峰吉川、羽後境、大張野、和田、四ツ小屋、秋田
0%
冠聖坂西明田松 冠着、聖高原、坂北、西条、明科、田沢、松本
0%
寒宮倉門社厚海 寒川、宮山、倉見、門沢橋、社家、厚木、海老名
0%
寒南羽羽羽東北 寒河江、南寒河江、羽前長崎、羽前金沢、羽前山辺、東金井、北山形
0%
巻岩北吉南粟分 巻、岩室、北吉田、吉田、南吉田、粟生津、分水
0%
干旭飯倉猿松銚 干潟、旭、飯岡、倉橋、猿田、松岸、銚子
0%
干八飯横松成日 干潟、八日市場、飯倉、横芝、松尾、成東、日向
0%
間越桑今越勝府 間島、越後早川、桑川、今川、越後寒川、勝木、府屋
0%
間足通原沢神小 間藤、足尾、通洞、原向、沢入、神戸、小中
0%
間村岩平坂平中 間島、村上、岩船町、平林、坂町、平木田、中条
0%
間野古栗東久新 間々田、野木、古河、栗橋、東鷲宮、久喜、新白岡
0%
閑尾接奥ひ長ア 閑蔵、尾盛、接岨峡温泉、奥大井湖上、ひらんだ、長島ダム、アプトいちしろ
0%
関伊阪吉蒔弘上 関内、伊勢佐木長者町、阪東橋、吉野町、蒔田、弘明寺、上大岡
0%
関桜高横三三片 関内、桜木町、高島町、横浜、三ツ沢下町、三ツ沢上町、片倉町
0%
関石山根磯新洋 関内、石川町、山手、根岸、磯子、新杉田、洋光台
0%
関猪上中磐安喜 関都、猪苗代湖畔、上戸、中山宿、磐梯熱海、安子ケ島、喜久田
0%
関二新北上南高 関山、二本木、新井、北新井、上越妙高、南高田、高田
0%
関米置高赤中羽 関根、米沢、置賜、高畠、赤湯、中川、羽前中山
0%
館岩逢亘浜山坂 館腰、岩沼、逢隈、亘理、浜吉田、山下、坂元
0%
館岩槻船大北東 館腰、岩沼、槻木、船岡、大河原、北白川、東白石
0%
館九千千南和江 館山、九重、千倉、千歳、南三原、和田浦、江見
0%
館成本篠東小西 館林、成島、本中野、篠塚、東小泉、小泉町、西小泉
0%
館多県福東足野 館林、多々良、県、福居、東武和泉、足利市、野州山辺
0%
館渡田佐佐堀吉 館林、渡瀬、田島、佐野市、佐野、堀米、吉水
0%
館平柏津尾田田 館田、平賀、柏農高校前、津軽尾上、尾上高校前、田んぼアート、田舎館
0%
館名南太長仙東 館腰、名取、南仙台、太子堂、長町、仙台、東仙台
0%
館茂川羽南加花 館林、茂林寺前、川俣、羽生、南羽生、加須、花崎
0%
丸沼原吉今東加 丸山、沼南、原市、吉野原、今羽、東宮原、加茂宮
0%
丸瀬遠安生西留 丸瀬布、瀬戸瀬、遠軽、安国、生田原、西留辺蘂、留辺蘂
0%
丸白上安中愛伊 丸瀬布、白滝、上川、安足間、中愛別、愛別、伊香牛
0%
丸富天桐赤東新 丸山下、富士山下、天王宿、桐生球場前、赤城、東新川、新川
0%
丸北南角横岡東 丸森、北丸森、南角田、角田、横倉、岡、東船岡
0%
岸新北新仲セセ 岸根公園、新横浜、北新横浜、新羽、仲町台、センター南、センター北
0%
岸片三三横高桜 岸根公園、片倉町、三ツ沢上町、三ツ沢下町、横浜、高島町、桜木町
0%
巌袖長姉五八浜 巌根、袖ケ浦、長浦、姉ケ崎、五井、八幡宿、浜野
0%
巌木君青大佐上 巌根、木更津、君津、青堀、大貫、佐貫町、上総湊
0%
岩あ滝八東沢鳥 岩館、あきた白神、滝ノ間、八森、東八森、沢目、鳥形
0%
岩い御奥小小一 岩手川口、いわて沼宮内、御堂、奥中山高原、小繋、小鳥谷、一戸
0%
岩綾遠青岩平足 岩手二日町、綾織、遠野、青笹、岩手上郷、平倉、足ケ瀬
0%
岩安保浜竹上佐 岩井、安房勝山、保田、浜金谷、竹岡、上総湊、佐貫町
0%
岩羽石高神土荒 岩間、羽鳥、石岡、高浜、神立、土浦、荒川沖
0%
岩羽折羽羽西仁 岩城みなと、羽後亀田、折渡、羽後岩谷、羽後本荘、西目、仁賀保
0%
岩羽福稲笠宍友 岩瀬、羽黒、福原、稲田、笠間、宍戸、友部
0%
岩越石大上塩六 岩原スキー場前、越後湯沢、石打、大沢、上越国際スキー場前、塩沢、六日町
0%
岩越土土湯水上 岩原スキー場前、越後中里、土樽、土合、湯檜曽、水上、上牧
0%
岩横立藤江柳北 岩沢、横川目、立川目、藤根、江釣子、柳原、北上
0%
岩巻越越内内新 岩室、巻、越後曽根、越後赤塚、内野西が丘、内野、新潟大学前
0%
岩館名南太長仙 岩沼、館腰、名取、南仙台、太子堂、長町、仙台
0%
岩宮フ都常金岡 岩水寺、宮口、フルーツパーク、都田、常葉大学前、金指、岡地
0%
岩宮柏鱒荒岩綾 岩根橋、宮守、柏木平、鱒沢、荒谷前、岩手二日町、綾織
0%
岩桐小山足あ富 岩宿、桐生、小俣、山前、足利、あしかがフラワーパーク、富田
0%
岩好渋滝巣厨青 岩手川口、好摩、渋民、滝沢、巣子、厨川、青山
0%
岩荒鱒柏宮岩晴 岩手二日町、荒谷前、鱒沢、柏木平、宮守、岩根橋、晴山
0%
岩国伊駒前前新 岩宿、国定、伊勢崎、駒形、前橋大島、前橋、新前橋
0%
岩佐中美三乙東 岩村田、佐久平、中佐都、美里、三岡、乙女、東小諸
0%
岩佐富あ足山小 岩舟、佐野、富田、あしかがフラワーパーク、足利、山前、小俣
0%
岩志栗栗栗由古 岩見沢、志文、栗沢、栗丘、栗山、由仁、古山
0%
岩小神九市曙新 岩本町、小川町、神保町、九段下、市ヶ谷、曙橋、新宿三丁目
0%
岩沼後上水湯土 岩本、沼田、後閑、上牧、水上、湯檜曽、土合
0%
岩笑萱荒阿小前 岩野目、笑内、萱草、荒瀬、阿仁合、小渕、前田南
0%
岩上幌豊江高野 岩見沢、上幌向、幌向、豊幌、江別、高砂、野幌
0%
岩織陸豊払津八 岩手船越、織笠、陸中山田、豊間根、払川、津軽石、八木沢・宮古短大
0%
岩晴土小新似花 岩根橋、晴山、土沢、小山田、新花巻、似内、花巻
0%
岩西東西塚古陸 岩出山、西大崎、東大崎、西古川、塚目、古川、陸前谷地
0%
岩西二天上豊敷 岩水寺、西鹿島、二俣本町、天竜二俣、上野部、豊岡、敷地
0%
岩青遠綾岩荒鱒 岩手上郷、青笹、遠野、綾織、岩手二日町、荒谷前、鱒沢
0%
岩摂新田佐一山 岩泉小本、摂待、新田老、田老、佐羽根、一の渡、山口団地
0%
岩川長群羽袋万 岩島、川原湯温泉、長野原草津口、群馬大津、羽根尾、袋倉、万座・鹿沢口
0%
岩泉上笹桜平医 岩代清水、泉、上松川、笹谷、桜水、平野、医王寺前
0%
岩相飯穴五井緑 岩原、相模沼田、飯田岡、穴部、五百羅漢、井細田、緑町
0%
岩村間越桑今越 岩船町、村上、間島、越後早川、桑川、今川、越後寒川
0%
岩大新下玉川東 岩瀬、大和、新治、下館、玉戸、川島、東結城
0%
岩大白松十陸陸 岩館、大間越、白神岳登山口、松神、十二湖、陸奥岩崎、陸奥沢辺
0%
岩津敷渋八群新 岩本、津久田、敷島、渋川、八木原、群馬総社、新前橋
0%
岩槻船大北東白 岩沼、槻木、船岡、大河原、北白川、東白石、白石
0%
岩島田普白堀野 岩泉小本、島越、田野畑、普代、白井海岸、堀内、野田玉川
0%
岩東仙長太南名 岩切、東仙台、仙台、長町、太子堂、南仙台、名取
0%
岩東豊八春藤南 岩槻、東岩槻、豊春、八木崎、春日部、藤の牛島、南桜井
0%
岩道下桂新羽秋 岩城みなと、道川、下浜、桂根、新屋、羽後牛島、秋田
0%
岩馬浜森菊住西 岩本町、馬喰横山、浜町、森下、菊川、住吉、西大島
0%
岩比奥阿戸上左 岩野目、比立内、奥阿仁、阿仁マタギ、戸沢、上桧木内、左通
0%
岩富那館九千千 岩井、富浦、那古船形、館山、九重、千倉、千歳
0%
岩富南御足駿谷 岩波、富士岡、南御殿場、御殿場、足柄、駿河小山、谷峨
0%
岩平坂平中金加 岩船町、平林、坂町、平木田、中条、金塚、加治
0%
岩平足上陸洞松 岩手上郷、平倉、足ケ瀬、上有住、陸中大橋、洞泉、松倉
0%
岩北滑中太龍臼 岩村田、北中込、滑津、中込、太田部、龍岡城、臼田
0%
岩北吉南粟分寺 岩室、北吉田、吉田、南吉田、粟生津、分水、寺泊
0%
岩矢郷群中市小 岩島、矢倉、郷原、群馬原町、中之条、市城、小野上温泉
0%
岩矢古紫日石花 岩手飯岡、矢幅、古館、紫波中央、日詰、石鳥谷、花巻空港
0%
岩友内赤偕水勝 岩間、友部、内原、赤塚、偕楽園、水戸、勝田
0%
岩有上池川鳴鳴 岩出山、有備館、上野目、池月、川渡温泉、鳴子御殿湯、鳴子温泉
0%
岩陸国塩高野陸 岩切、陸前山王、国府多賀城、塩釜、高城町、野蒜、陸前小野
0%
岩陸国塩松愛品 岩切、陸前山王、国府多賀城、塩釜、松島、愛宕、品井沼
0%
岩陸猊柴摺千小 岩ノ下、陸中松川、猊鼻渓、柴宿、摺沢、千厩、小梨
0%
岩浪吉大鵜両釜 岩手船越、浪板海岸、吉里吉里、大槌、鵜住居、両石、釜石
0%
岩和ゆほゆ黒小 岩沢、和賀仙人、ゆだ錦秋湖、ほっとゆだ、ゆだ高原、黒沢、小松川
0%
喜安磐中上猪関 喜久田、安子ケ島、磐梯熱海、中山宿、上戸、猪苗代湖畔、関都
0%
喜会姥塩笈堂会 喜多方、会津豊川、姥堂、塩川、笈川、堂島、会津若松
0%
喜狛和登向生読 喜多見、狛江、和泉多摩川、登戸、向ヶ丘遊園、生田、読売ランド前
0%
喜山荻尾野上徳 喜多方、山都、荻野、尾登、野沢、上野尻、徳沢
0%
寄井十稲芝沼西 寄畑、井出、十島、稲子、芝川、沼久保、西富士宮
0%
寄桜小ふ永武明 寄居、桜沢、小前田、ふかや花園、永田、武川、明戸
0%
寄折竹小明越毛 寄居、折原、竹沢、小川町、明覚、越生、毛呂
0%
寄内甲身塩波下 寄畑、内船、甲斐大島、身延、塩之沢、波高島、下部温泉
0%
寄波樋野長上親 寄居、波久礼、樋口、野上、長瀞、上長瀞、親鼻
0%
希三瀬大相さか 希望ヶ丘、三ツ境、瀬谷、大和、相模大塚、さがみ野、かしわ台
0%
希二鶴西上和星 希望ヶ丘、二俣川、鶴ヶ峰、西谷、上星川、和田町、星川
0%
旗長洗石雪御久 旗の台、長原、洗足池、石川台、雪が谷大塚、御嶽山、久が原
0%
旗北大緑自九尾 旗の台、北千束、大岡山、緑が丘、自由が丘、九品仏、尾山台
0%
気岡金常都フ宮 気賀、岡地、金指、常葉大学前、都田、フルーツパーク、宮口
0%
気新折矢小千摺 気仙沼、新月、折壁、矢越、小梨、千厩、摺沢
0%
気西寸浜東都三 気賀、西気賀、寸座、浜名湖佐久米、東都筑、都筑、三ヶ日
0%
稀黄崎本東鷲幌 稀府、黄金、崎守、本輪西、東室蘭、鷲別、幌別
0%
稀北伊長有洞豊 稀府、北舟岡、伊達紋別、長和、有珠、洞爺、豊浦
0%
鬼鬼東小新大大 鬼怒川公園、鬼怒川温泉、東武ワールドスクウェア、小佐越、新高徳、大桑、大谷向
0%
鬼京菅市国江京 鬼越、京成八幡、菅野、市川真間、国府台、江戸川、京成小岩
0%
鬼都東向大巣庚 鬼子母神前、都電雑司ヶ谷、東池袋四丁目、向原、大塚駅前、巣鴨新田、庚申塚
0%
亀荻さ新古矢田 亀田、荻川、さつき野、新津、古津、矢代田、田上
0%
亀金松北馬新北 亀有、金町、松戸、北松戸、馬橋、新松戸、北小金
0%
亀平新小市本下 亀戸、平井、新小岩、小岩、市川、本八幡、下総中山
0%
祇上東横東馬下 祇園、上総清川、東清川、横田、東横田、馬来田、下郡
0%
義津松小千聖弘 義塾高校前、津軽大沢、松木平、小栗山、千年、聖愛中高前、弘前学院大前
0%
菊金島六藤西焼 菊川、金谷、島田、六合、藤枝、西焼津、焼津
0%
菊住西大東船一 菊川、住吉、西大島、大島、東大島、船堀、一之江
0%
菊新小鴨中十長 菊名、新横浜、小机、鴨居、中山、十日市場、長津田
0%
菊森浜馬岩小神 菊川、森下、浜町、馬喰横山、岩本町、小川町、神保町
0%
吉ジ吉本岳比岳 吉原、ジヤトコ前、吉原本町、本吉原、岳南原田、比奈、岳南富士岡
0%
吉井三久富高浜 吉祥寺、井の頭公園、三鷹台、久我山、富士見ヶ丘、高井戸、浜田山
0%
吉越南東東南武 吉川、越谷レイクタウン、南越谷、東川口、東浦和、南浦和、武蔵浦和
0%
吉吉越南東東南 吉川美南、吉川、越谷レイクタウン、南越谷、東川口、東浦和、南浦和
0%
吉原沼丸志伊羽 吉野原、原市、沼南、丸山、志久、伊奈中央、羽貫
0%
吉阪伊関桜高横 吉野町、阪東橋、伊勢佐木長者町、関内、桜木町、高島町、横浜
0%
吉三国立日豊八 吉祥寺、三鷹、国分寺、立川、日野、豊田、八王子
0%
吉三甫恋綾陸盛 吉浜、三陸、甫嶺、恋し浜、綾里、陸前赤崎、盛
0%
吉蒔弘上港上下 吉野町、蒔田、弘明寺、上大岡、港南中央、上永谷、下永谷
0%
吉西荻阿高中東 吉祥寺、西荻窪、荻窪、阿佐ケ谷、高円寺、中野、東中野
0%
吉西久前曲黒鮎 吉沢、西滝沢、久保田、前郷、曲沢、黒沢、鮎川
0%
吉西上上東上西 吉井、西吉井、上州新屋、上州福島、東富岡、上州富岡、西富岡
0%
吉大鵜両釜平唐 吉里吉里、大槌、鵜住居、両石、釜石、平田、唐丹
0%
吉東原片沼三函 吉原、東田子の浦、原、片浜、沼津、三島、函南
0%
吉南粟分寺桐小 吉田、南吉田、粟生津、分水、寺泊、桐原、小島谷
0%
吉馬西山高根佐 吉井、馬庭、西山名、山名、高崎商科大学前、根小屋、佐野のわたし
0%
吉北岩巻越越内 吉田、北吉田、岩室、巻、越後曽根、越後赤塚、内野西が丘
0%
吉堀佐佐田渡館 吉水、堀米、佐野、佐野市、田島、渡瀬、館林
0%
吉本岳比岳須神 吉原本町、本吉原、岳南原田、比奈、岳南富士岡、須津、神谷
0%
吉浪岩織陸豊払 吉里吉里、浪板海岸、岩手船越、織笠、陸中山田、豊間根、払川
0%
桔大七新仁大大 桔梗、大中山、七飯、新函館北斗、仁山、大沼、大沼公園
0%
逆増新柏豊流初 逆井、増尾、新柏、柏、豊四季、流山おおたかの森、初石
0%
久衣横田東逗鎌 久里浜、衣笠、横須賀、田浦、東逗子、逗子、鎌倉
0%
久滑下大佐香水 久住、滑河、下総神崎、大戸、佐原、香取、水郷
0%
久御雪石洗長旗 久が原、御嶽山、雪が谷大塚、石川台、洗足池、長原、旗の台
0%
久甲落鰍市市芦 久那土、甲斐岩間、落居、鰍沢口、市川大門、市川本町、芦川
0%
久市甲下波塩身 久那土、市ノ瀬、甲斐常葉、下部温泉、波高島、塩之沢、身延
0%
久宿登中稲矢稲 久地、宿河原、登戸、中野島、稲田堤、矢野口、稲城長沼
0%
久小花田西東武 久米川、小平、花小金井、田無、西武柳沢、東伏見、武蔵関
0%
久新白蓮東土大 久喜、新白岡、白岡、蓮田、東大宮、土呂、大宮
0%
久清上茂渡釜泉 久根別、清川口、上磯、茂辺地、渡島当別、釜谷、泉沢
0%
久泉矢鏡須安郡 久田野、泉崎、矢吹、鏡石、須賀川、安積永盛、郡山
0%
久前曲黒鮎子薬 久保田、前郷、曲沢、黒沢、鮎川、子吉、薬師堂
0%
久津武武武武向 久地、津田山、武蔵溝ノ口、武蔵新城、武蔵中原、武蔵小杉、向河原
0%
久東所航新入狭 久米川、東村山、所沢、航空公園、新所沢、入曽、狭山市
0%
久東小大城上国 久我原、東総元、小谷松、大多喜、城見ヶ丘、上総中川、国吉
0%
久白新白豊黒高 久田野、白河、新白河、白坂、豊原、黒田原、高久
0%
久俵小下馬東横 久留里、俵田、小櫃、下郡、馬来田、東横田、横田
0%
久富高浜西永明 久我山、富士見ヶ丘、高井戸、浜田山、西永福、永福町、明大前
0%
久陸侍陸有陸宿 久慈、陸中夏井、侍浜、陸中中野、有家、陸中八木、宿戸
0%
久和東姫北春一 久喜、和戸、東武動物公園、姫宮、北春日部、春日部、一ノ割
0%
久鷲花加南羽川 久喜、鷲宮、花崎、加須、南羽生、羽生、川俣
0%
及院横三上湯下 及位、院内、横堀、三関、上湯沢、湯沢、下湯沢
0%
及大釜真羽泉新 及位、大滝、釜淵、真室川、羽前豊里、泉田、新庄
0%
宮お梨西今時南 宮内、おりはた、梨郷、西大塚、今泉、時庭、南長井
0%
宮フ都常金岡気 宮口、フルーツパーク、都田、常葉大学前、金指、岡地、気賀
0%
宮伊羽沢伊木北 宮木、伊那新町、羽場、沢、伊那松島、木ノ下、北殿
0%
宮磯八津払豊陸 宮古、磯鶏、八木沢・宮古短大、津軽石、払川、豊間根、陸中山田
0%
宮越小越北越小 宮内、越後滝谷、小千谷、越後川口、北堀之内、越後堀之内、小出
0%
宮梶溝高二二用 宮崎台、梶が谷、溝の口、高津、二子新地、二子玉川、用賀
0%
宮岩晴土小新似 宮守、岩根橋、晴山、土沢、小山田、新花巻、似内
0%
宮岩西二天上豊 宮口、岩水寺、西鹿島、二俣本町、天竜二俣、上野部、豊岡
0%
宮宮鷺たあ江市 宮崎台、宮前平、鷺沼、たまプラーザ、あざみ野、江田、市が尾
0%
宮熊東町町荒荒 宮ノ前、熊野前、東尾久三丁目、町屋二丁目、町屋駅前、荒川七丁目、荒川二丁目
0%
宮原木上倉須大 宮ノ越、原野、木曽福島、上松、倉本、須原、大桑
0%
宮鷺たあ江市藤 宮前平、鷺沼、たまプラーザ、あざみ野、江田、市が尾、藤が丘
0%
宮山一佐田新摂 宮古、山口団地、一の渡、佐羽根、田老、新田老、摂待
0%
宮小荒荒梶栄王 宮ノ前、小台、荒川遊園地前、荒川車庫前、梶原、栄町、王子駅前
0%
宮上世松若西三 宮の坂、上町、世田谷、松陰神社前、若林、西太子堂、三軒茶屋
0%
宮上北桶北鴻北 宮原、上尾、北上尾、桶川、北本、鴻巣、北鴻巣
0%
宮赤沢下伊伊田 宮田、赤木、沢渡、下島、伊那市、伊那北、田畑
0%
宮仙青大国川青 宮城野通、仙台、青葉通一番町、大町西公園、国際センター、川内、青葉山
0%
宮千花蟇茂腹陸 宮古、千徳、花原市、蟇目、茂市、腹帯、陸中川井
0%
宮前来越塚長越 宮内、前川、来迎寺、越後岩塚、塚山、長鳥、越後広田
0%
宮倉門社厚海入 宮山、倉見、門沢橋、社家、厚木、海老名、入谷
0%
宮大駒小伊田飯 宮田、大田切、駒ケ根、小町屋、伊那福岡、田切、飯島
0%
宮長北押見帯東 宮内、長岡、北長岡、押切、見附、帯織、東光寺
0%
宮日石二軍沢御 宮ノ平、日向和田、石神前、二俣尾、軍畑、沢井、御嶽
0%
宮柏鱒荒岩綾遠 宮守、柏木平、鱒沢、荒谷前、岩手二日町、綾織、遠野
0%
宮陸苦小福陸中 宮城野原、陸前原ノ町、苦竹、小鶴新田、福田町、陸前高砂、中野栄
0%
笈塩姥会喜山荻 笈川、塩川、姥堂、会津豊川、喜多方、山都、荻野
0%
牛ひ荒土神高石 牛久、ひたち野うしく、荒川沖、土浦、神立、高浜、石岡
0%
牛牛飯春本上新 牛込柳町、牛込神楽坂、飯田橋、春日、本郷三丁目、上野御徒町、新御徒町
0%
牛拝昭中東西立 牛浜、拝島、昭島、中神、東中神、西立川、立川
0%
牛北小五梅西竹 牛田、北千住、小菅、五反野、梅島、西新井、竹ノ塚
0%
魚市函松新千昭 魚市場通、市役所前、函館駅前、松風町、新川町、千歳町、昭和橋
0%
魚十土越越越津 魚沼中条、十日町、土市、越後水沢、越後田沢、越後鹿渡、津南
0%
魚美し十まほ虫 魚沼丘陵、美佐島、しんざ、十日町、まつだい、ほくほく大島、虫川大杉
0%
京ユ志勝京八実 京成臼井、ユーカリが丘、志津、勝田台、京成大和田、八千代台、実籾
0%
京稲若京京京南 京王よみうりランド、稲城、若葉台、京王永山、京王多摩センター、京王堀之内、南大沢
0%
京花生京子神京 京急鶴見、花月総持寺、生麦、京急新子安、子安、神奈川新町、京急東神奈川
0%
京海京大船谷京 京成西船、海神、京成船橋、大神宮下、船橋競馬場、谷津、京成津田沼
0%
京海京東京鬼京 京成船橋、海神、京成西船、東中山、京成中山、鬼越、京成八幡
0%
京鬼京菅市国江 京成中山、鬼越、京成八幡、菅野、市川真間、国府台、江戸川
0%
京鬼京東京海京 京成八幡、鬼越、京成中山、東中山、京成西船、海神、京成船橋
0%
京京ユ志勝京八 京成佐倉、京成臼井、ユーカリが丘、志津、勝田台、京成大和田、八千代台
0%
京京京稲若京京 京王多摩川、京王稲田堤、京王よみうりランド、稲城、若葉台、京王永山、京王多摩センター
0%
京京京検京み西 京成津田沼、京成幕張本郷、京成幕張、検見川、京成稲毛、みどり台、西登戸
0%
京京京若稲京京 京王堀之内、京王多摩センター、京王永山、若葉台、稲城、京王よみうりランド、京王稲田堤
0%
京京検京み西新 京成幕張本郷、京成幕張、検見川、京成稲毛、みどり台、西登戸、新千葉
0%
京京江国市菅京 京成高砂、京成小岩、江戸川、国府台、市川真間、菅野、京成八幡
0%
京京若稲京京京 京王多摩センター、京王永山、若葉台、稲城、京王よみうりランド、京王稲田堤、京王多摩川
0%
京京谷船大京海 京成大久保、京成津田沼、谷津、船橋競馬場、大神宮下、京成船橋、海神
0%
京銀新虎溜赤青 京橋、銀座、新橋、虎ノ門、溜池山王、赤坂見附、青山一丁目
0%
京検京み西新京 京成幕張、検見川、京成稲毛、みどり台、西登戸、新千葉、京成千葉
0%
京公宗京大京京 京成成田、公津の杜、宗吾参道、京成酒々井、大佐倉、京成佐倉、京成臼井
0%
京江国市菅京鬼 京成小岩、江戸川、国府台、市川真間、菅野、京成八幡、鬼越
0%
京雑六京八鶴京 京急蒲田、雑色、六郷土手、京急川崎、八丁畷、鶴見市場、京急鶴見
0%
京実八京勝志ユ 京成大久保、実籾、八千代台、京成大和田、勝田台、志津、ユーカリが丘
0%
京勝志ユ京京大 京成大和田、勝田台、志津、ユーカリが丘、京成臼井、京成佐倉、大佐倉
0%
京新矢北秋東松 京成高砂、新柴又、矢切、北国分、秋山、東松戸、松飛台
0%
京水神月中新加 京ケ瀬、水原、神山、月岡、中浦、新発田、加治
0%
京杉屏上弘井南 京急富岡、杉田、屏風浦、上大岡、弘明寺、井土ヶ谷、南太田
0%
京菅市国江京京 京成八幡、菅野、市川真間、国府台、江戸川、京成小岩、京成高砂
0%
京生花京鶴八京 京急新子安、生麦、花月総持寺、京急鶴見、鶴見市場、八丁畷、京急川崎
0%
京青お堀京千町 京成高砂、青砥、お花茶屋、堀切菖蒲園、京成関屋、千住大橋、町屋
0%
京青京四八京押 京成高砂、青砥、京成立石、四ツ木、八広、京成曳舟、押上
0%
京大京京ユ志勝 京成酒々井、大佐倉、京成佐倉、京成臼井、ユーカリが丘、志津、勝田台
0%
京大船谷京京実 京成船橋、大神宮下、船橋競馬場、谷津、京成津田沼、京成大久保、実籾
0%
京谷船大京海京 京成津田沼、谷津、船橋競馬場、大神宮下、京成船橋、海神、京成西船
0%
京追金金能京杉 京急田浦、追浜、金沢八景、金沢文庫、能見台、京急富岡、杉田
0%
京鶴八京六雑京 京急鶴見、鶴見市場、八丁畷、京急川崎、六郷土手、雑色、京急蒲田
0%
京東京海京大船 京成中山、東中山、京成西船、海神、京成船橋、大神宮下、船橋競馬場
0%
京東京鬼京菅市 京成西船、東中山、京成中山、鬼越、京成八幡、菅野、市川真間
0%
京日三神末上上 京橋、日本橋、三越前、神田、末広町、上野広小路、上野
0%
京日新町千京堀 京成上野、日暮里、新三河島、町屋、千住大橋、京成関屋、堀切菖蒲園
0%
京日青京東新千 京成上野、日暮里、青砥、京成高砂、東松戸、新鎌ヶ谷、千葉ニュータウン中央
0%
京能金金追京安 京急富岡、能見台、金沢文庫、金沢八景、追浜、京急田浦、安針塚
0%
京梅大平大立鮫 京急蒲田、梅屋敷、大森町、平和島、大森海岸、立会川、鮫洲
0%
京八実京京谷船 京成大和田、八千代台、実籾、京成大久保、京成津田沼、谷津、船橋競馬場
0%
京八鶴京花生京 京急川崎、八丁畷、鶴見市場、京急鶴見、花月総持寺、生麦、京急新子安
0%
京六雑京梅大平 京急川崎、六郷土手、雑色、京急蒲田、梅屋敷、大森町、平和島
0%
競深柏杉五中千 競馬場前、深堀町、柏木町、杉並町、五稜郭公園前、中央病院前、千代台
0%
境世木細太韮野 境町、世良田、木崎、細谷、太田、韮川、野州山辺
0%
境田田尾津柏平 境松、田舎館、田んぼアート、尾上高校前、津軽尾上、柏農高校前、平賀
0%
強彫小宮大塔箱 強羅、彫刻の森、小涌谷、宮ノ下、大平台、塔ノ沢、箱根湯本
0%
橋相矢淵古町成 橋本、相模原、矢部、淵野辺、古淵、町田、成瀬
0%
橋多南京京京若 橋本、多摩境、南大沢、京王堀之内、京王多摩センター、京王永山、若葉台
0%
狭小西所秋清東 狭山ヶ丘、小手指、西所沢、所沢、秋津、清瀬、東久留米
0%
狭入新航所東久 狭山市、入曽、新所沢、航空公園、所沢、東村山、久米川
0%
興清草東静安用 興津、清水、草薙、東静岡、静岡、安倍川、用宗
0%
郷会会塔会若新 郷戸、会津柳津、会津坂本、塔寺、会津坂下、若宮、新鶴
0%
郷群中市小小祖 郷原、群馬原町、中之条、市城、小野上温泉、小野上、祖母島
0%
郷瀬蟹中大津大 郷沢、瀬辺地、蟹田、中小国、大平、津軽二股、大川平
0%
郷滝会会会早会 郷戸、滝谷、会津桧原、会津西方、会津宮下、早戸、会津水沼
0%
郷蓬中後左奥津 郷沢、蓬田、中沢、後潟、左堰、奥内、津軽宮田
0%
郷矢岩川長群羽 郷原、矢倉、岩島、川原湯温泉、長野原草津口、群馬大津、羽根尾
0%
鏡須安郡日五本 鏡石、須賀川、安積永盛、郡山、日和田、五百川、本宮
0%
鏡矢泉久白新白 鏡石、矢吹、泉崎、久田野、白河、新白河、白坂
0%
曲前久西吉川矢 曲沢、前郷、久保田、西滝沢、吉沢、川辺、矢島
0%
極稲七鎌腰江湘 極楽寺、稲村ヶ崎、七里ヶ浜、鎌倉高校前、腰越、江ノ島、湘南海岸公園
0%
玉下新大岩羽福 玉戸、下館、新治、大和、岩瀬、羽黒、福原
0%
玉砂泉立高立立 玉川上水、砂川七番、泉体育館、立飛、高松、立川北、立川南
0%
玉種平角階大金 玉川、種市、平内、角の浜、階上、大蛇、金浜
0%
玉宗下大騰黒大 玉村、宗道、下妻、大宝、騰波ノ江、黒子、大田郷
0%
玉宿陸有陸侍陸 玉川、宿戸、陸中八木、有家、陸中中野、侍浜、陸中夏井
0%
玉常静瓜常上中 玉川村、常陸大宮、静、瓜連、常陸鴻巣、上菅谷、中菅谷
0%
玉石南三中北水 玉村、石下、南石下、三妻、中妻、北水海道、水海道
0%
玉町相小相座海 玉川学園前、町田、相模大野、小田急相模原、相武台前、座間、海老名
0%
玉鶴柿新百読生 玉川学園前、鶴川、柿生、新百合ヶ丘、百合ヶ丘、読売ランド前、生田
0%
玉鉢男み東小武 玉淀、鉢形、男衾、みなみ寄居、東武竹沢、小川町、武蔵嵐山
0%
玉野山中下西上 玉川村、野上原、山方宿、中舟生、下小川、西金、上小川
0%
桐下相運大上本 桐生、下新田、相老、運動公園、大間々、上神梅、本宿
0%
桐岩国伊駒前前 桐生、岩宿、国定、伊勢崎、駒形、前橋大島、前橋
0%
桐寺分粟南吉北 桐原、寺泊、分水、粟生津、南吉田、吉田、北吉田
0%
桐小妙出小石礼 桐原、小島谷、妙法寺、出雲崎、小木ノ城、石地、礼拝
0%
桐信朝附柳村日 桐原、信濃吉田、朝陽、附属中学前、柳原、村山、日野
0%
桐赤東新新膳粕 桐生球場前、赤城、東新川、新川、新里、膳、粕川
0%
錦亀平新小市本 錦糸町、亀戸、平井、新小岩、小岩、市川、本八幡
0%
錦社白萩北竹虎 錦岡、社台、白老、萩野、北吉原、竹浦、虎杖浜
0%
錦住清水三大神 錦糸町、住吉、清澄白河、水天宮前、三越前、大手町、神保町
0%
錦新市船津稲千 錦糸町、新小岩、市川、船橋、津田沼、稲毛、千葉
0%
近中磐磐里磐野 近津、中豊、磐城棚倉、磐城浅川、里白石、磐城石川、野木沢
0%
近納深妹江滝砂 近文、納内、深川、妹背牛、江部乙、滝川、砂川
0%
近磐磐南東矢下 近津、磐城塙、磐城石井、南石井、東館、矢祭山、下野宮
0%
近有陸吹有北野 近川、有畑、陸奥横浜、吹越、有戸、北野辺地、野辺地
0%
金岡気西寸浜東 金指、岡地、気賀、西気賀、寸座、浜名湖佐久米、東都筑
0%
金加新中月神水 金塚、加治、新発田、中浦、月岡、神山、水原
0%
金嘉毘津五十津 金木、嘉瀬、毘沙門、津軽飯詰、五農校前、十川、津軽五所川原
0%
金亀綾北南三日 金町、亀有、綾瀬、北千住、南千住、三河島、日暮里
0%
金近有陸吹有北 金谷沢、近川、有畑、陸奥横浜、吹越、有戸、北野辺地
0%
金金追京安逸汐 金沢文庫、金沢八景、追浜、京急田浦、安針塚、逸見、汐入
0%
金金能京杉屏上 金沢八景、金沢文庫、能見台、京急富岡、杉田、屏風浦、上大岡
0%
金松北馬新北南 金町、松戸、北松戸、馬橋、新松戸、北小金、南柏
0%
金新代日合門神 金谷、新金谷、代官町、日切、合格、門出、神尾
0%
金仁西羽羽折羽 金浦、仁賀保、西目、羽後本荘、羽後岩谷、折渡、羽後亀田
0%
金水陸前平山一 金ケ崎、水沢、陸中折居、前沢、平泉、山ノ目、一ノ関
0%
金大階角平種玉 金浜、大蛇、階上、角の浜、平内、種市、玉川
0%
金大種陸鮫白陸 金浜、大久喜、種差海岸、陸奥白浜、鮫、白銀、陸奥湊
0%
金中高那殿平美 金上、中根、高田の鉄橋、那珂湊、殿山、平磯、美乃浜学園
0%
金中平坂平岩村 金塚、中条、平木田、坂町、平林、岩船町、村上
0%
金南福東伊桑藤 金谷川、南福島、福島、東福島、伊達、桑折、藤田
0%
金能京杉屏上弘 金沢文庫、能見台、京急富岡、杉田、屏風浦、上大岡、弘明寺
0%
金箱東拝小北八 金子、箱根ケ崎、東福生、拝島、小宮、北八王子、八王子
0%
金野海海八市福 金沢八景、野島公園、海の公園南口、海の公園柴口、八景島、市大医学部、福浦
0%
金六北村花花石 金ケ崎、六原、北上、村崎野、花巻、花巻空港、石鳥谷
0%
銀霞国赤四四新 銀座、霞ケ関、国会議事堂前、赤坂見附、四ツ谷、四谷三丁目、新宿御苑前
0%
銀小倶比ニ昆蘭 銀山、小沢、倶知安、比羅夫、ニセコ、昆布、蘭越
0%
銀新虎溜赤青外 銀座、新橋、虎ノ門、溜池山王、赤坂見附、青山一丁目、外苑前
0%
銀然仁余蘭塩小 銀山、然別、仁木、余市、蘭島、塩谷、小樽
0%
銀東大淡御本後 銀座、東京、大手町、淡路町、御茶ノ水、本郷三丁目、後楽園
0%
銀日霞虎神六広 銀座、日比谷、霞ケ関、虎ノ門ヒルズ、神谷町、六本木、広尾
0%
銀有桜永麹市飯 銀座一丁目、有楽町、桜田門、永田町、麹町、市ケ谷、飯田橋
0%
九館那富岩安保 九重、館山、那古船形、富浦、岩井、安房勝山、保田
0%
九自緑大北旗荏 九品仏、自由が丘、緑が丘、大岡山、北千束、旗の台、荏原町
0%
九神大三水清住 九段下、神保町、大手町、三越前、水天宮前、清澄白河、住吉
0%
九千千南和江太 九重、千倉、千歳、南三原、和田浦、江見、太海
0%
九竹大日茅門木 九段下、竹橋、大手町、日本橋、茅場町、門前仲町、木場
0%
九飯神早高落中 九段下、飯田橋、神楽坂、早稲田、高田馬場、落合、中野
0%
九尾等上二二高 九品仏、尾山台、等々力、上野毛、二子玉川、二子新地、高津
0%
区松川箱陸腹茂 区界、松草、川内、箱石、陸中川井、腹帯、茂市
0%
苦小福陸中多下 苦竹、小鶴新田、福田町、陸前高砂、中野栄、多賀城、下馬
0%
駒伊国岩桐小山 駒形、伊勢崎、国定、岩宿、桐生、小俣、山前
0%
駒競深柏杉五中 駒場車庫前、競馬場前、深堀町、柏木町、杉並町、五稜郭公園前、中央病院前
0%
駒桜用二二高溝 駒沢大学、桜新町、用賀、二子玉川、二子新地、高津、溝の口
0%
駒小伊田飯伊七 駒ケ根、小町屋、伊那福岡、田切、飯島、伊那本郷、七久保
0%
駒新坂山浜亘逢 駒ケ嶺、新地、坂元、山下、浜吉田、亘理、逢隈
0%
駒森石落野山八 駒ケ岳、森、石倉、落部、野田生、山越、八雲
0%
駒赤大大仁新七 駒ケ岳、赤井川、大沼公園、大沼、仁山、新函館北斗、七飯
0%
駒前前新井高高 駒形、前橋大島、前橋、新前橋、井野、高崎問屋町、高崎
0%
駒相日鹿原磐小 駒ケ嶺、相馬、日立木、鹿島、原ノ町、磐城太田、小高
0%
駒大宮赤沢下伊 駒ケ根、大田切、宮田、赤木、沢渡、下島、伊那市
0%
駒池下新東明永 駒場東大前、池ノ上、下北沢、新代田、東松原、明大前、永福町
0%
駒田西日鶯上御 駒込、田端、西日暮里、日暮里、鶯谷、上野、御徒町
0%
駒本東後飯市四 駒込、本駒込、東大前、後楽園、飯田橋、市ケ谷、四ツ谷
0%
釧細塘茅標磯摩 釧路湿原、細岡、塘路、茅沼、標茶、磯分内、摩周
0%
釧新新大庶西白 釧路、新富士、新大楽毛、大楽毛、庶路、西庶路、白糠
0%
釧東遠釧細塘茅 釧路、東釧路、遠矢、釧路湿原、細岡、塘路、茅沼
0%
釧東武別上尾門 釧路、東釧路、武佐、別保、上尾幌、尾幌、門静
0%
熊宮小荒荒梶栄 熊野前、宮ノ前、小台、荒川遊園地前、荒川車庫前、梶原、栄町
0%
熊行吹北鴻北桶 熊谷、行田、吹上、北鴻巣、鴻巣、北本、桶川
0%
熊作奥面山高楯 熊ケ根、作並、奥新川、面白山高原、山寺、高瀬、楯山
0%
熊上石ひ大明武 熊谷、上熊谷、石原、ひろせ野鳥の森、大麻生、明戸、武川
0%
熊足扇高江西谷 熊野前、足立小台、扇大橋、高野、江北、西新井大師西、谷在家
0%
熊東町町荒荒荒 熊野前、東尾久三丁目、町屋二丁目、町屋駅前、荒川七丁目、荒川二丁目、荒川区役所前
0%
熊本高上越浦長 熊谷、本庄早稲田、高崎、上毛高原、越後湯沢、浦佐、長岡
0%
熊陸愛陸葛国東 熊ケ根、陸前白沢、愛子、陸前落合、葛岡、国見、東北福祉大前
0%
熊籠深岡本神新 熊谷、籠原、深谷、岡部、本庄、神保原、新町
0%
栗栗栗由古三追 栗沢、栗丘、栗山、由仁、古山、三川、追分
0%
栗古野間小小自 栗橋、古河、野木、間々田、小山、小金井、自治医大
0%
栗東久新白蓮東 栗橋、東鷲宮、久喜、新白岡、白岡、蓮田、東大宮
0%
栗由古三追安早 栗山、由仁、古山、三川、追分、安平、早来
0%
桑伊東福南金松 桑折、伊達、東福島、福島、南福島、金谷川、松川
0%
桑越間村岩平坂 桑川、越後早川、間島、村上、岩船町、平林、坂町
0%
桑琴発発稲手稲 桑園、琴似、発寒中央、発寒、稲積公園、手稲、稲穂
0%
桑今越勝府鼠小 桑川、今川、越後寒川、勝木、府屋、鼠ケ関、小岩川
0%
桑札苗白厚森大 桑園、札幌、苗穂、白石、厚別、森林公園、大麻
0%
桑上上戸信北飯 桑名川、上桑名川、上境、戸狩野沢温泉、信濃平、北飯山、飯山
0%
桑西信平横森足 桑名川、西大滝、信濃白鳥、平滝、横倉、森宮野原、足滝
0%
桑藤貝越白東北 桑折、藤田、貝田、越河、白石、東白石、北白川
0%
桑八新新太百篠 桑園、八軒、新川、新琴似、太平、百合が原、篠路
0%
君海西笠本観仲 君ヶ浜、海鹿島、西海鹿島、笠上黒生、本銚子、観音、仲ノ町
0%
君青大佐上竹浜 君津、青堀、大貫、佐貫町、上総湊、竹岡、浜金谷
0%
群郷矢岩川長群 群馬原町、郷原、矢倉、岩島、川原湯温泉、長野原草津口、群馬大津
0%
群丹児松用寄折 群馬藤岡、丹荘、児玉、松久、用土、寄居、折原
0%
群中市小小祖金 群馬原町、中之条、市城、小野上温泉、小野上、祖母島、金島
0%
群長川岩矢郷群 群馬大津、長野原草津口、川原湯温泉、岩島、矢倉、郷原、群馬原町
0%
軍沢御川古鳩白 軍畑、沢井、御嶽、川井、古里、鳩ノ巣、白丸
0%
郡安須鏡矢泉久 郡山、安積永盛、須賀川、鏡石、矢吹、泉崎、久田野
0%
郡安磐谷小川泉 郡山、安積永盛、磐城守山、谷田川、小塩江、川東、泉郷
0%
郡喜安磐中上猪 郡山富田、喜久田、安子ケ島、磐梯熱海、中山宿、上戸、猪苗代湖畔
0%
郡郡喜安磐中上 郡山、郡山富田、喜久田、安子ケ島、磐梯熱海、中山宿、上戸
0%
郡新那宇小大上 郡山、新白河、那須塩原、宇都宮、小山、大宮、上野
0%
郡日五本杉二安 郡山、日和田、五百川、本宮、杉田、二本松、安達
0%
郡舞三要船磐大 郡山、舞木、三春、要田、船引、磐城常葉、大越
0%
郡福白仙古く一 郡山、福島、白石蔵王、仙台、古川、くりこま高原、一ノ関
0%
兄田横荒小赤安 兄畑、田山、横間、荒屋新町、小屋の畑、赤坂田、安比高原
0%
恵サ長千南植沼 恵庭、サッポロビール庭園、長都、千歳、南千歳、植苗、沼ノ端
0%
恵恵サ長千南植 恵み野、恵庭、サッポロビール庭園、長都、千歳、南千歳、植苗
0%
恵恵島北上新平 恵庭、恵み野、島松、北広島、上野幌、新札幌、平和
0%
恵広六神虎霞日 恵比寿、広尾、六本木、神谷町、虎ノ門ヒルズ、霞ケ関、日比谷
0%
恵渋原代新新高 恵比寿、渋谷、原宿、代々木、新宿、新大久保、高田馬場
0%
恵渋新池板十赤 恵比寿、渋谷、新宿、池袋、板橋、十条、赤羽
0%
恵大西武新横保 恵比寿、大崎、西大井、武蔵小杉、新川崎、横浜、保土ケ谷
0%
恵島北上新平白 恵み野、島松、北広島、上野幌、新札幌、平和、白石
0%
桂阿前小阿荒萱 桂瀬、阿仁前田温泉、前田南、小渕、阿仁合、荒瀬、萱草
0%
桂下道岩羽折羽 桂根、下浜、道川、岩城みなと、羽後亀田、折渡、羽後岩谷
0%
桂鱒藻北原浜止 桂台、鱒浦、藻琴、北浜、原生花園、浜小清水、止別
0%
経豪梅世下東代 経堂、豪徳寺、梅ヶ丘、世田谷代田、下北沢、東北沢、代々木上原
0%
軽佐上長飯上糸 軽井沢、佐久平、上田、長野、飯山、上越妙高、糸魚川
0%
軽中信御平小滋 軽井沢、中軽井沢、信濃追分、御代田、平原、小諸、滋野
0%
鯨青笠米柿上潟 鯨波、青海川、笠島、米山、柿崎、上下浜、潟町
0%
鯨柏茨安北越長 鯨波、柏崎、茨目、安田、北条、越後広田、長鳥
0%
穴ス動み都桜小 穴川、スポーツセンター、動物公園、みつわ台、都賀、桜木、小倉台
0%
穴新韮塩竜甲酒 穴山、新府、韮崎、塩崎、竜王、甲府、酒折
0%
穴日長小信富す 穴山、日野春、長坂、小淵沢、信濃境、富士見、すずらんの里
0%
穴飯相岩塚和富 穴部、飯田岡、相模沼田、岩原、塚原、和田河原、富士フイルム前
0%
結東川玉下新大 結城、東結城、川島、玉戸、下館、新治、大和
0%
月勝築汐大赤麻 月島、勝どき、築地市場、汐留、大門、赤羽橋、麻布十番
0%
月中新加金中平 月岡、中浦、新発田、加治、金塚、中条、平木田
0%
月飯里高上上上 月崎、飯給、里見、高滝、上総久保、上総鶴舞、上総川間
0%
月門清森両蔵新 月島、門前仲町、清澄白河、森下、両国、蔵前、新御徒町
0%
剣士多瑞風名名 剣淵、士別、多寄、瑞穂、風連、名寄高校、名寄
0%
剣苫北八陸下向 剣吉、苫米地、北高岩、八戸、陸奥市川、下田、向山
0%
剣和塩蘭比北永 剣淵、和寒、塩狩、蘭留、比布、北永山、永山
0%
検京み西新京千 検見川、京成稲毛、みどり台、西登戸、新千葉、京成千葉、千葉中央
0%
権善本桐信朝附 権堂、善光寺下、本郷、桐原、信濃吉田、朝陽、附属中学前
0%
犬羽中成西南米 犬川、羽前小松、中郡、成島、西米沢、南米沢、米沢
0%
犬君海西笠本観 犬吠、君ヶ浜、海鹿島、西海鹿島、笠上黒生、本銚子、観音
0%
犬今萩羽手羽伊 犬川、今泉、萩生、羽前椿、手ノ子、羽前沼沢、伊佐領
0%
研万みみ守柏柏 研究学園、万博記念公園、みどりの、みらい平、守谷、柏たなか、柏の葉キャンパス
0%
県横汐逸安京追 県立大学、横須賀中央、汐入、逸見、安針塚、京急田浦、追浜
0%
県県古長柚春音 県立美術館前、県総合運動場、古庄、長沼、柚木、春日町、音羽町
0%
県古長柚春音日 県総合運動場、古庄、長沼、柚木、春日町、音羽町、日吉町
0%
県草御狐桜入新 県立美術館前、草薙、御門台、狐ヶ崎、桜橋、入江岡、新清水
0%
県多館茂川羽南 県、多々良、館林、茂林寺前、川俣、羽生、南羽生
0%
県福東足野韮太 県、福居、東武和泉、足利市、野州山辺、韮川、太田
0%
見押北長宮前来 見附、押切、北長岡、長岡、宮内、前川、来迎寺
0%
見舎舎谷西江高 見沼代親水公園、舎人、舎人公園、谷在家、西新井大師西、江北、高野
0%
元く北新初鎌二 元山、くぬぎ山、北初富、新鎌ヶ谷、初富、鎌ヶ谷大仏、二和向台
0%
元伊桜飯切鼎下 元善光寺、伊那上郷、桜町、飯田、切石、鼎、下山村
0%
元下市下山伊上 元善光寺、下市田、市田、下平、山吹、伊那大島、上片桐
0%
元五常八み松上 元山、五香、常盤平、八柱、みのり台、松戸新田、上本郷
0%
元飯東高武東吾 元加治、飯能、東飯能、高麗、武蔵横手、東吾野、吾野
0%
元武新多田自都 元住吉、武蔵小杉、新丸子、多摩川、田園調布、自由が丘、都立大学
0%
元仏入稲武狭小 元加治、仏子、入間市、稲荷山公園、武蔵藤沢、狭山ヶ丘、小手指
0%
原伊大三三三三 原木、伊豆仁田、大場、三島二日町、三島田町、三島広小路、三島
0%
原吉今東加鉄大 原市、吉野原、今羽、東宮原、加茂宮、鉄道博物館、大宮
0%
原宮藪奈木贄日 原野、宮ノ越、藪原、奈良井、木曽平沢、贄川、日出塩
0%
原原戸遠森円遠 原谷、原田、戸綿、遠州森、森町病院前、円田、遠江一宮
0%
原原細い桜西掛 原田、原谷、細谷、いこいの広場、桜木、西掛川、掛川市役所前
0%
原戸遠森円遠敷 原田、戸綿、遠州森、森町病院前、円田、遠江一宮、敷地
0%
原細い桜西掛掛 原谷、細谷、いこいの広場、桜木、西掛川、掛川市役所前、掛川
0%
原鹿日相駒新坂 原ノ町、鹿島、日立木、相馬、駒ケ嶺、新地、坂元
0%
原渋恵目五大品 原宿、渋谷、恵比寿、目黒、五反田、大崎、品川
0%
原沼丸志伊羽内 原市、沼南、丸山、志久、伊奈中央、羽貫、内宿
0%
原代新新高目池 原宿、代々木、新宿、新大久保、高田馬場、目白、池袋
0%
原沢神小中花水 原向、沢入、神戸、小中、中野、花輪、水沼
0%
原東吉富富新蒲 原、東田子の浦、吉原、富士、富士川、新蒲原、蒲原
0%
原韮伊田大牧修 原木、韮山、伊豆長岡、田京、大仁、牧之郷、修善寺
0%
原磐小桃浪双大 原ノ町、磐城太田、小高、桃内、浪江、双葉、大野
0%
原妙行南浦葛西 原木中山、妙典、行徳、南行徳、浦安、葛西、西葛西
0%
原木上倉須大野 原野、木曽福島、上松、倉本、須原、大桑、野尻
0%
源富西沼芝稲十 源道寺、富士宮、西富士宮、沼久保、芝川、稲子、十島
0%
古く一水北新盛 古川、くりこま高原、一ノ関、水沢江刺、北上、新花巻、盛岡
0%
古栗東久新白蓮 古河、栗橋、東鷲宮、久喜、新白岡、白岡、蓮田
0%
古県県草御狐桜 古庄、県総合運動場、県立美術館前、草薙、御門台、狐ヶ崎、桜橋
0%
古三追安早遠沼 古山、三川、追分、安平、早来、遠浅、沼ノ端
0%
古紫日石花花村 古館、紫波中央、日詰、石鳥谷、花巻空港、花巻、村崎野
0%
古新さ荻亀越新 古津、新津、さつき野、荻川、亀田、越後石山、新潟
0%
古仙白福郡新那 古川、仙台、白石蔵王、福島、郡山、新白河、那須塩原
0%
古町成長十中鴨 古淵、町田、成瀬、長津田、十日市場、中山、鴨居
0%
古長柚春音日新 古庄、長沼、柚木、春日町、音羽町、日吉町、新静岡
0%
古塚西東西岩有 古川、塚目、西古川、東大崎、西大崎、岩出山、有備館
0%
古淵矢相橋相八 古淵、淵野辺、矢部、相模原、橋本、相原、八王子みなみ野
0%
古野間小小自石 古河、野木、間々田、小山、小金井、自治医大、石橋
0%
古矢田羽加保東 古津、矢代田、田上、羽生田、加茂、保内、東三条
0%
古由栗栗栗志岩 古山、由仁、栗山、栗丘、栗沢、志文、岩見沢
0%
呼女西美緋端愛 呼人、女満別、西女満別、美幌、緋牛内、端野、愛し野
0%
戸稲ゆ新寺西取 戸頭、稲戸井、ゆめみ野、新取手、寺原、西取手、取手
0%
戸荏旗長洗石雪 戸越銀座、荏原中延、旗の台、長原、洗足池、石川台、雪が谷大塚
0%
戸遠森円遠敷豊 戸綿、遠州森、森町病院前、円田、遠江一宮、敷地、豊岡
0%
戸原原細い桜西 戸綿、原田、原谷、細谷、いこいの広場、桜木、西掛川
0%
戸戸浮北赤十板 戸田、戸田公園、浮間舟渡、北赤羽、赤羽、十条、板橋
0%
戸戸北武中南与 戸田公園、戸田、北戸田、武蔵浦和、中浦和、南与野、与野本町
0%
戸五高泉三大新 戸越、五反田、高輪台、泉岳寺、三田、大門、新橋
0%
戸上上桑西信平 戸狩野沢温泉、上境、上桑名川、桑名川、西大滝、信濃白鳥、平滝
0%
戸大北鎌逗東田 戸塚、大船、北鎌倉、鎌倉、逗子、東逗子、田浦
0%
戸中荏旗北大緑 戸越公園、中延、荏原町、旗の台、北千束、大岡山、緑が丘
0%
戸東保横新武西 戸塚、東戸塚、保土ケ谷、横浜、新川崎、武蔵小杉、西大井
0%
戸南守新小水北 戸頭、南守谷、守谷、新守谷、小絹、水海道、北水海道
0%
戸浮北赤十板池 戸田公園、浮間舟渡、北赤羽、赤羽、十条、板橋、池袋
0%
戸舞下上港上弘 戸塚、舞岡、下永谷、上永谷、港南中央、上大岡、弘明寺
0%
戸北武中南与北 戸田、北戸田、武蔵浦和、中浦和、南与野、与野本町、北与野
0%
湖新布木小安下 湖北、新木、布佐、木下、小林、安食、下総松崎
0%
狐御草県県古長 狐ヶ崎、御門台、草薙、県立美術館前、県総合運動場、古庄、長沼
0%
虎霞日銀東築八 虎ノ門ヒルズ、霞ケ関、日比谷、銀座、東銀座、築地、八丁堀
0%
虎新銀京日三神 虎ノ門、新橋、銀座、京橋、日本橋、三越前、神田
0%
虎竹北萩白社錦 虎杖浜、竹浦、北吉原、萩野、白老、社台、錦岡
0%
虎登富幌鷲東本 虎杖浜、登別、富浦、幌別、鷲別、東室蘭、本輪西
0%
五あ小鼠府勝越 五十川、あつみ温泉、小岩川、鼠ケ関、府屋、勝木、越後寒川
0%
五愛河長長長富 五橋、愛宕橋、河原町、長町一丁目、長町、長町南、富沢
0%
五浦八小越北越 五日町、浦佐、八色、小出、越後堀之内、北堀之内、越後川口
0%
五猿馬咲東五三 五泉、猿和田、馬下、咲花、東下条、五十島、三川
0%
五桔大七新仁大 五稜郭、桔梗、大中山、七飯、新函館北斗、仁山、大沼
0%
五栗黒は小小唐 五月台、栗平、黒川、はるひ野、小田急永山、小田急多摩センター、唐木田
0%
五穴飯相岩塚和 五百羅漢、穴部、飯田岡、相模沼田、岩原、塚原、和田河原
0%
五元く北新初鎌 五香、元山、くぬぎ山、北初富、新鎌ヶ谷、初富、鎌ヶ谷大仏
0%
五高泉三大新東 五反田、高輪台、泉岳寺、三田、大門、新橋、東銀座
0%
五三津鹿日豊徳 五十島、三川、津川、鹿瀬、日出谷、豊実、徳沢
0%
五七東久清上茂 五稜郭、七重浜、東久根別、久根別、清川口、上磯、茂辺地
0%
五小三羽羽鶴藤 五十川、小波渡、三瀬、羽前水沢、羽前大山、鶴岡、藤島
0%
五小北牛堀鐘東 五反野、小菅、北千住、牛田、堀切、鐘ヶ淵、東向島
0%
五上海上上光馬 五井、上総村上、海士有木、上総三又、上総山田、光風台、馬立
0%
五常八み松上松 五香、常盤平、八柱、みのり台、松戸新田、上本郷、松戸
0%
五杉柏深競駒函 五稜郭公園前、杉並町、柏木町、深堀町、競馬場前、駒場車庫前、函館アリーナ前
0%
五仙広勾北北台 五橋、仙台、広瀬通、勾当台公園、北四番丁、北仙台、台原
0%
五大戸荏旗長洗 五反田、大崎広小路、戸越銀座、荏原中延、旗の台、長原、洗足池
0%
五大品高田浜新 五反田、大崎、品川、高輪ゲートウェイ、田町、浜松町、新橋
0%
五中千堀昭千新 五稜郭公園前、中央病院前、千代台、堀川町、昭和橋、千歳町、新川町
0%
五津毘嘉金芦川 五農校前、津軽飯詰、毘沙門、嘉瀬、金木、芦野公園、川倉
0%
五東咲馬猿五北 五十島、東下条、咲花、馬下、猿和田、五泉、北五泉
0%
五梅西竹谷草獨 五反野、梅島、西新井、竹ノ塚、谷塚、草加、獨協大学前
0%
五本杉二安松金 五百川、本宮、杉田、二本松、安達、松川、金谷川
0%
五木中陸越鳴鰺 五所川原、木造、中田、陸奥森田、越水、鳴沢、鰺ケ沢
0%
五目恵渋原代新 五反田、目黒、恵比寿、渋谷、原宿、代々木、新宿
0%
五陸鶴板林藤川 五所川原、陸奥鶴田、鶴泊、板柳、林崎、藤崎、川部
0%
吾東武高東飯元 吾野、東吾野、武蔵横手、高麗、東飯能、飯能、元加治
0%
後横柳醍十下湯 後三年、横手、柳田、醍醐、十文字、下湯沢、湯沢
0%
後下中上常瓜静 後台、下菅谷、中菅谷、上菅谷、常陸鴻巣、瓜連、静
0%
後沼岩津敷渋八 後閑、沼田、岩本、津久田、敷島、渋川、八木原
0%
後上水湯土土越 後閑、上牧、水上、湯檜曽、土合、土樽、越後中里
0%
後中蓬郷瀬蟹中 後潟、中沢、蓬田、郷沢、瀬辺地、蟹田、中小国
0%
後飯市四永溜六 後楽園、飯田橋、市ケ谷、四ツ谷、永田町、溜池山王、六本木一丁目
0%
後飯大神刈峰羽 後三年、飯詰、大曲、神宮寺、刈和野、峰吉川、羽後境
0%
後本御淡大東銀 後楽園、本郷三丁目、御茶ノ水、淡路町、大手町、東京、銀座
0%
御い岩好渋滝巣 御堂、いわて沼宮内、岩手川口、好摩、渋民、滝沢、巣子
0%
御影浦武武白三 御花畑、影森、浦山口、武州中川、武州日野、白久、三峰口
0%
御奥小小一二斗 御堂、奥中山高原、小繋、小鳥谷、一戸、二戸、斗米
0%
御芽大西柏帯札 御影、芽室、大成、西帯広、柏林台、帯広、札内
0%
御四新中高阿荻 御茶ノ水、四ツ谷、新宿、中野、高円寺、阿佐ケ谷、荻窪
0%
御秋神東有新浜 御徒町、秋葉原、神田、東京、有楽町、新橋、浜松町
0%
御勝鵜上行安安 御宿、勝浦、鵜原、上総興津、行川アイランド、安房小湊、安房天津
0%
御上鶯日西田駒 御徒町、上野、鶯谷、日暮里、西日暮里、田端、駒込
0%
御上鶯日西田上 御徒町、上野、鶯谷、日暮里、西日暮里、田端、上中里
0%
御水飯市四信千 御茶ノ水、水道橋、飯田橋、市ケ谷、四ツ谷、信濃町、千駄ケ谷
0%
御雪石洗長旗荏 御嶽山、雪が谷大塚、石川台、洗足池、長原、旗の台、荏原中延
0%
御草県県古長柚 御門台、草薙、県立美術館前、県総合運動場、古庄、長沼、柚木
0%
御足駿谷山東松 御殿場、足柄、駿河小山、谷峨、山北、東山北、松田
0%
御袋愛掛菊金島 御厨、袋井、愛野、掛川、菊川、金谷、島田
0%
御沢軍二石日宮 御嶽、沢井、軍畑、二俣尾、石神前、日向和田、宮ノ平
0%
御淡大東銀霞国 御茶ノ水、淡路町、大手町、東京、銀座、霞ケ関、国会議事堂前
0%
御内日大神水春 御成門、内幸町、日比谷、大手町、神保町、水道橋、春日
0%
御南富岩裾長下 御殿場、南御殿場、富士岡、岩波、裾野、長泉なめり、下土狩
0%
御平小滋田大信 御代田、平原、小諸、滋野、田中、大屋、信濃国分寺
0%
護東池要千小氷 護国寺、東池袋、池袋、要町、千川、小竹向原、氷川台
0%
鯉鹿森北東鶴富 鯉川、鹿渡、森岳、北金岡、東能代、鶴形、富根
0%
鯉八井羽大追上 鯉川、八郎潟、井川さくら、羽後飯塚、大久保、追分、上飯島
0%
光馬上上上上高 光風台、馬立、上総牛久、上総川間、上総鶴舞、上総久保、高滝
0%
光美茶奈豊砂滝 光珠内、美唄、茶志内、奈井江、豊沼、砂川、滝川
0%
光峰岩上幌豊江 光珠内、峰延、岩見沢、上幌向、幌向、豊幌、江別
0%
光練豊練新落中 光が丘、練馬春日町、豊島園、練馬、新江古田、落合南長崎、中井
0%
公井中女公地ユ 公園、井野、中学校、女子大、公園、地区センター、ユーカリが丘
0%
公宗京大京京ユ 公津の杜、宗吾参道、京成酒々井、大佐倉、京成佐倉、京成臼井、ユーカリが丘
0%
公女中井公地ユ 公園、女子大、中学校、井野、公園、地区センター、ユーカリが丘
0%
勾広仙五愛河長 勾当台公園、広瀬通、仙台、五橋、愛宕橋、河原町、長町一丁目
0%
勾北北台旭黒八 勾当台公園、北四番丁、北仙台、台原、旭ヶ丘、黒松、八乙女
0%
厚浦新豊十池利 厚内、浦幌、新吉野、豊頃、十弗、池田、利別
0%
厚音白西庶大新 厚内、音別、白糠、西庶路、庶路、大楽毛、新大楽毛
0%
厚海座相小相町 厚木、海老名、座間、相武台前、小田急相模原、相模大野、町田
0%
厚海入相下原番 厚木、海老名、入谷、相武台下、下溝、原当麻、番田
0%
厚姉浜茶厚門尾 厚床、姉別、浜中、茶内、厚岸、門静、尾幌
0%
厚社門倉宮寒香 厚木、社家、門沢橋、倉見、宮山、寒川、香川
0%
厚森大野高江豊 厚別、森林公園、大麻、野幌、高砂、江別、豊幌
0%
厚白苗札桑琴発 厚別、白石、苗穂、札幌、桑園、琴似、発寒中央
0%
厚本愛伊鶴東秦 厚木、本厚木、愛甲石田、伊勢原、鶴巻温泉、東海大学前、秦野
0%
向下陸八北苫剣 向山、下田、陸奥市川、八戸、北高岩、苫米地、剣吉
0%
向高上保大二新 向瀬上、高子、上保原、保原、大泉、二井田、新田
0%
向三小上乙千野 向山、三沢、小川原、上北町、乙供、千曳、野辺地
0%
向城相佐中下早 向市場、城西、相月、佐久間、中部天竜、下川合、早瀬
0%
向水大小中伊鶯 向市場、水窪、大嵐、小和田、中井侍、伊那小沢、鶯巣
0%
向生読百新柿鶴 向ヶ丘遊園、生田、読売ランド前、百合ヶ丘、新百合ヶ丘、柿生、鶴川
0%
向大巣庚新西滝 向原、大塚駅前、巣鴨新田、庚申塚、新庚申塚、西ヶ原四丁目、滝野川一丁目
0%
向登和狛喜成祖 向ヶ丘遊園、登戸、和泉多摩川、狛江、喜多見、成城学園前、祖師ヶ谷大蔵
0%
向東都鬼学面早 向原、東池袋四丁目、都電雑司ヶ谷、鬼子母神前、学習院下、面影橋、早稲田
0%
向北鳥沢東八滝 向能代、北能代、鳥形、沢目、東八森、八森、滝ノ間
0%
好岩い御奥小小 好摩、岩手川口、いわて沼宮内、御堂、奥中山高原、小繋、小鳥谷
0%
好東大平北松安 好摩、東大更、大更、平館、北森、松尾八幡平、安比高原
0%
工金中高那殿平 工機前、金上、中根、高田の鉄橋、那珂湊、殿山、平磯
0%
幸産福市八海海 幸浦、産業振興センター、福浦、市大医学部、八景島、海の公園柴口、海の公園南口
0%
幸南栗新柳板藤 幸手、南栗橋、栗橋、新古河、柳生、板倉東洋大前、藤岡
0%
広勾北北台旭黒 広瀬通、勾当台公園、北四番丁、北仙台、台原、旭ヶ丘、黒松
0%
広深横艫ウ陸陸 広戸、深浦、横磯、艫作、ウェスパ椿山、陸奥沢辺、陸奥岩崎
0%
広仙五愛河長長 広瀬通、仙台、五橋、愛宕橋、河原町、長町一丁目、長町
0%
広村平南松田明 広丘、村井、平田、南松本、松本、田沢、明科
0%
広追驫風大千北 広戸、追良瀬、驫木、風合瀬、大戸瀬、千畳敷、北金ケ沢
0%
庚新西滝飛王栄 庚申塚、新庚申塚、西ヶ原四丁目、滝野川一丁目、飛鳥山、王子駅前、栄町
0%
庚巣大向東都鬼 庚申塚、巣鴨新田、大塚駅前、向原、東池袋四丁目、都電雑司ヶ谷、鬼子母神前
0%
弘井南黄日戸横 弘明寺、井土ヶ谷、南太田、黄金町、日ノ出町、戸部、横浜
0%
弘運新館平柏津 弘前東高前、運動公園前、新里、館田、平賀、柏農高校前、津軽尾上
0%
弘弘運新館平柏 弘前、弘前東高前、運動公園前、新里、館田、平賀、柏農高校前
0%
弘弘聖千小松津 弘高下、弘前学院大前、聖愛中高前、千年、小栗山、松木平、津軽大沢
0%
弘蒔吉阪伊関桜 弘明寺、蒔田、吉野町、阪東橋、伊勢佐木長者町、関内、桜木町
0%
弘上港上下舞戸 弘明寺、上大岡、港南中央、上永谷、下永谷、舞岡、戸塚
0%
弘上屏杉京能金 弘明寺、上大岡、屏風浦、杉田、京急富岡、能見台、金沢文庫
0%
弘聖千小松津義 弘前学院大前、聖愛中高前、千年、小栗山、松木平、津軽大沢、義塾高校前
0%
弘石大長碇津陣 弘前、石川、大鰐温泉、長峰、碇ケ関、津軽湯の沢、陣場
0%
弘撫川北浪大鶴 弘前、撫牛子、川部、北常盤、浪岡、大釈迦、鶴ケ坂
0%
江あた鷺宮宮梶 江田、あざみ野、たまプラーザ、鷺沼、宮前平、宮崎台、梶が谷
0%
江運梅野愛清七 江戸川台、運河、梅郷、野田市、愛宕、清水公園、七光台
0%
江京京青お堀京 江戸川、京成小岩、京成高砂、青砥、お花茶屋、堀切菖蒲園、京成関屋
0%
江護東池要千小 江戸川橋、護国寺、東池袋、池袋、要町、千川、小竹向原
0%
江高扇足熊赤西 江北、高野、扇大橋、足立小台、熊野前、赤土小学校前、西日暮里
0%
江高野大森厚白 江別、高砂、野幌、大麻、森林公園、厚別、白石
0%
江国市菅京鬼京 江戸川、国府台、市川真間、菅野、京成八幡、鬼越、京成中山
0%
江腰鎌七稲極長 江ノ島、腰越、鎌倉高校前、七里ヶ浜、稲村ヶ崎、極楽寺、長谷
0%
江桜練中富練石 江古田、桜台、練馬、中村橋、富士見台、練馬高野台、石神井公園
0%
江心赤上片三城 江木、心臓血管センター、赤坂、上泉、片貝、三俣、城東
0%
江西安お国壬野 江曽島、西川田、安塚、おもちゃのまち、国谷、壬生、野州大塚
0%
江大樋北新粕膳 江木、大胡、樋越、北原、新屋、粕川、膳
0%
江藤立横岩和ゆ 江釣子、藤根、立川目、横川目、岩沢、和賀仙人、ゆだ錦秋湖
0%
江飯市麹永桜有 江戸川橋、飯田橋、市ケ谷、麹町、永田町、桜田門、有楽町
0%
江豊幌上岩峰光 江別、豊幌、幌向、上幌向、岩見沢、峰延、光珠内
0%
江和南千千九館 江見、和田浦、南三原、千歳、千倉、九重、館山
0%
港上下舞戸踊中 港南中央、上永谷、下永谷、舞岡、戸塚、踊場、中田
0%
港上弘蒔吉阪伊 港南中央、上大岡、弘明寺、蒔田、吉野町、阪東橋、伊勢佐木長者町
0%
溝高二二上等尾 溝の口、高津、二子新地、二子玉川、上野毛、等々力、尾山台
0%
溝高二二用桜駒 溝の口、高津、二子新地、二子玉川、用賀、桜新町、駒沢大学
0%
甲芦市市鰍落甲 甲斐上野、芦川、市川本町、市川大門、鰍沢口、落居、甲斐岩間
0%
甲久市甲下波塩 甲斐岩間、久那土、市ノ瀬、甲斐常葉、下部温泉、波高島、塩之沢
0%
甲甲清野信佐佐 甲斐小泉、甲斐大泉、清里、野辺山、信濃川上、佐久広瀬、佐久海ノ口
0%
甲国常小東甲芦 甲斐住吉、国母、常永、小井川、東花輪、甲斐上野、芦川
0%
甲笹初大猿鳥梁 甲斐大和、笹子、初狩、大月、猿橋、鳥沢、梁川
0%
甲市久甲落鰍市 甲斐常葉、市ノ瀬、久那土、甲斐岩間、落居、鰍沢口、市川大門
0%
甲柴立立高立泉 甲州街道、柴崎体育館、立川南、立川北、高松、立飛、泉体育館
0%
甲酒石春山東塩 甲府、酒折、石和温泉、春日居町、山梨市、東山梨、塩山
0%
甲勝塩東山春石 甲斐大和、勝沼ぶどう郷、塩山、東山梨、山梨市、春日居町、石和温泉
0%
甲身塩波下甲市 甲斐大島、身延、塩之沢、波高島、下部温泉、甲斐常葉、市ノ瀬
0%
甲東小常国甲南 甲斐上野、東花輪、小井川、常永、国母、甲斐住吉、南甲府
0%
甲内寄井十稲芝 甲斐大島、内船、寄畑、井出、十島、稲子、芝川
0%
甲万高程多中大 甲州街道、万願寺、高幡不動、程久保、多摩動物公園、中央大学・明星大学、大塚・帝京大学
0%
甲落鰍市市芦甲 甲斐岩間、落居、鰍沢口、市川大門、市川本町、芦川、甲斐上野
0%
甲竜塩韮新穴日 甲府、竜王、塩崎、韮崎、新府、穴山、日野春
0%
糠早下大白陣津 糠沢、早口、下川沿、大館、白沢、陣場、津軽湯の沢
0%
糠幌下豊兜勇南 糠南、幌延、下沼、豊富、兜沼、勇知、南稚内
0%
糠問天佐筬音咲 糠南、問寒別、天塩中川、佐久、筬島、音威子府、咲来
0%
綱大菊妙白東反 綱島、大倉山、菊名、妙蓮寺、白楽、東白楽、反町
0%
綱日元武新多田 綱島、日吉、元住吉、武蔵小杉、新丸子、多摩川、田園調布
0%
航所東久小花田 航空公園、所沢、東村山、久米川、小平、花小金井、田無
0%
航新入狭新南本 航空公園、新所沢、入曽、狭山市、新狭山、南大塚、本川越
0%
荒阿小前阿桂米 荒瀬、阿仁合、小渕、前田南、阿仁前田温泉、桂瀬、米内沢
0%
荒横田兄湯八陸 荒屋新町、横間、田山、兄畑、湯瀬温泉、八幡平、陸中大里
0%
荒梶栄王飛滝西 荒川車庫前、梶原、栄町、王子駅前、飛鳥山、滝野川一丁目、西ヶ原四丁目
0%
荒萱笑岩比奥阿 荒瀬、萱草、笑内、岩野目、比立内、奥阿仁、阿仁マタギ
0%
荒刈西礼石小出 荒浜、刈羽、西山、礼拝、石地、小木ノ城、出雲崎
0%
荒荒梶栄王飛滝 荒川遊園地前、荒川車庫前、梶原、栄町、王子駅前、飛鳥山、滝野川一丁目
0%
荒荒荒町町東熊 荒川区役所前、荒川二丁目、荒川七丁目、町屋駅前、町屋二丁目、東尾久三丁目、熊野前
0%
荒荒小宮熊東町 荒川車庫前、荒川遊園地前、小台、宮ノ前、熊野前、東尾久三丁目、町屋二丁目
0%
荒四鮎蚕白羽あ 荒砥、四季の郷、鮎貝、蚕桑、白兎、羽前成田、あやめ公園
0%
荒小宮熊東町町 荒川遊園地前、小台、宮ノ前、熊野前、東尾久三丁目、町屋二丁目、町屋駅前
0%
荒小赤安松北平 荒屋新町、小屋の畑、赤坂田、安比高原、松尾八幡平、北森、平館
0%
荒町町東熊宮小 荒川七丁目、町屋駅前、町屋二丁目、東尾久三丁目、熊野前、宮ノ前、小台
0%
荒長鹿鹿大北新 荒野台、長者ヶ浜潮騒はまなす公園前、鹿島大野、鹿島灘、大洋、北浦湖畔、新鉾田
0%
荒土神高石羽岩 荒川沖、土浦、神立、高浜、石岡、羽鳥、岩間
0%
荒鱒柏宮岩晴土 荒谷前、鱒沢、柏木平、宮守、岩根橋、晴山、土沢
0%
荒六卸薬連宮仙 荒井、六丁の目、卸町、薬師堂、連坊、宮城野通、仙台
0%
行熊籠深岡本神 行田、熊谷、籠原、深谷、岡部、本庄、神保原
0%
行持ソ熊上石ひ 行田市、持田、ソシオ流通センター、熊谷、上熊谷、石原、ひろせ野鳥の森
0%
行上鵜勝御浪大 行川アイランド、上総興津、鵜原、勝浦、御宿、浪花、大原
0%
香寒宮倉門社厚 香川、寒川、宮山、倉見、門沢橋、社家、厚木
0%
香佐大下滑久成 香取、佐原、大戸、下総神崎、滑河、久住、成田
0%
高阿荻西吉三武 高円寺、阿佐ケ谷、荻窪、西荻窪、吉祥寺、三鷹、武蔵境
0%
高伊上伊山下市 高遠原、伊那田島、上片桐、伊那大島、山吹、下平、市田
0%
高井新群八渋敷 高崎問屋町、井野、新前橋、群馬総社、八木原、渋川、敷島
0%
高塩国陸岩東仙 高城町、塩釜、国府多賀城、陸前山王、岩切、東仙台、仙台
0%
高横三三片岸新 高島町、横浜、三ツ沢下町、三ツ沢上町、片倉町、岸根公園、新横浜
0%
高下中新沼野都 高田馬場、下落合、中井、新井薬師前、沼袋、野方、都立家政
0%
高逆増新柏豊流 高柳、逆井、増尾、新柏、柏、豊四季、流山おおたかの森
0%
高江西谷舎舎見 高野、江北、西新井大師西、谷在家、舎人公園、舎人、見沼代親水公園
0%
高溝梶宮宮鷺た 高津、溝の口、梶が谷、宮崎台、宮前平、鷺沼、たまプラーザ
0%
高高井新群八渋 高崎、高崎問屋町、井野、新前橋、群馬総社、八木原、渋川
0%
高高井新前前駒 高崎、高崎問屋町、井野、新前橋、前橋、前橋大島、駒形
0%
高高狭め山京北 高尾山口、高尾、狭間、めじろ台、山田、京王片倉、北野
0%
高高滝三二鎌初 高根木戸、高根公団、滝不動、三咲、二和向台、鎌ヶ谷大仏、初富
0%
高高北習薬前新 高根公団、高根木戸、北習志野、習志野、薬園台、前原、新津田沼
0%
高黒豊白新白久 高久、黒田原、豊原、白坂、新白河、白河、久田野
0%
高桜関伊阪吉蒔 高島町、桜木町、関内、伊勢佐木長者町、阪東橋、吉野町、蒔田
0%
高桜大鶴南中東 高座渋谷、桜ヶ丘、大和、鶴間、南林間、中央林間、東林間
0%
高山西馬吉西上 高崎商科大学前、山名、西山名、馬庭、吉井、西吉井、上州新屋
0%
高七伊飯田伊小 高遠原、七久保、伊那本郷、飯島、田切、伊那福岡、小町屋
0%
高漆南羽北山蔵 高擶、漆山、南出羽、羽前千歳、北山形、山形、蔵王
0%
高手陸陸東野陸 高城町、手樽、陸前富山、陸前大塚、東名、野蒜、陸前小野
0%
高十小日常大東 高萩、十王、小木津、日立、常陸多賀、大甕、東海
0%
高松陸東本西下 高城町、松島海岸、陸前浜田、東塩釜、本塩釜、西塩釜、下馬
0%
高上越浦長燕新 高崎、上毛高原、越後湯沢、浦佐、長岡、燕三条、新潟
0%
高上上上上馬光 高滝、上総久保、上総鶴舞、上総川間、上総牛久、馬立、光風台
0%
高石羽岩友内赤 高浜、石岡、羽鳥、岩間、友部、内原、赤塚
0%
高赤中羽か茂蔵 高畠、赤湯、中川、羽前中山、かみのやま温泉、茂吉記念館前、蔵王
0%
高扇足熊赤西日 高野、扇大橋、足立小台、熊野前、赤土小学校前、西日暮里、日暮里
0%
高泉三大新東宝 高輪台、泉岳寺、三田、大門、新橋、東銀座、宝町
0%
高倉北群丹児松 高崎、倉賀野、北藤岡、群馬藤岡、丹荘、児玉、松久
0%
高早神飯九竹大 高田馬場、早稲田、神楽坂、飯田橋、九段下、竹橋、大手町
0%
高相藤上四梁鳥 高尾、相模湖、藤野、上野原、四方津、梁川、鳥沢
0%
高滝三二鎌初新 高根公団、滝不動、三咲、二和向台、鎌ヶ谷大仏、初富、新鎌ヶ谷
0%
高置米関大峠板 高畠、置賜、米沢、関根、大沢、峠、板谷
0%
高中新四御神東 高円寺、中野、新宿、四ツ谷、御茶ノ水、神田、東京
0%
高中東大新代千 高円寺、中野、東中野、大久保、新宿、代々木、千駄ケ谷
0%
高天天乱神さ東 高擶、天童南、天童、乱川、神町、さくらんぼ東根、東根
0%
高田浜新有東神 高輪ゲートウェイ、田町、浜松町、新橋、有楽町、東京、神田
0%
高東森つ武小東 高坂、東松山、森林公園、つきのわ、武蔵嵐山、小川町、東武竹沢
0%
高東飯元仏入稲 高麗、東飯能、飯能、元加治、仏子、入間市、稲荷山公園
0%
高東北セセ都川 高田、東山田、北山田、センター北、センター南、都筑ふれあいの丘、川和町
0%
高南磯大勿植泉 高萩、南中郷、磯原、大津港、勿来、植田、泉
0%
高南佐根高山西 高崎、南高崎、佐野のわたし、根小屋、高崎商科大学前、山名、西山名
0%
高南上北新二関 高田、南高田、上越妙高、北新井、新井、二本木、関山
0%
高二二上等尾九 高津、二子新地、二子玉川、上野毛、等々力、尾山台、九品仏
0%
高二二用桜駒三 高津、二子新地、二子玉川、用賀、桜新町、駒沢大学、三軒茶屋
0%
高馬小松海佐佐 高岩、馬流、小海、松原湖、海尻、佐久海ノ口、佐久広瀬
0%
高八海羽青臼龍 高岩、八千穂、海瀬、羽黒下、青沼、臼田、龍岡城
0%
高百聖中分府東 高幡不動、百草園、聖蹟桜ヶ丘、中河原、分倍河原、府中、東府中
0%
高品大大蒲川鶴 高輪ゲートウェイ、品川、大井町、大森、蒲田、川崎、鶴見
0%
高浜西永明東新 高井戸、浜田山、西永福、永福町、明大前、東松原、新代田
0%
高舞弁新鷲新二 高塚、舞阪、弁天島、新居町、鷲津、新所原、二川
0%
高北群安磯松西 高崎、北高崎、群馬八幡、安中、磯部、松井田、西松井田
0%
高万甲柴立立高 高幡不動、万願寺、甲州街道、柴崎体育館、立川南、立川北、高松
0%
高目池大巣駒田 高田馬場、目白、池袋、大塚、巣鴨、駒込、田端
0%
高野陸矢陸石蛇 高城町、野蒜、陸前小野、矢本、陸前赤井、石巻あゆみ野、蛇田
0%
高里飯月上養上 高滝、里見、飯給、月崎、上総大久保、養老渓谷、上総中野
0%
高立泉砂玉桜上 高松、立飛、泉体育館、砂川七番、玉川上水、桜街道、上北台
0%
高立立柴甲万高 高松、立川北、立川南、柴崎体育館、甲州街道、万願寺、高幡不動
0%
高六新鎌馬塚新 高柳、六実、新鎌ヶ谷、鎌ヶ谷、馬込沢、塚田、新船橋
0%
鴻北桶北上宮大 鴻巣、北本、桶川、北上尾、上尾、宮原、大宮
0%
鴻北吹行熊籠深 鴻巣、北鴻巣、吹上、行田、熊谷、籠原、深谷
0%
剛境世木細太韮 剛志、境町、世良田、木崎、細谷、太田、韮川
0%
合家東楡樅新北 合戦場、家中、東武金崎、楡木、樅山、新鹿沼、北鹿沼
0%
合上米桂阿前小 合川、上杉、米内沢、桂瀬、阿仁前田温泉、前田南、小渕
0%
合門神福大家抜 合格、門出、神尾、福用、大和田、家山、抜里
0%
豪経千祖成喜狛 豪徳寺、経堂、千歳船橋、祖師ヶ谷大蔵、成城学園前、喜多見、狛江
0%
豪梅世下東代代 豪徳寺、梅ヶ丘、世田谷代田、下北沢、東北沢、代々木上原、代々木八幡
0%
麹永桜有銀新月 麹町、永田町、桜田門、有楽町、銀座一丁目、新富町、月島
0%
麹市飯江護東池 麹町、市ケ谷、飯田橋、江戸川橋、護国寺、東池袋、池袋
0%
国お安西江南東 国谷、おもちゃのまち、安塚、西川田、江曽島、南宇都宮、東武宇都宮
0%
国伊駒前前新井 国定、伊勢崎、駒形、前橋大島、前橋、新前橋、井野
0%
国一青萩八武多 国分寺、一橋学園、青梅街道、萩山、八坂、武蔵大和、多摩湖
0%
国塩高野陸矢陸 国府多賀城、塩釜、高城町、野蒜、陸前小野、矢本、陸前赤井
0%
国塩松愛品鹿松 国府多賀城、塩釜、松島、愛宕、品井沼、鹿島台、松山町
0%
国霞銀東大淡御 国会議事堂前、霞ケ関、銀座、東京、大手町、淡路町、御茶ノ水
0%
国霞日二大新湯 国会議事堂前、霞ケ関、日比谷、二重橋前、大手町、新御茶ノ水、湯島
0%
国葛陸愛陸熊作 国見、葛岡、陸前落合、愛子、陸前白沢、熊ケ根、作並
0%
国鴨小早根真湯 国府津、鴨宮、小田原、早川、根府川、真鶴、湯河原
0%
国岩桐小山足あ 国定、岩宿、桐生、小俣、山前、足利、あしかがフラワーパーク
0%
国江京京青お堀 国府台、江戸川、京成小岩、京成高砂、青砥、お花茶屋、堀切菖蒲園
0%
国黒山八山野落 国縫、黒岩、山崎、八雲、山越、野田生、落部
0%
国上城大小東久 国吉、上総中川、城見ヶ丘、大多喜、小谷松、東総元、久我原
0%
国常小東甲芦市 国母、常永、小井川、東花輪、甲斐上野、芦川、市川本町
0%
国西国立日豊八 国分寺、西国分寺、国立、立川、日野、豊田、八王子
0%
国青六麻赤大汐 国立競技場、青山一丁目、六本木、麻布十番、赤羽橋、大門、汐留
0%
国赤四四新新新 国会議事堂前、赤坂見附、四ツ谷、四谷三丁目、新宿御苑前、新宿三丁目、新宿
0%
国赤乃表明代代 国会議事堂前、赤坂、乃木坂、表参道、明治神宮前、代々木公園、代々木上原
0%
国代新都西中東 国立競技場、代々木、新宿、都庁前、西新宿五丁目、中野坂上、東中野
0%
国大青仙宮連薬 国際センター、大町西公園、青葉通一番町、仙台、宮城野通、連坊、薬師堂
0%
国鶴弁浅安武浜 国道、鶴見小野、弁天橋、浅野、安善、武蔵白石、浜川崎
0%
国二大平茅辻藤 国府津、二宮、大磯、平塚、茅ケ崎、辻堂、藤沢
0%
国布調西飛武多 国領、布田、調布、西調布、飛田給、武蔵野台、多磨霊園
0%
国武東武三吉西 国分寺、武蔵小金井、東小金井、武蔵境、三鷹、吉祥寺、西荻窪
0%
鵠本藤藤善六湘 鵠沼海岸、本鵠沼、藤沢、藤沢本町、善行、六会日大前、湘南台
0%
黒ゆほゆ和岩横 黒沢、ゆだ高原、ほっとゆだ、ゆだ錦秋湖、和賀仙人、岩沢、横川目
0%
黒旭台北北勾広 黒松、旭ヶ丘、台原、北仙台、北四番丁、勾当台公園、広瀬通
0%
黒境田田尾津柏 黒石、境松、田舎館、田んぼアート、尾上高校前、津軽尾上、柏農高校前
0%
黒曲前久西吉川 黒沢、曲沢、前郷、久保田、西滝沢、吉沢、川辺
0%
黒古牟豊三北長 黒姫、古間、牟礼、豊野、三才、北長野、長野
0%
黒高黒豊白新白 黒磯、高久、黒田原、豊原、白坂、新白河、白河
0%
黒犀土潟上柿米 黒井、犀潟、土底浜、潟町、上下浜、柿崎、米山
0%
黒山八山野落石 黒岩、山崎、八雲、山越、野田生、落部、石倉
0%
黒糸上飯長上佐 黒部宇奈月温泉、糸魚川、上越妙高、飯山、長野、上田、佐久平
0%
黒騰大下宗玉石 黒子、騰波ノ江、大宝、下妻、宗道、玉村、石下
0%
黒那西野矢片蒲 黒磯、那須塩原、西那須野、野崎、矢板、片岡、蒲須坂
0%
黒豊早新大東新 黒山、豊栄、早通、新崎、大形、東新潟、新潟
0%
腰鎌七稲極長由 腰越、鎌倉高校前、七里ヶ浜、稲村ヶ崎、極楽寺、長谷、由比ヶ浜
0%
腰江湘鵠柳石藤 腰越、江ノ島、湘南海岸公園、鵠沼、柳小路、石上、藤沢
0%
狛和登向生読百 狛江、和泉多摩川、登戸、向ヶ丘遊園、生田、読売ランド前、百合ヶ丘
0%
今伊片伊伊伊伊 今井浜海岸、伊豆稲取、片瀬白田、伊豆熱川、伊豆北川、伊豆大川、伊豆高原
0%
今吉原沼丸志伊 今羽、吉野原、原市、沼南、丸山、志久、伊奈中央
0%
今桑越間村岩平 今川、桑川、越後早川、間島、村上、岩船町、平林
0%
今犬羽中成西南 今泉、犬川、羽前小松、中郡、成島、西米沢、南米沢
0%
今時南長あ羽白 今泉、時庭、南長井、長井、あやめ公園、羽前成田、白兎
0%
今萩羽手羽伊羽 今泉、萩生、羽前椿、手ノ子、羽前沼沢、伊佐領、羽前松岡
0%
昆ニ比倶小銀然 昆布、ニセコ、比羅夫、倶知安、小沢、銀山、然別
0%
昆落別厚姉浜茶 昆布盛、落石、別当賀、厚床、姉別、浜中、茶内
0%
昆蘭目熱黒二長 昆布、蘭越、目名、熱郛、黒松内、二股、長万部
0%
根磯新洋港本大 根岸、磯子、新杉田、洋光台、港南台、本郷台、大船
0%
根高山西馬吉西 根小屋、高崎商科大学前、山名、西山名、馬庭、吉井、西吉井
0%
根小平北中南千 根知、小滝、平岩、北小谷、中土、南小谷、千国
0%
根新若会塔会会 根岸、新鶴、若宮、会津坂下、塔寺、会津坂本、会津柳津
0%
根西昆落別厚姉 根室、西和田、昆布盛、落石、別当賀、厚床、姉別
0%
根千西町北綾北 根津、千駄木、西日暮里、町屋、北千住、綾瀬、北綾瀬
0%
根湯新大二日霞 根津、湯島、新御茶ノ水、大手町、二重橋前、日比谷、霞ケ関
0%
佐一山宮磯八津 佐羽根、一の渡、山口団地、宮古、磯鶏、八木沢・宮古短大、津軽石
0%
佐海松小馬高八 佐久海ノ口、海尻、松原湖、小海、馬流、高岩、八千穂
0%
佐岩北滑中太龍 佐久平、岩村田、北中込、滑津、中込、太田部、龍岡城
0%
佐香十潮延鹿鹿 佐原、香取、十二橋、潮来、延方、鹿島神宮、鹿島サッカースタジアム
0%
佐黒豊早新大東 佐々木、黒山、豊栄、早通、新崎、大形、東新潟
0%
佐根高山西馬吉 佐野のわたし、根小屋、高崎商科大学前、山名、西山名、馬庭、吉井
0%
佐佐海松小馬高 佐久広瀬、佐久海ノ口、海尻、松原湖、小海、馬流、高岩
0%
佐佐信野清甲甲 佐久海ノ口、佐久広瀬、信濃川上、野辺山、清里、甲斐大泉、甲斐小泉
0%
佐佐堀吉田多葛 佐野市、佐野、堀米、吉水、田沼、多田、葛生
0%
佐四千東品渋新 佐倉、四街道、千葉、東京、品川、渋谷、新宿
0%
佐勝水偕赤内友 佐和、勝田、水戸、偕楽園、赤塚、内原、友部
0%
佐上竹浜保安岩 佐貫町、上総湊、竹岡、浜金谷、保田、安房勝山、岩井
0%
佐上長飯上糸黒 佐久平、上田、長野、飯山、上越妙高、糸魚川、黒部宇奈月温泉
0%
佐信野清甲甲小 佐久広瀬、信濃川上、野辺山、清里、甲斐大泉、甲斐小泉、小淵沢
0%
佐相城向水大小 佐久間、相月、城西、向市場、水窪、大嵐、小和田
0%
佐大青君木巌袖 佐貫町、大貫、青堀、君津、木更津、巌根、袖ケ浦
0%
佐中下早浦上出 佐久間、中部天竜、下川合、早瀬、浦川、上市場、出馬
0%
佐中美三乙東小 佐久平、中佐都、美里、三岡、乙女、東小諸、小諸
0%
佐天問糠幌下豊 佐久、天塩中川、問寒別、糠南、幌延、下沼、豊富
0%
佐田新摂岩島田 佐羽根、田老、新田老、摂待、岩泉小本、島越、田野畑
0%
佐東大常日小十 佐和、東海、大甕、常陸多賀、日立、小木津、十王
0%
佐南榎八日成松 佐倉、南酒々井、榎戸、八街、日向、成東、松尾
0%
佐富あ足山小桐 佐野、富田、あしかがフラワーパーク、足利、山前、小俣、桐生
0%
佐物四都東千稲 佐倉、物井、四街道、都賀、東千葉、千葉、稲毛
0%
左羽松羽八西羽 左通、羽後中里、松葉、羽後長戸呂、八津、西明寺、羽後太田
0%
左後中蓬郷瀬蟹 左堰、後潟、中沢、蓬田、郷沢、瀬辺地、蟹田
0%
左上戸阿奥比岩 左通、上桧木内、戸沢、阿仁マタギ、奥阿仁、比立内、岩野目
0%
砂泉立高立立柴 砂川七番、泉体育館、立飛、高松、立川北、立川南、柴崎体育館
0%
砂滝江妹深納近 砂川、滝川、江部乙、妹背牛、深川、納内、近文
0%
砂東酒本南遊吹 砂越、東酒田、酒田、本楯、南鳥海、遊佐、吹浦
0%
砂豊奈茶美光峰 砂川、豊沼、奈井江、茶志内、美唄、光珠内、峰延
0%
座海厚本愛伊鶴 座間、海老名、厚木、本厚木、愛甲石田、伊勢原、鶴巻温泉
0%
座相小相町玉鶴 座間、相武台前、小田急相模原、相模大野、町田、玉川学園前、鶴川
0%
最大鵜瀬東長南 最上、大堀、鵜杉、瀬見温泉、東長沢、長沢、南新庄
0%
最立赤堺中鳴鳴 最上、立小路、赤倉温泉、堺田、中山平温泉、鳴子温泉、鳴子御殿湯
0%
犀く大う虫ほま 犀潟、くびき、大池いこいの森、うらがわら、虫川大杉、ほくほく大島、まつだい
0%
細安有穂柏豊南 細野、安曇追分、有明、穂高、柏矢町、豊科、南豊科
0%
細原原戸遠森円 細谷、原谷、原田、戸綿、遠州森、森町病院前、円田
0%
細太韮野足東福 細谷、太田、韮川、野州山辺、足利市、東武和泉、福居
0%
細塘茅標磯摩美 細岡、塘路、茅沼、標茶、磯分内、摩周、美留和
0%
細北信安信南信 細野、北細野、信濃松川、安曇沓掛、信濃常盤、南大町、信濃大町
0%
細木世境剛新伊 細谷、木崎、世良田、境町、剛志、新伊勢崎、伊勢崎
0%
坂テ西上信大田 坂城、テクノさかき、西上田、上田、信濃国分寺、大屋、田中
0%
坂一西川武東武 坂戸、一本松、西大家、川角、武州長瀬、東毛呂、武州唐沢
0%
坂越越越越小羽 坂町、越後大島、越後下関、越後片貝、越後金丸、小国、羽前松岡
0%
坂山浜亘逢岩館 坂元、山下、浜吉田、亘理、逢隈、岩沼、館腰
0%
坂若鶴霞川川新 坂戸、若葉、鶴ヶ島、霞ヶ関、川越市、川越、新河岸
0%
坂新駒相日鹿原 坂元、新地、駒ケ嶺、相馬、日立木、鹿島、原ノ町
0%
坂西明田松南平 坂北、西条、明科、田沢、松本、南松本、平田
0%
坂田南十野大須 坂下、田立、南木曽、十二兼、野尻、大桑、須原
0%
坂平岩村間越桑 坂町、平林、岩船町、村上、間島、越後早川、桑川
0%
坂平中金加新中 坂町、平木田、中条、金塚、加治、新発田、中浦
0%
阪吉蒔弘上港上 阪東橋、吉野町、蒔田、弘明寺、上大岡、港南中央、上永谷
0%
咲音筬佐天問糠 咲来、音威子府、筬島、佐久、天塩中川、問寒別、糠南
0%
咲天美智智日名 咲来、天塩川温泉、美深、智北、智恵文、日進、名寄
0%
咲東五三津鹿日 咲花、東下条、五十島、三川、津川、鹿瀬、日出谷
0%
咲馬猿五北新東 咲花、馬下、猿和田、五泉、北五泉、新関、東新津
0%
崎黄稀北伊長有 崎守、黄金、稀府、北舟岡、伊達紋別、長和、有珠
0%
崎青駿田下塩地 崎平、青部、駿河徳山、田野口、下泉、塩郷、地名
0%
崎本東鷲幌富登 崎守、本輪西、東室蘭、鷲別、幌別、富浦、登別
0%
鷺たあ江市藤青 鷺沼、たまプラーザ、あざみ野、江田、市が尾、藤が丘、青葉台
0%
鷺下井上上武東 鷺ノ宮、下井草、井荻、上井草、上石神井、武蔵関、東伏見
0%
鷺宮宮梶溝高二 鷺沼、宮前平、宮崎台、梶が谷、溝の口、高津、二子新地
0%
鷺都野沼新中下 鷺ノ宮、都立家政、野方、沼袋、新井薬師前、中井、下落合
0%
作奥面山高楯羽 作並、奥新川、面白山高原、山寺、高瀬、楯山、羽前千歳
0%
作熊陸愛陸葛国 作並、熊ケ根、陸前白沢、愛子、陸前落合、葛岡、国見
0%
作天穴ス動み都 作草部、天台、穴川、スポーツセンター、動物公園、みつわ台、都賀
0%
桜い細原原戸遠 桜木、いこいの広場、細谷、原谷、原田、戸綿、遠州森
0%
桜伊元下市下山 桜町、伊那上郷、元善光寺、下市田、市田、下平、山吹
0%
桜永麹市飯江護 桜田門、永田町、麹町、市ケ谷、飯田橋、江戸川橋、護国寺
0%
桜延信中信夜上 桜沢、延徳、信州中野、中野松川、信濃竹原、夜間瀬、上条
0%
桜下明代笹幡初 桜上水、下高井戸、明大前、代田橋、笹塚、幡ヶ谷、初台
0%
桜関伊阪吉蒔弘 桜木町、関内、伊勢佐木長者町、阪東橋、吉野町、蒔田、弘明寺
0%
桜関石山根磯新 桜木町、関内、石川町、山手、根岸、磯子、新杉田
0%
桜玉砂泉立高立 桜街道、玉川上水、砂川七番、泉体育館、立飛、高松、立川北
0%
桜狐御草県県古 桜橋、狐ヶ崎、御門台、草薙、県立美術館前、県総合運動場、古庄
0%
桜高横三三片岸 桜木町、高島町、横浜、三ツ沢下町、三ツ沢上町、片倉町、岸根公園
0%
桜笹上泉岩美曽 桜水、笹谷、上松川、泉、岩代清水、美術館図書館前、曽根田
0%
桜小ふ永武明大 桜沢、小前田、ふかや花園、永田、武川、明戸、大麻生
0%
桜上八芦千仙つ 桜上水、上北沢、八幡山、芦花公園、千歳烏山、仙川、つつじヶ丘
0%
桜大鶴南中東相 桜ヶ丘、大和、鶴間、南林間、中央林間、東林間、相模大野
0%
桜都み動ス穴天 桜木、都賀、みつわ台、動物公園、スポーツセンター、穴川、天台
0%
桜当伊愛中安上 桜岡、当麻、伊香牛、愛別、中愛別、安足間、上川
0%
桜飯切鼎下伊毛 桜町、飯田、切石、鼎、下山村、伊那八幡、毛賀
0%
桜用二二高溝梶 桜新町、用賀、二子玉川、二子新地、高津、溝の口、梶が谷
0%
桜練中富練石大 桜台、練馬、中村橋、富士見台、練馬高野台、石神井公園、大泉学園
0%
笹甲勝塩東山春 笹子、甲斐大和、勝沼ぶどう郷、塩山、東山梨、山梨市、春日居町
0%
笹市多七益北西 笹原田、市塙、多田羅、七井、益子、北山、西田井
0%
笹初大猿鳥梁四 笹子、初狩、大月、猿橋、鳥沢、梁川、四方津
0%
笹小水香佐大下 笹川、小見川、水郷、香取、佐原、大戸、下総神崎
0%
笹上泉岩美曽福 笹谷、上松川、泉、岩代清水、美術館図書館前、曽根田、福島
0%
笹庭板峠大関米 笹木野、庭坂、板谷、峠、大沢、関根、米沢
0%
札桑琴発発稲手 札幌、桑園、琴似、発寒中央、発寒、稲積公園、手稲
0%
札清中知止浜原 札弦、清里町、中斜里、知床斜里、止別、浜小清水、原生花園
0%
札泉釜渡茂上清 札苅、泉沢、釜谷、渡島当別、茂辺地、上磯、清川口
0%
札帯柏西大芽御 札内、帯広、柏林台、西帯広、大成、芽室、御影
0%
札苗白厚森大野 札幌、苗穂、白石、厚別、森林公園、大麻、野幌
0%
札苗白平新上北 札幌、苗穂、白石、平和、新札幌、上野幌、北広島
0%
札幕利池十豊新 札内、幕別、利別、池田、十弗、豊頃、新吉野
0%
札緑川美摩磯標 札弦、緑、川湯温泉、美留和、摩周、磯分内、標茶
0%
雑京梅大平大立 雑色、京急蒲田、梅屋敷、大森町、平和島、大森海岸、立会川
0%
雑池要千小氷平 雑司が谷、池袋、要町、千川、小竹向原、氷川台、平和台
0%
鯖石石義津松小 鯖石、石川プール前、石川、義塾高校前、津軽大沢、松木平、小栗山
0%
鮫白陸小本長八 鮫、白銀、陸奥湊、小中野、本八戸、長苗代、八戸
0%
鮫陸種大金大階 鮫、陸奥白浜、種差海岸、大久喜、金浜、大蛇、階上
0%
鮫立大平大梅京 鮫洲、立会川、大森海岸、平和島、大森町、梅屋敷、京急蒲田
0%
三羽羽鶴藤西余 三瀬、羽前水沢、羽前大山、鶴岡、藤島、西袋、余目
0%
三奥尾知大ア新 三ヶ日、奥浜名湖、尾奈、知波田、大森、アスモ前、新所原
0%
三横院及大釜真 三関、横堀、院内、及位、大滝、釜淵、真室川
0%
三横高桜関伊阪 三ツ沢下町、横浜、高島町、桜木町、関内、伊勢佐木長者町、阪東橋
0%
三希二鶴西上和 三ツ境、希望ヶ丘、二俣川、鶴ヶ峰、西谷、上星川、和田町
0%
三吉唐平釜両鵜 三陸、吉浜、唐丹、平田、釜石、両石、鵜住居
0%
三久富高浜西永 三鷹台、久我山、富士見ヶ丘、高井戸、浜田山、西永福、永福町
0%
三駒桜用二二高 三軒茶屋、駒沢大学、桜新町、用賀、二子玉川、二子新地、高津
0%
三古由栗栗栗志 三川、古山、由仁、栗山、栗丘、栗沢、志文
0%
三五東咲馬猿五 三川、五十島、東下条、咲花、馬下、猿和田、五泉
0%
三向下陸八北苫 三沢、向山、下田、陸奥市川、八戸、北高岩、苫米地
0%
三国立日豊八西 三鷹、国分寺、立川、日野、豊田、八王子、西八王子
0%
三三横高桜関伊 三ツ沢上町、三ツ沢下町、横浜、高島町、桜木町、関内、伊勢佐木長者町
0%
三三三三大伊原 三島、三島広小路、三島田町、三島二日町、大場、伊豆仁田、原木
0%
三三三大伊原韮 三島広小路、三島田町、三島二日町、大場、伊豆仁田、原木、韮山
0%
三三大伊原韮伊 三島田町、三島二日町、大場、伊豆仁田、原木、韮山、伊豆長岡
0%
三三片岸新北新 三ツ沢下町、三ツ沢上町、片倉町、岸根公園、新横浜、北新横浜、新羽
0%
三治藪阿新相赤 三枚橋、治良門橋、藪塚、阿左美、新桐生、相老、赤城
0%
三芝御内日大神 三田、芝公園、御成門、内幸町、日比谷、大手町、神保町
0%
三寿葭下月富富 三つ峠、寿、葭池温泉前、下吉田、月江寺、富士山、富士急ハイランド
0%
三小五あ小鼠府 三瀬、小波渡、五十川、あつみ温泉、小岩川、鼠ケ関、府屋
0%
三小上乙千野狩 三沢、小川原、上北町、乙供、千曳、野辺地、狩場沢
0%
三沼片原東吉富 三島、沼津、片浜、原、東田子の浦、吉原、富士
0%
三上湯下十醍柳 三関、上湯沢、湯沢、下湯沢、十文字、醍醐、柳田
0%
三新吉吉越南東 三郷、新三郷、吉川美南、吉川、越谷レイクタウン、南越谷、東川口
0%
三新静掛浜豊三 三島、新富士、静岡、掛川、浜松、豊橋、三河安城
0%
三新北下大信渚 三溝、新村、北新・松本大学前、下新、大庭、信濃荒井、渚
0%
三諏剣苫北八陸 三戸、諏訪ノ平、剣吉、苫米地、北高岩、八戸、陸奥市川
0%
三瀬大相さか海 三ツ境、瀬谷、大和、相模大塚、さがみ野、かしわ台、海老名
0%
三赤上寺神大下 三好町、赤坂上、上田原、寺下、神畑、大学前、下之郷
0%
三泉高五戸中馬 三田、泉岳寺、高輪台、五反田、戸越、中延、馬込
0%
三大伊原韮伊田 三島二日町、大場、伊豆仁田、原木、韮山、伊豆長岡、田京
0%
三大新東宝日人 三田、大門、新橋、東銀座、宝町、日本橋、人形町
0%
三大浪御勝鵜上 三門、大原、浪花、御宿、勝浦、鵜原、上総興津
0%
三滝高高北習薬 三咲、滝不動、高根公団、高根木戸、北習志野、習志野、薬園台
0%
三池東出上浦早 三河川合、池場、東栄、出馬、上市場、浦川、早瀬
0%
三中北水小新守 三妻、中妻、北水海道、水海道、小絹、新守谷、守谷
0%
三長太東上八茂 三門、長者町、太東、東浪見、上総一ノ宮、八積、茂原
0%
三津今大津大中 三厩、津軽浜名、今別、大川平、津軽二股、大平、中小国
0%
三津鹿日豊徳上 三川、津川、鹿瀬、日出谷、豊実、徳沢、上野尻
0%
三追安早遠沼苫 三川、追分、安平、早来、遠浅、沼ノ端、苫小牧
0%
三東十都谷都赤 三つ峠、東桂、十日市場、都留文科大学前、谷村町、都留市、赤坂
0%
三東帯見押北長 三条、東光寺、帯織、見附、押切、北長岡、長岡
0%
三東保加羽田矢 三条、東三条、保内、加茂、羽生田、田上、矢代田
0%
三南新新東市船 三郷、南流山、新松戸、新八柱、東松戸、市川大野、船橋法典
0%
三南石玉宗下大 三妻、南石下、石下、玉村、宗道、下妻、大宝
0%
三南北綾亀金松 三河島、南千住、北千住、綾瀬、亀有、金町、松戸
0%
三南流流柏柏守 三郷中央、南流山、流山セントラルパーク、流山おおたかの森、柏の葉キャンパス、柏たなか、守谷
0%
三二鎌初新北く 三咲、二和向台、鎌ヶ谷大仏、初富、新鎌ヶ谷、北初富、くぬぎ山
0%
三入上仲秋小人 三ノ輪、入谷、上野、仲御徒町、秋葉原、小伝馬町、人形町
0%
三白武武浦影御 三峰口、白久、武州日野、武州中川、浦山口、影森、御花畑
0%
三片上赤心江大 三俣、片貝、上泉、赤坂、心臓血管センター、江木、大胡
0%
三豊浜掛静新三 三河安城、豊橋、浜松、掛川、静岡、新富士、三島
0%
三要船磐大菅神 三春、要田、船引、磐城常葉、大越、菅谷、神俣
0%
参代代東下世梅 参宮橋、代々木八幡、代々木上原、東北沢、下北沢、世田谷代田、梅ヶ丘
0%
山伊上伊高七伊 山吹、伊那大島、上片桐、伊那田島、高遠原、七久保、伊那本郷
0%
山一佐田新摂岩 山口団地、一の渡、佐羽根、田老、新田老、摂待、岩泉小本
0%
山一有清花油石 山ノ目、一ノ関、有壁、清水原、花泉、油島、石越
0%
山荻尾野上徳豊 山都、荻野、尾登、野沢、上野尻、徳沢、豊実
0%
山下市下元伊桜 山吹、下平、市田、下市田、元善光寺、伊那上郷、桜町
0%
山宮磯八津払豊 山口団地、宮古、磯鶏、八木沢・宮古短大、津軽石、払川、豊間根
0%
山根磯新洋港本 山手、根岸、磯子、新杉田、洋光台、港南台、本郷台
0%
山坂新駒相日鹿 山下、坂元、新地、駒ケ嶺、相馬、日立木、鹿島
0%
山春石酒甲竜塩 山梨市、春日居町、石和温泉、酒折、甲府、竜王、塩崎
0%
山小桐岩国伊駒 山前、小俣、桐生、岩宿、国定、伊勢崎、駒形
0%
山上区松川箱陸 山岸、上米内、区界、松草、川内、箱石、陸中川井
0%
山西馬吉西上上 山名、西山名、馬庭、吉井、西吉井、上州新屋、上州福島
0%
山蔵茂か羽中赤 山形、蔵王、茂吉記念館前、かみのやま温泉、羽前中山、中川、赤湯
0%
山足あ富佐岩大 山前、足利、あしかがフラワーパーク、富田、佐野、岩舟、大平下
0%
山谷駿足御南富 山北、谷峨、駿河小山、足柄、御殿場、南御殿場、富士岡
0%
山中下西上袋常 山方宿、中舟生、下小川、西金、上小川、袋田、常陸大子
0%
山東塩勝甲笹初 山梨市、東山梨、塩山、勝沼ぶどう郷、甲斐大和、笹子、初狩
0%
山東松相上下国 山北、東山北、松田、相模金子、上大井、下曽我、国府津
0%
山八山野落石森 山崎、八雲、山越、野田生、落部、石倉、森
0%
山浜亘逢岩館名 山下、浜吉田、亘理、逢隈、岩沼、館腰、名取
0%
山平前陸水金六 山ノ目、平泉、前沢、陸中折居、水沢、金ケ崎、六原
0%
山北羽楯高山面 山形、北山形、羽前千歳、楯山、高瀬、山寺、面白山高原
0%
山北羽南漆高天 山形、北山形、羽前千歳、南出羽、漆山、高擶、天童南
0%
山面奥作熊陸愛 山寺、面白山高原、奥新川、作並、熊ケ根、陸前白沢、愛子
0%
山野落石森駒赤 山越、野田生、落部、石倉、森、駒ケ岳、赤井川
0%
産幸並並鳥南新 産業振興センター、幸浦、並木中央、並木北、鳥浜、南部市場、新杉田
0%
産福市八海海野 産業振興センター、福浦、市大医学部、八景島、海の公園柴口、海の公園南口、野島公園
0%
蚕白羽あ長南時 蚕桑、白兎、羽前成田、あやめ公園、長井、南長井、時庭
0%
刺神生角鶯羽鑓 刺巻、神代、生田、角館、鶯野、羽後長野、鑓見内
0%
刺田赤春雫小大 刺巻、田沢湖、赤渕、春木場、雫石、小岩井、大釜
0%
四鮎蚕白羽あ長 四季の郷、鮎貝、蚕桑、白兎、羽前成田、あやめ公園、長井
0%
四四新新新西中 四ツ谷、四谷三丁目、新宿御苑前、新宿三丁目、新宿、西新宿、中野坂上
0%
四四赤国霞銀東 四谷三丁目、四ツ谷、赤坂見附、国会議事堂前、霞ケ関、銀座、東京
0%
四市飯後東本駒 四ツ谷、市ケ谷、飯田橋、後楽園、東大前、本駒込、駒込
0%
四秋泉土上追大 四ツ小屋、秋田、泉外旭川、土崎、上飯島、追分、大久保
0%
四上藤相高西八 四方津、上野原、藤野、相模湖、高尾、西八王子、八王子
0%
四信千代新大東 四ツ谷、信濃町、千駄ケ谷、代々木、新宿、大久保、東中野
0%
四新新新西中新 四谷三丁目、新宿御苑前、新宿三丁目、新宿、西新宿、中野坂上、新中野
0%
四新中高阿荻西 四ツ谷、新宿、中野、高円寺、阿佐ケ谷、荻窪、西荻窪
0%
四赤国霞銀東大 四ツ谷、赤坂見附、国会議事堂前、霞ケ関、銀座、東京、大手町
0%
四都東千稲津船 四街道、都賀、東千葉、千葉、稲毛、津田沼、船橋
0%
四物佐南榎八日 四街道、物井、佐倉、南酒々井、榎戸、八街、日向
0%
士剣和塩蘭比北 士別、剣淵、和寒、塩狩、蘭留、比布、北永山
0%
姉五八浜蘇本千 姉ケ崎、五井、八幡宿、浜野、蘇我、本千葉、千葉
0%
姉厚別落昆西根 姉別、厚床、別当賀、落石、昆布盛、西和田、根室
0%
子鮎黒曲前久西 子吉、鮎川、黒沢、曲沢、前郷、久保田、西滝沢
0%
子神京神横戸日 子安、神奈川新町、京急東神奈川、神奈川、横浜、戸部、日ノ出町
0%
市芦甲東小常国 市川本町、芦川、甲斐上野、東花輪、小井川、常永、国母
0%
市下元伊桜飯切 市田、下市田、元善光寺、伊那上郷、桜町、飯田、切石
0%
市下山伊上伊高 市田、下平、山吹、伊那大島、上片桐、伊那田島、高遠原
0%
市鰍落甲久市甲 市川大門、鰍沢口、落居、甲斐岩間、久那土、市ノ瀬、甲斐常葉
0%
市久甲落鰍市市 市ノ瀬、久那土、甲斐岩間、落居、鰍沢口、市川大門、市川本町
0%
市九神小岩馬浜 市ヶ谷、九段下、神保町、小川町、岩本町、馬喰横山、浜町
0%
市権善本桐信朝 市役所前、権堂、善光寺下、本郷、桐原、信濃吉田、朝陽
0%
市江あた鷺宮宮 市が尾、江田、あざみ野、たまプラーザ、鷺沼、宮前平、宮崎台
0%
市甲下波塩身甲 市ノ瀬、甲斐常葉、下部温泉、波高島、塩之沢、身延、甲斐大島
0%
市麹永桜有銀新 市ケ谷、麹町、永田町、桜田門、有楽町、銀座一丁目、新富町
0%
市国江京京青お 市川真間、国府台、江戸川、京成小岩、京成高砂、青砥、お花茶屋
0%
市四永溜六麻白 市ケ谷、四ツ谷、永田町、溜池山王、六本木一丁目、麻布十番、白金高輪
0%
市四信千代新大 市ケ谷、四ツ谷、信濃町、千駄ケ谷、代々木、新宿、大久保
0%
市市芦甲東小常 市川大門、市川本町、芦川、甲斐上野、東花輪、小井川、常永
0%
市新舞葛新潮越 市川塩浜、新浦安、舞浜、葛西臨海公園、新木場、潮見、越中島
0%
市親青糸え梶浦 市振、親不知、青海、糸魚川、えちご押上ひすい海岸、梶屋敷、浦本
0%
市菅京鬼京東京 市川真間、菅野、京成八幡、鬼越、京成中山、東中山、京成西船
0%
市多七益北西北 市塙、多田羅、七井、益子、北山、西田井、北真岡
0%
市中群郷矢岩川 市城、中之条、群馬原町、郷原、矢倉、岩島、川原湯温泉
0%
市東新新南三新 市川大野、東松戸、新八柱、新松戸、南流山、三郷、新三郷
0%
市藤青田長つす 市が尾、藤が丘、青葉台、田奈、長津田、つくし野、すずかけ台
0%
市二南新幕海検 市川塩浜、二俣新町、南船橋、新習志野、幕張豊砂、海浜幕張、検見川浜
0%
市函松新千昭堀 市役所前、函館駅前、松風町、新川町、千歳町、昭和橋、堀川町
0%
市飯後東本駒西 市ケ谷、飯田橋、後楽園、東大前、本駒込、駒込、西ケ原
0%
市飯江護東池要 市ケ谷、飯田橋、江戸川橋、護国寺、東池袋、池袋、要町
0%
市飯水御秋浅両 市ケ谷、飯田橋、水道橋、御茶ノ水、秋葉原、浅草橋、両国
0%
市福産幸並並鳥 市大医学部、福浦、産業振興センター、幸浦、並木中央、並木北、鳥浜
0%
志ユ京京大京宗 志津、ユーカリが丘、京成臼井、京成佐倉、大佐倉、京成酒々井、宗吾参道
0%
志栗栗栗由古三 志文、栗沢、栗丘、栗山、由仁、古山、三川
0%
志勝京八実京京 志津、勝田台、京成大和田、八千代台、実籾、京成大久保、京成津田沼
0%
志朝朝和成下東 志木、朝霞台、朝霞、和光市、成増、下赤塚、東武練馬
0%
志本板板新西巣 志村坂上、本蓮沼、板橋本町、板橋区役所前、新板橋、西巣鴨、巣鴨
0%
志柳み鶴ふ上新 志木、柳瀬川、みずほ台、鶴瀬、ふじみ野、上福岡、新河岸
0%
止知中清札緑川 止別、知床斜里、中斜里、清里町、札弦、緑、川湯温泉
0%
止浜原北藻鱒桂 止別、浜小清水、原生花園、北浜、藻琴、鱒浦、桂台
0%
氏蒲片矢野西那 氏家、蒲須坂、片岡、矢板、野崎、西那須野、那須塩原
0%
氏宝岡宇雀石自 氏家、宝積寺、岡本、宇都宮、雀宮、石橋、自治医大
0%
糸え梶浦能筒名 糸魚川、えちご押上ひすい海岸、梶屋敷、浦本、能生、筒石、名立
0%
糸錦社白萩北竹 糸井、錦岡、社台、白老、萩野、北吉原、竹浦
0%
糸上飯長上佐軽 糸魚川、上越妙高、飯山、長野、上田、佐久平、軽井沢
0%
糸姫頸根小平北 糸魚川、姫川、頸城大野、根知、小滝、平岩、北小谷
0%
紫日石花花村北 紫波中央、日詰、石鳥谷、花巻空港、花巻、村崎野、北上
0%
似新小土晴岩宮 似内、新花巻、小山田、土沢、晴山、岩根橋、宮守
0%
侍陸有陸宿玉種 侍浜、陸中中野、有家、陸中八木、宿戸、玉川、種市
0%
児松用寄折竹小 児玉、松久、用土、寄居、折原、竹沢、小川町
0%
寺桐小妙出小石 寺泊、桐原、小島谷、妙法寺、出雲崎、小木ノ城、石地
0%
寺小青関白上新 寺尾、小針、青山、関屋、白山、上所、新潟
0%
寺新内内越越巻 寺尾、新潟大学前、内野、内野西が丘、越後赤塚、越後曽根、巻
0%
寺真北西北益七 寺内、真岡、北真岡、西田井、北山、益子、七井
0%
寺神大下中塩中 寺下、神畑、大学前、下之郷、中塩田、塩田町、中野
0%
寺分粟南吉北岩 寺泊、分水、粟生津、南吉田、吉田、北吉田、岩室
0%
持ソ熊上石ひ大 持田、ソシオ流通センター、熊谷、上熊谷、石原、ひろせ野鳥の森、大麻生
0%
持行東武新西羽 持田、行田市、東行田、武州荒木、新郷、西羽生、羽生
0%
時今西梨お宮南 時庭、今泉、西大塚、梨郷、おりはた、宮内、南陽市役所
0%
時駄毛伊下鼎切 時又、駄科、毛賀、伊那八幡、下山村、鼎、切石
0%
時南長あ羽白蚕 時庭、南長井、長井、あやめ公園、羽前成田、白兎、蚕桑
0%
滋小平御信中軽 滋野、小諸、平原、御代田、信濃追分、中軽井沢、軽井沢
0%
滋田大信上西テ 滋野、田中、大屋、信濃国分寺、上田、西上田、テクノさかき
0%
自さ積遠遠浜美 自動車学校前、さぎの宮、積志、遠州西ヶ崎、遠州小松、浜北、美薗中央公園
0%
自小小間野古栗 自治医大、小金井、小山、間々田、野木、古河、栗橋
0%
自上曳助八遠第 自動車学校前、上島、曳馬、助信、八幡、遠州病院、第一通り
0%
自澄南平中幌中 自衛隊前、澄川、南平岸、平岸、中の島、幌平橋、中島公園
0%
自石雀宇岡宝氏 自治医大、石橋、雀宮、宇都宮、岡本、宝積寺、氏家
0%
自田多新武元日 自由が丘、田園調布、多摩川、新丸子、武蔵小杉、元住吉、日吉
0%
自都学祐中代渋 自由が丘、都立大学、学芸大学、祐天寺、中目黒、代官山、渋谷
0%
蒔吉阪伊関桜高 蒔田、吉野町、阪東橋、伊勢佐木長者町、関内、桜木町、高島町
0%
蒔弘上港上下舞 蒔田、弘明寺、上大岡、港南中央、上永谷、下永谷、舞岡
0%
汐逸安京追金金 汐入、逸見、安針塚、京急田浦、追浜、金沢八景、金沢文庫
0%
汐横県堀京馬浦 汐入、横須賀中央、県立大学、堀ノ内、京急大津、馬堀海岸、浦賀
0%
汐大赤麻六青国 汐留、大門、赤羽橋、麻布十番、六本木、青山一丁目、国立競技場
0%
汐築勝月門清森 汐留、築地市場、勝どき、月島、門前仲町、清澄白河、森下
0%
鹿原磐小桃浪双 鹿島、原ノ町、磐城太田、小高、桃内、浪江、双葉
0%
鹿鯉八井羽大追 鹿渡、鯉川、八郎潟、井川さくら、羽後飯塚、大久保、追分
0%
鹿荒長鹿鹿大北 鹿島サッカースタジアム、荒野台、長者ヶ浜潮騒はまなす公園前、鹿島大野、鹿島灘、大洋、北浦湖畔
0%
鹿鹿延潮十香佐 鹿島サッカースタジアム、鹿島神宮、延方、潮来、十二橋、香取、佐原
0%
鹿鹿荒長鹿鹿大 鹿島神宮、鹿島サッカースタジアム、荒野台、長者ヶ浜潮騒はまなす公園前、鹿島大野、鹿島灘、大洋
0%
鹿鹿大北新徳鹿 鹿島大野、鹿島灘、大洋、北浦湖畔、新鉾田、徳宿、鹿島旭
0%
鹿柴十末土沢十 鹿角花輪、柴平、十和田南、末広、土深井、沢尻、十二所
0%
鹿松小田瀬梅新 鹿島台、松山町、小牛田、田尻、瀬峰、梅ケ沢、新田
0%
鹿森北東鶴富二 鹿渡、森岳、北金岡、東能代、鶴形、富根、二ツ井
0%
鹿曽石陸渡万沢 鹿又、曽波神、石巻、陸前稲井、渡波、万石浦、沢田
0%
鹿大北新徳鹿涸 鹿島灘、大洋、北浦湖畔、新鉾田、徳宿、鹿島旭、涸沼
0%
鹿中ラ西上美美 鹿討、中富良野、ラベンダー畑、西中、上富良野、美馬牛、美瑛
0%
鹿津三五東咲馬 鹿瀬、津川、三川、五十島、東下条、咲花、馬下
0%
鹿渡渡掛尾東森 鹿部、渡島沼尻、渡島砂原、掛澗、尾白内、東森、森
0%
鹿徳新北大鹿鹿 鹿島旭、徳宿、新鉾田、北浦湖畔、大洋、鹿島灘、鹿島大野
0%
鹿日相駒新坂山 鹿島、日立木、相馬、駒ケ嶺、新地、坂元、山下
0%
鹿日豊徳上野尾 鹿瀬、日出谷、豊実、徳沢、上野尻、野沢、尾登
0%
鹿品愛松塩国陸 鹿島台、品井沼、愛宕、松島、塩釜、国府多賀城、陸前山王
0%
鹿平向武武武武 鹿島田、平間、向河原、武蔵小杉、武蔵中原、武蔵新城、武蔵溝ノ口
0%
鹿陸八湯兄田横 鹿角花輪、陸中大里、八幡平、湯瀬温泉、兄畑、田山、横間
0%
鹿陸野東陸陸手 鹿妻、陸前小野、野蒜、東名、陸前大塚、陸前富山、手樽
0%
宍笠稲福羽岩大 宍戸、笠間、稲田、福原、羽黒、岩瀬、大和
0%
雫春赤田刺神生 雫石、春木場、赤渕、田沢湖、刺巻、神代、生田
0%
七伊飯田伊小駒 七久保、伊那本郷、飯島、田切、伊那福岡、小町屋、駒ケ根
0%
七稲極長由和鎌 七里ヶ浜、稲村ヶ崎、極楽寺、長谷、由比ヶ浜、和田塚、鎌倉
0%
七益北西北真寺 七井、益子、北山、西田井、北真岡、真岡、寺内
0%
七会会中会田会 七ヶ岳登山口、会津山村道場、会津荒海、中荒井、会津田島、田島高校前、会津長野
0%
七鎌腰江湘鵠柳 七里ヶ浜、鎌倉高校前、腰越、江ノ島、湘南海岸公園、鵠沼、柳小路
0%
七岩東豊八春藤 七里、岩槻、東岩槻、豊春、八木崎、春日部、藤の牛島
0%
七高伊上伊山下 七久保、高遠原、伊那田島、上片桐、伊那大島、山吹、下平
0%
七新仁大大赤駒 七飯、新函館北斗、仁山、大沼、大沼公園、赤井川、駒ケ岳
0%
七西会会根新若 七日町、西若松、会津本郷、会津高田、根岸、新鶴、若宮
0%
七川南藤春八豊 七光台、川間、南桜井、藤の牛島、春日部、八木崎、豊春
0%
七八二い盛新北 七戸十和田、八戸、二戸、いわて沼宮内、盛岡、新花巻、北上
0%
漆高天天乱神さ 漆山、高擶、天童南、天童、乱川、神町、さくらんぼ東根
0%
漆南羽北山蔵茂 漆山、南出羽、羽前千歳、北山形、山形、蔵王、茂吉記念館前
0%
実京京谷船大京 実籾、京成大久保、京成津田沼、谷津、船橋競馬場、大神宮下、京成船橋
0%
篠稲姨冠聖坂西 篠ノ井、稲荷山、姨捨、冠着、聖高原、坂北、西条
0%
篠屋屋千戸坂テ 篠ノ井、屋代高校前、屋代、千曲、戸倉、坂城、テクノさかき
0%
篠瑞一船東大西 篠崎、瑞江、一之江、船堀、東大島、大島、西大島
0%
篠拓ああロ太当 篠路、拓北、あいの里教育大、あいの里公園、ロイズタウン、太美、当別
0%
篠百太新新八桑 篠路、百合が原、太平、新琴似、新川、八軒、桑園
0%
柴つ仙千芦八上 柴崎、つつじヶ丘、仙川、千歳烏山、芦花公園、八幡山、上北沢
0%
柴羽西寒南羽羽 柴橋、羽前高松、西寒河江、寒河江、南寒河江、羽前長崎、羽前金沢
0%
柴甲万高程多中 柴崎体育館、甲州街道、万願寺、高幡不動、程久保、多摩動物公園、中央大学・明星大学
0%
柴国布調西飛武 柴崎、国領、布田、調布、西調布、飛田給、武蔵野台
0%
柴鹿陸八湯兄田 柴平、鹿角花輪、陸中大里、八幡平、湯瀬温泉、兄畑、田山
0%
柴十末土沢十大 柴平、十和田南、末広、土深井、沢尻、十二所、大滝温泉
0%
柴摺千小矢折新 柴宿、摺沢、千厩、小梨、矢越、折壁、新月
0%
柴立立高立泉砂 柴崎体育館、立川南、立川北、高松、立飛、泉体育館、砂川七番
0%
柴猊陸岩陸真一 柴宿、猊鼻渓、陸中松川、岩ノ下、陸中門崎、真滝、一ノ関
0%
芝お台東テ青東 芝浦ふ頭、お台場海浜公園、台場、東京国際クルーズターミナル、テレコムセンター、青海、東京ビッグサイト
0%
芝稲十井寄内甲 芝川、稲子、十島、井出、寄畑、内船、甲斐大島
0%
芝御内日大神水 芝公園、御成門、内幸町、日比谷、大手町、神保町、水道橋
0%
芝沼西富源富入 芝川、沼久保、西富士宮、富士宮、源道寺、富士根、入山瀬
0%
舎舎谷西江高扇 舎人、舎人公園、谷在家、西新井大師西、江北、高野、扇大橋
0%
社白萩北竹虎登 社台、白老、萩野、北吉原、竹浦、虎杖浜、登別
0%
社門倉宮寒香北 社家、門沢橋、倉見、宮山、寒川、香川、北茅ケ崎
0%
蛇石陸東矢鹿陸 蛇田、石巻あゆみ野、陸前赤井、東矢本、矢本、鹿妻、陸前小野
0%
若会塔会会郷滝 若宮、会津坂下、塔寺、会津坂本、会津柳津、郷戸、滝谷
0%
若京京京南多橋 若葉台、京王永山、京王多摩センター、京王堀之内、南大沢、多摩境、橋本
0%
若松世上宮山松 若林、松陰神社前、世田谷、上町、宮の坂、山下、松原
0%
若新根会会西七 若宮、新鶴、根岸、会津高田、会津本郷、西若松、七日町
0%
取藤龍牛ひ荒土 取手、藤代、龍ケ崎市、牛久、ひたち野うしく、荒川沖、土浦
0%
守新小水北中三 守谷、新守谷、小絹、水海道、北水海道、中妻、三妻
0%
守南戸稲ゆ新寺 守谷、南守谷、戸頭、稲戸井、ゆめみ野、新取手、寺原
0%
守柏柏流流南三 守谷、柏たなか、柏の葉キャンパス、流山おおたかの森、流山セントラルパーク、南流山、三郷中央
0%
手稲星ほ銭朝小 手稲、稲穂、星置、ほしみ、銭函、朝里、小樽築港
0%
手稲発発琴桑札 手稲、稲積公園、発寒、発寒中央、琴似、桑園、札幌
0%
手羽伊羽小越越 手ノ子、羽前沼沢、伊佐領、羽前松岡、小国、越後金丸、越後片貝
0%
手羽萩今犬羽中 手ノ子、羽前椿、萩生、今泉、犬川、羽前小松、中郡
0%
手高松陸東本西 手樽、高城町、松島海岸、陸前浜田、東塩釜、本塩釜、西塩釜
0%
手陸陸東野陸鹿 手樽、陸前富山、陸前大塚、東名、野蒜、陸前小野、鹿妻
0%
狩清高古津羽升 狩川、清川、高屋、古口、津谷、羽前前波、升形
0%
狩清小西浅野矢 狩場沢、清水川、小湊、西平内、浅虫温泉、野内、矢田前
0%
狩野千乙上小三 狩場沢、野辺地、千曳、乙供、上北町、小川原、三沢
0%
種玉宿陸有陸侍 種市、玉川、宿戸、陸中八木、有家、陸中中野、侍浜
0%
種大金大階角平 種差海岸、大久喜、金浜、大蛇、階上、角の浜、平内
0%
種陸鮫白陸小本 種差海岸、陸奥白浜、鮫、白銀、陸奥湊、小中野、本八戸
0%
酒甲竜塩韮新穴 酒折、甲府、竜王、塩崎、韮崎、新府、穴山
0%
酒石春山東塩勝 酒折、石和温泉、春日居町、山梨市、東山梨、塩山、勝沼ぶどう郷
0%
酒東砂北余西藤 酒田、東酒田、砂越、北余目、余目、西袋、藤島
0%
酒本南遊吹女小 酒田、本楯、南鳥海、遊佐、吹浦、女鹿、小砂川
0%
寿三東十都谷都 寿、三つ峠、東桂、十日市場、都留文科大学前、谷村町、都留市
0%
寿葭下月富富河 寿、葭池温泉前、下吉田、月江寺、富士山、富士急ハイランド、河口湖
0%
宗下大騰黒大下 宗道、下妻、大宝、騰波ノ江、黒子、大田郷、下館
0%
宗京大京京ユ志 宗吾参道、京成酒々井、大佐倉、京成佐倉、京成臼井、ユーカリが丘、志津
0%
宗玉石南三中北 宗道、玉村、石下、南石下、三妻、中妻、北水海道
0%
修牧大田伊韮原 修善寺、牧之郷、大仁、田京、伊豆長岡、韮山、原木
0%
秋四和大羽峰刈 秋田、四ツ小屋、和田、大張野、羽後境、峰吉川、刈和野
0%
秋所西小狭武稲 秋津、所沢、西所沢、小手指、狭山ヶ丘、武蔵藤沢、稲荷山公園
0%
秋小人茅八築東 秋葉原、小伝馬町、人形町、茅場町、八丁堀、築地、東銀座
0%
秋新浅南北青六 秋葉原、新御徒町、浅草、南千住、北千住、青井、六町
0%
秋神東有新浜田 秋葉原、神田、東京、有楽町、新橋、浜松町、田町
0%
秋清東ひ保大石 秋津、清瀬、東久留米、ひばりヶ丘、保谷、大泉学園、石神井公園
0%
秋泉土上追大羽 秋田、泉外旭川、土崎、上飯島、追分、大久保、羽後飯塚
0%
秋浅両錦亀平新 秋葉原、浅草橋、両国、錦糸町、亀戸、平井、新小岩
0%
秋仲上入三南北 秋葉原、仲御徒町、上野、入谷、三ノ輪、南千住、北千住
0%
秋東松大新西白 秋山、東松戸、松飛台、大町、新鎌ヶ谷、西白井、白井
0%
舟芦北大袖村東 舟形、芦沢、北大石田、大石田、袖崎、村山、東根
0%
住菊森浜馬岩小 住吉、菊川、森下、浜町、馬喰横山、岩本町、小川町
0%
住清水三大神九 住吉、清澄白河、水天宮前、三越前、大手町、神保町、九段下
0%
住西大東船一瑞 住吉、西大島、大島、東大島、船堀、一之江、瑞江
0%
十まほ虫う大く 十日町、まつだい、ほくほく大島、虫川大杉、うらがわら、大池いこいの森、くびき
0%
十井寄内甲身塩 十島、井出、寄畑、内船、甲斐大島、身延、塩之沢
0%
十稲芝沼西富源 十島、稲子、芝川、沼久保、西富士宮、富士宮、源道寺
0%
十魚市函松新千 十字街、魚市場通、市役所前、函館駅前、松風町、新川町、千歳町
0%
十五津毘嘉金芦 十川、五農校前、津軽飯詰、毘沙門、嘉瀬、金木、芦野公園
0%
十柴鹿陸八湯兄 十和田南、柴平、鹿角花輪、陸中大里、八幡平、湯瀬温泉、兄畑
0%
十小日常大東佐 十王、小木津、日立、常陸多賀、大甕、東海、佐和
0%
十松白大岩あ滝 十二湖、松神、白神岳登山口、大間越、岩館、あきた白神、滝ノ間
0%
十赤北浮戸戸北 十条、赤羽、北赤羽、浮間舟渡、戸田公園、戸田、北戸田
0%
十醍柳横後飯大 十文字、醍醐、柳田、横手、後三年、飯詰、大曲
0%
十沢土末十柴鹿 十二所、沢尻、土深井、末広、十和田南、柴平、鹿角花輪
0%
十中鴨小新菊大 十日市場、中山、鴨居、小机、新横浜、菊名、大口
0%
十長成町古淵矢 十日市場、長津田、成瀬、町田、古淵、淵野辺、矢部
0%
十都谷都赤禾田 十日市場、都留文科大学前、谷村町、都留市、赤坂、禾生、田野倉
0%
十土越越越津越 十日町、土市、越後水沢、越後田沢、越後鹿渡、津南、越後田中
0%
十東三寿葭下月 十日市場、東桂、三つ峠、寿、葭池温泉前、下吉田、月江寺
0%
十板池新渋恵大 十条、板橋、池袋、新宿、渋谷、恵比寿、大崎
0%
十豊新浦厚音白 十弗、豊頃、新吉野、浦幌、厚内、音別、白糠
0%
十末土沢十大扇 十和田南、末広、土深井、沢尻、十二所、大滝温泉、扇田
0%
十野堀白普田島 十府ヶ浦海岸、野田玉川、堀内、白井海岸、普代、田野畑、島越
0%
十陸陸ウ艫横深 十二湖、陸奥岩崎、陸奥沢辺、ウェスパ椿山、艫作、横磯、深浦
0%
渋金祖小小市中 渋川、金島、祖母島、小野上、小野上温泉、市城、中之条
0%
渋恵大西武新横 渋谷、恵比寿、大崎、西大井、武蔵小杉、新川崎、横浜
0%
渋恵目五大品高 渋谷、恵比寿、目黒、五反田、大崎、品川、高輪ゲートウェイ
0%
渋好岩い御奥小 渋民、好摩、岩手川口、いわて沼宮内、御堂、奥中山高原、小繋
0%
渋新開栢富螢足 渋沢、新松田、開成、栢山、富水、螢田、足柄
0%
渋新池板十赤北 渋谷、新宿、池袋、板橋、十条、赤羽、北赤羽
0%
渋神駒池下新東 渋谷、神泉、駒場東大前、池ノ上、下北沢、新代田、東松原
0%
渋秦東鶴伊愛本 渋沢、秦野、東海大学前、鶴巻温泉、伊勢原、愛甲石田、本厚木
0%
渋代中祐学都自 渋谷、代官山、中目黒、祐天寺、学芸大学、都立大学、自由が丘
0%
渋池三駒桜用二 渋谷、池尻大橋、三軒茶屋、駒沢大学、桜新町、用賀、二子玉川
0%
渋表外青赤溜虎 渋谷、表参道、外苑前、青山一丁目、赤坂見附、溜池山王、虎ノ門
0%
渋表青永半九神 渋谷、表参道、青山一丁目、永田町、半蔵門、九段下、神保町
0%
渋品東千四佐成 渋谷、品川、東京、千葉、四街道、佐倉、成田
0%
渋敷津岩沼後上 渋川、敷島、津久田、岩本、沼田、後閑、上牧
0%
渋明北新東西雑 渋谷、明治神宮前、北参道、新宿三丁目、東新宿、西早稲田、雑司が谷
0%
宿久津武武武武 宿河原、久地、津田山、武蔵溝ノ口、武蔵新城、武蔵中原、武蔵小杉
0%
宿玉種平角階大 宿戸、玉川、種市、平内、角の浜、階上、大蛇
0%
宿鯖石石義津松 宿川原、鯖石、石川プール前、石川、義塾高校前、津軽大沢、松木平
0%
宿登中稲矢稲南 宿河原、登戸、中野島、稲田堤、矢野口、稲城長沼、南多摩
0%
宿陸有陸侍陸久 宿戸、陸中八木、有家、陸中中野、侍浜、陸中夏井、久慈
0%
出小石礼西刈荒 出雲崎、小木ノ城、石地、礼拝、西山、刈羽、荒浜
0%
出上浦早下中佐 出馬、上市場、浦川、早瀬、下川合、中部天竜、佐久間
0%
出上二天船脇羽 出戸浜、上二田、二田、天王、船越、脇本、羽立
0%
出妙小桐寺分粟 出雲崎、妙法寺、小島谷、桐原、寺泊、分水、粟生津
0%
春一武せ大北越 春日部、一ノ割、武里、せんげん台、大袋、北越谷、越谷
0%
春山東塩勝甲笹 春日居町、山梨市、東山梨、塩山、勝沼ぶどう郷、甲斐大和、笹子
0%
春水神大日内御 春日、水道橋、神保町、大手町、日比谷、内幸町、御成門
0%
春石酒甲竜塩韮 春日居町、石和温泉、酒折、甲府、竜王、塩崎、韮崎
0%
春藤南川七清愛 春日部、藤の牛島、南桜井、川間、七光台、清水公園、愛宕
0%
春白千巣西新板 春日、白山、千石、巣鴨、西巣鴨、新板橋、板橋区役所前
0%
春八豊東岩七大 春日部、八木崎、豊春、東岩槻、岩槻、七里、大和田
0%
春飯牛牛若東新 春日、飯田橋、牛込神楽坂、牛込柳町、若松河田、東新宿、新宿西口
0%
春北姫東和久鷲 春日部、北春日部、姫宮、東武動物公園、和戸、久喜、鷲宮
0%
春本上新蔵両森 春日、本郷三丁目、上野御徒町、新御徒町、蔵前、両国、森下
0%
春柚長古県県草 春日町、柚木、長沼、古庄、県総合運動場、県立美術館前、草薙
0%
駿足御南富岩裾 駿河小山、足柄、御殿場、南御殿場、富士岡、岩波、裾野
0%
駿谷山東松相上 駿河小山、谷峨、山北、東山北、松田、相模金子、上大井
0%
駿田下塩地川抜 駿河徳山、田野口、下泉、塩郷、地名、川根温泉笹間渡、抜里
0%
初新北く元五常 初富、新鎌ヶ谷、北初富、くぬぎ山、元山、五香、常盤平
0%
初幡笹代明下桜 初台、幡ヶ谷、笹塚、代田橋、明大前、下高井戸、桜上水
0%
初流豊柏新増逆 初石、流山おおたかの森、豊四季、柏、新柏、増尾、逆井
0%
所航新入狭新南 所沢、航空公園、新所沢、入曽、狭山市、新狭山、南大塚
0%
所秋清東ひ保大 所沢、秋津、清瀬、東久留米、ひばりヶ丘、保谷、大泉学園
0%
所西小狭武稲入 所沢、西所沢、小手指、狭山ヶ丘、武蔵藤沢、稲荷山公園、入間市
0%
所東久小花田西 所沢、東村山、久米川、小平、花小金井、田無、西武柳沢
0%
曙市九神小岩馬 曙橋、市ヶ谷、九段下、神保町、小川町、岩本町、馬喰横山
0%
渚信大下北新三 渚、信濃荒井、大庭、下新、北新・松本大学前、新村、三溝
0%
庶西白音厚浦新 庶路、西庶路、白糠、音別、厚内、浦幌、新吉野
0%
助曳上自さ積遠 助信、曳馬、上島、自動車学校前、さぎの宮、積志、遠州西ヶ崎
0%
女浦沢万渡陸石 女川、浦宿、沢田、万石浦、渡波、陸前稲井、石巻
0%
女小上象金仁西 女鹿、小砂川、上浜、象潟、金浦、仁賀保、西目
0%
女吹遊南本酒東 女鹿、吹浦、遊佐、南鳥海、本楯、酒田、東酒田
0%
女西美緋端愛柏 女満別、西女満別、美幌、緋牛内、端野、愛し野、柏陽
0%
勝鵜上行安安安 勝浦、鵜原、上総興津、行川アイランド、安房小湊、安房天津、安房鴨川
0%
勝越今桑越間村 勝木、越後寒川、今川、桑川、越後早川、間島、村上
0%
勝塩東山春石酒 勝沼ぶどう郷、塩山、東山梨、山梨市、春日居町、石和温泉、酒折
0%
勝月門清森両蔵 勝どき、月島、門前仲町、清澄白河、森下、両国、蔵前
0%
勝甲笹初大猿鳥 勝沼ぶどう郷、甲斐大和、笹子、初狩、大月、猿橋、鳥沢
0%
勝佐東大常日小 勝田、佐和、東海、大甕、常陸多賀、日立、小木津
0%
勝志ユ京京大京 勝田台、志津、ユーカリが丘、京成臼井、京成佐倉、大佐倉、京成酒々井
0%
勝水偕赤内友岩 勝田、水戸、偕楽園、赤塚、内原、友部、岩間
0%
勝府鼠小あ五小 勝木、府屋、鼠ケ関、小岩川、あつみ温泉、五十川、小波渡
0%
升羽津古高清狩 升形、羽前前波、津谷、古口、高屋、清川、狩川
0%
小あ五小三羽羽 小岩川、あつみ温泉、五十川、小波渡、三瀬、羽前水沢、羽前大山
0%
小阿荒萱笑岩比 小渕、阿仁合、荒瀬、萱草、笑内、岩野目、比立内
0%
小伊田飯伊七高 小町屋、伊那福岡、田切、飯島、伊那本郷、七久保、高遠原
0%
小宇那新郡福白 小山、宇都宮、那須塩原、新白河、郡山、福島、白石蔵王
0%
小羽伊羽手羽萩 小国、羽前松岡、伊佐領、羽前沼沢、手ノ子、羽前椿、萩生
0%
小羽福牛拝昭中 小作、羽村、福生、牛浜、拝島、昭島、中神
0%
小越北越小八浦 小千谷、越後川口、北堀之内、越後堀之内、小出、八色、浦佐
0%
小塩蘭余仁然銀 小樽、塩谷、蘭島、余市、仁木、然別、銀山
0%
小奥御い岩好渋 小繋、奥中山高原、御堂、いわて沼宮内、岩手川口、好摩、渋民
0%
小下馬東横東上 小櫃、下郡、馬来田、東横田、横田、東清川、上総清川
0%
小夏川江小赤い 小野新町、夏井、川前、江田、小川郷、赤井、いわき
0%
小河東青宮日石 小作、河辺、東青梅、青梅、宮ノ平、日向和田、石神前
0%
小花田西東武上 小平、花小金井、田無、西武柳沢、東伏見、武蔵関、上石神井
0%
小鴨国二大平茅 小田原、鴨宮、国府津、二宮、大磯、平塚、茅ケ崎
0%
小鴨中十長成町 小机、鴨居、中山、十日市場、長津田、成瀬、町田
0%
小間野古栗東久 小山、間々田、野木、古河、栗橋、東鷲宮、久喜
0%
小岩馬浜森菊住 小川町、岩本町、馬喰横山、浜町、森下、菊川、住吉
0%
小久東所航新入 小平、久米川、東村山、所沢、航空公園、新所沢、入曽
0%
小宮熊東町町荒 小台、宮ノ前、熊野前、東尾久三丁目、町屋二丁目、町屋駅前、荒川七丁目
0%
小桐岩国伊駒前 小俣、桐生、岩宿、国定、伊勢崎、駒形、前橋大島
0%
小桐寺分粟南吉 小島谷、桐原、寺泊、分水、粟生津、南吉田、吉田
0%
小銀然仁余蘭塩 小沢、銀山、然別、仁木、余市、蘭島、塩谷
0%
小駒大宮赤沢下 小町屋、駒ケ根、大田切、宮田、赤木、沢渡、下島
0%
小結東川玉下新 小田林、結城、東結城、川島、玉戸、下館、新治
0%
小五あ小鼠府勝 小波渡、五十川、あつみ温泉、小岩川、鼠ケ関、府屋、勝木
0%
小五梅西竹谷草 小菅、五反野、梅島、西新井、竹ノ塚、谷塚、草加
0%
小江川夏小神菅 小川郷、江田、川前、夏井、小野新町、神俣、菅谷
0%
小荒横田兄湯八 小屋の畑、荒屋新町、横間、田山、兄畑、湯瀬温泉、八幡平
0%
小黒ゆほゆ和岩 小松川、黒沢、ゆだ高原、ほっとゆだ、ゆだ錦秋湖、和賀仙人、岩沢
0%
小桜都み動ス穴 小倉台、桜木、都賀、みつわ台、動物公園、スポーツセンター、穴川
0%
小三羽羽鶴藤西 小波渡、三瀬、羽前水沢、羽前大山、鶴岡、藤島、西袋
0%
小三向下陸八北 小川原、三沢、向山、下田、陸奥市川、八戸、北高岩
0%
小市中群郷矢岩 小野上温泉、市城、中之条、群馬原町、郷原、矢倉、岩島
0%
小市本下西船東 小岩、市川、本八幡、下総中山、西船橋、船橋、東船橋
0%
小思栃大岩佐富 小山、思川、栃木、大平下、岩舟、佐野、富田
0%
小寺新内内越越 小針、寺尾、新潟大学前、内野、内野西が丘、越後赤塚、越後曽根
0%
小滋田大信上西 小諸、滋野、田中、大屋、信濃国分寺、上田、西上田
0%
小自石雀宇岡宝 小金井、自治医大、石橋、雀宮、宇都宮、岡本、宝積寺
0%
小秋仲上入三南 小伝馬町、秋葉原、仲御徒町、上野、入谷、三ノ輪、南千住
0%
小出妙小桐寺分 小木ノ城、出雲崎、妙法寺、小島谷、桐原、寺泊、分水
0%
小女吹遊南本酒 小砂川、女鹿、吹浦、遊佐、南鳥海、本楯、酒田
0%
小小は黒栗五新 小田急多摩センター、小田急永山、はるひ野、黒川、栗平、五月台、新百合ヶ丘
0%
小小一二斗金目 小繋、小鳥谷、一戸、二戸、斗米、金田一温泉、目時
0%
小小奥御い岩好 小鳥谷、小繋、奥中山高原、御堂、いわて沼宮内、岩手川口、好摩
0%
小小間野古栗東 小金井、小山、間々田、野木、古河、栗橋、東鷲宮
0%
小小結東川玉下 小山、小田林、結城、東結城、川島、玉戸、下館
0%
小小市中群郷矢 小野上、小野上温泉、市城、中之条、群馬原町、郷原、矢倉
0%
小小自石雀宇岡 小山、小金井、自治医大、石橋、雀宮、宇都宮、岡本
0%
小松海佐佐信野 小海、松原湖、海尻、佐久海ノ口、佐久広瀬、信濃川上、野辺山
0%
小松鹿品愛松塩 小牛田、松山町、鹿島台、品井沼、愛宕、松島、塩釜
0%
小松津義石石鯖 小栗山、松木平、津軽大沢、義塾高校前、石川、石川プール前、鯖石
0%
小上乙千野狩清 小川原、上北町、乙供、千曳、野辺地、狩場沢、清水川
0%
小上象金仁西羽 小砂川、上浜、象潟、金浦、仁賀保、西目、羽後本荘
0%
小上涌前佳鹿曽 小牛田、上涌谷、涌谷、前谷地、佳景山、鹿又、曽波神
0%
小常国甲南善金 小井川、常永、国母、甲斐住吉、南甲府、善光寺、金手
0%
小信富す青茅上 小淵沢、信濃境、富士見、すずらんの里、青柳、茅野、上諏訪
0%
小新守南戸稲ゆ 小絹、新守谷、守谷、南守谷、戸頭、稲戸井、ゆめみ野
0%
小新平亀錦両浅 小岩、新小岩、平井、亀戸、錦糸町、両国、浅草橋
0%
小神菅大磐船要 小野新町、神俣、菅谷、大越、磐城常葉、船引、要田
0%
小神沢原通足間 小中、神戸、沢入、原向、通洞、足尾、間藤
0%
小水香佐大下滑 小見川、水郷、香取、佐原、大戸、下総神崎、滑河
0%
小水北中三南石 小絹、水海道、北水海道、中妻、三妻、南石下、石下
0%
小清狩野千乙上 小湊、清水川、狩場沢、野辺地、千曳、乙供、上北町
0%
小西所秋清東ひ 小手指、西所沢、所沢、秋津、清瀬、東久留米、ひばりヶ丘
0%
小西浅野矢小東 小湊、西平内、浅虫温泉、野内、矢田前、小柳、東青森
0%
小石礼西刈荒西 小木ノ城、石地、礼拝、西山、刈羽、荒浜、西中通
0%
小赤安松北平大 小屋の畑、赤坂田、安比高原、松尾八幡平、北森、平館、大更
0%
小千摺柴猊陸岩 小梨、千厩、摺沢、柴宿、猊鼻渓、陸中松川、岩ノ下
0%
小千要池東護江 小竹向原、千川、要町、池袋、東池袋、護国寺、江戸川橋
0%
小川泉川野磐里 小塩江、川東、泉郷、川辺沖、野木沢、磐城石川、里白石
0%
小前阿桂米上合 小渕、前田南、阿仁前田温泉、桂瀬、米内沢、上杉、合川
0%
小鼠府勝越今桑 小岩川、鼠ケ関、府屋、勝木、越後寒川、今川、桑川
0%
小相座海厚本愛 小田急相模原、相武台前、座間、海老名、厚木、本厚木、愛甲石田
0%
小相町玉鶴柿新 小田急相模原、相模大野、町田、玉川学園前、鶴川、柿生、新百合ヶ丘
0%
小大城上国新上 小谷松、大多喜、城見ヶ丘、上総中川、国吉、新田野、上総東
0%
小大水向城相佐 小和田、大嵐、水窪、向市場、城西、相月、佐久間
0%
小竹折寄用松児 小川町、竹沢、折原、寄居、用土、松久、児玉
0%
小中花水本上大 小中、中野、花輪、水沼、本宿、上神梅、大間々
0%
小朝銭ほ星稲手 小樽築港、朝里、銭函、ほしみ、星置、稲穂、手稲
0%
小長日穴新韮塩 小淵沢、長坂、日野春、穴山、新府、韮崎、塩崎
0%
小田瀬梅新石油 小牛田、田尻、瀬峰、梅ケ沢、新田、石越、油島
0%
小都桜延信中信 小布施、都住、桜沢、延徳、信州中野、中野松川、信濃竹原
0%
小土晴岩宮柏鱒 小山田、土沢、晴山、岩根橋、宮守、柏木平、鱒沢
0%
小東み男鉢玉寄 小川町、東武竹沢、みなみ寄居、男衾、鉢形、玉淀、寄居
0%
小東乙三美中佐 小諸、東小諸、乙女、三岡、美里、中佐都、佐久平
0%
小東甲芦市市鰍 小井川、東花輪、甲斐上野、芦川、市川本町、市川大門、鰍沢口
0%
小馬高八海羽青 小海、馬流、高岩、八千穂、海瀬、羽黒下、青沼
0%
小拝東箱金東高 小宮、拝島、東福生、箱根ケ崎、金子、東飯能、高麗川
0%
小萩小東玉武西 小平、萩山、小川、東大和市、玉川上水、武蔵砂川、西武立川
0%
小白西新大松東 小室、白井、西白井、新鎌ヶ谷、大町、松飛台、東松戸
0%
小箱風入箱塔大 小田原、箱根板橋、風祭、入生田、箱根湯本、塔ノ沢、大平台
0%
小八浦五六塩上 小出、八色、浦佐、五日町、六日町、塩沢、上越国際スキー場前
0%
小武つ森東高北 小川町、武蔵嵐山、つきのわ、森林公園、東松山、高坂、北坂戸
0%
小福陸中多下西 小鶴新田、福田町、陸前高砂、中野栄、多賀城、下馬、西塩釜
0%
小平北中南千白 小滝、平岩、北小谷、中土、南小谷、千国、白馬大池
0%
小北牛堀鐘東曳 小菅、北千住、牛田、堀切、鐘ヶ淵、東向島、曳舟
0%
小北須日村柳附 小布施、北須坂、須坂、日野、村山、柳原、附属中学前
0%
小北陸古塚西東 小牛田、北浦、陸前谷地、古川、塚目、西古川、東大崎
0%
小妙出小石礼西 小島谷、妙法寺、出雲崎、小木ノ城、石地、礼拝、西山
0%
小木布新湖東我 小林、木下、布佐、新木、湖北、東我孫子、我孫子
0%
小矢野浅西小清 小柳、矢田前、野内、浅虫温泉、西平内、小湊、清水川
0%
小陸白鮫陸種大 小中野、陸奥湊、白銀、鮫、陸奥白浜、種差海岸、大久喜
0%
小緑井五穴飯相 小田原、緑町、井細田、五百羅漢、穴部、飯田岡、相模沼田
0%
小礼大豊洞有長 小幌、礼文、大岸、豊浦、洞爺、有珠、長和
0%
小藪越魚越上入 小出、藪神、越後広瀬、魚沼田中、越後須原、上条、入広瀬
0%
昭千新松函市魚 昭和橋、千歳町、新川町、松風町、函館駅前、市役所前、魚市場通
0%
昭拝牛福羽小河 昭島、拝島、牛浜、福生、羽村、小作、河辺
0%
昭浜武安浅弁鶴 昭和、浜川崎、武蔵白石、安善、浅野、弁天橋、鶴見小野
0%
昭堀千中五杉柏 昭和橋、堀川町、千代台、中央病院前、五稜郭公園前、杉並町、柏木町
0%
松み八常五元く 松戸新田、みのり台、八柱、常盤平、五香、元山、くぬぎ山
0%
松愛品鹿松小田 松島、愛宕、品井沼、鹿島台、松山町、小牛田、田尻
0%
松安赤小荒横田 松尾八幡平、安比高原、赤坂田、小屋の畑、荒屋新町、横間、田山
0%
松安二杉本五日 松川、安達、二本松、杉田、本宮、五百川、日和田
0%
松羽左上戸阿奥 松葉、羽後中里、左通、上桧木内、戸沢、阿仁マタギ、奥阿仁
0%
松猿倉飯旭干八 松岸、猿田、倉橋、飯岡、旭、干潟、八日市場
0%
松塩国陸岩東仙 松島、塩釜、国府多賀城、陸前山王、岩切、東仙台、仙台
0%
松海佐佐信野清 松原湖、海尻、佐久海ノ口、佐久広瀬、信濃川上、野辺山、清里
0%
松金亀綾北南三 松戸、金町、亀有、綾瀬、北千住、南千住、三河島
0%
松高手陸陸東野 松島海岸、高城町、手樽、陸前富山、陸前大塚、東名、野蒜
0%
松山宮上世松若 松原、山下、宮の坂、上町、世田谷、松陰神社前、若林
0%
松児丹群北倉高 松久、児玉、丹荘、群馬藤岡、北藤岡、倉賀野、高崎
0%
松鹿品愛松塩国 松山町、鹿島台、品井沼、愛宕、松島、塩釜、国府多賀城
0%
松十陸陸ウ艫横 松神、十二湖、陸奥岩崎、陸奥沢辺、ウェスパ椿山、艫作、横磯
0%
松小千聖弘弘中 松木平、小栗山、千年、聖愛中高前、弘前学院大前、弘高下、中央弘前
0%
松小田瀬梅新石 松山町、小牛田、田尻、瀬峰、梅ケ沢、新田、石越
0%
松小馬高八海羽 松原湖、小海、馬流、高岩、八千穂、海瀬、羽黒下
0%
松上松み八常五 松戸、上本郷、松戸新田、みのり台、八柱、常盤平、五香
0%
松新千昭堀千中 松風町、新川町、千歳町、昭和橋、堀川町、千代台、中央病院前
0%
松世上宮山松下 松陰神社前、世田谷、上町、宮の坂、山下、松原、下高井戸
0%
松成日八榎南佐 松尾、成東、日向、八街、榎戸、南酒々井、佐倉
0%
松西渚信大下北 松本、西松本、渚、信濃荒井、大庭、下新、北新・松本大学前
0%
松川箱陸腹茂蟇 松草、川内、箱石、陸中川井、腹帯、茂市、蟇目
0%
松大新西白小千 松飛台、大町、新鎌ヶ谷、西白井、白井、小室、千葉ニュータウン中央
0%
松大中多程高万 松が谷、大塚・帝京大学、中央大学・明星大学、多摩動物公園、程久保、高幡不動、万願寺
0%
松津義石石鯖宿 松木平、津軽大沢、義塾高校前、石川、石川プール前、鯖石、宿川原
0%
松東山谷駿足御 松田、東山北、山北、谷峨、駿河小山、足柄、御殿場
0%
松東秋北矢新京 松飛台、東松戸、秋山、北国分、矢切、新柴又、京成高砂
0%
松洞陸上足平岩 松倉、洞泉、陸中大橋、上有住、足ケ瀬、平倉、岩手上郷
0%
松白大岩あ滝八 松神、白神岳登山口、大間越、岩館、あきた白神、滝ノ間、八森
0%
松函市魚十宝青 松風町、函館駅前、市役所前、魚市場通、十字街、宝来町、青柳町
0%
松函市魚十末大 松風町、函館駅前、市役所前、魚市場通、十字街、末広町、大町
0%
松北島島梓一中 松本、北松本、島内、島高松、梓橋、一日市場、中萱
0%
松北馬新北南柏 松戸、北松戸、馬橋、新松戸、北小金、南柏、柏
0%
松用寄折竹小明 松久、用土、寄居、折原、竹沢、小川町、明覚
0%
松陸東本西下多 松島海岸、陸前浜田、東塩釜、本塩釜、西塩釜、下馬、多賀城
0%
沼岩津敷渋八群 沼田、岩本、津久田、敷島、渋川、八木原、群馬総社
0%
沼原吉今東加鉄 沼南、原市、吉野原、今羽、東宮原、加茂宮、鉄道博物館
0%
沼芝稲十井寄内 沼久保、芝川、稲子、十島、井出、寄畑、内船
0%
沼植南千長サ恵 沼ノ端、植苗、南千歳、千歳、長都、サッポロビール庭園、恵庭
0%
沼西富源富入竪 沼久保、西富士宮、富士宮、源道寺、富士根、入山瀬、竪堀
0%
沼大下長裾岩富 沼津、大岡、下土狩、長泉なめり、裾野、岩波、富士岡
0%
沼片原東吉富富 沼津、片浜、原、東田子の浦、吉原、富士、富士川
0%
沼野都鷺下井上 沼袋、野方、都立家政、鷺ノ宮、下井草、井荻、上井草
0%
湘ゆいい弥緑南 湘南台、ゆめが丘、いずみ中央、いずみ野、弥生台、緑園都市、南万騎が原
0%
湘長高桜大鶴南 湘南台、長後、高座渋谷、桜ヶ丘、大和、鶴間、南林間
0%
湘目片西湘湘富 湘南江の島、目白山下、片瀬山、西鎌倉、湘南深沢、湘南町屋、富士見町
0%
湘六善藤藤本鵠 湘南台、六会日大前、善行、藤沢本町、藤沢、本鵠沼、鵠沼海岸
0%
焼用安静東草清 焼津、用宗、安倍川、静岡、東静岡、草薙、清水
0%
笑岩比奥阿戸上 笑内、岩野目、比立内、奥阿仁、阿仁マタギ、戸沢、上桧木内
0%
象金仁西羽羽折 象潟、金浦、仁賀保、西目、羽後本荘、羽後岩谷、折渡
0%
鐘堀牛北小五梅 鐘ヶ淵、堀切、牛田、北千住、小菅、五反野、梅島
0%
上ふ鶴み柳志朝 上福岡、ふじみ野、鶴瀬、みずほ台、柳瀬川、志木、朝霞台
0%
上安中愛伊当桜 上川、安足間、中愛別、愛別、伊香牛、当麻、桜岡
0%
上伊高七伊飯田 上片桐、伊那田島、高遠原、七久保、伊那本郷、飯島、田切
0%
上伊山下市下元 上片桐、伊那大島、山吹、下平、市田、下市田、元善光寺
0%
上井下鷺都野沼 上井草、井荻、下井草、鷺ノ宮、都立家政、野方、沼袋
0%
上浦早下中佐相 上市場、浦川、早瀬、下川合、中部天竜、佐久間、相月
0%
上曳助八遠第新 上島、曳馬、助信、八幡、遠州病院、第一通り、新浜松
0%
上乙千野狩清小 上北町、乙供、千曳、野辺地、狩場沢、清水川、小湊
0%
上下舞戸踊中立 上永谷、下永谷、舞岡、戸塚、踊場、中田、立場
0%
上下明下板北新 上今市、下今市、明神、下小代、板荷、北鹿沼、新鹿沼
0%
上海上上光馬上 上総村上、海士有木、上総三又、上総山田、光風台、馬立、上総牛久
0%
上岩峰光美茶奈 上幌向、岩見沢、峰延、光珠内、美唄、茶志内、奈井江
0%
上宮大さ浦赤尾 上尾、宮原、大宮、さいたま新都心、浦和、赤羽、尾久
0%
上区松川箱陸腹 上米内、区界、松草、川内、箱石、陸中川井、腹帯
0%
上熊ソ持行東武 上熊谷、熊谷、ソシオ流通センター、持田、行田市、東行田、武州荒木
0%
上桑西信平横森 上桑名川、桑名川、西大滝、信濃白鳥、平滝、横倉、森宮野原
0%
上月飯里高上上 上総大久保、月崎、飯給、里見、高滝、上総久保、上総鶴舞
0%
上戸阿奥比岩笑 上桧木内、戸沢、阿仁マタギ、奥阿仁、比立内、岩野目、笑内
0%
上戸信北飯蓮替 上境、戸狩野沢温泉、信濃平、北飯山、飯山、蓮、替佐
0%
上後沼岩津敷渋 上牧、後閑、沼田、岩本、津久田、敷島、渋川
0%
上光馬上上上上 上総山田、光風台、馬立、上総牛久、上総川間、上総鶴舞、上総久保
0%
上弘井南黄日戸 上大岡、弘明寺、井土ヶ谷、南太田、黄金町、日ノ出町、戸部
0%
上弘蒔吉阪伊関 上大岡、弘明寺、蒔田、吉野町、阪東橋、伊勢佐木長者町、関内
0%
上港上下舞戸踊 上大岡、港南中央、上永谷、下永谷、舞岡、戸塚、踊場
0%
上港上弘蒔吉阪 上永谷、港南中央、上大岡、弘明寺、蒔田、吉野町、阪東橋
0%
上高向瀬福卸福 上保原、高子、向瀬上、瀬上、福島学院前、卸町、福島
0%
上高里飯月上養 上総久保、高滝、里見、飯給、月崎、上総大久保、養老渓谷
0%
上佐大青君木巌 上総湊、佐貫町、大貫、青堀、君津、木更津、巌根
0%
上左羽松羽八西 上桧木内、左通、羽後中里、松葉、羽後長戸呂、八津、西明寺
0%
上桜下明代笹幡 上北沢、桜上水、下高井戸、明大前、代田橋、笹塚、幡ヶ谷
0%
上桜玉砂泉立高 上北台、桜街道、玉川上水、砂川七番、泉体育館、立飛、高松
0%
上笹桜平医花飯 上松川、笹谷、桜水、平野、医王寺前、花水坂、飯坂温泉
0%
上三横院及大釜 上湯沢、三関、横堀、院内、及位、大滝、釜淵
0%
上山上区松川箱 上盛岡、山岸、上米内、区界、松草、川内、箱石
0%
上四梁鳥猿大初 上野原、四方津、梁川、鳥沢、猿橋、大月、初狩
0%
上寺神大下中塩 上田原、寺下、神畑、大学前、下之郷、中塩田、塩田町
0%
上小三向下陸八 上北町、小川原、三沢、向山、下田、陸奥市川、八戸
0%
上小女吹遊南本 上浜、小砂川、女鹿、吹浦、遊佐、南鳥海、本楯
0%
上松み八常五元 上本郷、松戸新田、みのり台、八柱、常盤平、五香、元山
0%
上上井下鷺都野 上石神井、上井草、井荻、下井草、鷺ノ宮、都立家政、野方
0%
上上桑西信平横 上境、上桑名川、桑名川、西大滝、信濃白鳥、平滝、横倉
0%
上上戸信北飯蓮 上桑名川、上境、戸狩野沢温泉、信濃平、北飯山、飯山、蓮
0%
上上光馬上上上 上総三又、上総山田、光風台、馬立、上総牛久、上総川間、上総鶴舞
0%
上上高里飯月上 上総鶴舞、上総久保、高滝、里見、飯給、月崎、上総大久保
0%
上上上高里飯月 上総川間、上総鶴舞、上総久保、高滝、里見、飯給、月崎
0%
上上上上高里飯 上総牛久、上総川間、上総鶴舞、上総久保、高滝、里見、飯給
0%
上上上上馬光上 上総久保、上総鶴舞、上総川間、上総牛久、馬立、光風台、上総山田
0%
上上上馬光上上 上総鶴舞、上総川間、上総牛久、馬立、光風台、上総山田、上総三又
0%
上上西吉馬西山 上州福島、上州新屋、西吉井、吉井、馬庭、西山名、山名
0%
上上東上西上上 上州新屋、上州福島、東富岡、上州富岡、西富岡、上州七日市、上州一ノ宮
0%
上上馬光上上海 上総川間、上総牛久、馬立、光風台、上総山田、上総三又、海士有木
0%
上上武東西田花 上井草、上石神井、武蔵関、東伏見、西武柳沢、田無、花小金井
0%
上上平久俵小下 上総亀山、上総松丘、平山、久留里、俵田、小櫃、下郡
0%
上城三赤上寺神 上田、城下、三好町、赤坂上、上田原、寺下、神畑
0%
上城大小東久総 上総中川、城見ヶ丘、大多喜、小谷松、東総元、久我原、総元
0%
上常瓜静常玉野 上菅谷、常陸鴻巣、瓜連、静、常陸大宮、玉川村、野上原
0%
上信大田滋小平 上田、信濃国分寺、大屋、田中、滋野、小諸、平原
0%
上新国上城大小 上総東、新田野、国吉、上総中川、城見ヶ丘、大多喜、小谷松
0%
上新蔵両森清門 上野御徒町、新御徒町、蔵前、両国、森下、清澄白河、門前仲町
0%
上親皆和大秩御 上長瀞、親鼻、皆野、和銅黒谷、大野原、秩父、御花畑
0%
上水湯土土越岩 上牧、水上、湯檜曽、土合、土樽、越後中里、岩原スキー場前
0%
上西テ坂戸千屋 上田、西上田、テクノさかき、坂城、戸倉、千曲、屋代
0%
上西ラ中鹿学富 上富良野、西中、ラベンダー畑、中富良野、鹿討、学田、富良野
0%
上西下中山野玉 上小川、西金、下小川、中舟生、山方宿、野上原、玉川村
0%
上西吉馬西山高 上州新屋、西吉井、吉井、馬庭、西山名、山名、高崎商科大学前
0%
上西上上神南千 上州富岡、西富岡、上州七日市、上州一ノ宮、神農原、南蛇井、千平
0%
上西上東上上西 上州七日市、西富岡、上州富岡、東富岡、上州福島、上州新屋、西吉井
0%
上西総久東小大 上総中野、西畑、総元、久我原、東総元、小谷松、大多喜
0%
上西鶴二希三瀬 上星川、西谷、鶴ヶ峰、二俣川、希望ヶ丘、三ツ境、瀬谷
0%
上石ひ大明武永 上熊谷、石原、ひろせ野鳥の森、大麻生、明戸、武川、永田
0%
上赤心江大樋北 上泉、赤坂、心臓血管センター、江木、大胡、樋越、北原
0%
上倉須大野十南 上松、倉本、須原、大桑、野尻、十二兼、南木曽
0%
上相松東山谷駿 上大井、相模金子、松田、東山北、山北、谷峨、駿河小山
0%
上足平岩青遠綾 上有住、足ケ瀬、平倉、岩手上郷、青笹、遠野、綾織
0%
上替蓮飯北信戸 上今井、替佐、蓮、飯山、北飯山、信濃平、戸狩野沢温泉
0%
上袋常下矢東南 上小川、袋田、常陸大子、下野宮、矢祭山、東館、南石井
0%
上大熊本高上越 上野、大宮、熊谷、本庄早稲田、高崎、上毛高原、越後湯沢
0%
上大石越岩越土 上越国際スキー場前、大沢、石打、越後湯沢、岩原スキー場前、越後中里、土樽
0%
上池川鳴鳴中堺 上野目、池月、川渡温泉、鳴子御殿湯、鳴子温泉、中山平温泉、堺田
0%
上竹浜保安岩富 上総湊、竹岡、浜金谷、保田、安房勝山、岩井、富浦
0%
上中下後常常水 上菅谷、中菅谷、下菅谷、後台、常陸津田、常陸青柳、水戸
0%
上中湯川川龍新 上三依塩原温泉口、中三依温泉、湯西川温泉、川治湯元、川治温泉、龍王峡、新藤原
0%
上中磐安喜郡郡 上戸、中山宿、磐梯熱海、安子ケ島、喜久田、郡山富田、郡山
0%
上仲秋小人茅八 上野、仲御徒町、秋葉原、小伝馬町、人形町、茅場町、八丁堀
0%
上長飯上糸黒富 上田、長野、飯山、上越妙高、糸魚川、黒部宇奈月温泉、富山
0%
上長野樋波寄桜 上長瀞、長瀞、野上、樋口、波久礼、寄居、桜沢
0%
上追大羽井八鯉 上飯島、追分、大久保、羽後飯塚、井川さくら、八郎潟、鯉川
0%
上天二西岩宮フ 上野部、天竜二俣、二俣本町、西鹿島、岩水寺、宮口、フルーツパーク
0%
上田禾赤都谷都 上大月、田野倉、禾生、赤坂、都留市、谷村町、都留文科大学前
0%
上田西日鶯上御 上中里、田端、西日暮里、日暮里、鶯谷、上野、御徒町
0%
上土泉秋四和大 上飯島、土崎、泉外旭川、秋田、四ツ小屋、和田、大張野
0%
上東横東馬下小 上総清川、東清川、横田、東横田、馬来田、下郡、小櫃
0%
上東下成和朝朝 上板橋、東武練馬、下赤塚、成増、和光市、朝霞、朝霞台
0%
上東上上西吉馬 上州富岡、東富岡、上州福島、上州新屋、西吉井、吉井、馬庭
0%
上東上西上上神 上州福島、東富岡、上州富岡、西富岡、上州七日市、上州一ノ宮、神農原
0%
上東太長三大浪 上総一ノ宮、東浪見、太東、長者町、三門、大原、浪花
0%
上湯下十醍柳横 上湯沢、湯沢、下湯沢、十文字、醍醐、柳田、横手
0%
上等尾九自緑大 上野毛、等々力、尾山台、九品仏、自由が丘、緑が丘、大岡山
0%
上藤相高西八豊 上野原、藤野、相模湖、高尾、西八王子、八王子、豊田
0%
上徳豊日鹿津三 上野尻、徳沢、豊実、日出谷、鹿瀬、津川、三川
0%
上二天船脇羽男 上二田、二田、天王、船越、脇本、羽立、男鹿
0%
上日三南北綾亀 上野、日暮里、三河島、南千住、北千住、綾瀬、亀有
0%
上馬光上上海上 上総牛久、馬立、光風台、上総山田、上総三又、海士有木、上総村上
0%
上白関青小寺新 上所、白山、関屋、青山、小針、寺尾、新潟大学前
0%
上白丸瀬遠安生 上川、白滝、丸瀬布、瀬戸瀬、遠軽、安国、生田原
0%
上番原下相入海 上溝、番田、原当麻、下溝、相武台下、入谷、海老名
0%
上尾赤浦さ大宮 上野、尾久、赤羽、浦和、さいたま新都心、大宮、宮原
0%
上尾赤浦さ大土 上野、尾久、赤羽、浦和、さいたま新都心、大宮、土呂
0%
上尾門厚茶浜姉 上尾幌、尾幌、門静、厚岸、茶内、浜中、姉別
0%
上美美北千西西 上富良野、美馬牛、美瑛、北美瑛、千代ケ岡、西聖和、西神楽
0%
上武東西田花小 上石神井、武蔵関、東伏見、西武柳沢、田無、花小金井、小平
0%
上平久俵小下馬 上総松丘、平山、久留里、俵田、小櫃、下郡、馬来田
0%
上米桂阿前小阿 上杉、米内沢、桂瀬、阿仁前田温泉、前田南、小渕、阿仁合
0%
上保大二新梁や 上保原、保原、大泉、二井田、新田、梁川、やながわ希望の森公園前
0%
上豊敷遠円森遠 上野部、豊岡、敷地、遠江一宮、円田、森町病院前、遠州森
0%
上北桶北鴻北吹 上尾、北上尾、桶川、北本、鴻巣、北鴻巣、吹上
0%
上北島恵恵サ長 上野幌、北広島、島松、恵み野、恵庭、サッポロビール庭園、長都
0%
上本春飯牛牛若 上野御徒町、本郷三丁目、春日、飯田橋、牛込神楽坂、牛込柳町、若松河田
0%
上本水花中小神 上神梅、本宿、水沼、花輪、中野、小中、神戸
0%
上末神三日京銀 上野広小路、末広町、神田、三越前、日本橋、京橋、銀座
0%
上茂渡釜泉札木 上磯、茂辺地、渡島当別、釜谷、泉沢、札苅、木古内
0%
上木原宮藪奈木 上松、木曽福島、原野、宮ノ越、藪原、奈良井、木曽平沢
0%
上夜信中信延桜 上条、夜間瀬、信濃竹原、中野松川、信州中野、延徳、桜沢
0%
上野尾荻山喜会 上野尻、野沢、尾登、荻野、山都、喜多方、会津豊川
0%
上有岩西東西塚 上野目、有備館、岩出山、西大崎、東大崎、西古川、塚目
0%
上涌前佳鹿曽石 上涌谷、涌谷、前谷地、佳景山、鹿又、曽波神、石巻
0%
上養上月飯里高 上総中野、養老渓谷、上総大久保、月崎、飯給、里見、高滝
0%
上和星天西平横 上星川、和田町、星川、天王町、西横浜、平沼橋、横浜
0%
上屏杉京能金金 上大岡、屏風浦、杉田、京急富岡、能見台、金沢文庫、金沢八景
0%
上鶯日西田駒巣 上野、鶯谷、日暮里、西日暮里、田端、駒込、巣鴨
0%
上鶯日西田上王 上野、鶯谷、日暮里、西日暮里、田端、上中里、王子
0%
城伊伊伊伊片伊 城ヶ崎海岸、伊豆高原、伊豆大川、伊豆北川、伊豆熱川、片瀬白田、伊豆稲取
0%
城向水大小中伊 城西、向市場、水窪、大嵐、小和田、中井侍、伊那小沢
0%
城三赤上寺神大 城下、三好町、赤坂上、上田原、寺下、神畑、大学前
0%
城三片上赤心江 城東、三俣、片貝、上泉、赤坂、心臓血管センター、江木
0%
城上国新上西大 城見ヶ丘、上総中川、国吉、新田野、上総東、西大原、大原
0%
城相佐中下早浦 城西、相月、佐久間、中部天竜、下川合、早瀬、浦川
0%
城大小東久総西 城見ヶ丘、大多喜、小谷松、東総元、久我原、総元、西畑
0%
常下矢東南磐磐 常陸大子、下野宮、矢祭山、東館、南石井、磐城石井、磐城塙
0%
常玉野山中下西 常陸大宮、玉川村、野上原、山方宿、中舟生、下小川、西金
0%
常金岡気西寸浜 常葉大学前、金指、岡地、気賀、西気賀、寸座、浜名湖佐久米
0%
常後下中上常瓜 常陸津田、後台、下菅谷、中菅谷、上菅谷、常陸鴻巣、瓜連
0%
常国甲南善金甲 常永、国母、甲斐住吉、南甲府、善光寺、金手、甲府
0%
常小東甲芦市市 常永、小井川、東花輪、甲斐上野、芦川、市川本町、市川大門
0%
常上中下後常常 常陸鴻巣、上菅谷、中菅谷、下菅谷、後台、常陸津田、常陸青柳
0%
常常後下中上常 常陸青柳、常陸津田、後台、下菅谷、中菅谷、上菅谷、常陸鴻巣
0%
常袋上西下中山 常陸大子、袋田、上小川、西金、下小川、中舟生、山方宿
0%
常大東佐勝水偕 常陸多賀、大甕、東海、佐和、勝田、水戸、偕楽園
0%
常都フ宮岩西二 常葉大学前、都田、フルーツパーク、宮口、岩水寺、西鹿島、二俣本町
0%
常日小十高南磯 常陸多賀、日立、小木津、十王、高萩、南中郷、磯原
0%
植南千長サ恵恵 植苗、南千歳、千歳、長都、サッポロビール庭園、恵庭、恵み野
0%
植勿大磯南高十 植田、勿来、大津港、磯原、南中郷、高萩、十王
0%
織岩浪吉大鵜両 織笠、岩手船越、浪板海岸、吉里吉里、大槌、鵜住居、両石
0%
織陸豊払津八磯 織笠、陸中山田、豊間根、払川、津軽石、八木沢・宮古短大、磯鶏
0%
尻矢鹿平向武武 尻手、矢向、鹿島田、平間、向河原、武蔵小杉、武蔵中原
0%
信安信南信北信 信濃松川、安曇沓掛、信濃常盤、南大町、信濃大町、北大町、信濃木崎
0%
信安信北細安有 信濃常盤、安曇沓掛、信濃松川、北細野、細野、安曇追分、有明
0%
信稲海簗南神飯 信濃木崎、稲尾、海ノ口、簗場、南神城、神城、飯森
0%
信延桜都小北須 信州中野、延徳、桜沢、都住、小布施、北須坂、須坂
0%
信戸上上桑西信 信濃平、戸狩野沢温泉、上境、上桑名川、桑名川、西大滝、信濃白鳥
0%
信御平小滋田大 信濃追分、御代田、平原、小諸、滋野、田中、大屋
0%
信佐佐海松小馬 信濃川上、佐久広瀬、佐久海ノ口、海尻、松原湖、小海、馬流
0%
信四市飯水御秋 信濃町、四ツ谷、市ケ谷、飯田橋、水道橋、御茶ノ水、秋葉原
0%
信小長日穴新韮 信濃境、小淵沢、長坂、日野春、穴山、新府、韮崎
0%
信上西テ坂戸千 信濃国分寺、上田、西上田、テクノさかき、坂城、戸倉、千曲
0%
信西桑上上戸信 信濃白鳥、西大滝、桑名川、上桑名川、上境、戸狩野沢温泉、信濃平
0%
信千代新大東中 信濃町、千駄ケ谷、代々木、新宿、大久保、東中野、中野
0%
信大下北新三森 信濃荒井、大庭、下新、北新・松本大学前、新村、三溝、森口
0%
信大田滋小平御 信濃国分寺、大屋、田中、滋野、小諸、平原、御代田
0%
信中信延桜都小 信濃竹原、中野松川、信州中野、延徳、桜沢、都住、小布施
0%
信朝附柳村日須 信濃吉田、朝陽、附属中学前、柳原、村山、日野、須坂
0%
信南信安信北細 信濃大町、南大町、信濃常盤、安曇沓掛、信濃松川、北細野、細野
0%
信南信北信稲海 信濃常盤、南大町、信濃大町、北大町、信濃木崎、稲尾、海ノ口
0%
信白千南中北平 信濃森上、白馬大池、千国、南小谷、中土、北小谷、平岩
0%
信白飯神南簗海 信濃森上、白馬、飯森、神城、南神城、簗場、海ノ口
0%
信富す青茅上下 信濃境、富士見、すずらんの里、青柳、茅野、上諏訪、下諏訪
0%
信平横森足越津 信濃白鳥、平滝、横倉、森宮野原、足滝、越後田中、津南
0%
信北信稲海簗南 信濃大町、北大町、信濃木崎、稲尾、海ノ口、簗場、南神城
0%
信北信南信安信 信濃木崎、北大町、信濃大町、南大町、信濃常盤、安曇沓掛、信濃松川
0%
信北飯蓮替上立 信濃平、北飯山、飯山、蓮、替佐、上今井、立ケ花
0%
信立上替蓮飯北 信濃浅野、立ケ花、上今井、替佐、蓮、飯山、北飯山
0%
心江大樋北新粕 心臓血管センター、江木、大胡、樋越、北原、新屋、粕川
0%
心赤上片三城中 心臓血管センター、赤坂、上泉、片貝、三俣、城東、中央前橋
0%
新ア大知尾奥三 新所原、アスモ前、大森、知波田、尾奈、奥浜名湖、三ヶ日
0%
新ト占新川追南 新得、トマム、占冠、新夕張、川端、追分、南千歳
0%
新ゆ稲戸南守新 新取手、ゆめみ野、稲戸井、戸頭、南守谷、守谷、新守谷
0%
新磯根山石関桜 新杉田、磯子、根岸、山手、石川町、関内、桜木町
0%
新浦厚音白西庶 新吉野、浦幌、厚内、音別、白糠、西庶路、庶路
0%
新永北比蘭塩和 新旭川、永山、北永山、比布、蘭留、塩狩、和寒
0%
新越北大せ武一 新越谷、越谷、北越谷、大袋、せんげん台、武里、一ノ割
0%
新加金中平坂平 新発田、加治、金塚、中条、平木田、坂町、平林
0%
新開栢富螢足小 新松田、開成、栢山、富水、螢田、足柄、小田原
0%
新柿鶴玉町相小 新百合ヶ丘、柿生、鶴川、玉川学園前、町田、相模大野、小田急相模原
0%
新葛舞新市二南 新木場、葛西臨海公園、舞浜、新浦安、市川塩浜、二俣新町、南船橋
0%
新蒲新越北大せ 新田、蒲生、新越谷、越谷、北越谷、大袋、せんげん台
0%
新蒲由興清草東 新蒲原、蒲原、由比、興津、清水、草薙、東静岡
0%
新館平柏津尾田 新里、館田、平賀、柏農高校前、津軽尾上、尾上高校前、田んぼアート
0%
新岸片三三横高 新横浜、岸根公園、片倉町、三ツ沢上町、三ツ沢下町、横浜、高島町
0%
新吉吉越南東東 新三郷、吉川美南、吉川、越谷レイクタウン、南越谷、東川口、東浦和
0%
新京水神月中新 新津、京ケ瀬、水原、神山、月岡、中浦、新発田
0%
新銀京日三神末 新橋、銀座、京橋、日本橋、三越前、神田、末広町
0%
新銀有桜永麹市 新富町、銀座一丁目、有楽町、桜田門、永田町、麹町、市ケ谷
0%
新駒相日鹿原磐 新地、駒ケ嶺、相馬、日立木、鹿島、原ノ町、磐城太田
0%
新群八渋敷津岩 新前橋、群馬総社、八木原、渋川、敷島、津久田、岩本
0%
新郡福白仙古く 新白河、郡山、福島、白石蔵王、仙台、古川、くりこま高原
0%
新桂下道岩羽折 新屋、桂根、下浜、道川、岩城みなと、羽後亀田、折渡
0%
新穴日長小信富 新府、穴山、日野春、長坂、小淵沢、信濃境、富士見
0%
新古矢田羽加保 新津、古津、矢代田、田上、羽生田、加茂、保内
0%
新虎溜赤青外表 新橋、虎ノ門、溜池山王、赤坂見附、青山一丁目、外苑前、表参道
0%
新五栗黒は小小 新百合ヶ丘、五月台、栗平、黒川、はるひ野、小田急永山、小田急多摩センター
0%
新航所東久小花 新所沢、航空公園、所沢、東村山、久米川、小平、花小金井
0%
新高西蓮志志本 新高島平、高島平、西台、蓮根、志村三丁目、志村坂上、本蓮沼
0%
新高目池大巣駒 新大久保、高田馬場、目白、池袋、大塚、巣鴨、駒込
0%
新剛境世木細太 新伊勢崎、剛志、境町、世良田、木崎、細谷、太田
0%
新合家東楡樅新 新栃木、合戦場、家中、東武金崎、楡木、樅山、新鹿沼
0%
新国上城大小東 新田野、国吉、上総中川、城見ヶ丘、大多喜、小谷松、東総元
0%
新坂山浜亘逢岩 新地、坂元、山下、浜吉田、亘理、逢隈、岩沼
0%
新三森下波渕新 新村、三溝、森口、下島、波田、渕東、新島々
0%
新三南新新東市 新三郷、三郷、南流山、新松戸、新八柱、東松戸、市川大野
0%
新四四赤国霞銀 新宿御苑前、四谷三丁目、四ツ谷、赤坂見附、国会議事堂前、霞ケ関、銀座
0%
新市船津稲千東 新小岩、市川、船橋、津田沼、稲毛、千葉、東千葉
0%
新市二南新幕海 新浦安、市川塩浜、二俣新町、南船橋、新習志野、幕張豊砂、海浜幕張
0%
新寺小青関白上 新潟大学前、寺尾、小針、青山、関屋、白山、上所
0%
新七八二い盛新 新青森、七戸十和田、八戸、二戸、いわて沼宮内、盛岡、新花巻
0%
新若会塔会会郷 新鶴、若宮、会津坂下、塔寺、会津坂本、会津柳津、郷戸
0%
新守南戸稲ゆ新 新守谷、守谷、南守谷、戸頭、稲戸井、ゆめみ野、新取手
0%
新舟芦北大袖村 新庄、舟形、芦沢、北大石田、大石田、袖崎、村山
0%
新十御芽大西柏 新得、十勝清水、御影、芽室、大成、西帯広、柏林台
0%
新渋恵大西武新 新宿、渋谷、恵比寿、大崎、西大井、武蔵小杉、新川崎
0%
新渋秦東鶴伊愛 新松田、渋沢、秦野、東海大学前、鶴巻温泉、伊勢原、愛甲石田
0%
新渋品東千四佐 新宿、渋谷、品川、東京、千葉、四街道、佐倉
0%
新初鎌二三滝高 新鎌ヶ谷、初富、鎌ヶ谷大仏、二和向台、三咲、滝不動、高根公団
0%
新初幡笹代明下 新宿、初台、幡ヶ谷、笹塚、代田橋、明大前、下高井戸
0%
新升羽津古高清 新庄、升形、羽前前波、津谷、古口、高屋、清川
0%
新小市本下西船 新小岩、小岩、市川、本八幡、下総中山、西船橋、船橋
0%
新小水北中三南 新守谷、小絹、水海道、北水海道、中妻、三妻、南石下
0%
新小土晴岩宮柏 新花巻、小山田、土沢、晴山、岩根橋、宮守、柏木平
0%
新松函市魚十宝 新川町、松風町、函館駅前、市役所前、魚市場通、十字街、宝来町
0%
新松函市魚十末 新川町、松風町、函館駅前、市役所前、魚市場通、十字街、末広町
0%
新沼野都鷺下井 新井薬師前、沼袋、野方、都立家政、鷺ノ宮、下井草、井荻
0%
新上ふ鶴み柳志 新河岸、上福岡、ふじみ野、鶴瀬、みずほ台、柳瀬川、志木
0%
新上白関青小寺 新潟、上所、白山、関屋、青山、小針、寺尾
0%
新上北島恵恵サ 新札幌、上野幌、北広島、島松、恵み野、恵庭、サッポロビール庭園
0%
新上本春飯牛牛 新御徒町、上野御徒町、本郷三丁目、春日、飯田橋、牛込神楽坂、牛込柳町
0%
新新高目池大巣 新宿、新大久保、高田馬場、目白、池袋、大塚、巣鴨
0%
新新四四赤国霞 新宿三丁目、新宿御苑前、四谷三丁目、四ツ谷、赤坂見附、国会議事堂前、霞ケ関
0%
新新曙市九神小 新宿、新宿三丁目、曙橋、市ヶ谷、九段下、神保町、小川町
0%
新新新四四赤国 新宿、新宿三丁目、新宿御苑前、四谷三丁目、四ツ谷、赤坂見附、国会議事堂前
0%
新新新西中新東 新宿御苑前、新宿三丁目、新宿、西新宿、中野坂上、新中野、東高円寺
0%
新新西中新東新 新宿三丁目、新宿、西新宿、中野坂上、新中野、東高円寺、新高円寺
0%
新新膳粕新北樋 新川、新里、膳、粕川、新屋、北原、樋越
0%
新新代原渋恵目 新大久保、新宿、代々木、原宿、渋谷、恵比寿、目黒
0%
新新東市船西南 新松戸、新八柱、東松戸、市川大野、船橋法典、西船橋、南船橋
0%
新新東新北西武 新小平、新秋津、東所沢、新座、北朝霞、西浦和、武蔵浦和
0%
新新東赤桐天富 新里、新川、東新川、赤城、桐生球場前、天王宿、富士山下
0%
新神本岡深籠熊 新町、神保原、本庄、岡部、深谷、籠原、熊谷
0%
新仁大大赤駒森 新函館北斗、仁山、大沼、大沼公園、赤井川、駒ケ岳、森
0%
新盛い二八七新 新花巻、盛岡、いわて沼宮内、二戸、八戸、七戸十和田、新青森
0%
新西み京検京京 新千葉、西登戸、みどり台、京成稲毛、検見川、京成幕張、京成幕張本郷
0%
新西巣千白春水 新板橋、西巣鴨、巣鴨、千石、白山、春日、水道橋
0%
新西中新東新南 新宿、西新宿、中野坂上、新中野、東高円寺、新高円寺、南阿佐ケ谷
0%
新西白小千印印 新鎌ヶ谷、西白井、白井、小室、千葉ニュータウン中央、印西牧の原、印旛日本医大
0%
新青鮫立大平大 新馬場、青物横丁、鮫洲、立会川、大森海岸、平和島、大森町
0%
新静掛浜豊三名 新富士、静岡、掛川、浜松、豊橋、三河安城、名古屋
0%
新静藤板柳新栗 新大平下、静和、藤岡、板倉東洋大前、柳生、新古河、栗橋
0%
新石油花清有一 新田、石越、油島、花泉、清水原、有壁、一ノ関
0%
新摂岩島田普白 新田老、摂待、岩泉小本、島越、田野畑、普代、白井海岸
0%
新千昭堀千中五 新川町、千歳町、昭和橋、堀川町、千代台、中央病院前、五稜郭公園前
0%
新川川霞鶴若坂 新河岸、川越、川越市、霞ヶ関、鶴ヶ島、若葉、坂戸
0%
新泉羽真釜大及 新庄、泉田、羽前豊里、真室川、釜淵、大滝、及位
0%
新前前駒伊国岩 新前橋、前橋、前橋大島、駒形、伊勢崎、国定、岩宿
0%
新前薬習北高高 新津田沼、前原、薬園台、習志野、北習志野、高根木戸、高根公団
0%
新膳粕新北樋大 新里、膳、粕川、新屋、北原、樋越、大胡
0%
新早豊黒佐西新 新崎、早通、豊栄、黒山、佐々木、西新発田、新発田
0%
新増逆高六新鎌 新柏、増尾、逆井、高柳、六実、新鎌ヶ谷、鎌ヶ谷
0%
新多田奥大洗西 新丸子、多摩川、田園調布、奥沢、大岡山、洗足、西小山
0%
新代原渋恵目五 新宿、代々木、原宿、渋谷、恵比寿、目黒、五反田
0%
新代千信四市飯 新宿、代々木、千駄ケ谷、信濃町、四ツ谷、市ケ谷、飯田橋
0%
新大岩羽福稲笠 新治、大和、岩瀬、羽黒、福原、稲田、笠間
0%
新大三泉高五戸 新橋、大門、三田、泉岳寺、高輪台、五反田、戸越
0%
新大庶西白音厚 新大楽毛、大楽毛、庶路、西庶路、白糠、音別、厚内
0%
新大松東秋北矢 新鎌ヶ谷、大町、松飛台、東松戸、秋山、北国分、矢切
0%
新大東中高阿荻 新宿、大久保、東中野、中野、高円寺、阿佐ケ谷、荻窪
0%
新大二日霞国赤 新御茶ノ水、大手町、二重橋前、日比谷、霞ケ関、国会議事堂前、赤坂
0%
新第遠八助曳上 新浜松、第一通り、遠州病院、八幡、助信、曳馬、上島
0%
新辰豊月新銀有 新木場、辰巳、豊洲、月島、新富町、銀座一丁目、有楽町
0%
新池板十赤北浮 新宿、池袋、板橋、十条、赤羽、北赤羽、浮間舟渡
0%
新中高阿荻西吉 新宿、中野、高円寺、阿佐ケ谷、荻窪、西荻窪、吉祥寺
0%
新中西新新新四 新中野、中野坂上、西新宿、新宿、新宿三丁目、新宿御苑前、四谷三丁目
0%
新津鶴大浪北川 新青森、津軽新城、鶴ケ坂、大釈迦、浪岡、北常盤、川部
0%
新塚馬鎌新六高 新船橋、塚田、馬込沢、鎌ヶ谷、新鎌ヶ谷、六実、高柳
0%
新鶴川蒲大大品 新子安、鶴見、川崎、蒲田、大森、大井町、品川
0%
新田佐一山宮磯 新田老、田老、佐羽根、一の渡、山口団地、宮古、磯鶏
0%
新都西中東中落 新宿、都庁前、西新宿五丁目、中野坂上、東中野、中井、落合南長崎
0%
新東国東天品大 新木場、東雲、国際展示場、東京テレポート、天王洲アイル、品川シーサイド、大井町
0%
新東若牛牛飯春 新宿西口、東新宿、若松河田、牛込柳町、牛込神楽坂、飯田橋、春日
0%
新東新新西北府 新座、東所沢、新秋津、新小平、西国分寺、北府中、府中本町
0%
新東新北五猿馬 新津、東新津、新関、北五泉、五泉、猿和田、馬下
0%
新東新北西武南 新秋津、東所沢、新座、北朝霞、西浦和、武蔵浦和、南浦和
0%
新東西雑池要千 新宿三丁目、東新宿、西早稲田、雑司が谷、池袋、要町、千川
0%
新東赤桐天富丸 新川、東新川、赤城、桐生球場前、天王宿、富士山下、丸山下
0%
新東大新早豊黒 新潟、東新潟、大形、新崎、早通、豊栄、黒山
0%
新東宝日人東浅 新橋、東銀座、宝町、日本橋、人形町、東日本橋、浅草橋
0%
新東明永西浜高 新代田、東松原、明大前、永福町、西永福、浜田山、高井戸
0%
新栃新静藤板柳 新栃木、栃木、新大平下、静和、藤岡、板倉東洋大前、柳生
0%
新那宇小大上東 新白河、那須塩原、宇都宮、小山、大宮、上野、東京
0%
新内内越越巻岩 新潟大学前、内野、内野西が丘、越後赤塚、越後曽根、巻、岩室
0%
新南三新吉吉越 新松戸、南流山、三郷、新三郷、吉川美南、吉川、越谷レイクタウン
0%
新南参代代東下 新宿、南新宿、参宮橋、代々木八幡、代々木上原、東北沢、下北沢
0%
新南長東瀬鵜大 新庄、南新庄、長沢、東長沢、瀬見温泉、鵜杉、大堀
0%
新南鳥並並幸産 新杉田、南部市場、鳥浜、並木北、並木中央、幸浦、産業振興センター
0%
新南東桜当伊愛 新旭川、南永山、東旭川、桜岡、当麻、伊香牛、愛別
0%
新南二市新舞葛 新習志野、南船橋、二俣新町、市川塩浜、新浦安、舞浜、葛西臨海公園
0%
新二大保上高向 新田、二井田、大泉、保原、上保原、高子、向瀬上
0%
新日音春柚長古 新静岡、日吉町、音羽町、春日町、柚木、長沼、古庄
0%
新入桜狐御草県 新清水、入江岡、桜橋、狐ヶ崎、御門台、草薙、県立美術館前
0%
新韮塩竜甲酒石 新府、韮崎、塩崎、竜王、甲府、酒折、石和温泉
0%
新馬錦新市船津 新日本橋、馬喰町、錦糸町、新小岩、市川、船橋、津田沼
0%
新馬北松金亀綾 新松戸、馬橋、北松戸、松戸、金町、亀有、綾瀬
0%
新梅瀬田小松鹿 新田、梅ケ沢、瀬峰、田尻、小牛田、松山町、鹿島台
0%
新柏豊流初江運 新柏、柏、豊四季、流山おおたかの森、初石、江戸川台、運河
0%
新白蓮東土大さ 新白岡、白岡、蓮田、東大宮、土呂、大宮、さいたま新都心
0%
新粕膳新新東赤 新屋、粕川、膳、新里、新川、東新川、赤城
0%
新板板本志志蓮 新板橋、板橋区役所前、板橋本町、本蓮沼、志村坂上、志村三丁目、蓮根
0%
新品西武新横保 新橋、品川、西大井、武蔵小杉、新川崎、横浜、保土ケ谷
0%
新品川横戸大藤 新橋、品川、川崎、横浜、戸塚、大船、藤沢
0%
新浜田高品大五 新橋、浜松町、田町、高輪ゲートウェイ、品川、大崎、五反田
0%
新浜田高品大大 新橋、浜松町、田町、高輪ゲートウェイ、品川、大井町、大森
0%
新富黒糸上飯長 新高岡、富山、黒部宇奈月温泉、糸魚川、上越妙高、飯山、長野
0%
新富富吉東原片 新蒲原、富士川、富士、吉原、東田子の浦、原、片浜
0%
新武元日綱大菊 新丸子、武蔵小杉、元住吉、日吉、綱島、大倉山、菊名
0%
新武西大恵渋新 新川崎、武蔵小杉、西大井、大崎、恵比寿、渋谷、新宿
0%
新舞葛新潮越八 新浦安、舞浜、葛西臨海公園、新木場、潮見、越中島、八丁堀
0%
新平亀錦両浅秋 新小岩、平井、亀戸、錦糸町、両国、浅草橋、秋葉原
0%
新豊十池利幕札 新吉野、豊頃、十弗、池田、利別、幕別、札内
0%
新北く元五常八 新鎌ヶ谷、北初富、くぬぎ山、元山、五香、常盤平、八柱
0%
新北下大信渚西 新村、北新・松本大学前、下新、大庭、信濃荒井、渚、西松本
0%
新北五猿馬咲東 新関、北五泉、五泉、猿和田、馬下、咲花、東下条
0%
新北上南高春直 新井、北新井、上越妙高、南高田、高田、春日山、直江津
0%
新北新岸片三三 新羽、北新横浜、新横浜、岸根公園、片倉町、三ツ沢上町、三ツ沢下町
0%
新北新仲セセ中 新横浜、北新横浜、新羽、仲町台、センター南、センター北、中川
0%
新北水一く古仙 新花巻、北上、水沢江刺、一ノ関、くりこま高原、古川、仙台
0%
新北西武南東東 新座、北朝霞、西浦和、武蔵浦和、南浦和、東浦和、東川口
0%
新北大鹿鹿長荒 新鉾田、北浦湖畔、大洋、鹿島灘、鹿島大野、長者ヶ浜潮騒はまなす公園前、荒野台
0%
新北南柏北我天 新松戸、北小金、南柏、柏、北柏、我孫子、天王台
0%
新北板下明下上 新鹿沼、北鹿沼、板荷、下小代、明神、下今市、上今市
0%
新北樋大江心赤 新屋、北原、樋越、大胡、江木、心臓血管センター、赤坂
0%
新本永大土誉鎌 新茂原、本納、永田、大網、土気、誉田、鎌取
0%
新幕海検稲千蘇 新習志野、幕張豊砂、海浜幕張、検見川浜、稲毛海岸、千葉みなと、蘇我
0%
新茂八上東太長 新茂原、茂原、八積、上総一ノ宮、東浪見、太東、長者町
0%
新野野壬国お安 新栃木、野州平川、野州大塚、壬生、国谷、おもちゃのまち、安塚
0%
新矢北秋東松大 新柴又、矢切、北国分、秋山、東松戸、松飛台、大町
0%
新柳板藤静新栃 新古河、柳生、板倉東洋大前、藤岡、静和、新大平下、栃木
0%
新有東神秋御上 新橋、有楽町、東京、神田、秋葉原、御徒町、上野
0%
新落中東中西都 新江古田、落合南長崎、中井、東中野、中野坂上、西新宿五丁目、都庁前
0%
新龍川川湯中上 新藤原、龍王峡、川治温泉、川治湯元、湯西川温泉、中三依温泉、上三依塩原温泉口
0%
新梁や富兜あ丸 新田、梁川、やながわ希望の森公園前、富野、兜、あぶくま、丸森
0%
新鷲新弁舞高浜 新所原、鷲津、新居町、弁天島、舞阪、高塚、浜松
0%
新樅楡東家合新 新鹿沼、樅山、楡木、東武金崎、家中、合戦場、新栃木
0%
新渕波下森三新 新島々、渕東、波田、下島、森口、三溝、新村
0%
新獨草谷竹西梅 新田、獨協大学前、草加、谷塚、竹ノ塚、西新井、梅島
0%
新茗後本御淡大 新大塚、茗荷谷、後楽園、本郷三丁目、御茶ノ水、淡路町、大手町
0%
森つ武小東み男 森林公園、つきのわ、武蔵嵐山、小川町、東武竹沢、みなみ寄居、男衾
0%
森円遠敷豊上天 森町病院前、円田、遠江一宮、敷地、豊岡、上野部、天竜二俣
0%
森遠戸原原細い 森町病院前、遠州森、戸綿、原田、原谷、細谷、いこいの広場
0%
森菊住西大東船 森下、菊川、住吉、西大島、大島、東大島、船堀
0%
森駒赤大大仁新 森、駒ケ岳、赤井川、大沼公園、大沼、仁山、新函館北斗
0%
森厚白苗札桑琴 森林公園、厚別、白石、苗穂、札幌、桑園、琴似
0%
森三新北下大信 森口、三溝、新村、北新・松本大学前、下新、大庭、信濃荒井
0%
森鹿鯉八井羽大 森岳、鹿渡、鯉川、八郎潟、井川さくら、羽後飯塚、大久保
0%
森清門月勝築汐 森下、清澄白河、門前仲町、月島、勝どき、築地市場、汐留
0%
森石落野山八山 森、石倉、落部、野田生、山越、八雲、山崎
0%
森足越津越越越 森宮野原、足滝、越後田中、津南、越後鹿渡、越後田沢、越後水沢
0%
森大野高江豊幌 森林公園、大麻、野幌、高砂、江別、豊幌、幌向
0%
森東高北坂若鶴 森林公園、東松山、高坂、北坂戸、坂戸、若葉、鶴ヶ島
0%
森東尾掛渡渡鹿 森、東森、尾白内、掛澗、渡島砂原、渡島沼尻、鹿部
0%
森北東鶴富二前 森岳、北金岡、東能代、鶴形、富根、二ツ井、前山
0%
森両蔵新上本春 森下、両国、蔵前、新御徒町、上野御徒町、本郷三丁目、春日
0%
深横艫ウ陸陸十 深浦、横磯、艫作、ウェスパ椿山、陸奥沢辺、陸奥岩崎、十二湖
0%
深岡本神新倉高 深谷、岡部、本庄、神保原、新町、倉賀野、高崎
0%
深広追驫風大千 深浦、広戸、追良瀬、驫木、風合瀬、大戸瀬、千畳敷
0%
深大川芦金嘉毘 深郷田、大沢内、川倉、芦野公園、金木、嘉瀬、毘沙門
0%
深柏杉五中千堀 深堀町、柏木町、杉並町、五稜郭公園前、中央病院前、千代台、堀川町
0%
深妹江滝砂豊奈 深川、妹背牛、江部乙、滝川、砂川、豊沼、奈井江
0%
深籠熊行吹北鴻 深谷、籠原、熊谷、行田、吹上、北鴻巣、鴻巣
0%
真釜大及院横三 真室川、釜淵、大滝、及位、院内、横堀、三関
0%
真根早小鴨国二 真鶴、根府川、早川、小田原、鴨宮、国府津、二宮
0%
真寺久ひ折下下 真岡、寺内、久下田、ひぐち、折本、下館二高前、下館
0%
真自澄南平中幌 真駒内、自衛隊前、澄川、南平岸、平岸、中の島、幌平橋
0%
真北西北益七多 真岡、北真岡、西田井、北山、益子、七井、多田羅
0%
真陸岩陸猊柴摺 真滝、陸中門崎、岩ノ下、陸中松川、猊鼻渓、柴宿、摺沢
0%
神さ東村袖大北 神町、さくらんぼ東根、東根、村山、袖崎、大石田、北大石田
0%
神横戸日黄南井 神奈川、横浜、戸部、日ノ出町、黄金町、南太田、井土ヶ谷
0%
神刈峰羽大和四 神宮寺、刈和野、峰吉川、羽後境、大張野、和田、四ツ小屋
0%
神京神横戸日黄 神奈川新町、京急東神奈川、神奈川、横浜、戸部、日ノ出町、黄金町
0%
神京神子京生花 神奈川、京急東神奈川、神奈川新町、子安、京急新子安、生麦、花月総持寺
0%
神九半永青表渋 神保町、九段下、半蔵門、永田町、青山一丁目、表参道、渋谷
0%
神月中新加金中 神山、月岡、中浦、新発田、加治、金塚、中条
0%
神虎霞日銀東築 神谷町、虎ノ門ヒルズ、霞ケ関、日比谷、銀座、東銀座、築地
0%
神御四新中高阿 神田、御茶ノ水、四ツ谷、新宿、中野、高円寺、阿佐ケ谷
0%
神高石羽岩友内 神立、高浜、石岡、羽鳥、岩間、友部、内原
0%
神三日京銀新虎 神田、三越前、日本橋、京橋、銀座、新橋、虎ノ門
0%
神刺田赤春雫小 神代、刺巻、田沢湖、赤渕、春木場、雫石、小岩井
0%
神子京生花京鶴 神奈川新町、子安、京急新子安、生麦、花月総持寺、京急鶴見、鶴見市場
0%
神寺上赤三城上 神畑、寺下、上田原、赤坂上、三好町、城下、上田
0%
神秋御上鶯日西 神田、秋葉原、御徒町、上野、鶯谷、日暮里、西日暮里
0%
神小夏川江小赤 神俣、小野新町、夏井、川前、江田、小川郷、赤井
0%
神小岩馬浜森菊 神保町、小川町、岩本町、馬喰横山、浜町、森下、菊川
0%
神小中花水本上 神戸、小中、中野、花輪、水沼、本宿、上神梅
0%
神上上西上東上 神農原、上州一ノ宮、上州七日市、西富岡、上州富岡、東富岡、上州福島
0%
神須岳比岳本吉 神谷、須津、岳南富士岡、比奈、岳南原田、本吉原、吉原本町
0%
神水春白千巣西 神保町、水道橋、春日、白山、千石、巣鴨、西巣鴨
0%
神菅大磐船要三 神俣、菅谷、大越、磐城常葉、船引、要田、三春
0%
神生角鶯羽鑓羽 神代、生田、角館、鶯野、羽後長野、鑓見内、羽後四ツ屋
0%
神大下中塩中舞 神畑、大学前、下之郷、中塩田、塩田町、中野、舞田
0%
神大三水清住錦 神保町、大手町、三越前、水天宮前、清澄白河、住吉、錦糸町
0%
神大日内御芝三 神保町、大手町、日比谷、内幸町、御成門、芝公園、三田
0%
神大飯後横柳醍 神宮寺、大曲、飯詰、後三年、横手、柳田、醍醐
0%
神土荒ひ牛龍藤 神立、土浦、荒川沖、ひたち野うしく、牛久、龍ケ崎市、藤代
0%
神東有新浜田高 神田、東京、有楽町、新橋、浜松町、田町、高輪ゲートウェイ
0%
神南簗海稲信北 神城、南神城、簗場、海ノ口、稲尾、信濃木崎、北大町
0%
神飯九竹大日茅 神楽坂、飯田橋、九段下、竹橋、大手町、日本橋、茅場町
0%
神飯白信白千南 神城、飯森、白馬、信濃森上、白馬大池、千国、南小谷
0%
神末上上稲田浅 神田、末広町、上野広小路、上野、稲荷町、田原町、浅草
0%
神門合日代新金 神尾、門出、合格、日切、代官町、新金谷、金谷
0%
神乱天天高漆南 神町、乱川、天童、天童南、高擶、漆山、南出羽
0%
神緑西西西西千 神楽岡、緑が丘、西御料、西瑞穂、西神楽、西聖和、千代ケ岡
0%
秦渋新開栢富螢 秦野、渋沢、新松田、開成、栢山、富水、螢田
0%
親上長野樋波寄 親鼻、上長瀞、長瀞、野上、樋口、波久礼、寄居
0%
親青糸え梶浦能 親不知、青海、糸魚川、えちご押上ひすい海岸、梶屋敷、浦本、能生
0%
身塩波下甲市久 身延、塩之沢、波高島、下部温泉、甲斐常葉、市ノ瀬、久那土
0%
身甲内寄井十稲 身延、甲斐大島、内船、寄畑、井出、十島、稲子
0%
人茅八築東銀日 人形町、茅場町、八丁堀、築地、東銀座、銀座、日比谷
0%
人小秋仲上入三 人形町、小伝馬町、秋葉原、仲御徒町、上野、入谷、三ノ輪
0%
人日宝東新大三 人形町、日本橋、宝町、東銀座、新橋、大門、三田
0%
仁金象上小女吹 仁賀保、金浦、象潟、上浜、小砂川、女鹿、吹浦
0%
仁新七大桔五函 仁山、新函館北斗、七飯、大中山、桔梗、五稜郭、函館
0%
仁西羽羽折羽岩 仁賀保、西目、羽後本荘、羽後岩谷、折渡、羽後亀田、岩城みなと
0%
仁然銀小倶比ニ 仁木、然別、銀山、小沢、倶知安、比羅夫、ニセコ
0%
仁大大赤駒森石 仁山、大沼、大沼公園、赤井川、駒ケ岳、森、石倉
0%
壬国お安西江南 壬生、国谷、おもちゃのまち、安塚、西川田、江曽島、南宇都宮
0%
陣津碇長大石弘 陣場、津軽湯の沢、碇ケ関、長峰、大鰐温泉、石川、弘前
0%
陣白大下早糠鷹 陣場、白沢、大館、下川沿、早口、糠沢、鷹ノ巣
0%
諏剣苫北八陸下 諏訪ノ平、剣吉、苫米地、北高岩、八戸、陸奥市川、下田
0%
須安郡日五本杉 須賀川、安積永盛、郡山、日和田、五百川、本宮、杉田
0%
須岳比岳本吉ジ 須津、岳南富士岡、比奈、岳南原田、本吉原、吉原本町、ジヤトコ前
0%
須倉上木原宮藪 須原、倉本、上松、木曽福島、原野、宮ノ越、藪原
0%
須大野十南田坂 須原、大桑、野尻、十二兼、南木曽、田立、坂下
0%
厨巣滝渋好岩い 厨川、巣子、滝沢、渋民、好摩、岩手川口、いわて沼宮内
0%
逗鎌北大戸東保 逗子、鎌倉、北鎌倉、大船、戸塚、東戸塚、保土ケ谷
0%
吹行熊籠深岡本 吹上、行田、熊谷、籠原、深谷、岡部、本庄
0%
吹女小上象金仁 吹浦、女鹿、小砂川、上浜、象潟、金浦、仁賀保
0%
吹遊南本酒東砂 吹浦、遊佐、南鳥海、本楯、酒田、東酒田、砂越
0%
水一く古仙白福 水沢江刺、一ノ関、くりこま高原、古川、仙台、白石蔵王、福島
0%
水花中小神沢原 水沼、花輪、中野、小中、神戸、沢入、原向
0%
水金六北村花花 水沢、金ケ崎、六原、北上、村崎野、花巻、花巻空港
0%
水向城相佐中下 水窪、向市場、城西、相月、佐久間、中部天竜、下川合
0%
水香佐大下滑久 水郷、香取、佐原、大戸、下総神崎、滑河、久住
0%
水三大神九半永 水天宮前、三越前、大手町、神保町、九段下、半蔵門、永田町
0%
水春白千巣西新 水道橋、春日、白山、千石、巣鴨、西巣鴨、新板橋
0%
水勝佐東大常日 水戸、勝田、佐和、東海、大甕、常陸多賀、日立
0%
水小笹下下椎松 水郷、小見川、笹川、下総橘、下総豊里、椎柴、松岸
0%
水小新守南戸稲 水海道、小絹、新守谷、守谷、南守谷、戸頭、稲戸井
0%
水上後沼岩津敷 水上、上牧、後閑、沼田、岩本、津久田、敷島
0%
水常常後下中上 水戸、常陸青柳、常陸津田、後台、下菅谷、中菅谷、上菅谷
0%
水神月中新加金 水原、神山、月岡、中浦、新発田、加治、金塚
0%
水神大日内御芝 水道橋、神保町、大手町、日比谷、内幸町、御成門、芝公園
0%
水大小中伊鶯平 水窪、大嵐、小和田、中井侍、伊那小沢、鶯巣、平岡
0%
水東常大涸鹿徳 水戸、東水戸、常澄、大洗、涸沼、鹿島旭、徳宿
0%
水湯土土越岩越 水上、湯檜曽、土合、土樽、越後中里、岩原スキー場前、越後湯沢
0%
水飯市四信千代 水道橋、飯田橋、市ケ谷、四ツ谷、信濃町、千駄ケ谷、代々木
0%
水本上大運相下 水沼、本宿、上神梅、大間々、運動公園、相老、下新田
0%
水陸前平山一有 水沢、陸中折居、前沢、平泉、山ノ目、一ノ関、有壁
0%
水偕赤内友岩羽 水戸、偕楽園、赤塚、内原、友部、岩間、羽鳥
0%
瑞一船東大西住 瑞江、一之江、船堀、東大島、大島、西大島、住吉
0%
瑞多士剣和塩蘭 瑞穂、多寄、士別、剣淵、和寒、塩狩、蘭留
0%
瑞風名名日智智 瑞穂、風連、名寄高校、名寄、日進、智恵文、智北
0%
杉京能金金追京 杉田、京急富岡、能見台、金沢文庫、金沢八景、追浜、京急田浦
0%
杉五中千堀昭千 杉並町、五稜郭公園前、中央病院前、千代台、堀川町、昭和橋、千歳町
0%
杉幸南栗新柳板 杉戸高野台、幸手、南栗橋、栗橋、新古河、柳生、板倉東洋大前
0%
杉二安松金南福 杉田、二本松、安達、松川、金谷川、南福島、福島
0%
杉柏深競駒函湯 杉並町、柏木町、深堀町、競馬場前、駒場車庫前、函館アリーナ前、湯の川温泉
0%
杉本五日郡安須 杉田、本宮、五百川、日和田、郡山、安積永盛、須賀川
0%
杉屏上弘井南黄 杉田、屏風浦、上大岡、弘明寺、井土ヶ谷、南太田、黄金町
0%
菅京鬼京東京海 菅野、京成八幡、鬼越、京成中山、東中山、京成西船、海神
0%
菅市国江京京青 菅野、市川真間、国府台、江戸川、京成小岩、京成高砂、青砥
0%
菅大磐船要三舞 菅谷、大越、磐城常葉、船引、要田、三春、舞木
0%
裾岩富南御足駿 裾野、岩波、富士岡、南御殿場、御殿場、足柄、駿河小山
0%
澄南平中幌中す 澄川、南平岸、平岸、中の島、幌平橋、中島公園、すすきの
0%
摺千小矢折新気 摺沢、千厩、小梨、矢越、折壁、新月、気仙沼
0%
寸西気岡金常都 寸座、西気賀、気賀、岡地、金指、常葉大学前、都田
0%
寸浜東都三奥尾 寸座、浜名湖佐久米、東都筑、都筑、三ヶ日、奥浜名湖、尾奈
0%
世下東代代参南 世田谷代田、下北沢、東北沢、代々木上原、代々木八幡、参宮橋、南新宿
0%
世梅豪経千祖成 世田谷代田、梅ヶ丘、豪徳寺、経堂、千歳船橋、祖師ヶ谷大蔵、成城学園前
0%
世木細太韮野足 世良田、木崎、細谷、太田、韮川、野州山辺、足利市
0%
瀬鵜大最立赤堺 瀬見温泉、鵜杉、大堀、最上、立小路、赤倉温泉、堺田
0%
瀬遠安生西留相 瀬戸瀬、遠軽、安国、生田原、西留辺蘂、留辺蘂、相内
0%
瀬蟹中大津大今 瀬辺地、蟹田、中小国、大平、津軽二股、大川平、今別
0%
瀬丸白上安中愛 瀬戸瀬、丸瀬布、白滝、上川、安足間、中愛別、愛別
0%
瀬郷蓬中後左奥 瀬辺地、郷沢、蓬田、中沢、後潟、左堰、奥内
0%
瀬向高上保大二 瀬上、向瀬上、高子、上保原、保原、大泉、二井田
0%
瀬三希二鶴西上 瀬谷、三ツ境、希望ヶ丘、二俣川、鶴ヶ峰、西谷、上星川
0%
瀬田小松鹿品愛 瀬峰、田尻、小牛田、松山町、鹿島台、品井沼、愛宕
0%
瀬梅新石油花清 瀬峰、梅ケ沢、新田、石越、油島、花泉、清水原
0%
成印千新東京青 成田湯川、印旛日本医大、千葉ニュータウン中央、新鎌ヶ谷、東松戸、京成高砂、青砥
0%
成下安小木布新 成田、下総松崎、安食、小林、木下、布佐、新木
0%
成下東上と中大 成増、下赤塚、東武練馬、上板橋、ときわ台、中板橋、大山
0%
成喜狛和登向生 成城学園前、喜多見、狛江、和泉多摩川、登戸、向ヶ丘遊園、生田
0%
成久滑下大佐香 成田、久住、滑河、下総神崎、大戸、佐原、香取
0%
成佐四千東品渋 成田、佐倉、四街道、千葉、東京、品川、渋谷
0%
成中羽犬今萩羽 成島、中郡、羽前小松、犬川、今泉、萩生、羽前椿
0%
成町古淵矢相橋 成瀬、町田、古淵、淵野辺、矢部、相模原、橋本
0%
成長十中鴨小新 成瀬、長津田、十日市場、中山、鴨居、小机、新横浜
0%
成日八榎南佐物 成東、日向、八街、榎戸、南酒々井、佐倉、物井
0%
成和朝朝志柳み 成増、和光市、朝霞、朝霞台、志木、柳瀬川、みずほ台
0%
星稲手稲発発琴 星置、稲穂、手稲、稲積公園、発寒、発寒中央、琴似
0%
星和上西鶴二希 星川、和田町、上星川、西谷、鶴ヶ峰、二俣川、希望ヶ丘
0%
晴岩宮柏鱒荒岩 晴山、岩根橋、宮守、柏木平、鱒沢、荒谷前、岩手二日町
0%
清グゆゆゆ芳芳 清原地区市民センター前、グリーンスタジアム前、ゆいの杜西、ゆいの杜中央、ゆいの杜東、芳賀台、芳賀町工業団地管理センター前
0%
清愛野梅運江初 清水公園、愛宕、野田市、梅郷、運河、江戸川台、初石
0%
清興由蒲新富富 清水、興津、由比、蒲原、新蒲原、富士川、富士
0%
清高古津羽升新 清川、高屋、古口、津谷、羽前前波、升形、新庄
0%
清札緑川美摩磯 清里町、札弦、緑、川湯温泉、美留和、摩周、磯分内
0%
清七川南藤春八 清水公園、七光台、川間、南桜井、藤の牛島、春日部、八木崎
0%
清狩野千乙上小 清水川、狩場沢、野辺地、千曳、乙供、上北町、小川原
0%
清秋所西小狭武 清瀬、秋津、所沢、西所沢、小手指、狭山ヶ丘、武蔵藤沢
0%
清小西浅野矢小 清水川、小湊、西平内、浅虫温泉、野内、矢田前、小柳
0%
清上茂渡釜泉札 清川口、上磯、茂辺地、渡島当別、釜谷、泉沢、札苅
0%
清森両蔵新上本 清澄白河、森下、両国、蔵前、新御徒町、上野御徒町、本郷三丁目
0%
清清グゆゆゆ芳 清陵高校前、清原地区市民センター前、グリーンスタジアム前、ゆいの杜西、ゆいの杜中央、ゆいの杜東、芳賀台
0%
清草東静安用焼 清水、草薙、東静岡、静岡、安倍川、用宗、焼津
0%
清中知止浜原北 清里町、中斜里、知床斜里、止別、浜小清水、原生花園、北浜
0%
清門月勝築汐大 清澄白河、門前仲町、月島、勝どき、築地市場、汐留、大門
0%
清野信佐佐海松 清里、野辺山、信濃川上、佐久広瀬、佐久海ノ口、海尻、松原湖
0%
清有一山平前陸 清水原、有壁、一ノ関、山ノ目、平泉、前沢、陸中折居
0%
生安遠瀬丸白上 生田原、安国、遠軽、瀬戸瀬、丸瀬布、白滝、上川
0%
生花京鶴八京六 生麦、花月総持寺、京急鶴見、鶴見市場、八丁畷、京急川崎、六郷土手
0%
生京子神京神横 生麦、京急新子安、子安、神奈川新町、京急東神奈川、神奈川、横浜
0%
生神刺田赤春雫 生田、神代、刺巻、田沢湖、赤渕、春木場、雫石
0%
生西留相東西北 生田原、西留辺蘂、留辺蘂、相内、東相内、西北見、北見
0%
生読百新柿鶴玉 生田、読売ランド前、百合ヶ丘、新百合ヶ丘、柿生、鶴川、玉川学園前
0%
盛上山上区松川 盛岡、上盛岡、山岸、上米内、区界、松草、川内
0%
盛新北水一く古 盛岡、新花巻、北上、水沢江刺、一ノ関、くりこま高原、古川
0%
盛青厨巣滝渋好 盛岡、青山、厨川、巣子、滝沢、渋民、好摩
0%
盛仙岩矢古紫日 盛岡、仙北町、岩手飯岡、矢幅、古館、紫波中央、日詰
0%
盛前大小雫春赤 盛岡、前潟、大釜、小岩井、雫石、春木場、赤渕
0%
聖坂西明田松南 聖高原、坂北、西条、明科、田沢、松本、南松本
0%
聖千小松津義石 聖愛中高前、千年、小栗山、松木平、津軽大沢、義塾高校前、石川
0%
聖中分府東多武 聖蹟桜ヶ丘、中河原、分倍河原、府中、東府中、多磨霊園、武蔵野台
0%
聖百高南平長北 聖蹟桜ヶ丘、百草園、高幡不動、南平、平山城址公園、長沼、北野
0%
西テ坂戸千屋屋 西上田、テクノさかき、坂城、戸倉、千曲、屋代、屋代高校前
0%
西み京検京京京 西登戸、みどり台、京成稲毛、検見川、京成幕張、京成幕張本郷、京成津田沼
0%
西稲新幕幕津東 西千葉、稲毛、新検見川、幕張、幕張本郷、津田沼、東船橋
0%
西羽羽折羽岩道 西目、羽後本荘、羽後岩谷、折渡、羽後亀田、岩城みなと、道川
0%
西永明東新下池 西永福、永福町、明大前、東松原、新代田、下北沢、池ノ上
0%
西遠遠遠美浜遠 西鹿島、遠州岩水寺、遠州芝本、遠州小林、美薗中央公園、浜北、遠州小松
0%
西荻阿高中東大 西荻窪、荻窪、阿佐ケ谷、高円寺、中野、東中野、大久保
0%
西下多中陸福小 西塩釜、下馬、多賀城、中野栄、陸前高砂、福田町、小鶴新田
0%
西下中山野玉常 西金、下小川、中舟生、山方宿、野上原、玉川村、常陸大宮
0%
西下本市小新平 西船橋、下総中山、本八幡、市川、小岩、新小岩、平井
0%
西会会根新若会 西若松、会津本郷、会津高田、根岸、新鶴、若宮、会津坂下
0%
西寒南羽羽羽東 西寒河江、寒河江、南寒河江、羽前長崎、羽前金沢、羽前山辺、東金井
0%
西丸富天桐赤東 西桐生、丸山下、富士山下、天王宿、桐生球場前、赤城、東新川
0%
西岩宮フ都常金 西鹿島、岩水寺、宮口、フルーツパーク、都田、常葉大学前、金指
0%
西岩有上池川鳴 西大崎、岩出山、有備館、上野目、池月、川渡温泉、鳴子御殿湯
0%
西気岡金常都フ 西気賀、気賀、岡地、金指、常葉大学前、都田、フルーツパーク
0%
西吉三武東武国 西荻窪、吉祥寺、三鷹、武蔵境、東小金井、武蔵小金井、国分寺
0%
西吉馬西山高根 西吉井、吉井、馬庭、西山名、山名、高崎商科大学前、根小屋
0%
西久前曲黒鮎子 西滝沢、久保田、前郷、曲沢、黒沢、鮎川、子吉
0%
西駒本東後飯市 西ケ原、駒込、本駒込、東大前、後楽園、飯田橋、市ケ谷
0%
西桑上上戸信北 西大滝、桑名川、上桑名川、上境、戸狩野沢温泉、信濃平、北飯山
0%
西原妙行南浦葛 西船橋、原木中山、妙典、行徳、南行徳、浦安、葛西
0%
西江高扇足熊赤 西新井大師西、江北、高野、扇大橋、足立小台、熊野前、赤土小学校前
0%
西荒刈西礼石小 西中通、荒浜、刈羽、西山、礼拝、石地、小木ノ城
0%
西高下中新沼野 西武新宿、高田馬場、下落合、中井、新井薬師前、沼袋、野方
0%
西高相藤上四梁 西八王子、高尾、相模湖、藤野、上野原、四方津、梁川
0%
西国立日豊八西 西国分寺、国立、立川、日野、豊田、八王子、西八王子
0%
西今時南長あ羽 西大塚、今泉、時庭、南長井、長井、あやめ公園、羽前成田
0%
西昆落別厚姉浜 西和田、昆布盛、落石、別当賀、厚床、姉別、浜中
0%
西佐黒豊早新大 西新発田、佐々木、黒山、豊栄、早通、新崎、大形
0%
西坂聖冠姨稲篠 西条、坂北、聖高原、冠着、姨捨、稲荷山、篠ノ井
0%
西桜い細原原戸 西掛川、桜木、いこいの広場、細谷、原谷、原田、戸綿
0%
西雑池要千小氷 西早稲田、雑司が谷、池袋、要町、千川、小竹向原、氷川台
0%
西山高根佐南高 西山名、山名、高崎商科大学前、根小屋、佐野のわたし、南高崎、高崎
0%
西指南川西的笠 西大宮、指扇、南古谷、川越、西川越、的場、笠幡
0%
西寺新ゆ稲戸南 西取手、寺原、新取手、ゆめみ野、稲戸井、戸頭、南守谷
0%
西若松世上宮山 西太子堂、若林、松陰神社前、世田谷、上町、宮の坂、山下
0%
西住菊森浜馬岩 西大島、住吉、菊川、森下、浜町、馬喰横山、岩本町
0%
西所秋清東ひ保 西所沢、所沢、秋津、清瀬、東久留米、ひばりヶ丘、保谷
0%
西渚信大下北新 西松本、渚、信濃荒井、大庭、下新、北新・松本大学前、新村
0%
西小狭武稲入仏 西所沢、小手指、狭山ヶ丘、武蔵藤沢、稲荷山公園、入間市、仏子
0%
西小清狩野千乙 西平内、小湊、清水川、狩場沢、野辺地、千曳、乙供
0%
西小東篠本成館 西小泉、小泉町、東小泉、篠塚、本中野、成島、館林
0%
西松磯安群北高 西松井田、松井田、磯部、安中、群馬八幡、北高崎、高崎
0%
西沼芝稲十井寄 西富士宮、沼久保、芝川、稲子、十島、井出、寄畑
0%
西焼用安静東草 西焼津、焼津、用宗、安倍川、静岡、東静岡、草薙
0%
西上上神南千下 西富岡、上州七日市、上州一ノ宮、神農原、南蛇井、千平、下仁田
0%
西上上東上西上 西吉井、上州新屋、上州福島、東富岡、上州富岡、西富岡、上州七日市
0%
西上信大田滋小 西上田、上田、信濃国分寺、大屋、田中、滋野、小諸
0%
西上新国上城大 西大原、上総東、新田野、国吉、上総中川、城見ヶ丘、大多喜
0%
西上袋常下矢東 西金、上小川、袋田、常陸大子、下野宮、矢祭山、東館
0%
西上東上上西吉 西富岡、上州富岡、東富岡、上州福島、上州新屋、西吉井、吉井
0%
西上美美北千西 西中、上富良野、美馬牛、美瑛、北美瑛、千代ケ岡、西聖和
0%
西上和星天西平 西谷、上星川、和田町、星川、天王町、西横浜、平沼橋
0%
西信平横森足越 西大滝、信濃白鳥、平滝、横倉、森宮野原、足滝、越後田中
0%
西新庚巣大向東 西ヶ原四丁目、新庚申塚、庚申塚、巣鴨新田、大塚駅前、向原、東池袋四丁目
0%
西新高西蓮志志 西高島平、新高島平、高島平、西台、蓮根、志村三丁目、志村坂上
0%
西新新東新北西 西国分寺、新小平、新秋津、東所沢、新座、北朝霞、西浦和
0%
西新大松東秋北 西白井、新鎌ヶ谷、大町、松飛台、東松戸、秋山、北国分
0%
西新板板本志志 西巣鴨、新板橋、板橋区役所前、板橋本町、本蓮沼、志村坂上、志村三丁目
0%
西新武東行持ソ 西羽生、新郷、武州荒木、東行田、行田市、持田、ソシオ流通センター
0%
西仁金象上小女 西目、仁賀保、金浦、象潟、上浜、小砂川、女鹿
0%
西寸浜東都三奥 西気賀、寸座、浜名湖佐久米、東都筑、都筑、三ヶ日、奥浜名湖
0%
西成中羽犬今萩 西米沢、成島、中郡、羽前小松、犬川、今泉、萩生
0%
西生安遠瀬丸白 西留辺蘂、生田原、安国、遠軽、瀬戸瀬、丸瀬布、白滝
0%
西西西西千北美 西御料、西瑞穂、西神楽、西聖和、千代ケ岡、北美瑛、美瑛
0%
西西西西緑神旭 西聖和、西神楽、西瑞穂、西御料、緑が丘、神楽岡、旭川
0%
西西西千北美美 西瑞穂、西神楽、西聖和、千代ケ岡、北美瑛、美瑛、美馬牛
0%
西西千北美美上 西神楽、西聖和、千代ケ岡、北美瑛、美瑛、美馬牛、上富良野
0%
西赤熊足扇高江 西日暮里、赤土小学校前、熊野前、足立小台、扇大橋、高野、江北
0%
西千根湯新大二 西日暮里、千駄木、根津、湯島、新御茶ノ水、大手町、二重橋前
0%
西千北美美上西 西聖和、千代ケ岡、北美瑛、美瑛、美馬牛、上富良野、西中
0%
西川赤東王上田 西川口、川口、赤羽、東十条、王子、上中里、田端
0%
西川南指西日大 西川越、川越、南古谷、指扇、西大宮、日進、大宮
0%
西浅野矢小東筒 西平内、浅虫温泉、野内、矢田前、小柳、東青森、筒井
0%
西洗大奥田多新 西小山、洗足、大岡山、奥沢、田園調布、多摩川、新丸子
0%
西船市東新新南 西船橋、船橋法典、市川大野、東松戸、新八柱、新松戸、南流山
0%
西船東津幕幕新 西船橋、船橋、東船橋、津田沼、幕張本郷、幕張、新検見川
0%
西巣千白春水神 西巣鴨、巣鴨、千石、白山、春日、水道橋、神保町
0%
西総久東小大城 西畑、総元、久我原、東総元、小谷松、大多喜、城見ヶ丘
0%
西大恵渋新池赤 西大井、大崎、恵比寿、渋谷、新宿、池袋、赤羽
0%
西大東船一瑞篠 西大島、大島、東大島、船堀、一之江、瑞江、篠崎
0%
西滝飛王栄梶荒 西ヶ原四丁目、滝野川一丁目、飛鳥山、王子駅前、栄町、梶原、荒川車庫前
0%
西竹谷草獨新蒲 西新井、竹ノ塚、谷塚、草加、獨協大学前、新田、蒲生
0%
西中東中落新練 西新宿五丁目、中野坂上、東中野、中井、落合南長崎、新江古田、練馬
0%
西調布国柴つ仙 西調布、調布、布田、国領、柴崎、つつじヶ丘、仙川
0%
西鶴二希三瀬大 西谷、鶴ヶ峰、二俣川、希望ヶ丘、三ツ境、瀬谷、大和
0%
西田花小久東所 西武柳沢、田無、花小金井、小平、久米川、東村山、所沢
0%
西田駒巣大池目 西日暮里、田端、駒込、巣鴨、大塚、池袋、目白
0%
西田上王東赤川 西日暮里、田端、上中里、王子、東十条、赤羽、川口
0%
西東西岩有上池 西古川、東大崎、西大崎、岩出山、有備館、上野目、池月
0%
西東西塚古陸北 西大崎、東大崎、西古川、塚目、古川、陸前谷地、北浦
0%
西東相留西生安 西北見、東相内、相内、留辺蘂、西留辺蘂、生田原、安国
0%
西東中昭拝牛福 西立川、東中神、中神、昭島、拝島、牛浜、福生
0%
西東飯北船八八 西船橋、東海神、飯山満、北習志野、船橋日大前、八千代緑が丘、八千代中央
0%
西東武上上井下 西武柳沢、東伏見、武蔵関、上石神井、上井草、井荻、下井草
0%
西藤鶴羽羽三小 西袋、藤島、鶴岡、羽前大山、羽前水沢、三瀬、小波渡
0%
西藤六島金菊掛 西焼津、藤枝、六合、島田、金谷、菊川、掛川
0%
西縄大合上米桂 西鷹巣、縄文小ヶ田、大野台、合川、上杉、米内沢、桂瀬
0%
西南門あ芦大芦 西若松、南若松、門田、あまや、芦ノ牧温泉、大川ダム公園、芦ノ牧温泉南
0%
西二天上豊敷遠 西鹿島、二俣本町、天竜二俣、上野部、豊岡、敷地、遠江一宮
0%
西馬吉西上上東 西山名、馬庭、吉井、西吉井、上州新屋、上州福島、東富岡
0%
西柏帯札幕利池 西帯広、柏林台、帯広、札内、幕別、利別、池田
0%
西八羽松羽左上 西明寺、八津、羽後長戸呂、松葉、羽後中里、左通、上桧木内
0%
西八豊日立国三 西八王子、八王子、豊田、日野、立川、国分寺、三鷹
0%
西八豊日立国西 西八王子、八王子、豊田、日野、立川、国立、西国分寺
0%
西飛武多東府分 西調布、飛田給、武蔵野台、多磨霊園、東府中、府中、分倍河原
0%
西美緋端愛柏北 西女満別、美幌、緋牛内、端野、愛し野、柏陽、北見
0%
西浜高富久三井 西永福、浜田山、高井戸、富士見ヶ丘、久我山、三鷹台、井の頭公園
0%
西富源富入竪柚 西富士宮、富士宮、源道寺、富士根、入山瀬、竪堀、柚木
0%
西武玉東小萩小 西武立川、武蔵砂川、玉川上水、東大和市、小川、萩山、小平
0%
西武新横保東戸 西大井、武蔵小杉、新川崎、横浜、保土ケ谷、東戸塚、戸塚
0%
西武南東東南越 西浦和、武蔵浦和、南浦和、東浦和、東川口、南越谷、越谷レイクタウン
0%
西分府南稲矢稲 西府、分倍河原、府中本町、南多摩、稲城長沼、矢野口、稲田堤
0%
西北益七多市笹 西田井、北山、益子、七井、多田羅、市塙、笹原田
0%
西北新東新新西 西浦和、北朝霞、新座、東所沢、新秋津、新小平、西国分寺
0%
西北真寺久ひ折 西田井、北真岡、真岡、寺内、久下田、ひぐち、折本
0%
西北柏愛端緋美 西北見、北見、柏陽、愛し野、端野、緋牛内、美幌
0%
西本東陸松高手 西塩釜、本塩釜、東塩釜、陸前浜田、松島海岸、高城町、手樽
0%
西明田松南平村 西条、明科、田沢、松本、南松本、平田、村井
0%
西野矢片蒲氏宝 西那須野、野崎、矢板、片岡、蒲須坂、氏家、宝積寺
0%
西矢谷西分府南 西国立、矢川、谷保、西府、分倍河原、府中本町、南多摩
0%
西余北砂東酒本 西袋、余目、北余目、砂越、東酒田、酒田、本楯
0%
西礼石小出妙小 西山、礼拝、石地、小木ノ城、出雲崎、妙法寺、小島谷
0%
西蓮志志本板板 西台、蓮根、志村三丁目、志村坂上、本蓮沼、板橋本町、板橋区役所前
0%
青す富信小長日 青柳、すずらんの里、富士見、信濃境、小淵沢、長坂、日野春
0%
青テ東台お芝日 青海、テレコムセンター、東京国際クルーズターミナル、台場、お台場海浜公園、芝浦ふ頭、日の出
0%
青羽海八高馬小 青沼、羽黒下、海瀬、八千穂、高岩、馬流、小海
0%
青臼龍太中滑北 青沼、臼田、龍岡城、太田部、中込、滑津、北中込
0%
青永半九神大三 青山一丁目、永田町、半蔵門、九段下、神保町、大手町、三越前
0%
青遠綾岩荒鱒柏 青笹、遠野、綾織、岩手二日町、荒谷前、鱒沢、柏木平
0%
青笠米柿上潟土 青海川、笠島、米山、柿崎、上下浜、潟町、土底浜
0%
青岩平足上陸洞 青笹、岩手上郷、平倉、足ケ瀬、上有住、陸中大橋、洞泉
0%
青宮日石二軍沢 青梅、宮ノ平、日向和田、石神前、二俣尾、軍畑、沢井
0%
青京東新千印成 青砥、京成高砂、東松戸、新鎌ヶ谷、千葉ニュータウン中央、印旛日本医大、成田湯川
0%
青君木巌袖長姉 青堀、君津、木更津、巌根、袖ケ浦、長浦、姉ケ崎
0%
青鯨柏茨安北越 青海川、鯨波、柏崎、茨目、安田、北条、越後広田
0%
青国代新都西中 青山一丁目、国立競技場、代々木、新宿、都庁前、西新宿五丁目、中野坂上
0%
青鮫立大平大梅 青物横丁、鮫洲、立会川、大森海岸、平和島、大森町、梅屋敷
0%
青糸え梶浦能筒 青海、糸魚川、えちご押上ひすい海岸、梶屋敷、浦本、能生、筒石
0%
青糸錦社白萩北 青葉、糸井、錦岡、社台、白老、萩野、北吉原
0%
青小寺新内内越 青山、小針、寺尾、新潟大学前、内野、内野西が丘、越後赤塚
0%
青新津鶴大浪北 青森、新青森、津軽新城、鶴ケ坂、大釈迦、浪岡、北常盤
0%
青厨巣滝渋好岩 青山、厨川、巣子、滝沢、渋民、好摩、岩手川口
0%
青赤溜虎新銀京 青山一丁目、赤坂見附、溜池山王、虎ノ門、新橋、銀座、京橋
0%
青川国大青仙宮 青葉山、川内、国際センター、大町西公園、青葉通一番町、仙台、宮城野通
0%
青大佐上竹浜保 青堀、大貫、佐貫町、上総湊、竹岡、浜金谷、保田
0%
青東河小羽福牛 青梅、東青梅、河辺、小作、羽村、福生、牛浜
0%
青東有有市新豊 青海、東京ビッグサイト、有明、有明テニスの森、市場前、新豊洲、豊洲
0%
青筒東小矢野浅 青森、筒井、東青森、小柳、矢田前、野内、浅虫温泉
0%
青藤市江あた鷺 青葉台、藤が丘、市が尾、江田、あざみ野、たまプラーザ、鷺沼
0%
青宝十魚市函松 青柳町、宝来町、十字街、魚市場通、市役所前、函館駅前、松風町
0%
青油津奥左後中 青森、油川、津軽宮田、奥内、左堰、後潟、中沢
0%
青六八三南流流 青井、六町、八潮、三郷中央、南流山、流山セントラルパーク、流山おおたかの森
0%
青六麻赤大汐築 青山一丁目、六本木、麻布十番、赤羽橋、大門、汐留、築地市場
0%
静瓜常上中下後 静、瓜連、常陸鴻巣、上菅谷、中菅谷、下菅谷、後台
0%
静小礼大豊洞有 静狩、小幌、礼文、大岸、豊浦、洞爺、有珠
0%
静常玉野山中下 静、常陸大宮、玉川村、野上原、山方宿、中舟生、下小川
0%
静新三熱小新品 静岡、新富士、三島、熱海、小田原、新横浜、品川
0%
静東草清興由蒲 静岡、東静岡、草薙、清水、興津、由比、蒲原
0%
石ひ大明武永ふ 石原、ひろせ野鳥の森、大麻生、明戸、武川、永田、ふかや花園
0%
石越岩越土土湯 石打、越後湯沢、岩原スキー場前、越後中里、土樽、土合、湯檜曽
0%
石花花村北六金 石鳥谷、花巻空港、花巻、村崎野、北上、六原、金ケ崎
0%
石義津松小千聖 石川、義塾高校前、津軽大沢、松木平、小栗山、千年、聖愛中高前
0%
石玉宗下大騰黒 石下、玉村、宗道、下妻、大宝、騰波ノ江、黒子
0%
石弘撫川北浪大 石川、弘前、撫牛子、川部、北常盤、浪岡、大釈迦
0%
石高神土荒ひ牛 石岡、高浜、神立、土浦、荒川沖、ひたち野うしく、牛久
0%
石山根磯新洋港 石川町、山手、根岸、磯子、新杉田、洋光台、港南台
0%
石自小小間野古 石橋、自治医大、小金井、小山、間々田、野木、古河
0%
石酒甲竜塩韮新 石和温泉、酒折、甲府、竜王、塩崎、韮崎、新府
0%
石春山東塩勝甲 石和温泉、春日居町、山梨市、東山梨、塩山、勝沼ぶどう郷、甲斐大和
0%
石小出妙小桐寺 石地、小木ノ城、出雲崎、妙法寺、小島谷、桐原、寺泊
0%
石新梅瀬田小松 石越、新田、梅ケ沢、瀬峰、田尻、小牛田、松山町
0%
石森駒赤大大仁 石倉、森、駒ケ岳、赤井川、大沼公園、大沼、仁山
0%
石雀宇岡宝氏蒲 石橋、雀宮、宇都宮、岡本、宝積寺、氏家、蒲須坂
0%
石石義津松小千 石川プール前、石川、義塾高校前、津軽大沢、松木平、小栗山、千年
0%
石洗長旗荏戸大 石川台、洗足池、長原、旗の台、荏原中延、戸越銀座、大崎広小路
0%
石曽鹿佳前涌上 石巻、曽波神、鹿又、佳景山、前谷地、涌谷、上涌谷
0%
石大長碇津陣白 石川、大鰐温泉、長峰、碇ケ関、津軽湯の沢、陣場、白沢
0%
石大保ひ東清秋 石神井公園、大泉学園、保谷、ひばりヶ丘、東久留米、清瀬、秋津
0%
石南三中北水小 石下、南石下、三妻、中妻、北水海道、水海道、小絹
0%
石二軍沢御川古 石神前、二俣尾、軍畑、沢井、御嶽、川井、古里
0%
石日宮青東河小 石神前、日向和田、宮ノ平、青梅、東青梅、河辺、小作
0%
石柳鵠湘江腰鎌 石上、柳小路、鵠沼、湘南海岸公園、江ノ島、腰越、鎌倉高校前
0%
石落野山八山黒 石倉、落部、野田生、山越、八雲、山崎、黒岩
0%
石陸蛇石陸東矢 石巻、陸前山下、蛇田、石巻あゆみ野、陸前赤井、東矢本、矢本
0%
石陸蛇石陸矢陸 石巻、陸前山下、蛇田、石巻あゆみ野、陸前赤井、矢本、陸前小野
0%
石陸東矢鹿陸野 石巻あゆみ野、陸前赤井、東矢本、矢本、鹿妻、陸前小野、野蒜
0%
石陸矢陸野高塩 石巻あゆみ野、陸前赤井、矢本、陸前小野、野蒜、高城町、塩釜
0%
石練富中練桜江 石神井公園、練馬高野台、富士見台、中村橋、練馬、桜台、江古田
0%
積さ自上曳助八 積志、さぎの宮、自動車学校前、上島、曳馬、助信、八幡
0%
積遠遠浜美遠遠 積志、遠州西ヶ崎、遠州小松、浜北、美薗中央公園、遠州小林、遠州芝本
0%
赤安松北平大東 赤坂田、安比高原、松尾八幡平、北森、平館、大更、東大更
0%
赤浦さ大宮上北 赤羽、浦和、さいたま新都心、大宮、宮原、上尾、北上尾
0%
赤浦さ大土東蓮 赤羽、浦和、さいたま新都心、大宮、土呂、東大宮、蓮田
0%
赤宮大駒小伊田 赤木、宮田、大田切、駒ケ根、小町屋、伊那福岡、田切
0%
赤金近有陸吹有 赤川、金谷沢、近川、有畑、陸奥横浜、吹越、有戸
0%
赤駒森石落野山 赤井川、駒ケ岳、森、石倉、落部、野田生、山越
0%
赤熊足扇高江西 赤土小学校前、熊野前、足立小台、扇大橋、高野、江北、西新井大師西
0%
赤高置米関大峠 赤湯、高畠、置賜、米沢、関根、大沢、峠
0%
赤国霞銀東大淡 赤坂見附、国会議事堂前、霞ケ関、銀座、東京、大手町、淡路町
0%
赤堺中鳴鳴川池 赤倉温泉、堺田、中山平温泉、鳴子温泉、鳴子御殿湯、川渡温泉、池月
0%
赤四四新新新西 赤坂見附、四ツ谷、四谷三丁目、新宿御苑前、新宿三丁目、新宿、西新宿
0%
赤春雫小大前盛 赤渕、春木場、雫石、小岩井、大釜、前潟、盛岡
0%
赤小江川夏小神 赤井、小川郷、江田、川前、夏井、小野新町、神俣
0%
赤小荒横田兄湯 赤坂田、小屋の畑、荒屋新町、横間、田山、兄畑、湯瀬温泉
0%
赤上寺神大下中 赤坂上、上田原、寺下、神畑、大学前、下之郷、中塩田
0%
赤心江大樋北新 赤坂、心臓血管センター、江木、大胡、樋越、北原、新屋
0%
赤川南鳩新戸東 赤羽岩淵、川口元郷、南鳩ヶ谷、鳩ヶ谷、新井宿、戸塚安行、東川口
0%
赤相新阿藪治三 赤城、相老、新桐生、阿左美、藪塚、治良門橋、三枚橋
0%
赤大汐築勝月門 赤羽橋、大門、汐留、築地市場、勝どき、月島、門前仲町
0%
赤大大仁新七大 赤井川、大沼公園、大沼、仁山、新函館北斗、七飯、大中山
0%
赤沢下伊伊田北 赤木、沢渡、下島、伊那市、伊那北、田畑、北殿
0%
赤池新渋恵大西 赤羽、池袋、新宿、渋谷、恵比寿、大崎、西大井
0%
赤中羽か茂蔵山 赤湯、中川、羽前中山、かみのやま温泉、茂吉記念館前、蔵王、山形
0%
赤田刺神生角鶯 赤渕、田沢湖、刺巻、神代、生田、角館、鶯野
0%
赤都谷都十東三 赤坂、都留市、谷村町、都留文科大学前、十日市場、東桂、三つ峠
0%
赤東王上田西日 赤羽、東十条、王子、上中里、田端、西日暮里、日暮里
0%
赤東新新膳粕新 赤城、東新川、新川、新里、膳、粕川、新屋
0%
赤内友岩羽石高 赤塚、内原、友部、岩間、羽鳥、石岡、高浜
0%
赤南宮お梨西今 赤湯、南陽市役所、宮内、おりはた、梨郷、西大塚、今泉
0%
赤北浮戸戸北武 赤羽、北赤羽、浮間舟渡、戸田公園、戸田、北戸田、武蔵浦和
0%
赤麻六青国代新 赤羽橋、麻布十番、六本木、青山一丁目、国立競技場、代々木、新宿
0%
赤茂平芦上野富 赤平、茂尻、平岸、芦別、上芦別、野花南、富良野
0%
赤立最大鵜瀬東 赤倉温泉、立小路、最上、大堀、鵜杉、瀬見温泉、東長沢
0%
赤溜虎新銀京日 赤坂見附、溜池山王、虎ノ門、新橋、銀座、京橋、日本橋
0%
赤偕水勝佐東大 赤塚、偕楽園、水戸、勝田、佐和、東海、大甕
0%
接奥ひ長ア奥川 接岨峡温泉、奥大井湖上、ひらんだ、長島ダム、アプトいちしろ、奥泉、川根小山
0%
摂岩島田普白堀 摂待、岩泉小本、島越、田野畑、普代、白井海岸、堀内
0%
摂新田佐一山宮 摂待、新田老、田老、佐羽根、一の渡、山口団地、宮古
0%
折ひ久寺真北西 折本、ひぐち、久下田、寺内、真岡、北真岡、西田井
0%
折羽羽西仁金象 折渡、羽後岩谷、羽後本荘、西目、仁賀保、金浦、象潟
0%
折羽岩道下桂新 折渡、羽後亀田、岩城みなと、道川、下浜、桂根、新屋
0%
折寄用松児丹群 折原、寄居、用土、松久、児玉、丹荘、群馬藤岡
0%
折竹小明越毛高 折原、竹沢、小川町、明覚、越生、毛呂、高麗川
0%
折矢小千摺柴猊 折壁、矢越、小梨、千厩、摺沢、柴宿、猊鼻渓
0%
雪石洗長旗荏戸 雪が谷大塚、石川台、洗足池、長原、旗の台、荏原中延、戸越銀座
0%
仙つ柴国布調西 仙川、つつじヶ丘、柴崎、国領、布田、調布、西調布
0%
仙岩矢古紫日石 仙北町、岩手飯岡、矢幅、古館、紫波中央、日詰、石鳥谷
0%
仙宮連薬卸六荒 仙台、宮城野通、連坊、薬師堂、卸町、六丁の目、荒井
0%
仙五愛河長長長 仙台、五橋、愛宕橋、河原町、長町一丁目、長町、長町南
0%
仙広勾北北台旭 仙台、広瀬通、勾当台公園、北四番丁、北仙台、台原、旭ヶ丘
0%
仙青大国川青八 仙台、青葉通一番町、大町西公園、国際センター、川内、青葉山、八木山動物公園
0%
仙千芦八上桜下 仙川、千歳烏山、芦花公園、八幡山、上北沢、桜上水、下高井戸
0%
仙長太南名館岩 仙台、長町、太子堂、南仙台、名取、館腰、岩沼
0%
仙東岩陸国塩高 仙台、東仙台、岩切、陸前山王、国府多賀城、塩釜、高城町
0%
仙東北北東国葛 仙台、東照宮、北仙台、北山、東北福祉大前、国見、葛岡
0%
仙白福郡新那宇 仙台、白石蔵王、福島、郡山、新白河、那須塩原、宇都宮
0%
千芦八上桜下明 千歳烏山、芦花公園、八幡山、上北沢、桜上水、下高井戸、明大前
0%
千稲検海幕新南 千葉みなと、稲毛海岸、検見川浜、海浜幕張、幕張豊砂、新習志野、南船橋
0%
千乙上小三向下 千曳、乙供、上北町、小川原、三沢、向山、下田
0%
千花蟇茂腹陸箱 千徳、花原市、蟇目、茂市、腹帯、陸中川井、箱石
0%
千久御雪石洗長 千鳥町、久が原、御嶽山、雪が谷大塚、石川台、洗足池、長原
0%
千京新西み京検 千葉中央、京成千葉、新千葉、西登戸、みどり台、京成稲毛、検見川
0%
千京堀お青京京 千住大橋、京成関屋、堀切菖蒲園、お花茶屋、青砥、京成高砂、京成小岩
0%
千金唐門田温為 千代、金野、唐笠、門島、田本、温田、為栗
0%
千九館那富岩安 千倉、九重、館山、那古船形、富浦、岩井、安房勝山
0%
千経豪梅世下東 千歳船橋、経堂、豪徳寺、梅ヶ丘、世田谷代田、下北沢、東北沢
0%
千戸坂テ西上信 千曲、戸倉、坂城、テクノさかき、西上田、上田、信濃国分寺
0%
千根湯新大二日 千駄木、根津、湯島、新御茶ノ水、大手町、二重橋前、日比谷
0%
千崎青駿田下塩 千頭、崎平、青部、駿河徳山、田野口、下泉、塩郷
0%
千小桜都み動ス 千城台北、小倉台、桜木、都賀、みつわ台、動物公園、スポーツセンター
0%
千小松津義石石 千年、小栗山、松木平、津軽大沢、義塾高校前、石川、石川プール前
0%
千小白西新大松 千葉ニュータウン中央、小室、白井、西白井、新鎌ヶ谷、大町、松飛台
0%
千昭堀千中五杉 千歳町、昭和橋、堀川町、千代台、中央病院前、五稜郭公園前、杉並町
0%
千信四市飯水御 千駄ケ谷、信濃町、四ツ谷、市ケ谷、飯田橋、水道橋、御茶ノ水
0%
千新松函市魚十 千歳町、新川町、松風町、函館駅前、市役所前、魚市場通、十字街
0%
千新東京青日京 千葉ニュータウン中央、新鎌ヶ谷、東松戸、京成高砂、青砥、日暮里、京成上野
0%
千摺柴猊陸岩陸 千厩、摺沢、柴宿、猊鼻渓、陸中松川、岩ノ下、陸中門崎
0%
千西稲新幕幕津 千葉、西千葉、稲毛、新検見川、幕張、幕張本郷、津田沼
0%
千西西西西緑神 千代ケ岡、西聖和、西神楽、西瑞穂、西御料、緑が丘、神楽岡
0%
千仙つ柴国布調 千歳烏山、仙川、つつじヶ丘、柴崎、国領、布田、調布
0%
千千作天穴ス動 千葉、千葉公園、作草部、天台、穴川、スポーツセンター、動物公園
0%
千千小桜都み動 千城台、千城台北、小倉台、桜木、都賀、みつわ台、動物公園
0%
千千南和江太安 千倉、千歳、南三原、和田浦、江見、太海、安房鴨川
0%
千川沢土川奥ア 千頭、川根両国、沢間、土本、川根小山、奥泉、アプトいちしろ
0%
千巣西新板板本 千石、巣鴨、西巣鴨、新板橋、板橋区役所前、板橋本町、本蓮沼
0%
千代新大東中高 千駄ケ谷、代々木、新宿、大久保、東中野、中野、高円寺
0%
千大風驫追広深 千畳敷、大戸瀬、風合瀬、驫木、追良瀬、広戸、深浦
0%
千長サ恵恵島北 千歳、長都、サッポロビール庭園、恵庭、恵み野、島松、北広島
0%
千南神上上西上 千平、南蛇井、神農原、上州一ノ宮、上州七日市、西富岡、上州富岡
0%
千南中北平小根 千国、南小谷、中土、北小谷、平岩、小滝、根知
0%
千白春水神大日 千石、白山、春日、水道橋、神保町、大手町、日比谷
0%
千白信白飯神南 千国、白馬大池、信濃森上、白馬、飯森、神城、南神城
0%
千北陸陸鰺鳴越 千畳敷、北金ケ沢、陸奥柳田、陸奥赤石、鰺ケ沢、鳴沢、越水
0%
千堀昭千新松函 千代台、堀川町、昭和橋、千歳町、新川町、松風町、函館駅前
0%
千本蘇鎌誉土大 千葉、本千葉、蘇我、鎌取、誉田、土気、大網
0%
千本蘇浜八五姉 千葉、本千葉、蘇我、浜野、八幡宿、五井、姉ケ崎
0%
千野狩清小西浅 千曳、野辺地、狩場沢、清水川、小湊、西平内、浅虫温泉
0%
千要池雑西東新 千川、要町、池袋、雑司が谷、西早稲田、東新宿、新宿三丁目
0%
千要池東護江飯 千川、要町、池袋、東池袋、護国寺、江戸川橋、飯田橋
0%
川芦金嘉毘津五 川倉、芦野公園、金木、嘉瀬、毘沙門、津軽飯詰、五農校前
0%
川羽南加花鷲久 川俣、羽生、南羽生、加須、花崎、鷲宮、久喜
0%
川奥ア長ひ奥接 川根小山、奥泉、アプトいちしろ、長島ダム、ひらんだ、奥大井湖上、接岨峡温泉
0%
川横戸大藤辻茅 川崎、横浜、戸塚、大船、藤沢、辻堂、茅ケ崎
0%
川夏小神菅大磐 川前、夏井、小野新町、神俣、菅谷、大越、磐城常葉
0%
川霞鶴若坂北高 川越市、霞ヶ関、鶴ヶ島、若葉、坂戸、北坂戸、高坂
0%
川蒲大大品高田 川崎、蒲田、大森、大井町、品川、高輪ゲートウェイ、田町
0%
川関猪上中磐安 川桁、関都、猪苗代湖畔、上戸、中山宿、磐梯熱海、安子ケ島
0%
川岩矢郷群中市 川原湯温泉、岩島、矢倉、郷原、群馬原町、中之条、市城
0%
川吉西久前曲黒 川辺、吉沢、西滝沢、久保田、前郷、曲沢、黒沢
0%
川玉下新大岩羽 川島、玉戸、下館、新治、大和、岩瀬、羽黒
0%
川御沢軍二石日 川井、御嶽、沢井、軍畑、二俣尾、石神前、日向和田
0%
川時駄毛伊下鼎 川路、時又、駄科、毛賀、伊那八幡、下山村、鼎
0%
川尻矢鹿平向武 川崎、尻手、矢向、鹿島田、平間、向河原、武蔵小杉
0%
川新上ふ鶴み柳 川越、新河岸、上福岡、ふじみ野、鶴瀬、みずほ台、柳瀬川
0%
川西蕨南浦北与 川口、西川口、蕨、南浦和、浦和、北浦和、与野
0%
川赤東王上田西 川口、赤羽、東十条、王子、上中里、田端、西日暮里
0%
川川湯中上男会 川治温泉、川治湯元、湯西川温泉、中三依温泉、上三依塩原温泉口、男鹿高原、会津高原尾瀬口
0%
川泉川野磐里磐 川東、泉郷、川辺沖、野木沢、磐城石川、里白石、磐城浅川
0%
川沢土川奥ア長 川根両国、沢間、土本、川根小山、奥泉、アプトいちしろ、長島ダム
0%
川地塩下田駿青 川根温泉笹間渡、地名、塩郷、下泉、田野口、駿河徳山、青部
0%
川池上有岩西東 川渡温泉、池月、上野目、有備館、岩出山、西大崎、東大崎
0%
川猪翁磐東広会 川桁、猪苗代、翁島、磐梯町、東長原、広田、会津若松
0%
川長群羽袋万大 川原湯温泉、長野原草津口、群馬大津、羽根尾、袋倉、万座・鹿沢口、大前
0%
川都セセ北東高 川和町、都筑ふれあいの丘、センター南、センター北、北山田、東山田、高田
0%
川藤林板鶴陸五 川部、藤崎、林崎、板柳、鶴泊、陸奥鶴田、五所川原
0%
川南藤春八豊東 川間、南桜井、藤の牛島、春日部、八木崎、豊春、東岩槻
0%
川南鳩新戸東浦 川口元郷、南鳩ヶ谷、鳩ヶ谷、新井宿、戸塚安行、東川口、浦和美園
0%
川箱陸腹茂蟇花 川内、箱石、陸中川井、腹帯、茂市、蟇目、花原市
0%
川抜家大福神門 川根温泉笹間渡、抜里、家山、大和田、福用、神尾、門出
0%
川美摩磯標茅塘 川湯温泉、美留和、摩周、磯分内、標茶、茅沼、塘路
0%
川富城伊伊伊伊 川奈、富戸、城ヶ崎海岸、伊豆高原、伊豆大川、伊豆北川、伊豆熱川
0%
川撫弘石大長碇 川部、撫牛子、弘前、石川、大鰐温泉、長峰、碇ケ関
0%
川北浪大鶴津新 川部、北常盤、浪岡、大釈迦、鶴ケ坂、津軽新城、新青森
0%
川野磐里磐磐中 川辺沖、野木沢、磐城石川、里白石、磐城浅川、磐城棚倉、中豊
0%
川緑札清中知止 川湯温泉、緑、札弦、清里町、中斜里、知床斜里、止別
0%
扇高江西谷舎舎 扇大橋、高野、江北、西新井大師西、谷在家、舎人公園、舎人
0%
扇昭浜武安浅弁 扇町、昭和、浜川崎、武蔵白石、安善、浅野、弁天橋
0%
扇大十沢土末十 扇田、大滝温泉、十二所、沢尻、土深井、末広、十和田南
0%
泉羽真釜大及院 泉田、羽前豊里、真室川、釜淵、大滝、及位、院内
0%
泉釜渡茂上清久 泉沢、釜谷、渡島当別、茂辺地、上磯、清川口、久根別
0%
泉久白新白豊黒 泉崎、久田野、白河、新白河、白坂、豊原、黒田原
0%
泉高五戸中馬西 泉岳寺、高輪台、五反田、戸越、中延、馬込、西馬込
0%
泉三大新東宝日 泉岳寺、三田、大門、新橋、東銀座、宝町、日本橋
0%
泉秋四和大羽峰 泉外旭川、秋田、四ツ小屋、和田、大張野、羽後境、峰吉川
0%
泉上笹桜平医花 泉、上松川、笹谷、桜水、平野、医王寺前、花水坂
0%
泉川小谷磐安郡 泉郷、川東、小塩江、谷田川、磐城守山、安積永盛、郡山
0%
泉川野磐里磐磐 泉郷、川辺沖、野木沢、磐城石川、里白石、磐城浅川、磐城棚倉
0%
泉土上追大羽井 泉外旭川、土崎、上飯島、追分、大久保、羽後飯塚、井川さくら
0%
泉八黒旭台北北 泉中央、八乙女、黒松、旭ヶ丘、台原、北仙台、北四番丁
0%
泉品北新青鮫立 泉岳寺、品川、北品川、新馬場、青物横丁、鮫洲、立会川
0%
泉矢鏡須安郡日 泉崎、矢吹、鏡石、須賀川、安積永盛、郡山、日和田
0%
泉立高立立柴甲 泉体育館、立飛、高松、立川北、立川南、柴崎体育館、甲州街道
0%
浅と押曳東鐘堀 浅草、とうきょうスカイツリー、押上、曳舟、東向島、鐘ヶ淵、堀切
0%
浅西小清狩野千 浅虫温泉、西平内、小湊、清水川、狩場沢、野辺地、千曳
0%
浅蔵浅東人日宝 浅草、蔵前、浅草橋、東日本橋、人形町、日本橋、宝町
0%
浅田稲上上末神 浅草、田原町、稲荷町、上野、上野広小路、末広町、神田
0%
浅東人日宝東新 浅草橋、東日本橋、人形町、日本橋、宝町、東銀座、新橋
0%
浅南北青六八三 浅草、南千住、北千住、青井、六町、八潮、三郷中央
0%
浅野矢小東筒青 浅虫温泉、野内、矢田前、小柳、東青森、筒井、青森
0%
浅両錦亀平新小 浅草橋、両国、錦糸町、亀戸、平井、新小岩、小岩
0%
洗石雪御久千池 洗足池、石川台、雪が谷大塚、御嶽山、久が原、千鳥町、池上
0%
洗大奥田多新武 洗足、大岡山、奥沢、田園調布、多摩川、新丸子、武蔵小杉
0%
洗長旗荏戸大五 洗足池、長原、旗の台、荏原中延、戸越銀座、大崎広小路、五反田
0%
洗日贄木奈藪宮 洗馬、日出塩、贄川、木曽平沢、奈良井、藪原、宮ノ越
0%
船市新錦馬新東 船橋、市川、新小岩、錦糸町、馬喰町、新日本橋、東京
0%
船市東新新南三 船橋法典、市川大野、東松戸、新八柱、新松戸、南流山、三郷
0%
船新塚馬鎌新六 船橋、新船橋、塚田、馬込沢、鎌ヶ谷、新鎌ヶ谷、六実
0%
船西下本市小新 船橋、西船橋、下総中山、本八幡、市川、小岩、新小岩
0%
船大京海京東京 船橋競馬場、大神宮下、京成船橋、海神、京成西船、東中山、京成中山
0%
船大北東白越貝 船岡、大河原、北白川、東白石、白石、越河、貝田
0%
船谷京京実八京 船橋競馬場、谷津、京成津田沼、京成大久保、実籾、八千代台、京成大和田
0%
船津稲千東都四 船橋、津田沼、稲毛、千葉、東千葉、都賀、四街道
0%
船槻岩館名南太 船岡、槻木、岩沼、館腰、名取、南仙台、太子堂
0%
船東大西住菊森 船堀、東大島、大島、西大島、住吉、菊川、森下
0%
船東津幕幕新稲 船橋、東船橋、津田沼、幕張本郷、幕張、新検見川、稲毛
0%
船磐大菅神小夏 船引、磐城常葉、大越、菅谷、神俣、小野新町、夏井
0%
前阿桂米上合大 前田南、阿仁前田温泉、桂瀬、米内沢、上杉、合川、大野台
0%
前佳鹿曽石陸渡 前谷地、佳景山、鹿又、曽波神、石巻、陸前稲井、渡波
0%
前宮長北押見帯 前川、宮内、長岡、北長岡、押切、見附、帯織
0%
前曲黒鮎子薬羽 前郷、曲沢、黒沢、鮎川、子吉、薬師堂、羽後本荘
0%
前駒伊国岩桐小 前橋大島、駒形、伊勢崎、国定、岩宿、桐生、小俣
0%
前小阿荒萱笑岩 前田南、小渕、阿仁合、荒瀬、萱草、笑内、岩野目
0%
前前駒伊国岩桐 前橋、前橋大島、駒形、伊勢崎、国定、岩宿、桐生
0%
前鷹糠早下大白 前山、鷹ノ巣、糠沢、早口、下川沿、大館、白沢
0%
前二富鶴東北森 前山、二ツ井、富根、鶴形、東能代、北金岡、森岳
0%
前平山一有清花 前沢、平泉、山ノ目、一ノ関、有壁、清水原、花泉
0%
前薬習北高高滝 前原、薬園台、習志野、北習志野、高根木戸、高根公団、滝不動
0%
前来越塚長越北 前川、来迎寺、越後岩塚、塚山、長鳥、越後広田、北条
0%
前陸水金六北村 前沢、陸中折居、水沢、金ケ崎、六原、北上、村崎野
0%
善南甲国常小東 善光寺、南甲府、甲斐住吉、国母、常永、小井川、東花輪
0%
膳新新東赤桐天 膳、新里、新川、東新川、赤城、桐生球場前、天王宿
0%
膳粕新北樋大江 膳、粕川、新屋、北原、樋越、大胡、江木
0%
曽鹿佳前涌上小 曽波神、鹿又、佳景山、前谷地、涌谷、上涌谷、小牛田
0%
曽石陸渡万沢浦 曽波神、石巻、陸前稲井、渡波、万石浦、沢田、浦宿
0%
曽美岩泉上笹桜 曽根田、美術館図書館前、岩代清水、泉、上松川、笹谷、桜水
0%
祖小小市中群郷 祖母島、小野上、小野上温泉、市城、中之条、群馬原町、郷原
0%
祖成喜狛和登向 祖師ヶ谷大蔵、成城学園前、喜多見、狛江、和泉多摩川、登戸、向ヶ丘遊園
0%
祖千経豪梅世下 祖師ヶ谷大蔵、千歳船橋、経堂、豪徳寺、梅ヶ丘、世田谷代田、下北沢
0%
蘇鎌誉土大永本 蘇我、鎌取、誉田、土気、大網、永田、本納
0%
蘇千稲検海幕新 蘇我、千葉みなと、稲毛海岸、検見川浜、海浜幕張、幕張豊砂、新習志野
0%
蘇浜八五姉長袖 蘇我、浜野、八幡宿、五井、姉ケ崎、長浦、袖ケ浦
0%
鼠小あ五小三羽 鼠ケ関、小岩川、あつみ温泉、五十川、小波渡、三瀬、羽前水沢
0%
鼠府勝越今桑越 鼠ケ関、府屋、勝木、越後寒川、今川、桑川、越後早川
0%
双浪桃小磐原鹿 双葉、浪江、桃内、小高、磐城太田、原ノ町、鹿島
0%
倉上木原宮藪奈 倉本、上松、木曽福島、原野、宮ノ越、藪原、奈良井
0%
倉新神本岡深籠 倉賀野、新町、神保原、本庄、岡部、深谷、籠原
0%
倉飯旭干八飯横 倉橋、飯岡、旭、干潟、八日市場、飯倉、横芝
0%
早安追三古由栗 早来、安平、追分、三川、古山、由仁、栗山
0%
早浦上出東池三 早瀬、浦川、上市場、出馬、東栄、池場、三河川合
0%
早下大白陣津碇 早口、下川沿、大館、白沢、陣場、津軽湯の沢、碇ケ関
0%
早下中佐相城向 早瀬、下川合、中部天竜、佐久間、相月、城西、向市場
0%
早会会会滝郷会 早戸、会津宮下、会津西方、会津桧原、滝谷、郷戸、会津柳津
0%
早会会会本会会 早戸、会津水沼、会津中川、会津川口、本名、会津越川、会津横田
0%
早小鴨国二大平 早川、小田原、鴨宮、国府津、二宮、大磯、平塚
0%
早神飯九竹大日 早稲田、神楽坂、飯田橋、九段下、竹橋、大手町、日本橋
0%
巣駒田西日鶯上 巣鴨、駒込、田端、西日暮里、日暮里、鶯谷、上野
0%
巣庚新西滝飛王 巣鴨新田、庚申塚、新庚申塚、西ヶ原四丁目、滝野川一丁目、飛鳥山、王子駅前
0%
巣西新板板本志 巣鴨、西巣鴨、新板橋、板橋区役所前、板橋本町、本蓮沼、志村坂上
0%
巣千白春水神大 巣鴨、千石、白山、春日、水道橋、神保町、大手町
0%
巣大向東都鬼学 巣鴨新田、大塚駅前、向原、東池袋四丁目、都電雑司ヶ谷、鬼子母神前、学習院下
0%
巣大池目高新新 巣鴨、大塚、池袋、目白、高田馬場、新大久保、新宿
0%
巣滝渋好岩い御 巣子、滝沢、渋民、好摩、岩手川口、いわて沼宮内、御堂
0%
相運大上本水花 相老、運動公園、大間々、上神梅、本宿、水沼、花輪
0%
相下原番上南橋 相武台下、下溝、原当麻、番田、上溝、南橋本、橋本
0%
相駒新坂山浜亘 相馬、駒ケ嶺、新地、坂元、山下、浜吉田、亘理
0%
相佐中下早浦上 相月、佐久間、中部天竜、下川合、早瀬、浦川、上市場
0%
相座海厚本愛伊 相武台前、座間、海老名、厚木、本厚木、愛甲石田、伊勢原
0%
相小黒ゆほゆ和 相野々、小松川、黒沢、ゆだ高原、ほっとゆだ、ゆだ錦秋湖、和賀仙人
0%
相小相町玉鶴柿 相武台前、小田急相模原、相模大野、町田、玉川学園前、鶴川、柿生
0%
相松東山谷駿足 相模金子、松田、東山北、山北、谷峨、駿河小山、足柄
0%
相城向水大小中 相月、城西、向市場、水窪、大嵐、小和田、中井侍
0%
相大瀬三希二鶴 相模大塚、大和、瀬谷、三ツ境、希望ヶ丘、二俣川、鶴ヶ峰
0%
相町玉鶴柿新百 相模大野、町田、玉川学園前、鶴川、柿生、新百合ヶ丘、百合ヶ丘
0%
相東西北柏愛端 相内、東相内、西北見、北見、柏陽、愛し野、端野
0%
相東中南鶴大桜 相模大野、東林間、中央林間、南林間、鶴間、大和、桜ヶ丘
0%
相藤上四梁鳥猿 相模湖、藤野、上野原、四方津、梁川、鳥沢、猿橋
0%
相日鹿原磐小桃 相馬、日立木、鹿島、原ノ町、磐城太田、小高、桃内
0%
相入海厚社門倉 相武台下、入谷、海老名、厚木、社家、門沢橋、倉見
0%
相飯穴五井緑小 相模沼田、飯田岡、穴部、五百羅漢、井細田、緑町、小田原
0%
相矢淵古町成長 相模原、矢部、淵野辺、古淵、町田、成瀬、長津田
0%
相留西生安遠瀬 相内、留辺蘂、西留辺蘂、生田原、安国、遠軽、瀬戸瀬
0%
総久東小大城上 総元、久我原、東総元、小谷松、大多喜、城見ヶ丘、上総中川
0%
草県県古長柚春 草薙、県立美術館前、県総合運動場、古庄、長沼、柚木、春日町
0%
草清興由蒲新富 草薙、清水、興津、由比、蒲原、新蒲原、富士川
0%
草谷竹西梅五小 草加、谷塚、竹ノ塚、西新井、梅島、五反野、小菅
0%
草東静安用焼西 草薙、東静岡、静岡、安倍川、用宗、焼津、西焼津
0%
草獨新蒲新越北 草加、獨協大学前、新田、蒲生、新越谷、越谷、北越谷
0%
藻北原浜止知中 藻琴、北浜、原生花園、浜小清水、止別、知床斜里、中斜里
0%
増逆高六新鎌馬 増尾、逆井、高柳、六実、新鎌ヶ谷、鎌ヶ谷、馬込沢
0%
増新柏豊流初江 増尾、新柏、柏、豊四季、流山おおたかの森、初石、江戸川台
0%
蔵山北羽南漆高 蔵王、山形、北山形、羽前千歳、南出羽、漆山、高擶
0%
蔵新上本春飯牛 蔵前、新御徒町、上野御徒町、本郷三丁目、春日、飯田橋、牛込神楽坂
0%
蔵浅東人日宝東 蔵前、浅草橋、東日本橋、人形町、日本橋、宝町、東銀座
0%
蔵茂か羽中赤高 蔵王、茂吉記念館前、かみのやま温泉、羽前中山、中川、赤湯、高畠
0%
蔵両森清門月勝 蔵前、両国、森下、清澄白河、門前仲町、月島、勝どき
0%
足あ富佐岩大栃 足利、あしかがフラワーパーク、富田、佐野、岩舟、大平下、栃木
0%
足越津越越越土 足滝、越後田中、津南、越後鹿渡、越後田沢、越後水沢、土市
0%
足御南富岩裾長 足柄、御殿場、南御殿場、富士岡、岩波、裾野、長泉なめり
0%
足駿谷山東松相 足柄、駿河小山、谷峨、山北、東山北、松田、相模金子
0%
足森横平信西桑 足滝、森宮野原、横倉、平滝、信濃白鳥、西大滝、桑名川
0%
足扇高江西谷舎 足立小台、扇大橋、高野、江北、西新井大師西、谷在家、舎人公園
0%
足通原沢神小中 足尾、通洞、原向、沢入、神戸、小中、中野
0%
足東福県多館茂 足利市、東武和泉、福居、県、多々良、館林、茂林寺前
0%
足野韮太細木世 足利市、野州山辺、韮川、太田、細谷、木崎、世良田
0%
足螢富栢開新渋 足柄、螢田、富水、栢山、開成、新松田、渋沢
0%
袖長姉五八浜蘇 袖ケ浦、長浦、姉ケ崎、五井、八幡宿、浜野、蘇我
0%
村花花石日紫古 村崎野、花巻、花巻空港、石鳥谷、日詰、紫波中央、古館
0%
村間越桑今越勝 村上、間島、越後早川、桑川、今川、越後寒川、勝木
0%
村岩平坂平中金 村上、岩船町、平林、坂町、平木田、中条、金塚
0%
村袖大北芦舟新 村山、袖崎、大石田、北大石田、芦沢、舟形、新庄
0%
村東さ神乱天天 村山、東根、さくらんぼ東根、神町、乱川、天童、天童南
0%
村日須北小都桜 村山、日野、須坂、北須坂、小布施、都住、桜沢
0%
村八八船北飯東 村上、八千代中央、八千代緑が丘、船橋日大前、北習志野、飯山満、東海神
0%
村平南松田明西 村井、平田、南松本、松本、田沢、明科、西条
0%
村北六金水陸前 村崎野、北上、六原、金ケ崎、水沢、陸中折居、前沢
0%
村柳附朝信桐本 村山、柳原、附属中学前、朝陽、信濃吉田、桐原、本郷
0%
多下西本東陸松 多賀城、下馬、西塩釜、本塩釜、東塩釜、陸前浜田、松島海岸
0%
多館茂川羽南加 多々良、館林、茂林寺前、川俣、羽生、南羽生、加須
0%
多県福東足野韮 多々良、県、福居、東武和泉、足利市、野州山辺、韮川
0%
多七益北西北真 多田羅、七井、益子、北山、西田井、北真岡、真岡
0%
多松大中多程高 多摩センター、松が谷、大塚・帝京大学、中央大学・明星大学、多摩動物公園、程久保、高幡不動
0%
多沼鵜下武矢蒲 多摩川、沼部、鵜の木、下丸子、武蔵新田、矢口渡、蒲田
0%
多新武元日綱大 多摩川、新丸子、武蔵小杉、元住吉、日吉、綱島、大倉山
0%
多瑞風名名日智 多寄、瑞穂、風連、名寄高校、名寄、日進、智恵文
0%
多程高万甲柴立 多摩動物公園、程久保、高幡不動、万願寺、甲州街道、柴崎体育館、立川南
0%
多田奥大洗西武 多摩川、田園調布、奥沢、大岡山、洗足、西小山、武蔵小山
0%
多田吉堀佐佐田 多田、田沼、吉水、堀米、佐野、佐野市、田島
0%
多田自都学祐中 多摩川、田園調布、自由が丘、都立大学、学芸大学、祐天寺、中目黒
0%
多南京京京若稲 多摩境、南大沢、京王堀之内、京王多摩センター、京王永山、若葉台、稲城
0%
多武八萩青一国 多摩湖、武蔵大和、八坂、萩山、青梅街道、一橋学園、国分寺
0%
多武飛西調布国 多磨霊園、武蔵野台、飛田給、西調布、調布、布田、国領
0%
太ロああ拓篠百 太美、ロイズタウン、あいの里公園、あいの里教育大、拓北、篠路、百合が原
0%
太江和南千千九 太海、江見、和田浦、南三原、千歳、千倉、九重
0%
太細木世境剛新 太田、細谷、木崎、世良田、境町、剛志、新伊勢崎
0%
太三治藪阿新相 太田、三枚橋、治良門橋、藪塚、阿左美、新桐生、相老
0%
太中滑北岩佐中 太田部、中込、滑津、北中込、岩村田、佐久平、中佐都
0%
太長三大浪御勝 太東、長者町、三門、大原、浪花、御宿、勝浦
0%
太東上八茂新本 太東、東浪見、上総一ノ宮、八積、茂原、新茂原、本納
0%
太南名館岩槻船 太子堂、南仙台、名取、館腰、岩沼、槻木、船岡
0%
太韮野足東福県 太田、韮川、野州山辺、足利市、東武和泉、福居、県
0%
太百篠拓ああロ 太平、百合が原、篠路、拓北、あいの里教育大、あいの里公園、ロイズタウン
0%
太龍臼青羽海八 太田部、龍岡城、臼田、青沼、羽黒下、海瀬、八千穂
0%
駄毛伊下鼎切飯 駄科、毛賀、伊那八幡、下山村、鼎、切石、飯田
0%
帯見押北長宮前 帯織、見附、押切、北長岡、長岡、宮内、前川
0%
帯札幕利池十豊 帯広、札内、幕別、利別、池田、十弗、豊頃
0%
帯東三東保加羽 帯織、東光寺、三条、東三条、保内、加茂、羽生田
0%
帯柏西大芽御十 帯広、柏林台、西帯広、大成、芽室、御影、十勝清水
0%
袋愛掛菊金島六 袋井、愛野、掛川、菊川、金谷、島田、六合
0%
袋羽群長川岩矢 袋倉、羽根尾、群馬大津、長野原草津口、川原湯温泉、岩島、矢倉
0%
袋常下矢東南磐 袋田、常陸大子、下野宮、矢祭山、東館、南石井、磐城石井
0%
代原渋恵目五大 代々木、原宿、渋谷、恵比寿、目黒、五反田、大崎
0%
代国青六麻赤大 代々木、国立競技場、青山一丁目、六本木、麻布十番、赤羽橋、大門
0%
代新大東中高阿 代々木、新宿、大久保、東中野、中野、高円寺、阿佐ケ谷
0%
代新都西中東中 代々木、新宿、都庁前、西新宿五丁目、中野坂上、東中野、中井
0%
代千信四市飯水 代々木、千駄ケ谷、信濃町、四ツ谷、市ケ谷、飯田橋、水道橋
0%
代代東下世梅豪 代々木八幡、代々木上原、東北沢、下北沢、世田谷代田、梅ヶ丘、豪徳寺
0%
代代明表乃赤国 代々木上原、代々木公園、明治神宮前、表参道、乃木坂、赤坂、国会議事堂前
0%
代日合門神福大 代官町、日切、合格、門出、神尾、福用、大和田
0%
代明下桜上八芦 代田橋、明大前、下高井戸、桜上水、上北沢、八幡山、芦花公園
0%
台お芝日竹汐新 台場、お台場海浜公園、芝浦ふ頭、日の出、竹芝、汐留、新橋
0%
台北北勾広仙五 台原、北仙台、北四番丁、勾当台公園、広瀬通、仙台、五橋
0%
大う虫ほま十し 大池いこいの森、うらがわら、虫川大杉、ほくほく大島、まつだい、十日町、しんざ
0%
大さ与北浦南蕨 大宮、さいたま新都心、与野、北浦和、浦和、南浦和、蕨
0%
大す中幌中平南 大通、すすきの、中島公園、幌平橋、中の島、平岸、南平岸
0%
大せ武一春北姫 大袋、せんげん台、武里、一ノ割、春日部、北春日部、姫宮
0%
大ひ石上熊ソ持 大麻生、ひろせ野鳥の森、石原、上熊谷、熊谷、ソシオ流通センター、持田
0%
大芦湯塔弥会ふ 大川ダム公園、芦ノ牧温泉南、湯野上温泉、塔のへつり、弥五島、会津下郷、ふるさと公園
0%
大伊原韮伊田大 大場、伊豆仁田、原木、韮山、伊豆長岡、田京、大仁
0%
大磯南高十小日 大津港、磯原、南中郷、高萩、十王、小木津、日立
0%
大羽井八鯉鹿森 大久保、羽後飯塚、井川さくら、八郎潟、鯉川、鹿渡、森岳
0%
大羽峰刈神大飯 大張野、羽後境、峰吉川、刈和野、神宮寺、大曲、飯詰
0%
大鵜瀬東長南新 大堀、鵜杉、瀬見温泉、東長沢、長沢、南新庄、新庄
0%
大鵜両釜平唐吉 大槌、鵜住居、両石、釜石、平田、唐丹、吉浜
0%
大浦赤池新渋恵 大宮、浦和、赤羽、池袋、新宿、渋谷、恵比寿
0%
大永本新茂八上 大網、永田、本納、新茂原、茂原、八積、上総一ノ宮
0%
大奥田多新武元 大岡山、奥沢、田園調布、多摩川、新丸子、武蔵小杉、元住吉
0%
大下戸中荏旗北 大井町、下神明、戸越公園、中延、荏原町、旗の台、北千束
0%
大下宗玉石南三 大宝、下妻、宗道、玉村、石下、南石下、三妻
0%
大下赤金近有陸 大湊、下北、赤川、金谷沢、近川、有畑、陸奥横浜
0%
大下早糠鷹前二 大館、下川沿、早口、糠沢、鷹ノ巣、前山、二ツ井
0%
大下中塩中舞八 大学前、下之郷、中塩田、塩田町、中野、舞田、八木沢
0%
大下長裾岩富南 大岡、下土狩、長泉なめり、裾野、岩波、富士岡、南御殿場
0%
大下北新三森下 大庭、下新、北新・松本大学前、新村、三溝、森口、下島
0%
大家抜川地塩下 大和田、家山、抜里、川根温泉笹間渡、地名、塩郷、下泉
0%
大階角平種玉宿 大蛇、階上、角の浜、平内、種市、玉川、宿戸
0%
大蒲川鶴新東横 大森、蒲田、川崎、鶴見、新子安、東神奈川、横浜
0%
大関米置高赤中 大沢、関根、米沢、置賜、高畠、赤湯、中川
0%
大岩あ滝八東沢 大間越、岩館、あきた白神、滝ノ間、八森、東八森、沢目
0%
大岩羽福稲笠宍 大和、岩瀬、羽黒、福原、稲田、笠間、宍戸
0%
大岩佐富あ足山 大平下、岩舟、佐野、富田、あしかがフラワーパーク、足利、山前
0%
大菊新小鴨中十 大口、菊名、新横浜、小机、鴨居、中山、十日市場
0%
大菊妙白東反横 大倉山、菊名、妙蓮寺、白楽、東白楽、反町、横浜
0%
大吉浪岩織陸豊 大槌、吉里吉里、浪板海岸、岩手船越、織笠、陸中山田、豊間根
0%
大宮上北桶北鴻 大宮、宮原、上尾、北上尾、桶川、北本、鴻巣
0%
大宮赤沢下伊伊 大田切、宮田、赤木、沢渡、下島、伊那市、伊那北
0%
大京海京東京鬼 大神宮下、京成船橋、海神、京成西船、東中山、京成中山、鬼越
0%
大京京ユ志勝京 大佐倉、京成佐倉、京成臼井、ユーカリが丘、志津、勝田台、京成大和田
0%
大金大階角平種 大久喜、金浜、大蛇、階上、角の浜、平内、種市
0%
大駒小伊田飯伊 大田切、駒ケ根、小町屋、伊那福岡、田切、飯島、伊那本郷
0%
大熊本高上越浦 大宮、熊谷、本庄早稲田、高崎、上毛高原、越後湯沢、浦佐
0%
大恵渋新池赤浦 大崎、恵比寿、渋谷、新宿、池袋、赤羽、浦和
0%
大恵渋新池板十 大崎、恵比寿、渋谷、新宿、池袋、板橋、十条
0%
大戸荏旗長洗石 大崎広小路、戸越銀座、荏原中延、旗の台、長原、洗足池、石川台
0%
大戸東保横新武 大船、戸塚、東戸塚、保土ケ谷、横浜、新川崎、武蔵小杉
0%
大五目恵渋原代 大崎、五反田、目黒、恵比寿、渋谷、原宿、代々木
0%
大向東都鬼学面 大塚駅前、向原、東池袋四丁目、都電雑司ヶ谷、鬼子母神前、学習院下、面影橋
0%
大江心赤上片三 大胡、江木、心臓血管センター、赤坂、上泉、片貝、三俣
0%
大綱日元武新多 大倉山、綱島、日吉、元住吉、武蔵小杉、新丸子、多摩川
0%
大合上米桂阿前 大野台、合川、上杉、米内沢、桂瀬、阿仁前田温泉、前田南
0%
大黒騰大下宗玉 大田郷、黒子、騰波ノ江、大宝、下妻、宗道、玉村
0%
大佐香水小笹下 大戸、佐原、香取、水郷、小見川、笹川、下総橘
0%
大佐上竹浜保安 大貫、佐貫町、上総湊、竹岡、浜金谷、保田、安房勝山
0%
大最立赤堺中鳴 大堀、最上、立小路、赤倉温泉、堺田、中山平温泉、鳴子温泉
0%
大三水清住錦押 大手町、三越前、水天宮前、清澄白河、住吉、錦糸町、押上
0%
大三泉高五戸中 大門、三田、泉岳寺、高輪台、五反田、戸越、中延
0%
大三長太東上八 大原、三門、長者町、太東、東浪見、上総一ノ宮、八積
0%
大鹿鹿長荒鹿鹿 大洋、鹿島灘、鹿島大野、長者ヶ浜潮騒はまなす公園前、荒野台、鹿島サッカースタジアム、鹿島神宮
0%
大鹿渡渡掛尾東 大沼、鹿部、渡島沼尻、渡島砂原、掛澗、尾白内、東森
0%
大七岩東豊八春 大和田、七里、岩槻、東岩槻、豊春、八木崎、春日部
0%
大七新仁大大赤 大中山、七飯、新函館北斗、仁山、大沼、大沼公園、赤井川
0%
大種陸鮫白陸小 大久喜、種差海岸、陸奥白浜、鮫、白銀、陸奥湊、小中野
0%
大十沢土末十柴 大滝温泉、十二所、沢尻、土深井、末広、十和田南、柴平
0%
大宿鯖石石義津 大鰐、宿川原、鯖石、石川プール前、石川、義塾高校前、津軽大沢
0%
大初笹甲勝塩東 大月、初狩、笹子、甲斐大和、勝沼ぶどう郷、塩山、東山梨
0%
大庶西白音厚浦 大楽毛、庶路、西庶路、白糠、音別、厚内、浦幌
0%
大小雫春赤田刺 大釜、小岩井、雫石、春木場、赤渕、田沢湖、刺巻
0%
大小中伊鶯平為 大嵐、小和田、中井侍、伊那小沢、鶯巣、平岡、為栗
0%
大松東秋北矢新 大町、松飛台、東松戸、秋山、北国分、矢切、新柴又
0%
大上塩六五浦八 大沢、上越国際スキー場前、塩沢、六日町、五日町、浦佐、八色
0%
大上田禾赤都谷 大月、上大月、田野倉、禾生、赤坂、都留市、谷村町
0%
大上本水花中小 大間々、上神梅、本宿、水沼、花輪、中野、小中
0%
大城上国新上西 大多喜、城見ヶ丘、上総中川、国吉、新田野、上総東、西大原
0%
大常日小十高南 大甕、常陸多賀、日立、小木津、十王、高萩、南中郷
0%
大新小東鬼鬼新 大桑、新高徳、小佐越、東武ワールドスクウェア、鬼怒川温泉、鬼怒川公園、新藤原
0%
大新西白小千印 大町、新鎌ヶ谷、西白井、白井、小室、千葉ニュータウン中央、印西牧の原
0%
大新早豊黒佐西 大形、新崎、早通、豊栄、黒山、佐々木、西新発田
0%
大新代千信四市 大久保、新宿、代々木、千駄ケ谷、信濃町、四ツ谷、市ケ谷
0%
大新東宝日人東 大門、新橋、東銀座、宝町、日本橋、人形町、東日本橋
0%
大森厚白苗札桑 大麻、森林公園、厚別、白石、苗穂、札幌、桑園
0%
大神刈峰羽大和 大曲、神宮寺、刈和野、峰吉川、羽後境、大張野、和田
0%
大神九半永青表 大手町、神保町、九段下、半蔵門、永田町、青山一丁目、表参道
0%
大神寺上赤三城 大学前、神畑、寺下、上田原、赤坂上、三好町、城下
0%
大神水春白千巣 大手町、神保町、水道橋、春日、白山、千石、巣鴨
0%
大須倉上木原宮 大桑、須原、倉本、上松、木曽福島、原野、宮ノ越
0%
大水向城相佐中 大嵐、水窪、向市場、城西、相月、佐久間、中部天竜
0%
大菅神小夏川江 大越、菅谷、神俣、小野新町、夏井、川前、江田
0%
大瀬三希二鶴西 大和、瀬谷、三ツ境、希望ヶ丘、二俣川、鶴ヶ峰、西谷
0%
大西住菊森浜馬 大島、西大島、住吉、菊川、森下、浜町、馬喰横山
0%
大西上新国上城 大原、西大原、上総東、新田野、国吉、上総中川、城見ヶ丘
0%
大西柏帯札幕利 大成、西帯広、柏林台、帯広、札内、幕別、利別
0%
大青君木巌袖長 大貫、青堀、君津、木更津、巌根、袖ケ浦、長浦
0%
大青仙宮連薬卸 大町西公園、青葉通一番町、仙台、宮城野通、連坊、薬師堂、卸町
0%
大石越岩越土土 大沢、石打、越後湯沢、岩原スキー場前、越後中里、土樽、土合
0%
大石練富中練桜 大泉学園、石神井公園、練馬高野台、富士見台、中村橋、練馬、桜台
0%
大赤駒森石落野 大沼公園、赤井川、駒ケ岳、森、石倉、落部、野田生
0%
大赤麻六青国代 大門、赤羽橋、麻布十番、六本木、青山一丁目、国立競技場、代々木
0%
大千北陸陸鰺鳴 大戸瀬、千畳敷、北金ケ沢、陸奥柳田、陸奥赤石、鰺ケ沢、鳴沢
0%
大川芦金嘉毘津 大沢内、川倉、芦野公園、金木、嘉瀬、毘沙門、津軽飯詰
0%
大船谷京京実八 大神宮下、船橋競馬場、谷津、京成津田沼、京成大久保、実籾、八千代台
0%
大船槻岩館名南 大河原、船岡、槻木、岩沼、館腰、名取、南仙台
0%
大巣庚新西滝飛 大塚駅前、巣鴨新田、庚申塚、新庚申塚、西ヶ原四丁目、滝野川一丁目、飛鳥山
0%
大袖村東さ神乱 大石田、袖崎、村山、東根、さくらんぼ東根、神町、乱川
0%
大大蒲川鶴新東 大井町、大森、蒲田、川崎、鶴見、新子安、東神奈川
0%
大大七岩東豊八 大宮公園、大和田、七里、岩槻、東岩槻、豊春、八木崎
0%
大大新小東鬼鬼 大谷向、大桑、新高徳、小佐越、東武ワールドスクウェア、鬼怒川温泉、鬼怒川公園
0%
大大仁新七大桔 大沼公園、大沼、仁山、新函館北斗、七飯、大中山、桔梗
0%
大大赤駒森石落 大沼、大沼公園、赤井川、駒ケ岳、森、石倉、落部
0%
大大品高田浜新 大森、大井町、品川、高輪ゲートウェイ、田町、浜松町、新橋
0%
大大品天東国東 大崎、大井町、品川シーサイド、天王洲アイル、東京テレポート、国際展示場、東雲
0%
大只会会会会会 大白川、只見、会津蒲生、会津塩沢、会津大塩、会津横田、会津越川
0%
大淡御本後茗新 大手町、淡路町、御茶ノ水、本郷三丁目、後楽園、茗荷谷、新大塚
0%
大知尾奥三都東 大森、知波田、尾奈、奥浜名湖、三ヶ日、都筑、東都筑
0%
大池目高新新代 大塚、池袋、目白、高田馬場、新大久保、新宿、代々木
0%
大中と上東下成 大山、中板橋、ときわ台、上板橋、東武練馬、下赤塚、成増
0%
大中蟹瀬郷蓬中 大平、中小国、蟹田、瀬辺地、郷沢、蓬田、中沢
0%
大中多程高万甲 大塚・帝京大学、中央大学・明星大学、多摩動物公園、程久保、高幡不動、万願寺、甲州街道
0%
大長碇津陣白大 大鰐温泉、長峰、碇ケ関、津軽湯の沢、陣場、白沢、大館
0%
大津大中蟹瀬郷 大川平、津軽二股、大平、中小国、蟹田、瀬辺地、郷沢
0%
大追上土泉秋四 大久保、追分、上飯島、土崎、泉外旭川、秋田、四ツ小屋
0%
大鉄加東今吉原 大宮、鉄道博物館、加茂宮、東宮原、今羽、吉野原、原市
0%
大田伊韮原伊大 大仁、田京、伊豆長岡、韮山、原木、伊豆仁田、大場
0%
大田滋小平御信 大屋、田中、滋野、小諸、平原、御代田、信濃追分
0%
大土東蓮白新久 大宮、土呂、東大宮、蓮田、白岡、新白岡、久喜
0%
大塔箱入風箱小 大平台、塔ノ沢、箱根湯本、入生田、風祭、箱根板橋、小田原
0%
大東銀霞国赤四 大手町、東京、銀座、霞ケ関、国会議事堂前、赤坂見附、四ツ谷
0%
大東佐勝水偕赤 大甕、東海、佐和、勝田、水戸、偕楽園、赤塚
0%
大東扇大十沢土 大館、東大館、扇田、大滝温泉、十二所、沢尻、土深井
0%
大東船一瑞篠本 大島、東大島、船堀、一之江、瑞江、篠崎、本八幡
0%
大東中高阿荻西 大久保、東中野、中野、高円寺、阿佐ケ谷、荻窪、西荻窪
0%
大二新梁や富兜 大泉、二井田、新田、梁川、やながわ希望の森公園前、富野、兜
0%
大二日霞国赤乃 大手町、二重橋前、日比谷、霞ケ関、国会議事堂前、赤坂、乃木坂
0%
大日茅門木東南 大手町、日本橋、茅場町、門前仲町、木場、東陽町、南砂町
0%
大入上越魚越藪 大白川、入広瀬、上条、越後須原、魚沼田中、越後広瀬、藪神
0%
大白松十陸陸ウ 大間越、白神岳登山口、松神、十二湖、陸奥岩崎、陸奥沢辺、ウェスパ椿山
0%
大白陣津碇長大 大館、白沢、陣場、津軽湯の沢、碇ケ関、長峰、大鰐温泉
0%
大飯後横柳醍十 大曲、飯詰、後三年、横手、柳田、醍醐、十文字
0%
大磐船要三舞郡 大越、磐城常葉、船引、要田、三春、舞木、郡山
0%
大樋北新粕膳新 大胡、樋越、北原、新屋、粕川、膳、新里
0%
大品天東国東新 大井町、品川シーサイド、天王洲アイル、東京テレポート、国際展示場、東雲、新木場
0%
大富湘湘西片目 大船、富士見町、湘南町屋、湘南深沢、西鎌倉、片瀬山、目白山下
0%
大富和塚岩相飯 大雄山、富士フイルム前、和田河原、塚原、岩原、相模沼田、飯田岡
0%
大風驫追広深横 大戸瀬、風合瀬、驫木、追良瀬、広戸、深浦、横磯
0%
大福神門合日代 大和田、福用、神尾、門出、合格、日切、代官町
0%
大平茅辻藤大戸 大磯、平塚、茅ケ崎、辻堂、藤沢、大船、戸塚
0%
大平大梅京雑六 大森海岸、平和島、大森町、梅屋敷、京急蒲田、雑色、六郷土手
0%
大平大立鮫青新 大森町、平和島、大森海岸、立会川、鮫洲、青物横丁、新馬場
0%
大平北松安赤小 大更、平館、北森、松尾八幡平、安比高原、赤坂田、小屋の畑
0%
大保ひ東清秋所 大泉学園、保谷、ひばりヶ丘、東久留米、清瀬、秋津、所沢
0%
大保上高向瀬福 大泉、保原、上保原、高子、向瀬上、瀬上、福島学院前
0%
大豊学豊美月福 大通、豊水すすきの、学園前、豊平公園、美園、月寒中央、福住
0%
大豊洞有長伊北 大岸、豊浦、洞爺、有珠、長和、伊達紋別、北舟岡
0%
大北羽鑓羽鶯角 大曲、北大曲、羽後四ツ屋、鑓見内、羽後長野、鶯野、角館
0%
大北鎌逗東田横 大船、北鎌倉、鎌倉、逗子、東逗子、田浦、横須賀
0%
大北旗荏中戸下 大岡山、北千束、旗の台、荏原町、中延、戸越公園、下神明
0%
大北新徳鹿涸大 大洋、北浦湖畔、新鉾田、徳宿、鹿島旭、涸沼、大洗
0%
大北大大七岩東 大宮、北大宮、大宮公園、大和田、七里、岩槻、東岩槻
0%
大北東白越貝藤 大河原、北白川、東白石、白石、越河、貝田、藤田
0%
大末十魚市函松 大町、末広町、十字街、魚市場通、市役所前、函館駅前、松風町
0%
大万袋羽群長川 大前、万座・鹿沢口、袋倉、羽根尾、群馬大津、長野原草津口、川原湯温泉
0%
大明武永ふ小桜 大麻生、明戸、武川、永田、ふかや花園、小前田、桜沢
0%
大勿植泉湯内い 大津港、勿来、植田、泉、湯本、内郷、いわき
0%
大野高江豊幌上 大麻、野幌、高砂、江別、豊幌、幌向、上幌向
0%
大野十南田坂落 大桑、野尻、十二兼、南木曽、田立、坂下、落合川
0%
大立鮫青新北品 大森海岸、立会川、鮫洲、青物横丁、新馬場、北品川、品川
0%
大緑自九尾等上 大岡山、緑が丘、自由が丘、九品仏、尾山台、等々力、上野毛
0%
大浪御勝鵜上行 大原、浪花、御宿、勝浦、鵜原、上総興津、行川アイランド
0%
大浪北川撫弘石 大釈迦、浪岡、北常盤、川部、撫牛子、弘前、石川
0%
大和皆親上長野 大野原、和銅黒谷、皆野、親鼻、上長瀞、長瀞、野上
0%
大和四秋泉土上 大張野、和田、四ツ小屋、秋田、泉外旭川、土崎、上飯島
0%
大涸鹿徳新北大 大洗、涸沼、鹿島旭、徳宿、新鉾田、北浦湖畔、大洋
0%
第遠八助曳上自 第一通り、遠州病院、八幡、助信、曳馬、上島、自動車学校前
0%
醍十下湯上三横 醍醐、十文字、下湯沢、湯沢、上湯沢、三関、横堀
0%
鷹糠早下大白陣 鷹ノ巣、糠沢、早口、下川沿、大館、白沢、陣場
0%
鷹西縄大合上米 鷹巣、西鷹巣、縄文小ヶ田、大野台、合川、上杉、米内沢
0%
鷹前二富鶴東北 鷹ノ巣、前山、二ツ井、富根、鶴形、東能代、北金岡
0%
滝あ岩大白松十 滝ノ間、あきた白神、岩館、大間越、白神岳登山口、松神、十二湖
0%
滝会会会早会会 滝谷、会津桧原、会津西方、会津宮下、早戸、会津水沼、会津中川
0%
滝郷会会塔会若 滝谷、郷戸、会津柳津、会津坂本、塔寺、会津坂下、若宮
0%
滝高高北習薬前 滝不動、高根公団、高根木戸、北習志野、習志野、薬園台、前原
0%
滝砂豊奈茶美光 滝川、砂川、豊沼、奈井江、茶志内、美唄、光珠内
0%
滝三二鎌初新北 滝不動、三咲、二和向台、鎌ヶ谷大仏、初富、新鎌ヶ谷、北初富
0%
滝渋好岩い御奥 滝沢、渋民、好摩、岩手川口、いわて沼宮内、御堂、奥中山高原
0%
滝小大鴻仁下宝 滝、小塙、大金、鴻野山、仁井田、下野花岡、宝積寺
0%
滝赤茂平芦上野 滝川、赤平、茂尻、平岸、芦別、上芦別、野花南
0%
滝八東沢鳥北向 滝ノ間、八森、東八森、沢目、鳥形、北能代、向能代
0%
滝飛王栄梶荒荒 滝野川一丁目、飛鳥山、王子駅前、栄町、梶原、荒川車庫前、荒川遊園地前
0%
拓ああロ太当北 拓北、あいの里教育大、あいの里公園、ロイズタウン、太美、当別、北海道医療大学
0%
拓篠百太新新八 拓北、篠路、百合が原、太平、新琴似、新川、八軒
0%
沢伊木北田伊伊 沢、伊那松島、木ノ下、北殿、田畑、伊那北、伊那市
0%
沢下伊伊田北木 沢渡、下島、伊那市、伊那北、田畑、北殿、木ノ下
0%
沢軍二石日宮青 沢井、軍畑、二俣尾、石神前、日向和田、宮ノ平、青梅
0%
沢神小中花水本 沢入、神戸、小中、中野、花輪、水沼、本宿
0%
沢赤宮大駒小伊 沢渡、赤木、宮田、大田切、駒ケ根、小町屋、伊那福岡
0%
沢土川奥ア長ひ 沢間、土本、川根小山、奥泉、アプトいちしろ、長島ダム、ひらんだ
0%
沢土末十柴鹿陸 沢尻、土深井、末広、十和田南、柴平、鹿角花輪、陸中大里
0%
沢東八滝あ岩大 沢目、東八森、八森、滝ノ間、あきた白神、岩館、大間越
0%
沢万渡陸石曽鹿 沢田、万石浦、渡波、陸前稲井、石巻、曽波神、鹿又
0%
只会会会会会本 只見、会津蒲生、会津塩沢、会津大塩、会津横田、会津越川、本名
0%
辰宮伊羽沢伊木 辰野、宮木、伊那新町、羽場、沢、伊那松島、木ノ下
0%
辰豊月新銀有桜 辰巳、豊洲、月島、新富町、銀座一丁目、有楽町、桜田門
0%
竪入富源富西沼 竪堀、入山瀬、富士根、源道寺、富士宮、西富士宮、沼久保
0%
谷京京実八京勝 谷津、京成津田沼、京成大久保、実籾、八千代台、京成大和田、勝田台
0%
谷駿足御南富岩 谷峨、駿河小山、足柄、御殿場、南御殿場、富士岡、岩波
0%
谷小川泉川野磐 谷田川、小塩江、川東、泉郷、川辺沖、野木沢、磐城石川
0%
谷西江高扇足熊 谷在家、西新井大師西、江北、高野、扇大橋、足立小台、熊野前
0%
谷青宝十魚市函 谷地頭、青柳町、宝来町、十字街、魚市場通、市役所前、函館駅前
0%
谷船大京海京東 谷津、船橋競馬場、大神宮下、京成船橋、海神、京成西船、東中山
0%
谷都十東三寿葭 谷村町、都留文科大学前、十日市場、東桂、三つ峠、寿、葭池温泉前
0%
谷都赤禾田上大 谷村町、都留市、赤坂、禾生、田野倉、上大月、大月
0%
谷有名筒能浦梶 谷浜、有間川、名立、筒石、能生、浦本、梶屋敷
0%
丹児松用寄折竹 丹荘、児玉、松久、用土、寄居、折原、竹沢
0%
淡大東銀霞国赤 淡路町、大手町、東京、銀座、霞ケ関、国会議事堂前、赤坂見附
0%
端愛柏北西東相 端野、愛し野、柏陽、北見、西北見、東相内、相内
0%
男み東小武つ森 男衾、みなみ寄居、東武竹沢、小川町、武蔵嵐山、つきのわ、森林公園
0%
男羽脇船天二上 男鹿、羽立、脇本、船越、天王、二田、上二田
0%
男上中湯川川龍 男鹿高原、上三依塩原温泉口、中三依温泉、湯西川温泉、川治湯元、川治温泉、龍王峡
0%
知止浜原北藻鱒 知床斜里、止別、浜小清水、原生花園、北浜、藻琴、鱒浦
0%
知中清札緑川美 知床斜里、中斜里、清里町、札弦、緑、川湯温泉、美留和
0%
知尾奥三都東浜 知波田、尾奈、奥浜名湖、三ヶ日、都筑、東都筑、浜名湖佐久米
0%
地塩下田駿青崎 地名、塩郷、下泉、田野口、駿河徳山、青部、崎平
0%
地公井中女公地 地区センター、公園、井野、中学校、女子大、公園、地区センター
0%
地公女中井公地 地区センター、公園、女子大、中学校、井野、公園、地区センター
0%
地川抜家大福神 地名、川根温泉笹間渡、抜里、家山、大和田、福用、神尾
0%
地地平氷小千要 地下鉄成増、地下鉄赤塚、平和台、氷川台、小竹向原、千川、要町
0%
地平氷小千要池 地下鉄赤塚、平和台、氷川台、小竹向原、千川、要町、池袋
0%
智智日名名風瑞 智北、智恵文、日進、名寄、名寄高校、風連、瑞穂
0%
智智美天咲音筬 智恵文、智北、美深、天塩川温泉、咲来、音威子府、筬島
0%
池下新東明永西 池ノ上、下北沢、新代田、東松原、明大前、永福町、西永福
0%
池雑西東新北明 池袋、雑司が谷、西早稲田、東新宿、新宿三丁目、北参道、明治神宮前
0%
池十豊新浦厚音 池田、十弗、豊頃、新吉野、浦幌、厚内、音別
0%
池上有岩西東西 池月、上野目、有備館、岩出山、西大崎、東大崎、西古川
0%
池新茗後本御淡 池袋、新大塚、茗荷谷、後楽園、本郷三丁目、御茶ノ水、淡路町
0%
池千久御雪石洗 池上、千鳥町、久が原、御嶽山、雪が谷大塚、石川台、洗足池
0%
池大巣駒田西日 池袋、大塚、巣鴨、駒込、田端、西日暮里、日暮里
0%
池椎東江桜練中 池袋、椎名町、東長崎、江古田、桜台、練馬、中村橋
0%
池東護江飯市麹 池袋、東池袋、護国寺、江戸川橋、飯田橋、市ケ谷、麹町
0%
池東出上浦早下 池場、東栄、出馬、上市場、浦川、早瀬、下川合
0%
池板十赤北浮戸 池袋、板橋、十条、赤羽、北赤羽、浮間舟渡、戸田公園
0%
池北下大中と上 池袋、北池袋、下板橋、大山、中板橋、ときわ台、上板橋
0%
池目高新新代原 池袋、目白、高田馬場、新大久保、新宿、代々木、原宿
0%
池要千小氷平地 池袋、要町、千川、小竹向原、氷川台、平和台、地下鉄赤塚
0%
池利幕札帯柏西 池田、利別、幕別、札内、帯広、柏林台、西帯広
0%
置高赤中羽か茂 置賜、高畠、赤湯、中川、羽前中山、かみのやま温泉、茂吉記念館前
0%
置米関大峠板庭 置賜、米沢、関根、大沢、峠、板谷、庭坂
0%
築汐大赤麻六青 築地市場、汐留、大門、赤羽橋、麻布十番、六本木、青山一丁目
0%
築勝月門清森両 築地市場、勝どき、月島、門前仲町、清澄白河、森下、両国
0%
築東銀日霞虎神 築地、東銀座、銀座、日比谷、霞ケ関、虎ノ門ヒルズ、神谷町
0%
築八茅人小秋仲 築地、八丁堀、茅場町、人形町、小伝馬町、秋葉原、仲御徒町
0%
竹九飯神早高落 竹橋、九段下、飯田橋、神楽坂、早稲田、高田馬場、落合
0%
竹虎登富幌鷲東 竹浦、虎杖浜、登別、富浦、幌別、鷲別、東室蘭
0%
竹上佐大青君木 竹岡、上総湊、佐貫町、大貫、青堀、君津、木更津
0%
竹西梅五小北牛 竹ノ塚、西新井、梅島、五反野、小菅、北千住、牛田
0%
竹折寄用松児丹 竹沢、折原、寄居、用土、松久、児玉、丹荘
0%
竹谷草獨新蒲新 竹ノ塚、谷塚、草加、獨協大学前、新田、蒲生、新越谷
0%
竹日芝お台東テ 竹芝、日の出、芝浦ふ頭、お台場海浜公園、台場、東京国際クルーズターミナル、テレコムセンター
0%
竹浜保安岩富那 竹岡、浜金谷、保田、安房勝山、岩井、富浦、那古船形
0%
竹北萩白社錦糸 竹浦、北吉原、萩野、白老、社台、錦岡、糸井
0%
秩御影浦武武白 秩父、御花畑、影森、浦山口、武州中川、武州日野、白久
0%
茶厚門尾上別武 茶内、厚岸、門静、尾幌、上尾幌、別保、武佐
0%
茶奈豊砂滝江妹 茶志内、奈井江、豊沼、砂川、滝川、江部乙、妹背牛
0%
茶美光峰岩上幌 茶志内、美唄、光珠内、峰延、岩見沢、上幌向、幌向
0%
茶浜姉厚別落昆 茶内、浜中、姉別、厚床、別当賀、落石、昆布盛
0%
中つ南すつ長田 中央林間、つきみ野、南町田グランベリーパーク、すずかけ台、つくし野、長津田、田奈
0%
中と上東下成和 中板橋、ときわ台、上板橋、東武練馬、下赤塚、成増、和光市
0%
中ラ西上美美北 中富良野、ラベンダー畑、西中、上富良野、美馬牛、美瑛、北美瑛
0%
中愛伊当桜東南 中愛別、愛別、伊香牛、当麻、桜岡、東旭川、南永山
0%
中安上白丸瀬遠 中愛別、安足間、上川、白滝、丸瀬布、瀬戸瀬、遠軽
0%
中伊鶯平為温田 中井侍、伊那小沢、鶯巣、平岡、為栗、温田、田本
0%
中稲矢稲南府分 中野島、稲田堤、矢野口、稲城長沼、南多摩、府中本町、分倍河原
0%
中羽か茂蔵山北 中川、羽前中山、かみのやま温泉、茂吉記念館前、蔵王、山形、北山形
0%
中羽犬今萩羽手 中郡、羽前小松、犬川、今泉、萩生、羽前椿、手ノ子
0%
中荏旗北大緑自 中延、荏原町、旗の台、北千束、大岡山、緑が丘、自由が丘
0%
中塩中下大神寺 中野、塩田町、中塩田、下之郷、大学前、神畑、寺下
0%
中下西上袋常下 中舟生、下小川、西金、上小川、袋田、常陸大子、下野宮
0%
中下早浦上出東 中部天竜、下川合、早瀬、浦川、上市場、出馬、東栄
0%
中下大神寺上赤 中塩田、下之郷、大学前、神畑、寺下、上田原、赤坂上
0%
中花水本上大運 中野、花輪、水沼、本宿、上神梅、大間々、運動公園
0%
中蟹瀬郷蓬中後 中小国、蟹田、瀬辺地、郷沢、蓬田、中沢、後潟
0%
中滑北岩佐中美 中込、滑津、北中込、岩村田、佐久平、中佐都、美里
0%
中金加新中月神 中条、金塚、加治、新発田、中浦、月岡、神山
0%
中群郷矢岩川長 中之条、群馬原町、郷原、矢倉、岩島、川原湯温泉、長野原草津口
0%
中恵広六神虎霞 中目黒、恵比寿、広尾、六本木、神谷町、虎ノ門ヒルズ、霞ケ関
0%
中後左奥津油青 中沢、後潟、左堰、奥内、津軽宮田、油川、青森
0%
中弘弘聖千小松 中央弘前、弘高下、弘前学院大前、聖愛中高前、千年、小栗山、松木平
0%
中高阿荻西吉三 中野、高円寺、阿佐ケ谷、荻窪、西荻窪、吉祥寺、三鷹
0%
中高那殿平美磯 中根、高田の鉄橋、那珂湊、殿山、平磯、美乃浜学園、磯崎
0%
中佐岩北滑中太 中佐都、佐久平、岩村田、北中込、滑津、中込、太田部
0%
中佐相城向水大 中部天竜、佐久間、相月、城西、向市場、水窪、大嵐
0%
中堺赤立最大鵜 中山平温泉、堺田、赤倉温泉、立小路、最上、大堀、鵜杉
0%
中三南石玉宗下 中妻、三妻、南石下、石下、玉村、宗道、下妻
0%
中山野玉常静瓜 中舟生、山方宿、野上原、玉川村、常陸大宮、静、瓜連
0%
中市小小祖金渋 中之条、市城、小野上温泉、小野上、祖母島、金島、渋川
0%
中十長成町古淵 中山、十日市場、長津田、成瀬、町田、古淵、淵野辺
0%
中小神沢原通足 中野、小中、神戸、沢入、原向、通洞、足尾
0%
中小大水向城相 中井侍、小和田、大嵐、水窪、向市場、城西、相月
0%
中昭拝牛福羽小 中神、昭島、拝島、牛浜、福生、羽村、小作
0%
中上猪関川猪翁 中山宿、上戸、猪苗代湖畔、関都、川桁、猪苗代、翁島
0%
中城三片上赤心 中央前橋、城東、三俣、片貝、上泉、赤坂、心臓血管センター
0%
中信延桜都小北 中野松川、信州中野、延徳、桜沢、都住、小布施、北須坂
0%
中信御平小滋田 中軽井沢、信濃追分、御代田、平原、小諸、滋野、田中
0%
中新加金中平坂 中浦、新発田、加治、金塚、中条、平木田、坂町
0%
中清札緑川美摩 中斜里、清里町、札弦、緑、川湯温泉、美留和、摩周
0%
中聖百高南平長 中河原、聖蹟桜ヶ丘、百草園、高幡不動、南平、平山城址公園、長沼
0%
中西都新代国青 中野坂上、西新宿五丁目、都庁前、新宿、代々木、国立競技場、青山一丁目
0%
中赤高置米関大 中川、赤湯、高畠、置賜、米沢、関根、大沢
0%
中千堀昭千新松 中央病院前、千代台、堀川町、昭和橋、千歳町、新川町、松風町
0%
中多下西本東陸 中野栄、多賀城、下馬、西塩釜、本塩釜、東塩釜、陸前浜田
0%
中太龍臼青羽海 中込、太田部、龍岡城、臼田、青沼、羽黒下、海瀬
0%
中大津大今津三 中小国、大平、津軽二股、大川平、今別、津軽浜名、三厩
0%
中知止浜原北藻 中斜里、知床斜里、止別、浜小清水、原生花園、北浜、藻琴
0%
中東大新代千信 中野、東中野、大久保、新宿、代々木、千駄ケ谷、信濃町
0%
中東中西都新代 中井、東中野、中野坂上、西新宿五丁目、都庁前、新宿、代々木
0%
中南千白信白飯 中土、南小谷、千国、白馬大池、信濃森上、白馬、飯森
0%
中南鶴大桜高長 中央林間、南林間、鶴間、大和、桜ヶ丘、高座渋谷、長後
0%
中南豊柏穂有安 中萱、南豊科、豊科、柏矢町、穂高、有明、安曇追分
0%
中富練石大保ひ 中村橋、富士見台、練馬高野台、石神井公園、大泉学園、保谷、ひばりヶ丘
0%
中武北戸戸浮北 中浦和、武蔵浦和、北戸田、戸田、戸田公園、浮間舟渡、北赤羽
0%
中分府東多武飛 中河原、分倍河原、府中、東府中、多磨霊園、武蔵野台、飛田給
0%
中平坂平岩村間 中条、平木田、坂町、平林、岩船町、村上、間島
0%
中蓬郷瀬蟹中大 中沢、蓬田、郷沢、瀬辺地、蟹田、中小国、大平
0%
中北水小新守南 中妻、北水海道、水海道、小絹、新守谷、守谷、南守谷
0%
中北平小根頸姫 中土、北小谷、平岩、小滝、根知、頸城大野、姫川
0%
中幌中平南澄自 中島公園、幌平橋、中の島、平岸、南平岸、澄川、自衛隊前
0%
中木五陸鶴板林 中田、木造、五所川原、陸奥鶴田、鶴泊、板柳、林崎
0%
中踊戸舞下上港 中田、踊場、戸塚、舞岡、下永谷、上永谷、港南中央
0%
中落高早神飯九 中野、落合、高田馬場、早稲田、神楽坂、飯田橋、九段下
0%
中落坂田南十野 中津川、落合川、坂下、田立、南木曽、十二兼、野尻
0%
中落新練豊練光 中井、落合南長崎、新江古田、練馬、豊島園、練馬春日町、光が丘
0%
中陸越鳴鰺陸陸 中田、陸奥森田、越水、鳴沢、鰺ケ沢、陸奥赤石、陸奥柳田
0%
中陸福小苦陸宮 中野栄、陸前高砂、福田町、小鶴新田、苦竹、陸前原ノ町、宮城野原
0%
中練桜江東椎池 中村橋、練馬、桜台、江古田、東長崎、椎名町、池袋
0%
仲観本笠西海君 仲ノ町、観音、本銚子、笠上黒生、西海鹿島、海鹿島、君ヶ浜
0%
仲秋小人茅八築 仲御徒町、秋葉原、小伝馬町、人形町、茅場町、八丁堀、築地
0%
仲新北新岸片三 仲町台、新羽、北新横浜、新横浜、岸根公園、片倉町、三ツ沢上町
0%
虫ほま十し美魚 虫川大杉、ほくほく大島、まつだい、十日町、しんざ、美佐島、魚沼丘陵
0%
猪関川猪翁磐東 猪苗代湖畔、関都、川桁、猪苗代、翁島、磐梯町、東長原
0%
猪上中磐安喜郡 猪苗代湖畔、上戸、中山宿、磐梯熱海、安子ケ島、喜久田、郡山富田
0%
猪川関猪上中磐 猪苗代、川桁、関都、猪苗代湖畔、上戸、中山宿、磐梯熱海
0%
朝志柳み鶴ふ上 朝霞台、志木、柳瀬川、みずほ台、鶴瀬、ふじみ野、上福岡
0%
朝信桐本善権市 朝陽、信濃吉田、桐原、本郷、善光寺下、権堂、市役所前
0%
朝朝志柳み鶴ふ 朝霞、朝霞台、志木、柳瀬川、みずほ台、鶴瀬、ふじみ野
0%
朝朝和成下東上 朝霞台、朝霞、和光市、成増、下赤塚、東武練馬、上板橋
0%
朝附柳村日須北 朝陽、附属中学前、柳原、村山、日野、須坂、北須坂
0%
朝和成下東上と 朝霞、和光市、成増、下赤塚、東武練馬、上板橋、ときわ台
0%
町西千根湯新大 町屋、西日暮里、千駄木、根津、湯島、新御茶ノ水、大手町
0%
町千京堀お青京 町屋、千住大橋、京成関屋、堀切菖蒲園、お花茶屋、青砥、京成高砂
0%
町相小相座海厚 町田、相模大野、小田急相模原、相武台前、座間、海老名、厚木
0%
町町東熊宮小荒 町屋駅前、町屋二丁目、東尾久三丁目、熊野前、宮ノ前、小台、荒川遊園地前
0%
町東熊宮小荒荒 町屋二丁目、東尾久三丁目、熊野前、宮ノ前、小台、荒川遊園地前、荒川車庫前
0%
調京京京稲若京 調布、京王多摩川、京王稲田堤、京王よみうりランド、稲城、若葉台、京王永山
0%
調布国柴つ仙千 調布、布田、国領、柴崎、つつじヶ丘、仙川、千歳烏山
0%
銚松猿倉飯旭干 銚子、松岸、猿田、倉橋、飯岡、旭、干潟
0%
銚仲観本笠西海 銚子、仲ノ町、観音、本銚子、笠上黒生、西海鹿島、海鹿島
0%
長あ羽白蚕鮎四 長井、あやめ公園、羽前成田、白兎、蚕桑、鮎貝、四季の郷
0%
長ア奥川土沢川 長島ダム、アプトいちしろ、奥泉、川根小山、土本、沢間、川根両国
0%
長サ恵恵島北上 長都、サッポロビール庭園、恵庭、恵み野、島松、北広島、上野幌
0%
長ひ奥接尾閑井 長島ダム、ひらんだ、奥大井湖上、接岨峡温泉、尾盛、閑蔵、井川
0%
長伊北稀黄崎本 長和、伊達紋別、北舟岡、稀府、黄金、崎守、本輪西
0%
長越北安茨柏鯨 長鳥、越後広田、北条、安田、茨目、柏崎、鯨波
0%
長河愛五仙広勾 長町一丁目、河原町、愛宕橋、五橋、仙台、広瀬通、勾当台公園
0%
長宮越小越北越 長岡、宮内、越後滝谷、小千谷、越後川口、北堀之内、越後堀之内
0%
長宮前来越塚長 長岡、宮内、前川、来迎寺、越後岩塚、塚山、長鳥
0%
長極稲七鎌腰江 長谷、極楽寺、稲村ヶ崎、七里ヶ浜、鎌倉高校前、腰越、江ノ島
0%
長古県県草御狐 長沼、古庄、県総合運動場、県立美術館前、草薙、御門台、狐ヶ崎
0%
長高桜大鶴南中 長後、高座渋谷、桜ヶ丘、大和、鶴間、南林間、中央林間
0%
長国黒山八山野 長万部、国縫、黒岩、山崎、八雲、山越、野田生
0%
長三大浪御勝鵜 長者町、三門、大原、浪花、御宿、勝浦、鵜原
0%
長姉五八浜蘇本 長浦、姉ケ崎、五井、八幡宿、浜野、蘇我、本千葉
0%
長鹿鹿大北新徳 長者ヶ浜潮騒はまなす公園前、鹿島大野、鹿島灘、大洋、北浦湖畔、新鉾田、徳宿
0%
長十中鴨小新菊 長津田、十日市場、中山、鴨居、小机、新横浜、菊名
0%
長小信富す青茅 長坂、小淵沢、信濃境、富士見、すずらんの里、青柳、茅野
0%
長湘六善藤藤本 長後、湘南台、六会日大前、善行、藤沢本町、藤沢、本鵠沼
0%
長上親皆和大秩 長瀞、上長瀞、親鼻、皆野、和銅黒谷、大野原、秩父
0%
長裾岩富南御足 長泉なめり、裾野、岩波、富士岡、南御殿場、御殿場、足柄
0%
長成町古淵矢相 長津田、成瀬、町田、古淵、淵野辺、矢部、相模原
0%
長静小礼大豊洞 長万部、静狩、小幌、礼文、大岸、豊浦、洞爺
0%
長川岩矢郷群中 長野原草津口、川原湯温泉、岩島、矢倉、郷原、群馬原町、中之条
0%
長洗石雪御久千 長原、洗足池、石川台、雪が谷大塚、御嶽山、久が原、千鳥町
0%
長袖巌木君青大 長浦、袖ケ浦、巌根、木更津、君津、青堀、大貫
0%
長太東上八茂新 長者町、太東、東浪見、上総一ノ宮、八積、茂原、新茂原
0%
長太南名館岩逢 長町、太子堂、南仙台、名取、館腰、岩沼、逢隈
0%
長太南名館岩槻 長町、太子堂、南仙台、名取、館腰、岩沼、槻木
0%
長大石弘撫川北 長峰、大鰐温泉、石川、弘前、撫牛子、川部、北常盤
0%
長長河愛五仙広 長町、長町一丁目、河原町、愛宕橋、五橋、仙台、広瀬通
0%
長長長河愛五仙 長町南、長町、長町一丁目、河原町、愛宕橋、五橋、仙台
0%
長塚越来前宮長 長鳥、塚山、越後岩塚、来迎寺、前川、宮内、長岡
0%
長碇津陣白大下 長峰、碇ケ関、津軽湯の沢、陣場、白沢、大館、下川沿
0%
長東瀬鵜大最立 長沢、東長沢、瀬見温泉、鵜杉、大堀、最上、立小路
0%
長南時今西梨お 長井、南長井、時庭、今泉、西大塚、梨郷、おりはた
0%
長二黒熱目蘭昆 長万部、二股、黒松内、熱郛、目名、蘭越、昆布
0%
長飯上糸黒富新 長野、飯山、上越妙高、糸魚川、黒部宇奈月温泉、富山、新高岡
0%
長平南高百聖中 長沼、平山城址公園、南平、高幡不動、百草園、聖蹟桜ヶ丘、中河原
0%
長北押見帯東三 長岡、北長岡、押切、見附、帯織、東光寺、三条
0%
長北三豊牟古黒 長野、北長野、三才、豊野、牟礼、古間、黒姫
0%
長本小陸白鮫陸 長苗代、本八戸、小中野、陸奥湊、白銀、鮫、陸奥白浜
0%
長野樋波寄桜小 長瀞、野上、樋口、波久礼、寄居、桜沢、小前田
0%
長有洞豊大礼小 長和、有珠、洞爺、豊浦、大岸、礼文、小幌
0%
鳥猿大初笹甲勝 鳥沢、猿橋、大月、初狩、笹子、甲斐大和、勝沼ぶどう郷
0%
鳥沢東八滝あ岩 鳥形、沢目、東八森、八森、滝ノ間、あきた白神、岩館
0%
鳥並並幸産福市 鳥浜、並木北、並木中央、幸浦、産業振興センター、福浦、市大医学部
0%
鳥梁四上藤相高 鳥沢、梁川、四方津、上野原、藤野、相模湖、高尾
0%
直黒犀土潟上柿 直江津、黒井、犀潟、土底浜、潟町、上下浜、柿崎
0%
直春高南上北新 直江津、春日山、高田、南高田、上越妙高、北新井、新井
0%
津稲千東都四物 津田沼、稲毛、千葉、東千葉、都賀、四街道、物井
0%
津越越越土十魚 津南、越後鹿渡、越後田沢、越後水沢、土市、十日町、魚沼中条
0%
津越足森横平信 津南、越後田中、足滝、森宮野原、横倉、平滝、信濃白鳥
0%
津奥左後中蓬郷 津軽宮田、奥内、左堰、後潟、中沢、蓬田、郷沢
0%
津岩沼後上水湯 津久田、岩本、沼田、後閑、上牧、水上、湯檜曽
0%
津義石石鯖宿大 津軽大沢、義塾高校前、石川、石川プール前、鯖石、宿川原、大鰐
0%
津久宿登中稲矢 津田山、久地、宿河原、登戸、中野島、稲田堤、矢野口
0%
津古高清狩南余 津谷、古口、高屋、清川、狩川、南野、余目
0%
津今大津大中蟹 津軽浜名、今別、大川平、津軽二股、大平、中小国、蟹田
0%
津三五東咲馬猿 津川、三川、五十島、東下条、咲花、馬下、猿和田
0%
津鹿日豊徳上野 津川、鹿瀬、日出谷、豊実、徳沢、上野尻、野沢
0%
津十五津毘嘉金 津軽五所川原、十川、五農校前、津軽飯詰、毘沙門、嘉瀬、金木
0%
津松小千聖弘弘 津軽大沢、松木平、小栗山、千年、聖愛中高前、弘前学院大前、弘高下
0%
津深大川芦金嘉 津軽中里、深郷田、大沢内、川倉、芦野公園、金木、嘉瀬
0%
津陣白大下早糠 津軽湯の沢、陣場、白沢、大館、下川沿、早口、糠沢
0%
津大中蟹瀬郷蓬 津軽二股、大平、中小国、蟹田、瀬辺地、郷沢、蓬田
0%
津鶴大浪北川撫 津軽新城、鶴ケ坂、大釈迦、浪岡、北常盤、川部、撫牛子
0%
津碇長大石弘撫 津軽湯の沢、碇ケ関、長峰、大鰐温泉、石川、弘前、撫牛子
0%
津東船西下本市 津田沼、東船橋、船橋、西船橋、下総中山、本八幡、市川
0%
津柏平館新運弘 津軽尾上、柏農高校前、平賀、館田、新里、運動公園前、弘前東高前
0%
津八磯宮山一佐 津軽石、八木沢・宮古短大、磯鶏、宮古、山口団地、一の渡、佐羽根
0%
津毘嘉金芦川大 津軽飯詰、毘沙門、嘉瀬、金木、芦野公園、川倉、大沢内
0%
津払豊陸織岩浪 津軽石、払川、豊間根、陸中山田、織笠、岩手船越、浪板海岸
0%
津幕幕新稲西千 津田沼、幕張本郷、幕張、新検見川、稲毛、西千葉、千葉
0%
椎下下笹小水香 椎柴、下総豊里、下総橘、笹川、小見川、水郷、香取
0%
椎東江桜練中富 椎名町、東長崎、江古田、桜台、練馬、中村橋、富士見台
0%
追京安逸汐横県 追浜、京急田浦、安針塚、逸見、汐入、横須賀中央、県立大学
0%
追広深横艫ウ陸 追良瀬、広戸、深浦、横磯、艫作、ウェスパ椿山、陸奥沢辺
0%
追上土泉秋四和 追分、上飯島、土崎、泉外旭川、秋田、四ツ小屋、和田
0%
追驫風大千北陸 追良瀬、驫木、風合瀬、大戸瀬、千畳敷、北金ケ沢、陸奥柳田
0%
通原沢神小中花 通洞、原向、沢入、神戸、小中、中野、花輪
0%
塚越来前宮長北 塚山、越後岩塚、来迎寺、前川、宮内、長岡、北長岡
0%
塚岩相飯穴五井 塚原、岩原、相模沼田、飯田岡、穴部、五百羅漢、井細田
0%
塚西東西岩有上 塚目、西古川、東大崎、西大崎、岩出山、有備館、上野目
0%
塚長越北安茨柏 塚山、長鳥、越後広田、北条、安田、茨目、柏崎
0%
塚馬鎌新六高逆 塚田、馬込沢、鎌ヶ谷、新鎌ヶ谷、六実、高柳、逆井
0%
槻岩館名南太長 槻木、岩沼、館腰、名取、南仙台、太子堂、長町
0%
槻東岡横角南北 槻木、東船岡、岡、横倉、角田、南角田、北丸森
0%
辻茅平大二国鴨 辻堂、茅ケ崎、平塚、大磯、二宮、国府津、鴨宮
0%
辻藤大戸横川品 辻堂、藤沢、大船、戸塚、横浜、川崎、品川
0%
鶴み柳志朝朝和 鶴瀬、みずほ台、柳瀬川、志木、朝霞台、朝霞、和光市
0%
鶴伊愛本厚海座 鶴巻温泉、伊勢原、愛甲石田、本厚木、厚木、海老名、座間
0%
鶴霞川川新上ふ 鶴ヶ島、霞ヶ関、川越市、川越、新河岸、上福岡、ふじみ野
0%
鶴柿新百読生向 鶴川、柿生、新百合ヶ丘、百合ヶ丘、読売ランド前、生田、向ヶ丘遊園
0%
鶴京花生京子神 鶴見市場、京急鶴見、花月総持寺、生麦、京急新子安、子安、神奈川新町
0%
鶴玉町相小相座 鶴川、玉川学園前、町田、相模大野、小田急相模原、相武台前、座間
0%
鶴西上和星天西 鶴ヶ峰、西谷、上星川、和田町、星川、天王町、西横浜
0%
鶴川蒲大大品高 鶴見、川崎、蒲田、大森、大井町、品川、高輪ゲートウェイ
0%
鶴大桜高長湘六 鶴間、大和、桜ヶ丘、高座渋谷、長後、湘南台、六会日大前
0%
鶴大浪北川撫弘 鶴ケ坂、大釈迦、浪岡、北常盤、川部、撫牛子、弘前
0%
鶴東秦渋新開栢 鶴巻温泉、東海大学前、秦野、渋沢、新松田、開成、栢山
0%
鶴東北森鹿鯉八 鶴形、東能代、北金岡、森岳、鹿渡、鯉川、八郎潟
0%
鶴藤西余北砂東 鶴岡、藤島、西袋、余目、北余目、砂越、東酒田
0%
鶴二希三瀬大相 鶴ヶ峰、二俣川、希望ヶ丘、三ツ境、瀬谷、大和、相模大塚
0%
鶴八京六雑京梅 鶴見市場、八丁畷、京急川崎、六郷土手、雑色、京急蒲田、梅屋敷
0%
鶴富二前鷹糠早 鶴形、富根、二ツ井、前山、鷹ノ巣、糠沢、早口
0%
鶴弁浅安武浜昭 鶴見小野、弁天橋、浅野、安善、武蔵白石、浜川崎、昭和
0%
鶴陸五木中陸越 鶴泊、陸奥鶴田、五所川原、木造、中田、陸奥森田、越水
0%
庭板峠大関米置 庭坂、板谷、峠、大沢、関根、米沢、置賜
0%
碇津陣白大下早 碇ケ関、津軽湯の沢、陣場、白沢、大館、下川沿、早口
0%
程高万甲柴立立 程久保、高幡不動、万願寺、甲州街道、柴崎体育館、立川南、立川北
0%
鼎下伊毛駄時川 鼎、下山村、伊那八幡、毛賀、駄科、時又、川路
0%
鼎切飯桜伊元下 鼎、切石、飯田、桜町、伊那上郷、元善光寺、下市田
0%
的西川南指西日 的場、西川越、川越、南古谷、指扇、西大宮、日進
0%
鉄加東今吉原沼 鉄道博物館、加茂宮、東宮原、今羽、吉野原、原市、沼南
0%
天我北柏南北新 天王台、我孫子、北柏、柏、南柏、北小金、新松戸
0%
天桐赤東新新膳 天王宿、桐生球場前、赤城、東新川、新川、新里、膳
0%
天穴ス動み都桜 天台、穴川、スポーツセンター、動物公園、みつわ台、都賀、桜木
0%
天高漆南羽北山 天童南、高擶、漆山、南出羽、羽前千歳、北山形、山形
0%
天佐筬音咲天美 天塩中川、佐久、筬島、音威子府、咲来、天塩川温泉、美深
0%
天咲音筬佐天問 天塩川温泉、咲来、音威子府、筬島、佐久、天塩中川、問寒別
0%
天上豊敷遠円森 天竜二俣、上野部、豊岡、敷地、遠江一宮、円田、森町病院前
0%
天整昭流大天モ 天空橋、整備場、昭和島、流通センター、大井競馬場前、天王洲アイル、モノレール浜松町
0%
天千金唐門田温 天竜峡、千代、金野、唐笠、門島、田本、温田
0%
天川時駄毛伊下 天竜峡、川路、時又、駄科、毛賀、伊那八幡、下山村
0%
天天高漆南羽北 天童、天童南、高擶、漆山、南出羽、羽前千歳、北山形
0%
天天乱神さ東村 天童南、天童、乱川、神町、さくらんぼ東根、東根、村山
0%
天二西岩宮フ都 天竜二俣、二俣本町、西鹿島、岩水寺、宮口、フルーツパーク、都田
0%
天美智智日名名 天塩川温泉、美深、智北、智恵文、日進、名寄、名寄高校
0%
天豊磐御袋愛掛 天竜川、豊田町、磐田、御厨、袋井、愛野、掛川
0%
天問糠幌下豊兜 天塩中川、問寒別、糠南、幌延、下沼、豊富、兜沼
0%
天乱神さ東村袖 天童、乱川、神町、さくらんぼ東根、東根、村山、袖崎
0%
殿那高中金工勝 殿山、那珂湊、高田の鉄橋、中根、金上、工機前、勝田
0%
田伊伊下沢赤宮 田畑、伊那北、伊那市、下島、沢渡、赤木、宮田
0%
田伊小駒大宮赤 田切、伊那福岡、小町屋、駒ケ根、大田切、宮田、赤木
0%
田伊韮原伊大三 田京、伊豆長岡、韮山、原木、伊豆仁田、大場、三島二日町
0%
田稲上上末神三 田原町、稲荷町、上野、上野広小路、末広町、神田、三越前
0%
田羽加保東三東 田上、羽生田、加茂、保内、東三条、三条、東光寺
0%
田奥大洗西武不 田園調布、奥沢、大岡山、洗足、西小山、武蔵小山、不動前
0%
田温為平鶯伊中 田本、温田、為栗、平岡、鶯巣、伊那小沢、中井侍
0%
田下塩地川抜家 田野口、下泉、塩郷、地名、川根温泉笹間渡、抜里、家山
0%
田禾赤都谷都十 田野倉、禾生、赤坂、都留市、谷村町、都留文科大学前、十日市場
0%
田花小久東所航 田無、花小金井、小平、久米川、東村山、所沢、航空公園
0%
田会中会会七会 田島高校前、会津田島、中荒井、会津荒海、会津山村道場、七ヶ岳登山口、会津高原尾瀬口
0%
田駒巣大池目高 田端、駒込、巣鴨、大塚、池袋、目白、高田馬場
0%
田兄湯八陸鹿柴 田山、兄畑、湯瀬温泉、八幡平、陸中大里、鹿角花輪、柴平
0%
田高品大五目恵 田町、高輪ゲートウェイ、品川、大崎、五反田、目黒、恵比寿
0%
田佐一山宮磯八 田老、佐羽根、一の渡、山口団地、宮古、磯鶏、八木沢・宮古短大
0%
田佐佐堀吉田多 田島、佐野市、佐野、堀米、吉水、田沼、多田
0%
田刺神生角鶯羽 田沢湖、刺巻、神代、生田、角館、鶯野、羽後長野
0%
田滋小平御信中 田中、滋野、小諸、平原、御代田、信濃追分、中軽井沢
0%
田自都学祐中代 田園調布、自由が丘、都立大学、学芸大学、祐天寺、中目黒、代官山
0%
田小松鹿品愛松 田尻、小牛田、松山町、鹿島台、品井沼、愛宕、松島
0%
田松南平村広塩 田沢、松本、南松本、平田、村井、広丘、塩尻
0%
田上王東赤川西 田端、上中里、王子、東十条、赤羽、川口、西川口
0%
田新摂岩島田普 田老、新田老、摂待、岩泉小本、島越、田野畑、普代
0%
田瀬梅新石油花 田尻、瀬峰、梅ケ沢、新田、石越、油島、花泉
0%
田西日鶯上御秋 田端、西日暮里、日暮里、鶯谷、上野、御徒町、秋葉原
0%
田青藤市江あた 田奈、青葉台、藤が丘、市が尾、江田、あざみ野、たまプラーザ
0%
田赤春雫小大前 田沢湖、赤渕、春木場、雫石、小岩井、大釜、前潟
0%
田大信上西テ坂 田中、大屋、信濃国分寺、上田、西上田、テクノさかき、坂城
0%
田田尾津柏平館 田舎館、田んぼアート、尾上高校前、津軽尾上、柏農高校前、平賀、館田
0%
田島岩摂新田佐 田野畑、島越、岩泉小本、摂待、新田老、田老、佐羽根
0%
田東逗鎌北大戸 田浦、東逗子、逗子、鎌倉、北鎌倉、大船、戸塚
0%
田南十野大須倉 田立、南木曽、十二兼、野尻、大桑、須原、倉本
0%
田飯伊七高伊上 田切、飯島、伊那本郷、七久保、高遠原、伊那田島、上片桐
0%
田尾津柏平館新 田んぼアート、尾上高校前、津軽尾上、柏農高校前、平賀、館田、新里
0%
田浜新有東神秋 田町、浜松町、新橋、有楽町、東京、神田、秋葉原
0%
田普白堀野十陸 田野畑、普代、白井海岸、堀内、野田玉川、十府ヶ浦海岸、陸中野田
0%
田北木伊沢羽伊 田畑、北殿、木ノ下、伊那松島、沢、羽場、伊那新町
0%
田明西坂聖冠姨 田沢、明科、西条、坂北、聖高原、冠着、姨捨
0%
田矢古新さ荻亀 田上、矢代田、古津、新津、さつき野、荻川、亀田
0%
斗二一小小奥御 斗米、二戸、一戸、小鳥谷、小繋、奥中山高原、御堂
0%
渡田佐佐堀吉田 渡瀬、田島、佐野市、佐野、堀米、吉水、田沼
0%
渡茂上清久東七 渡島当別、茂辺地、上磯、清川口、久根別、東久根別、七重浜
0%
渡陸石曽鹿佳前 渡波、陸前稲井、石巻、曽波神、鹿又、佳景山、前谷地
0%
登虎竹北萩白社 登別、虎杖浜、竹浦、北吉原、萩野、白老、社台
0%
登向生読百新柿 登戸、向ヶ丘遊園、生田、読売ランド前、百合ヶ丘、新百合ヶ丘、柿生
0%
登宿久津武武武 登戸、宿河原、久地、津田山、武蔵溝ノ口、武蔵新城、武蔵中原
0%
登中稲矢稲南府 登戸、中野島、稲田堤、矢野口、稲城長沼、南多摩、府中本町
0%
登富幌鷲東本崎 登別、富浦、幌別、鷲別、東室蘭、本輪西、崎守
0%
登和狛喜成祖千 登戸、和泉多摩川、狛江、喜多見、成城学園前、祖師ヶ谷大蔵、千歳船橋
0%
都セセ北東高日 都筑ふれあいの丘、センター南、センター北、北山田、東山田、高田、日吉本町
0%
都フ宮岩西二天 都田、フルーツパーク、宮口、岩水寺、西鹿島、二俣本町、天竜二俣
0%
都み動ス穴天作 都賀、みつわ台、動物公園、スポーツセンター、穴川、天台、作草部
0%
都桜延信中信夜 都住、桜沢、延徳、信州中野、中野松川、信濃竹原、夜間瀬
0%
都三奥尾知大ア 都筑、三ヶ日、奥浜名湖、尾奈、知波田、大森、アスモ前
0%
都四物佐南榎八 都賀、四街道、物井、佐倉、南酒々井、榎戸、八街
0%
都自田多新武元 都立大学、自由が丘、田園調布、多摩川、新丸子、武蔵小杉、元住吉
0%
都十東三寿葭下 都留文科大学前、十日市場、東桂、三つ峠、寿、葭池温泉前、下吉田
0%
都常金岡気西寸 都田、常葉大学前、金指、岡地、気賀、西気賀、寸座
0%
都新代国青六麻 都庁前、新宿、代々木、国立競技場、青山一丁目、六本木、麻布十番
0%
都新東若牛牛飯 都庁前、新宿西口、東新宿、若松河田、牛込柳町、牛込神楽坂、飯田橋
0%
都西中東中落新 都庁前、西新宿五丁目、中野坂上、東中野、中井、落合南長崎、新江古田
0%
都谷都十東三寿 都留市、谷村町、都留文科大学前、十日市場、東桂、三つ峠、寿
0%
都谷都赤禾田上 都留文科大学前、谷村町、都留市、赤坂、禾生、田野倉、上大月
0%
都東浜寸西気岡 都筑、東都筑、浜名湖佐久米、寸座、西気賀、気賀、岡地
0%
都野沼新中下高 都立家政、野方、沼袋、新井薬師前、中井、下落合、高田馬場
0%
土越越越津越足 土市、越後水沢、越後田沢、越後鹿渡、津南、越後田中、足滝
0%
土越岩越石大上 土樽、越後中里、岩原スキー場前、越後湯沢、石打、大沢、上越国際スキー場前
0%
土潟上柿米笠青 土底浜、潟町、上下浜、柿崎、米山、笠島、青海川
0%
土神高石羽岩友 土浦、神立、高浜、石岡、羽鳥、岩間、友部
0%
土晴岩宮柏鱒荒 土沢、晴山、岩根橋、宮守、柏木平、鱒沢、荒谷前
0%
土川奥ア長ひ奥 土本、川根小山、奥泉、アプトいちしろ、長島ダム、ひらんだ、奥大井湖上
0%
土泉秋四和大羽 土崎、泉外旭川、秋田、四ツ小屋、和田、大張野、羽後境
0%
土大さ浦赤尾上 土呂、大宮、さいたま新都心、浦和、赤羽、尾久、上野
0%
土大永本新茂八 土気、大網、永田、本納、新茂原、茂原、八積
0%
土沢十大扇東大 土深井、沢尻、十二所、大滝温泉、扇田、東大館、大館
0%
土土越岩越石大 土合、土樽、越後中里、岩原スキー場前、越後湯沢、石打、大沢
0%
土土湯水上後沼 土樽、土合、湯檜曽、水上、上牧、後閑、沼田
0%
土東蓮白新久東 土呂、東大宮、蓮田、白岡、新白岡、久喜、東鷲宮
0%
土湯水上後沼岩 土合、湯檜曽、水上、上牧、後閑、沼田、岩本
0%
土末十柴鹿陸八 土深井、末広、十和田南、柴平、鹿角花輪、陸中大里、八幡平
0%
唐吉三甫恋綾陸 唐丹、吉浜、三陸、甫嶺、恋し浜、綾里、陸前赤崎
0%
唐平釜両鵜大吉 唐丹、平田、釜石、両石、鵜住居、大槌、吉里吉里
0%
唐門田温為平鶯 唐笠、門島、田本、温田、為栗、平岡、鶯巣
0%
塔会会郷滝会会 塔寺、会津坂本、会津柳津、郷戸、滝谷、会津桧原、会津西方
0%
塔会若新根会会 塔寺、会津坂下、若宮、新鶴、根岸、会津高田、会津本郷
0%
塔弥会ふ養会田 塔のへつり、弥五島、会津下郷、ふるさと公園、養鱒公園、会津長野、田島高校前
0%
塘茅標磯摩美川 塘路、茅沼、標茶、磯分内、摩周、美留和、川湯温泉
0%
島梓一中南豊柏 島高松、梓橋、一日市場、中萱、南豊科、豊科、柏矢町
0%
島岩摂新田佐一 島越、岩泉小本、摂待、新田老、田老、佐羽根、一の渡
0%
島金菊掛愛袋御 島田、金谷、菊川、掛川、愛野、袋井、御厨
0%
島恵恵サ長千南 島松、恵み野、恵庭、サッポロビール庭園、長都、千歳、南千歳
0%
島田普白堀野十 島越、田野畑、普代、白井海岸、堀内、野田玉川、十府ヶ浦海岸
0%
島島梓一中南豊 島内、島高松、梓橋、一日市場、中萱、南豊科、豊科
0%
島北上新平白苗 島松、北広島、上野幌、新札幌、平和、白石、苗穂
0%
東ひ保大石練富 東久留米、ひばりヶ丘、保谷、大泉学園、石神井公園、練馬高野台、富士見台
0%
東伊桑藤貝越白 東福島、伊達、桑折、藤田、貝田、越河、白石
0%
東羽羽羽南寒西 東金井、羽前山辺、羽前金沢、羽前長崎、南寒河江、寒河江、西寒河江
0%
東遠釧細塘茅標 東釧路、遠矢、釧路湿原、細岡、塘路、茅沼、標茶
0%
東塩勝甲笹初大 東山梨、塩山、勝沼ぶどう郷、甲斐大和、笹子、初狩、大月
0%
東王上田西日鶯 東十条、王子、上中里、田端、西日暮里、日暮里、鶯谷
0%
東岡横角南北丸 東船岡、岡、横倉、角田、南角田、北丸森、丸森
0%
東乙三美中佐岩 東小諸、乙女、三岡、美里、中佐都、佐久平、岩村田
0%
東下成和朝朝志 東武練馬、下赤塚、成増、和光市、朝霞、朝霞台、志木
0%
東家合新栃新静 東武金崎、家中、合戦場、新栃木、栃木、新大平下、静和
0%
東河小羽福牛拝 東青梅、河辺、小作、羽村、福生、牛浜、拝島
0%
東岩七大大北大 東岩槻、岩槻、七里、大和田、大宮公園、北大宮、大宮
0%
東岩陸国塩高野 東仙台、岩切、陸前山王、国府多賀城、塩釜、高城町、野蒜
0%
東岩陸国塩松愛 東仙台、岩切、陸前山王、国府多賀城、塩釜、松島、愛宕
0%
東久小花田西東 東村山、久米川、小平、花小金井、田無、西武柳沢、東伏見
0%
東久新白蓮東土 東鷲宮、久喜、新白岡、白岡、蓮田、東大宮、土呂
0%
東久清上茂渡釜 東久根別、久根別、清川口、上磯、茂辺地、渡島当別、釜谷
0%
東京海京大船谷 東中山、京成西船、海神、京成船橋、大神宮下、船橋競馬場、谷津
0%
東京鬼京菅市国 東中山、京成中山、鬼越、京成八幡、菅野、市川真間、国府台
0%
東金箱東拝小北 東飯能、金子、箱根ケ崎、東福生、拝島、小宮、北八王子
0%
東銀霞国赤四四 東京、銀座、霞ケ関、国会議事堂前、赤坂見附、四ツ谷、四谷三丁目
0%
東熊宮小荒荒梶 東尾久三丁目、熊野前、宮ノ前、小台、荒川遊園地前、荒川車庫前、梶原
0%
東栗古野間小小 東鷲宮、栗橋、古河、野木、間々田、小山、小金井
0%
東原片沼三函熱 東田子の浦、原、片浜、沼津、三島、函南、熱海
0%
東戸新鳩南川赤 東川口、戸塚安行、新井宿、鳩ヶ谷、南鳩ヶ谷、川口元郷、赤羽岩淵
0%
東戸大北鎌逗東 東戸塚、戸塚、大船、北鎌倉、鎌倉、逗子、東逗子
0%
東五三津鹿日豊 東下条、五十島、三川、津川、鹿瀬、日出谷、豊実
0%
東後飯市四永溜 東大前、後楽園、飯田橋、市ケ谷、四ツ谷、永田町、溜池山王
0%
東向大巣庚新西 東池袋四丁目、向原、大塚駅前、巣鴨新田、庚申塚、新庚申塚、西ヶ原四丁目
0%
東江桜練中富練 東長崎、江古田、桜台、練馬、中村橋、富士見台、練馬高野台
0%
東甲芦市市鰍落 東花輪、甲斐上野、芦川、市川本町、市川大門、鰍沢口、落居
0%
東行持ソ熊上石 東行田、行田市、持田、ソシオ流通センター、熊谷、上熊谷、石原
0%
東国葛陸愛陸熊 東北福祉大前、国見、葛岡、陸前落合、愛子、陸前白沢、熊ケ根
0%
東国東天品大大 東雲、国際展示場、東京テレポート、天王洲アイル、品川シーサイド、大井町、大崎
0%
東砂北余西藤鶴 東酒田、砂越、北余目、余目、西袋、藤島、鶴岡
0%
東咲馬猿五北新 東下条、咲花、馬下、猿和田、五泉、北五泉、新関
0%
東桜当伊愛中安 東旭川、桜岡、当麻、伊香牛、愛別、中愛別、安足間
0%
東三寿葭下月富 東桂、三つ峠、寿、葭池温泉前、下吉田、月江寺、富士山
0%
東三東帯見押北 東三条、三条、東光寺、帯織、見附、押切、北長岡
0%
東三東保加羽田 東光寺、三条、東三条、保内、加茂、羽生田、田上
0%
東山谷駿足御南 東山北、山北、谷峨、駿河小山、足柄、御殿場、南御殿場
0%
東四新吉三国立 東京、四ツ谷、新宿、吉祥寺、三鷹、国分寺、立川
0%
東若牛牛飯春本 東新宿、若松河田、牛込柳町、牛込神楽坂、飯田橋、春日、本郷三丁目
0%
東酒本南遊吹女 東酒田、酒田、本楯、南鳥海、遊佐、吹浦、女鹿
0%
東出上浦早下中 東栄、出馬、上市場、浦川、早瀬、下川合、中部天竜
0%
東小常国甲南善 東花輪、小井川、常永、国母、甲斐住吉、南甲府、善光寺
0%
東小大城上国新 東総元、小谷松、大多喜、城見ヶ丘、上総中川、国吉、新田野
0%
東小武つ森東高 東武竹沢、小川町、武蔵嵐山、つきのわ、森林公園、東松山、高坂
0%
東小矢野浅西小 東青森、小柳、矢田前、野内、浅虫温泉、西平内、小湊
0%
東松大新西白小 東松戸、松飛台、大町、新鎌ヶ谷、西白井、白井、小室
0%
東鐘堀牛北小五 東向島、鐘ヶ淵、堀切、牛田、北千住、小菅、五反野
0%
東上と中大下北 東武練馬、上板橋、ときわ台、中板橋、大山、下板橋、北池袋
0%
東上下明下板北 東武日光、上今市、下今市、明神、下小代、板荷、北鹿沼
0%
東上上西吉馬西 東富岡、上州福島、上州新屋、西吉井、吉井、馬庭、西山名
0%
東上西上上神南 東富岡、上州富岡、西富岡、上州七日市、上州一ノ宮、神農原、南蛇井
0%
東上大熊本高上 東京、上野、大宮、熊谷、本庄早稲田、高崎、上毛高原
0%
東上大小宇那新 東京、上野、大宮、小山、宇都宮、那須塩原、新白河
0%
東上八茂新本永 東浪見、上総一ノ宮、八積、茂原、新茂原、本納、永田
0%
東常大涸鹿徳新 東水戸、常澄、大洗、涸沼、鹿島旭、徳宿、新鉾田
0%
東新下池駒神渋 東松原、新代田、下北沢、池ノ上、駒場東大前、神泉、渋谷
0%
東新新膳粕新北 東新川、新川、新里、膳、粕川、新屋、北原
0%
東新新南三新吉 東松戸、新八柱、新松戸、南流山、三郷、新三郷、吉川美南
0%
東新大三泉高五 東銀座、新橋、大門、三田、泉岳寺、高輪台、五反田
0%
東新中西新新新 東高円寺、新中野、中野坂上、西新宿、新宿、新宿三丁目、新宿御苑前
0%
東新馬錦新市船 東京、新日本橋、馬喰町、錦糸町、新小岩、市川、船橋
0%
東新品西武新横 東京、新橋、品川、西大井、武蔵小杉、新川崎、横浜
0%
東新品川横戸大 東京、新橋、品川、川崎、横浜、戸塚、大船
0%
東新北五猿馬咲 東新津、新関、北五泉、五泉、猿和田、馬下、咲花
0%
東神御四新中高 東京、神田、御茶ノ水、四ツ谷、新宿、中野、高円寺
0%
東神秋御上鶯日 東京、神田、秋葉原、御徒町、上野、鶯谷、日暮里
0%
東秦渋新開栢富 東海大学前、秦野、渋沢、新松田、開成、栢山、富水
0%
東逗鎌北大戸東 東逗子、逗子、鎌倉、北鎌倉、大船、戸塚、東戸塚
0%
東杉幸南栗新柳 東武動物公園、杉戸高野台、幸手、南栗橋、栗橋、新古河、柳生
0%
東瀬鵜大最立赤 東長沢、瀬見温泉、鵜杉、大堀、最上、立小路、赤倉温泉
0%
東清秋所西小狭 東久留米、清瀬、秋津、所沢、西所沢、小手指、狭山ヶ丘
0%
東西岩有上池川 東大崎、西大崎、岩出山、有備館、上野目、池月、川渡温泉
0%
東西荒刈西礼石 東柏崎、西中通、荒浜、刈羽、西山、礼拝、石地
0%
東西雑池要千小 東新宿、西早稲田、雑司が谷、池袋、要町、千川、小竹向原
0%
東西塚古陸北小 東大崎、西古川、塚目、古川、陸前谷地、北浦、小牛田
0%
東西田花小久東 東伏見、西武柳沢、田無、花小金井、小平、久米川、東村山
0%
東青テ東台お芝 東京ビッグサイト、青海、テレコムセンター、東京国際クルーズターミナル、台場、お台場海浜公園、芝浦ふ頭
0%
東青宮日石二軍 東青梅、青梅、宮ノ平、日向和田、石神前、二俣尾、軍畑
0%
東静安用焼西藤 東静岡、静岡、安倍川、用宗、焼津、西焼津、藤枝
0%
東赤桐天富丸西 東新川、赤城、桐生球場前、天王宿、富士山下、丸山下、西桐生
0%
東赤川西蕨南浦 東十条、赤羽、川口、西川口、蕨、南浦和、浦和
0%
東仙長太南名館 東仙台、仙台、長町、太子堂、南仙台、名取、館腰
0%
東千稲津船市新 東千葉、千葉、稲毛、津田沼、船橋、市川、新小岩
0%
東川玉下新大岩 東結城、川島、玉戸、下館、新治、大和、岩瀬
0%
東扇大十沢土末 東大館、扇田、大滝温泉、十二所、沢尻、土深井、末広
0%
東相留西生安遠 東相内、相内、留辺蘂、西留辺蘂、生田原、安国、遠軽
0%
東足野韮太細木 東武和泉、足利市、野州山辺、韮川、太田、細谷、木崎
0%
東村袖大北芦舟 東根、村山、袖崎、大石田、北大石田、芦沢、舟形
0%
東村八八船北飯 東葉勝田台、村上、八千代中央、八千代緑が丘、船橋日大前、北習志野、飯山満
0%
東多武飛西調布 東府中、多磨霊園、武蔵野台、飛田給、西調布、調布、布田
0%
東太長三大浪御 東浪見、太東、長者町、三門、大原、浪花、御宿
0%
東帯見押北長宮 東光寺、帯織、見附、押切、北長岡、長岡、宮内
0%
東台お芝日竹汐 東京国際クルーズターミナル、台場、お台場海浜公園、芝浦ふ頭、日の出、竹芝、汐留
0%
東大菊新小鴨中 東神奈川、大口、菊名、新横浜、小机、鴨居、中山
0%
東大常日小十高 東海、大甕、常陸多賀、日立、小木津、十王、高萩
0%
東大新早豊黒佐 東新潟、大形、新崎、早通、豊栄、黒山、佐々木
0%
東大新代千信四 東中野、大久保、新宿、代々木、千駄ケ谷、信濃町、四ツ谷
0%
東大西住菊森浜 東大島、大島、西大島、住吉、菊川、森下、浜町
0%
東大淡御本後茗 東京、大手町、淡路町、御茶ノ水、本郷三丁目、後楽園、茗荷谷
0%
東大平北松安赤 東大更、大更、平館、北森、松尾八幡平、安比高原、赤坂田
0%
東沢鳥北向能東 東八森、沢目、鳥形、北能代、向能代、能代、東能代
0%
東池要千小氷平 東池袋、池袋、要町、千川、小竹向原、氷川台、平和台
0%
東中高阿荻西吉 東中野、中野、高円寺、阿佐ケ谷、荻窪、西荻窪、吉祥寺
0%
東中西都新代国 東中野、中野坂上、西新宿五丁目、都庁前、新宿、代々木、国立競技場
0%
東中南鶴大桜高 東林間、中央林間、南林間、鶴間、大和、桜ヶ丘、高座渋谷
0%
東鶴伊愛本厚海 東海大学前、鶴巻温泉、伊勢原、愛甲石田、本厚木、厚木、海老名
0%
東都三奥尾知大 東都筑、都筑、三ヶ日、奥浜名湖、尾奈、知波田、大森
0%
東都四物佐南榎 東千葉、都賀、四街道、物井、佐倉、南酒々井、榎戸
0%
東土大さ浦赤尾 東大宮、土呂、大宮、さいたま新都心、浦和、赤羽、尾久
0%
東東南越吉吉新 東浦和、東川口、南越谷、越谷レイクタウン、吉川、吉川美南、新三郷
0%
東東南武西北新 東川口、東浦和、南浦和、武蔵浦和、西浦和、北朝霞、新座
0%
東南江西安お国 東武宇都宮、南宇都宮、江曽島、西川田、安塚、おもちゃのまち、国谷
0%
東南西葛浦南行 東陽町、南砂町、西葛西、葛西、浦安、南行徳、行徳
0%
東南磐磐近中磐 東館、南石井、磐城石井、磐城塙、近津、中豊、磐城棚倉
0%
東南武西北新東 東浦和、南浦和、武蔵浦和、西浦和、北朝霞、新座、東所沢
0%
東能向北鳥沢東 東能代、能代、向能代、北能代、鳥形、沢目、東八森
0%
東馬下小俵久平 東横田、馬来田、下郡、小櫃、俵田、久留里、平山
0%
東白妙菊大綱日 東白楽、白楽、妙蓮寺、菊名、大倉山、綱島、日吉
0%
東八越潮新葛舞 東京、八丁堀、越中島、潮見、新木場、葛西臨海公園、舞浜
0%
東八滝あ岩大白 東八森、八森、滝ノ間、あきた白神、岩館、大間越、白神岳登山口
0%
東飯元仏入稲武 東飯能、飯能、元加治、仏子、入間市、稲荷山公園、武蔵藤沢
0%
東飯北船八八村 東海神、飯山満、北習志野、船橋日大前、八千代緑が丘、八千代中央、村上
0%
東磐翁猪川関猪 東長原、磐梯町、翁島、猪苗代、川桁、関都、猪苗代湖畔
0%
東姫北春一武せ 東武動物公園、姫宮、北春日部、春日部、一ノ割、武里、せんげん台
0%
東品新小熱三新 東京、品川、新横浜、小田原、熱海、三島、新富士
0%
東浜寸西気岡金 東都筑、浜名湖佐久米、寸座、西気賀、気賀、岡地、金指
0%
東府分中聖百高 東府中、府中、分倍河原、中河原、聖蹟桜ヶ丘、百草園、高幡不動
0%
東武高東飯元仏 東吾野、武蔵横手、高麗、東飯能、飯能、元加治、仏子
0%
東武国西国立日 東小金井、武蔵小金井、国分寺、西国分寺、国立、立川、日野
0%
東武三吉西荻阿 東小金井、武蔵境、三鷹、吉祥寺、西荻窪、荻窪、阿佐ケ谷
0%
東武上上井下鷺 東伏見、武蔵関、上石神井、上井草、井荻、下井草、鷺ノ宮
0%
東武別上尾門厚 東釧路、武佐、別保、上尾幌、尾幌、門静、厚岸
0%
東福県多館茂川 東武和泉、福居、県、多々良、館林、茂林寺前、川俣
0%
東保横新武西品 東戸塚、保土ケ谷、横浜、新川崎、武蔵小杉、西大井、品川
0%
東保加羽田矢古 東三条、保内、加茂、羽生田、田上、矢代田、古津
0%
東宝日人東浅蔵 東銀座、宝町、日本橋、人形町、東日本橋、浅草橋、蔵前
0%
東豊八春藤南川 東岩槻、豊春、八木崎、春日部、藤の牛島、南桜井、川間
0%
東北セセ都川中 東山田、北山田、センター北、センター南、都筑ふれあいの丘、川和町、中山
0%
東北森鹿鯉八井 東能代、北金岡、森岳、鹿渡、鯉川、八郎潟、井川さくら
0%
東北大船槻岩館 東白石、北白川、大河原、船岡、槻木、岩沼、館腰
0%
東北北東国葛陸 東照宮、北仙台、北山、東北福祉大前、国見、葛岡、陸前落合
0%
東本駒西王王志 東大前、本駒込、駒込、西ケ原、王子、王子神谷、志茂
0%
東本崎黄稀北伊 東室蘭、本輪西、崎守、黄金、稀府、北舟岡、伊達紋別
0%
東本西下多中陸 東塩釜、本塩釜、西塩釜、下馬、多賀城、中野栄、陸前高砂
0%
東明永西浜高富 東松原、明大前、永福町、西永福、浜田山、高井戸、富士見ヶ丘
0%
東木門茅日大竹 東陽町、木場、門前仲町、茅場町、日本橋、大手町、竹橋
0%
東野陸鹿矢東陸 東名、野蒜、陸前小野、鹿妻、矢本、東矢本、陸前赤井
0%
東矢下常袋上西 東館、矢祭山、下野宮、常陸大子、袋田、上小川、西金
0%
東矢鹿陸野東陸 東矢本、矢本、鹿妻、陸前小野、野蒜、東名、陸前大塚
0%
東有新浜田高品 東京、有楽町、新橋、浜松町、田町、高輪ゲートウェイ、品川
0%
東陸松高手陸陸 東塩釜、陸前浜田、松島海岸、高城町、手樽、陸前富山、陸前大塚
0%
東蓮白新久東栗 東大宮、蓮田、白岡、新白岡、久喜、東鷲宮、栗橋
0%
東和久鷲花加南 東武動物公園、和戸、久喜、鷲宮、花崎、加須、南羽生
0%
東鷲幌富登虎竹 東室蘭、鷲別、幌別、富浦、登別、虎杖浜、竹浦
0%
東楡樅新北板下 東武金崎、楡木、樅山、新鹿沼、北鹿沼、板荷、下小代
0%
桃小磐原鹿日相 桃内、小高、磐城太田、原ノ町、鹿島、日立木、相馬
0%
桃浪双大夜富竜 桃内、浪江、双葉、大野、夜ノ森、富岡、竜田
0%
湯芦大芦あ門南 湯野上温泉、芦ノ牧温泉南、大川ダム公園、芦ノ牧温泉、あまや、門田、南若松
0%
湯兄田横荒小赤 湯瀬温泉、兄畑、田山、横間、荒屋新町、小屋の畑、赤坂田
0%
湯根千西町北綾 湯島、根津、千駄木、西日暮里、町屋、北千住、綾瀬
0%
湯上夜信中信延 湯田中、上条、夜間瀬、信濃竹原、中野松川、信州中野、延徳
0%
湯新大二日霞国 湯島、新御茶ノ水、大手町、二重橋前、日比谷、霞ケ関、国会議事堂前
0%
湯真根早小鴨国 湯河原、真鶴、根府川、早川、小田原、鴨宮、国府津
0%
湯水上後沼岩津 湯檜曽、水上、上牧、後閑、沼田、岩本、津久田
0%
湯泉植勿大磯南 湯本、泉、植田、勿来、大津港、磯原、南中郷
0%
湯土土越岩越石 湯檜曽、土合、土樽、越後中里、岩原スキー場前、越後湯沢、石打
0%
湯塔弥会ふ養会 湯野上温泉、塔のへつり、弥五島、会津下郷、ふるさと公園、養鱒公園、会津長野
0%
湯湯函駒競深柏 湯の川、湯の川温泉、函館アリーナ前、駒場車庫前、競馬場前、深堀町、柏木町
0%
湯函駒競深柏杉 湯の川温泉、函館アリーナ前、駒場車庫前、競馬場前、深堀町、柏木町、杉並町
0%
当伊愛中安上白 当麻、伊香牛、愛別、中愛別、安足間、上川、白滝
0%
当桜東南新旭旭 当麻、桜岡、東旭川、南永山、新旭川、旭川四条、旭川
0%
筒東小矢野浅西 筒井、東青森、小柳、矢田前、野内、浅虫温泉、西平内
0%
筒能浦梶え糸青 筒石、能生、浦本、梶屋敷、えちご押上ひすい海岸、糸魚川、青海
0%
藤貝越白東北大 藤田、貝田、越河、白石、東白石、北白川、大河原
0%
藤桑伊東福南金 藤田、桑折、伊達、東福島、福島、南福島、金谷川
0%
藤市江あた鷺宮 藤が丘、市が尾、江田、あざみ野、たまプラーザ、鷺沼、宮前平
0%
藤春八豊東岩七 藤の牛島、春日部、八木崎、豊春、東岩槻、岩槻、七里
0%
藤上四梁鳥猿大 藤野、上野原、四方津、梁川、鳥沢、猿橋、大月
0%
藤西余北砂東酒 藤島、西袋、余目、北余目、砂越、東酒田、酒田
0%
藤青田長つす南 藤が丘、青葉台、田奈、長津田、つくし野、すずかけ台、南町田グランベリーパーク
0%
藤静新栃新合家 藤岡、静和、新大平下、栃木、新栃木、合戦場、家中
0%
藤石柳鵠湘江腰 藤沢、石上、柳小路、鵠沼、湘南海岸公園、江ノ島、腰越
0%
藤善六湘長高桜 藤沢本町、善行、六会日大前、湘南台、長後、高座渋谷、桜ヶ丘
0%
藤相高西八豊日 藤野、相模湖、高尾、西八王子、八王子、豊田、日野
0%
藤大戸横川品新 藤沢、大船、戸塚、横浜、川崎、品川、新橋
0%
藤辻茅平大二国 藤沢、辻堂、茅ケ崎、平塚、大磯、二宮、国府津
0%
藤鶴羽羽三小五 藤島、鶴岡、羽前大山、羽前水沢、三瀬、小波渡、五十川
0%
藤藤善六湘長高 藤沢、藤沢本町、善行、六会日大前、湘南台、長後、高座渋谷
0%
藤南川七清愛野 藤の牛島、南桜井、川間、七光台、清水公園、愛宕、野田市
0%
藤板柳新栗南幸 藤岡、板倉東洋大前、柳生、新古河、栗橋、南栗橋、幸手
0%
藤立横岩和ゆほ 藤根、立川目、横川目、岩沢、和賀仙人、ゆだ錦秋湖、ほっとゆだ
0%
藤龍牛ひ荒土神 藤代、龍ケ崎市、牛久、ひたち野うしく、荒川沖、土浦、神立
0%
藤林板鶴陸五木 藤崎、林崎、板柳、鶴泊、陸奥鶴田、五所川原、木造
0%
藤六島金菊掛愛 藤枝、六合、島田、金谷、菊川、掛川、愛野
0%
騰大下宗玉石南 騰波ノ江、大宝、下妻、宗道、玉村、石下、南石下
0%
動ス穴天作千千 動物公園、スポーツセンター、穴川、天台、作草部、千葉公園、千葉
0%
動み都桜小千千 動物公園、みつわ台、都賀、桜木、小倉台、千城台北、千城台
0%
堂笈塩姥会喜山 堂島、笈川、塩川、姥堂、会津豊川、喜多方、山都
0%
洞豊大礼小静長 洞爺、豊浦、大岸、礼文、小幌、静狩、長万部
0%
洞有長伊北稀黄 洞爺、有珠、長和、伊達紋別、北舟岡、稀府、黄金
0%
洞陸上足平岩青 洞泉、陸中大橋、上有住、足ケ瀬、平倉、岩手上郷、青笹
0%
道岩羽折羽羽西 道川、岩城みなと、羽後亀田、折渡、羽後岩谷、羽後本荘、西目
0%
峠大関米置高赤 峠、大沢、関根、米沢、置賜、高畠、赤湯
0%
徳鹿涸大常東水 徳宿、鹿島旭、涸沼、大洗、常澄、東水戸、水戸
0%
徳上野尾荻山喜 徳沢、上野尻、野沢、尾登、荻野、山都、喜多方
0%
徳新北大鹿鹿長 徳宿、新鉾田、北浦湖畔、大洋、鹿島灘、鹿島大野、長者ヶ浜潮騒はまなす公園前
0%
徳豊日鹿津三五 徳沢、豊実、日出谷、鹿瀬、津川、三川、五十島
0%
読生向登和狛喜 読売ランド前、生田、向ヶ丘遊園、登戸、和泉多摩川、狛江、喜多見
0%
読百新柿鶴玉町 読売ランド前、百合ヶ丘、新百合ヶ丘、柿生、鶴川、玉川学園前、町田
0%
栃新合家東楡樅 栃木、新栃木、合戦場、家中、東武金崎、楡木、樅山
0%
栃新野野壬国お 栃木、新栃木、野州平川、野州大塚、壬生、国谷、おもちゃのまち
0%
苫沼遠早安追三 苫小牧、沼ノ端、遠浅、早来、安平、追分、三川
0%
苫沼植南千長サ 苫小牧、沼ノ端、植苗、南千歳、千歳、長都、サッポロビール庭園
0%
苫青糸錦社白萩 苫小牧、青葉、糸井、錦岡、社台、白老、萩野
0%
苫北八陸下向三 苫米地、北高岩、八戸、陸奥市川、下田、向山、三沢
0%
奈茶美光峰岩上 奈井江、茶志内、美唄、光珠内、峰延、岩見沢、上幌向
0%
奈豊砂滝江妹深 奈井江、豊沼、砂川、滝川、江部乙、妹背牛、深川
0%
奈藪宮原木上倉 奈良井、藪原、宮ノ越、原野、木曽福島、上松、倉本
0%
那館九千千南和 那古船形、館山、九重、千倉、千歳、南三原、和田浦
0%
那西野矢片蒲氏 那須塩原、西那須野、野崎、矢板、片岡、蒲須坂、氏家
0%
那富岩安保浜竹 那古船形、富浦、岩井、安房勝山、保田、浜金谷、竹岡
0%
内羽伊志丸沼原 内宿、羽貫、伊奈中央、志久、丸山、沼南、原市
0%
内越越巻岩北吉 内野西が丘、越後赤塚、越後曽根、巻、岩室、北吉田、吉田
0%
内越下魚十土越 内ケ巻、越後岩沢、下条、魚沼中条、十日町、土市、越後水沢
0%
内寄井十稲芝沼 内船、寄畑、井出、十島、稲子、芝川、沼久保
0%
内甲身塩波下甲 内船、甲斐大島、身延、塩之沢、波高島、下部温泉、甲斐常葉
0%
内新寺小青関白 内野、新潟大学前、寺尾、小針、青山、関屋、白山
0%
内赤偕水勝佐東 内原、赤塚、偕楽園、水戸、勝田、佐和、東海
0%
内湯泉植勿大磯 内郷、湯本、泉、植田、勿来、大津港、磯原
0%
内内越越巻岩北 内野、内野西が丘、越後赤塚、越後曽根、巻、岩室、北吉田
0%
内内新寺小青関 内野西が丘、内野、新潟大学前、寺尾、小針、青山、関屋
0%
内日大神水春白 内幸町、日比谷、大手町、神保町、水道橋、春日、白山
0%
内友岩羽石高神 内原、友部、岩間、羽鳥、石岡、高浜、神立
0%
縄大合上米桂阿 縄文小ヶ田、大野台、合川、上杉、米内沢、桂瀬、阿仁前田温泉
0%
南すつ長田青藤 南町田グランベリーパーク、すずかけ台、つくし野、長津田、田奈、青葉台、藤が丘
0%
南粟分寺桐小妙 南吉田、粟生津、分水、寺泊、桐原、小島谷、妙法寺
0%
南井弘上屏杉京 南太田、井土ヶ谷、弘明寺、上大岡、屏風浦、杉田、京急富岡
0%
南稲矢稲中登宿 南多摩、稲城長沼、矢野口、稲田堤、中野島、登戸、宿河原
0%
南羽羽羽東北山 南寒河江、羽前長崎、羽前金沢、羽前山辺、東金井、北山形、山形
0%
南羽川茂館多県 南羽生、羽生、川俣、茂林寺前、館林、多々良、県
0%
南羽北山蔵茂か 南出羽、羽前千歳、北山形、山形、蔵王、茂吉記念館前、かみのやま温泉
0%
南浦葛西南東木 南行徳、浦安、葛西、西葛西、南砂町、東陽町、木場
0%
南越吉吉新三南 南越谷、越谷レイクタウン、吉川、吉川美南、新三郷、三郷、南流山
0%
南榎八日成松横 南酒々井、榎戸、八街、日向、成東、松尾、横芝
0%
南黄日戸横神京 南太田、黄金町、日ノ出町、戸部、横浜、神奈川、京急東神奈川
0%
南宮お梨西今時 南陽市役所、宮内、おりはた、梨郷、西大塚、今泉、時庭
0%
南金松安二杉本 南福島、金谷川、松川、安達、二本松、杉田、本宮
0%
南栗新柳板藤静 南栗橋、栗橋、新古河、柳生、板倉東洋大前、藤岡、静和
0%
南戸稲ゆ新寺西 南守谷、戸頭、稲戸井、ゆめみ野、新取手、寺原、西取手
0%
南御足駿谷山東 南御殿場、御殿場、足柄、駿河小山、谷峨、山北、東山北
0%
南江西安お国壬 南宇都宮、江曽島、西川田、安塚、おもちゃのまち、国谷、壬生
0%
南甲国常小東甲 南甲府、甲斐住吉、国母、常永、小井川、東花輪、甲斐上野
0%
南高十小日常大 南中郷、高萩、十王、小木津、日立、常陸多賀、大甕
0%
南高百聖中分府 南平、高幡不動、百草園、聖蹟桜ヶ丘、中河原、分倍河原、府中
0%
南佐根高山西馬 南高崎、佐野のわたし、根小屋、高崎商科大学前、山名、西山名、馬庭
0%
南佐物四都東千 南酒々井、佐倉、物井、四街道、都賀、東千葉、千葉
0%
南三新吉吉越南 南流山、三郷、新三郷、吉川美南、吉川、越谷レイクタウン、南越谷
0%
南三中北水小新 南石下、三妻、中妻、北水海道、水海道、小絹、新守谷
0%
南三入上仲秋小 南千住、三ノ輪、入谷、上野、仲御徒町、秋葉原、小伝馬町
0%
南三八六青北南 南流山、三郷中央、八潮、六町、青井、北千住、南千住
0%
南参代代東下世 南新宿、参宮橋、代々木八幡、代々木上原、東北沢、下北沢、世田谷代田
0%
南時今西梨お宮 南長井、時庭、今泉、西大塚、梨郷、おりはた、宮内
0%
南漆高天天乱神 南出羽、漆山、高擶、天童南、天童、乱川、神町
0%
南狩清高古津羽 南野、狩川、清川、高屋、古口、津谷、羽前前波
0%
南十野大須倉上 南木曽、十二兼、野尻、大桑、須原、倉本、上松
0%
南小朝銭ほ星稲 南小樽、小樽築港、朝里、銭函、ほしみ、星置、稲穂
0%
南松田明西坂聖 南松本、松本、田沢、明科、西条、坂北、聖高原
0%
南上番原下相入 南橋本、上溝、番田、原当麻、下溝、相武台下、入谷
0%
南上北新二関妙 南高田、上越妙高、北新井、新井、二本木、関山、妙高高原
0%
南信安信北細安 南大町、信濃常盤、安曇沓掛、信濃松川、北細野、細野、安曇追分
0%
南信北信稲海簗 南大町、信濃大町、北大町、信濃木崎、稲尾、海ノ口、簗場
0%
南新狭入新航所 南大塚、新狭山、狭山市、入曽、新所沢、航空公園、所沢
0%
南新新東市船西 南流山、新松戸、新八柱、東松戸、市川大野、船橋法典、西船橋
0%
南新東新中西新 南阿佐ケ谷、新高円寺、東高円寺、新中野、中野坂上、西新宿、新宿
0%
南神上上西上東 南蛇井、神農原、上州一ノ宮、上州七日市、西富岡、上州富岡、東富岡
0%
南神飯白信白千 南神城、神城、飯森、白馬、信濃森上、白馬大池、千国
0%
南西葛浦南行妙 南砂町、西葛西、葛西、浦安、南行徳、行徳、妙典
0%
南西成中羽犬今 南米沢、西米沢、成島、中郡、羽前小松、犬川、今泉
0%
南西船市東新新 南船橋、西船橋、船橋法典、市川大野、東松戸、新八柱、新松戸
0%
南石玉宗下大騰 南石下、石下、玉村、宗道、下妻、大宝、騰波ノ江
0%
南千長サ恵恵島 南千歳、千歳、長都、サッポロビール庭園、恵庭、恵み野、島松
0%
南千白信白飯神 南小谷、千国、白馬大池、信濃森上、白馬、飯森、神城
0%
南川七清愛野梅 南桜井、川間、七光台、清水公園、愛宕、野田市、梅郷
0%
南川富城伊伊伊 南伊東、川奈、富戸、城ヶ崎海岸、伊豆高原、伊豆大川、伊豆北川
0%
南太長仙東岩陸 南仙台、太子堂、長町、仙台、東仙台、岩切、陸前山王
0%
南中一梓島島北 南豊科、中萱、一日市場、梓橋、島高松、島内、北松本
0%
南中武北戸戸浮 南与野、中浦和、武蔵浦和、北戸田、戸田、戸田公園、浮間舟渡
0%
南中北平小根頸 南小谷、中土、北小谷、平岩、小滝、根知、頸城大野
0%
南長あ羽白蚕鮎 南長井、長井、あやめ公園、羽前成田、白兎、蚕桑、鮎貝
0%
南鳥並並幸産福 南部市場、鳥浜、並木北、並木中央、幸浦、産業振興センター、福浦
0%
南追川新占ト新 南千歳、追分、川端、新夕張、占冠、トマム、新得
0%
南鶴大桜高長湘 南林間、鶴間、大和、桜ヶ丘、高座渋谷、長後、湘南台
0%
南東桜当伊愛中 南永山、東旭川、桜岡、当麻、伊香牛、愛別、中愛別
0%
南東東南武西北 南越谷、東川口、東浦和、南浦和、武蔵浦和、西浦和、北朝霞
0%
南東木門茅日大 南砂町、東陽町、木場、門前仲町、茅場町、日本橋、大手町
0%
南東矢下常袋上 南石井、東館、矢祭山、下野宮、常陸大子、袋田、上小川
0%
南藤春八豊東岩 南桜井、藤の牛島、春日部、八木崎、豊春、東岩槻、岩槻
0%
南二市新舞葛新 南船橋、二俣新町、市川塩浜、新浦安、舞浜、葛西臨海公園、新木場
0%
南富岩裾長下大 南御殿場、富士岡、岩波、裾野、長泉なめり、下土狩、大岡
0%
南府分西谷矢西 南多摩、府中本町、分倍河原、西府、谷保、矢川、西国立
0%
南武西北新東新 南浦和、武蔵浦和、西浦和、北朝霞、新座、東所沢、新秋津
0%
南福東伊桑藤貝 南福島、福島、東福島、伊達、桑折、藤田、貝田
0%
南平中幌中す大 南平岸、平岸、中の島、幌平橋、中島公園、すすきの、大通
0%
南北綾亀金松北 南千住、北千住、綾瀬、亀有、金町、松戸、北松戸
0%
南北丸あ兜富や 南角田、北丸森、丸森、あぶくま、兜、富野、やながわ希望の森公園前
0%
南北青六八三南 南千住、北千住、青井、六町、八潮、三郷中央、南流山
0%
南名館岩逢亘浜 南仙台、名取、館腰、岩沼、逢隈、亘理、浜吉田
0%
南名館岩槻船大 南仙台、名取、館腰、岩沼、槻木、船岡、大河原
0%
南門あ芦大芦湯 南若松、門田、あまや、芦ノ牧温泉、大川ダム公園、芦ノ牧温泉南、湯野上温泉
0%
南遊吹女小上象 南鳥海、遊佐、吹浦、女鹿、小砂川、上浜、象潟
0%
南流流柏柏守み 南流山、流山セントラルパーク、流山おおたかの森、柏の葉キャンパス、柏たなか、守谷、みらい平
0%
南緑弥いいゆ湘 南万騎が原、緑園都市、弥生台、いずみ野、いずみ中央、ゆめが丘、湘南台
0%
南蕨西川赤東王 南浦和、蕨、西川口、川口、赤羽、東十条、王子
0%
南簗海稲信北信 南神城、簗場、海ノ口、稲尾、信濃木崎、北大町、信濃大町
0%
二い盛新北水一 二戸、いわて沼宮内、盛岡、新花巻、北上、水沢江刺、一ノ関
0%
二安松金南福東 二本松、安達、松川、金谷川、南福島、福島、東福島
0%
二一小小奥御い 二戸、一戸、小鳥谷、小繋、奥中山高原、御堂、いわて沼宮内
0%
二鎌初新北く元 二和向台、鎌ヶ谷大仏、初富、新鎌ヶ谷、北初富、くぬぎ山、元山
0%
二希三瀬大相さ 二俣川、希望ヶ丘、三ツ境、瀬谷、大和、相模大塚、さがみ野
0%
二軍沢御川古鳩 二俣尾、軍畑、沢井、御嶽、川井、古里、鳩ノ巣
0%
二高溝梶宮宮鷺 二子新地、高津、溝の口、梶が谷、宮崎台、宮前平、鷺沼
0%
二黒熱目蘭昆ニ 二股、黒松内、熱郛、目名、蘭越、昆布、ニセコ
0%
二三滝高高北習 二和向台、三咲、滝不動、高根公団、高根木戸、北習志野、習志野
0%
二市新舞葛新潮 二俣新町、市川塩浜、新浦安、舞浜、葛西臨海公園、新木場、潮見
0%
二上等尾九自緑 二子玉川、上野毛、等々力、尾山台、九品仏、自由が丘、緑が丘
0%
二新北上南高春 二本木、新井、北新井、上越妙高、南高田、高田、春日山
0%
二新梁や富兜あ 二井田、新田、梁川、やながわ希望の森公園前、富野、兜、あぶくま
0%
二新鷲新弁舞高 二川、新所原、鷲津、新居町、弁天島、舞阪、高塚
0%
二杉本五日郡安 二本松、杉田、本宮、五百川、日和田、郡山、安積永盛
0%
二西岩宮フ都常 二俣本町、西鹿島、岩水寺、宮口、フルーツパーク、都田、常葉大学前
0%
二石日宮青東河 二俣尾、石神前、日向和田、宮ノ平、青梅、東青梅、河辺
0%
二前鷹糠早下大 二ツ井、前山、鷹ノ巣、糠沢、早口、下川沿、大館
0%
二大新湯根千西 二重橋前、大手町、新御茶ノ水、湯島、根津、千駄木、西日暮里
0%
二大平茅辻藤大 二宮、大磯、平塚、茅ケ崎、辻堂、藤沢、大船
0%
二大保上高向瀬 二井田、大泉、保原、上保原、高子、向瀬上、瀬上
0%
二天上豊敷遠円 二俣本町、天竜二俣、上野部、豊岡、敷地、遠江一宮、円田
0%
二二高溝梶宮宮 二子玉川、二子新地、高津、溝の口、梶が谷、宮崎台、宮前平
0%
二二上等尾九自 二子新地、二子玉川、上野毛、等々力、尾山台、九品仏、自由が丘
0%
二二用桜駒三池 二子新地、二子玉川、用賀、桜新町、駒沢大学、三軒茶屋、池尻大橋
0%
二日霞国赤乃表 二重橋前、日比谷、霞ケ関、国会議事堂前、赤坂、乃木坂、表参道
0%
二富鶴東北森鹿 二ツ井、富根、鶴形、東能代、北金岡、森岳、鹿渡
0%
二用桜駒三池渋 二子玉川、用賀、桜新町、駒沢大学、三軒茶屋、池尻大橋、渋谷
0%
日黄南井弘上屏 日ノ出町、黄金町、南太田、井土ヶ谷、弘明寺、上大岡、屏風浦
0%
日音春柚長古県 日吉町、音羽町、春日町、柚木、長沼、古庄、県総合運動場
0%
日霞虎神六広恵 日比谷、霞ケ関、虎ノ門ヒルズ、神谷町、六本木、広尾、恵比寿
0%
日茅門木東南西 日本橋、茅場町、門前仲町、木場、東陽町、南砂町、西葛西
0%
日宮青東河小羽 日向和田、宮ノ平、青梅、東青梅、河辺、小作、羽村
0%
日京銀新虎溜赤 日本橋、京橋、銀座、新橋、虎ノ門、溜池山王、赤坂見附
0%
日銀東築八茅人 日比谷、銀座、東銀座、築地、八丁堀、茅場町、人形町
0%
日郡安須鏡矢泉 日和田、郡山、安積永盛、須賀川、鏡石、矢吹、泉崎
0%
日元武新多田奥 日吉、元住吉、武蔵小杉、新丸子、多摩川、田園調布、奥沢
0%
日戸横神京神子 日ノ出町、戸部、横浜、神奈川、京急東神奈川、神奈川新町、子安
0%
日五本杉二安松 日和田、五百川、本宮、杉田、二本松、安達、松川
0%
日綱大菊妙白東 日吉、綱島、大倉山、菊名、妙蓮寺、白楽、東白楽
0%
日高東北セセ都 日吉本町、高田、東山田、北山田、センター北、センター南、都筑ふれあいの丘
0%
日合門神福大家 日切、合格、門出、神尾、福用、大和田、家山
0%
日今下文鹿鶴宇 日光、今市、下野大沢、文挟、鹿沼、鶴田、宇都宮
0%
日三神末上上稲 日本橋、三越前、神田、末広町、上野広小路、上野、稲荷町
0%
日三南北綾亀金 日暮里、三河島、南千住、北千住、綾瀬、亀有、金町
0%
日紫古矢岩仙盛 日詰、紫波中央、古館、矢幅、岩手飯岡、仙北町、盛岡
0%
日鹿原磐小桃浪 日立木、鹿島、原ノ町、磐城太田、小高、桃内、浪江
0%
日鹿津三五東咲 日出谷、鹿瀬、津川、三川、五十島、東下条、咲花
0%
日芝お台東テ青 日の出、芝浦ふ頭、お台場海浜公園、台場、東京国際クルーズターミナル、テレコムセンター、青海
0%
日常大東佐勝水 日立、常陸多賀、大甕、東海、佐和、勝田、水戸
0%
日新町千京堀お 日暮里、新三河島、町屋、千住大橋、京成関屋、堀切菖蒲園、お花茶屋
0%
日須北小都桜延 日野、須坂、北須坂、小布施、都住、桜沢、延徳
0%
日成松横飯八干 日向、成東、松尾、横芝、飯倉、八日市場、干潟
0%
日西赤熊足扇高 日暮里、西日暮里、赤土小学校前、熊野前、足立小台、扇大橋、高野
0%
日西田駒巣大池 日暮里、西日暮里、田端、駒込、巣鴨、大塚、池袋
0%
日青京東新千印 日暮里、青砥、京成高砂、東松戸、新鎌ヶ谷、千葉ニュータウン中央、印旛日本医大
0%
日石花花村北六 日詰、石鳥谷、花巻空港、花巻、村崎野、北上、六原
0%
日石二軍沢御川 日向和田、石神前、二俣尾、軍畑、沢井、御嶽、川井
0%
日相駒新坂山浜 日立木、相馬、駒ケ嶺、新地、坂元、山下、浜吉田
0%
日村柳附朝信桐 日野、村山、柳原、附属中学前、朝陽、信濃吉田、桐原
0%
日大竹九飯神早 日本橋、大手町、竹橋、九段下、飯田橋、神楽坂、早稲田
0%
日智智美天咲音 日進、智恵文、智北、美深、天塩川温泉、咲来、音威子府
0%
日長小信富す青 日野春、長坂、小淵沢、信濃境、富士見、すずらんの里、青柳
0%
日内御芝三白白 日比谷、内幸町、御成門、芝公園、三田、白金高輪、白金台
0%
日二大新湯根千 日比谷、二重橋前、大手町、新御茶ノ水、湯島、根津、千駄木
0%
日日高東北セセ 日吉、日吉本町、高田、東山田、北山田、センター北、センター南
0%
日八榎南佐物四 日向、八街、榎戸、南酒々井、佐倉、物井、四街道
0%
日宝東新大三泉 日本橋、宝町、東銀座、新橋、大門、三田、泉岳寺
0%
日豊徳上野尾荻 日出谷、豊実、徳沢、上野尻、野沢、尾登、荻野
0%
日名名風瑞多士 日進、名寄、名寄高校、風連、瑞穂、多寄、士別
0%
日立国三吉新四 日野、立川、国分寺、三鷹、吉祥寺、新宿、四ツ谷
0%
日立国西国武東 日野、立川、国立、西国分寺、国分寺、武蔵小金井、東小金井
0%
日鶯上御秋神東 日暮里、鶯谷、上野、御徒町、秋葉原、神田、東京
0%
入稲武狭小西所 入間市、稲荷山公園、武蔵藤沢、狭山ヶ丘、小手指、西所沢、所沢
0%
入海厚社門倉宮 入谷、海老名、厚木、社家、門沢橋、倉見、宮山
0%
入桜狐御草県県 入江岡、桜橋、狐ヶ崎、御門台、草薙、県立美術館前、県総合運動場
0%
入上越魚越藪小 入広瀬、上条、越後須原、魚沼田中、越後広瀬、藪神、小出
0%
入新航所東久小 入曽、新所沢、航空公園、所沢、東村山、久米川、小平
0%
入相下原番上南 入谷、相武台下、下溝、原当麻、番田、上溝、南橋本
0%
入大只会会会会 入広瀬、大白川、只見、会津蒲生、会津塩沢、会津大塩、会津横田
0%
入箱塔大宮小彫 入生田、箱根湯本、塔ノ沢、大平台、宮ノ下、小涌谷、彫刻の森
0%
入富源富西沼芝 入山瀬、富士根、源道寺、富士宮、西富士宮、沼久保、芝川
0%
韮塩竜甲酒石春 韮崎、塩崎、竜王、甲府、酒折、石和温泉、春日居町
0%
韮原伊大三三三 韮山、原木、伊豆仁田、大場、三島二日町、三島田町、三島広小路
0%
韮新穴日長小信 韮崎、新府、穴山、日野春、長坂、小淵沢、信濃境
0%
韮太細木世境剛 韮川、太田、細谷、木崎、世良田、境町、剛志
0%
韮野足東福県多 韮川、野州山辺、足利市、東武和泉、福居、県、多々良
0%
熱三新静掛浜豊 熱海、三島、新富士、静岡、掛川、浜松、豊橋
0%
熱湯真根早小鴨 熱海、湯河原、真鶴、根府川、早川、小田原、鴨宮
0%
熱函三沼片原東 熱海、函南、三島、沼津、片浜、原、東田子の浦
0%
熱目蘭昆ニ比倶 熱郛、目名、蘭越、昆布、ニセコ、比羅夫、倶知安
0%
納深妹江滝砂豊 納内、深川、妹背牛、江部乙、滝川、砂川、豊沼
0%
能浦梶え糸青親 能生、浦本、梶屋敷、えちご押上ひすい海岸、糸魚川、青海、親不知
0%
能京杉屏上弘井 能見台、京急富岡、杉田、屏風浦、上大岡、弘明寺、井土ヶ谷
0%
能金金追京安逸 能見台、金沢文庫、金沢八景、追浜、京急田浦、安針塚、逸見
0%
能向北鳥沢東八 能代、向能代、北能代、鳥形、沢目、東八森、八森
0%
波塩身甲内寄井 波高島、塩之沢、身延、甲斐大島、内船、寄畑、井出
0%
波下甲市久甲落 波高島、下部温泉、甲斐常葉、市ノ瀬、久那土、甲斐岩間、落居
0%
波下森三新北下 波田、下島、森口、三溝、新村、北新・松本大学前、下新
0%
馬猿五北新東新 馬下、猿和田、五泉、北五泉、新関、東新津、新津
0%
馬鎌新六高逆増 馬込沢、鎌ヶ谷、新鎌ヶ谷、六実、高柳、逆井、増尾
0%
馬岩小神九市曙 馬喰横山、岩本町、小川町、神保町、九段下、市ヶ谷、曙橋
0%
馬吉西上上東上 馬庭、吉井、西吉井、上州新屋、上州福島、東富岡、上州富岡
0%
馬京堀県横汐逸 馬堀海岸、京急大津、堀ノ内、県立大学、横須賀中央、汐入、逸見
0%
馬錦新市船津稲 馬喰町、錦糸町、新小岩、市川、船橋、津田沼、稲毛
0%
馬光上上海上五 馬立、光風台、上総山田、上総三又、海士有木、上総村上、五井
0%
馬高八海羽青臼 馬流、高岩、八千穂、海瀬、羽黒下、青沼、臼田
0%
馬咲東五三津鹿 馬下、咲花、東下条、五十島、三川、津川、鹿瀬
0%
馬上上上上高里 馬立、上総牛久、上総川間、上総鶴舞、上総久保、高滝、里見
0%
馬新北南柏北我 馬橋、新松戸、北小金、南柏、柏、北柏、我孫子
0%
馬西山高根佐南 馬庭、西山名、山名、高崎商科大学前、根小屋、佐野のわたし、南高崎
0%
馬中戸五高泉三 馬込、中延、戸越、五反田、高輪台、泉岳寺、三田
0%
馬東横東上祇木 馬来田、東横田、横田、東清川、上総清川、祇園、木更津
0%
馬浜森菊住西大 馬喰横山、浜町、森下、菊川、住吉、西大島、大島
0%
馬北松金亀綾北 馬橋、北松戸、松戸、金町、亀有、綾瀬、北千住
0%
拝牛福羽小河東 拝島、牛浜、福生、羽村、小作、河辺、東青梅
0%
拝熊東秋武武武 拝島、熊川、東秋留、秋川、武蔵引田、武蔵増戸、武蔵五日市
0%
拝西武玉東小萩 拝島、西武立川、武蔵砂川、玉川上水、東大和市、小川、萩山
0%
梅運江初流豊柏 梅郷、運河、江戸川台、初石、流山おおたかの森、豊四季、柏
0%
梅京雑六京八鶴 梅屋敷、京急蒲田、雑色、六郷土手、京急川崎、八丁畷、鶴見市場
0%
梅豪経千祖成喜 梅ヶ丘、豪徳寺、経堂、千歳船橋、祖師ヶ谷大蔵、成城学園前、喜多見
0%
梅世下東代代参 梅ヶ丘、世田谷代田、下北沢、東北沢、代々木上原、代々木八幡、参宮橋
0%
梅瀬田小松鹿品 梅ケ沢、瀬峰、田尻、小牛田、松山町、鹿島台、品井沼
0%
梅西竹谷草獨新 梅島、西新井、竹ノ塚、谷塚、草加、獨協大学前、新田
0%
梅大平大立鮫青 梅屋敷、大森町、平和島、大森海岸、立会川、鮫洲、青物横丁
0%
梅野愛清七川南 梅郷、野田市、愛宕、清水公園、七光台、川間、南桜井
0%
萩羽手羽伊羽小 萩生、羽前椿、手ノ子、羽前沼沢、伊佐領、羽前松岡、小国
0%
萩今犬羽中成西 萩生、今泉、犬川、羽前小松、中郡、成島、西米沢
0%
萩小東玉武西拝 萩山、小川、東大和市、玉川上水、武蔵砂川、西武立川、拝島
0%
萩白社錦糸青苫 萩野、白老、社台、錦岡、糸井、青葉、苫小牧
0%
萩北竹虎登富幌 萩野、北吉原、竹浦、虎杖浜、登別、富浦、幌別
0%
柏愛端緋美西女 柏陽、愛し野、端野、緋牛内、美幌、西女満別、女満別
0%
柏宮岩晴土小新 柏木平、宮守、岩根橋、晴山、土沢、小山田、新花巻
0%
柏鯨青笠米柿上 柏崎、鯨波、青海川、笠島、米山、柿崎、上下浜
0%
柏守みみ万研つ 柏たなか、守谷、みらい平、みどりの、万博記念公園、研究学園、つくば
0%
柏新増逆高六新 柏、新柏、増尾、逆井、高柳、六実、新鎌ヶ谷
0%
柏深競駒函湯湯 柏木町、深堀町、競馬場前、駒場車庫前、函館アリーナ前、湯の川温泉、湯の川
0%
柏杉五中千堀昭 柏木町、杉並町、五稜郭公園前、中央病院前、千代台、堀川町、昭和橋
0%
柏西大芽御十新 柏林台、西帯広、大成、芽室、御影、十勝清水、新得
0%
柏帯札幕利池十 柏林台、帯広、札内、幕別、利別、池田、十弗
0%
柏津尾田田境黒 柏農高校前、津軽尾上、尾上高校前、田んぼアート、田舎館、境松、黒石
0%
柏東西荒刈西礼 柏崎、東柏崎、西中通、荒浜、刈羽、西山、礼拝
0%
柏柏守みみ万研 柏の葉キャンパス、柏たなか、守谷、みらい平、みどりの、万博記念公園、研究学園
0%
柏柏流流南三八 柏たなか、柏の葉キャンパス、流山おおたかの森、流山セントラルパーク、南流山、三郷中央、八潮
0%
柏平館新運弘弘 柏農高校前、平賀、館田、新里、運動公園前、弘前東高前、弘前
0%
柏穂有安細北信 柏矢町、穂高、有明、安曇追分、細野、北細野、信濃松川
0%
柏豊流初江運梅 柏、豊四季、流山おおたかの森、初石、江戸川台、運河、梅郷
0%
柏北西東相留西 柏陽、北見、西北見、東相内、相内、留辺蘂、西留辺蘂
0%
柏鱒荒岩綾遠青 柏木平、鱒沢、荒谷前、岩手二日町、綾織、遠野、青笹
0%
柏流流南三八六 柏の葉キャンパス、流山おおたかの森、流山セントラルパーク、南流山、三郷中央、八潮、六町
0%
白越貝藤桑伊東 白石、越河、貝田、藤田、桑折、伊達、東福島
0%
白音厚浦新豊十 白糠、音別、厚内、浦幌、新吉野、豊頃、十弗
0%
白丸瀬遠安生西 白滝、丸瀬布、瀬戸瀬、遠軽、安国、生田原、西留辺蘂
0%
白久泉矢鏡須安 白河、久田野、泉崎、矢吹、鏡石、須賀川、安積永盛
0%
白鮫陸種大金大 白銀、鮫、陸奥白浜、種差海岸、大久喜、金浜、大蛇
0%
白三芝御内日大 白金高輪、三田、芝公園、御成門、内幸町、日比谷、大手町
0%
白春水神大日内 白山、春日、水道橋、神保町、大手町、日比谷、内幸町
0%
白松十陸陸ウ艫 白神岳登山口、松神、十二湖、陸奥岩崎、陸奥沢辺、ウェスパ椿山、艫作
0%
白上安中愛伊当 白滝、上川、安足間、中愛別、愛別、伊香牛、当麻
0%
白信白飯神南簗 白馬大池、信濃森上、白馬、飯森、神城、南神城、簗場
0%
白新久東栗古野 白岡、新白岡、久喜、東鷲宮、栗橋、古河、野木
0%
白新白久泉矢鏡 白坂、新白河、白河、久田野、泉崎、矢吹、鏡石
0%
白新白豊黒高黒 白河、新白河、白坂、豊原、黒田原、高久、黒磯
0%
白陣津碇長大石 白沢、陣場、津軽湯の沢、碇ケ関、長峰、大鰐温泉、石川
0%
白西新大松東秋 白井、西白井、新鎌ヶ谷、大町、松飛台、東松戸、秋山
0%
白仙古く一水北 白石蔵王、仙台、古川、くりこま高原、一ノ関、水沢江刺、北上
0%
白千南中北平小 白馬大池、千国、南小谷、中土、北小谷、平岩、小滝
0%
白大下早糠鷹前 白沢、大館、下川沿、早口、糠沢、鷹ノ巣、前山
0%
白大岩あ滝八東 白神岳登山口、大間越、岩館、あきた白神、滝ノ間、八森、東八森
0%
白東北大船槻岩 白石、東白石、北白川、大河原、船岡、槻木、岩沼
0%
白萩北竹虎登富 白老、萩野、北吉原、竹浦、虎杖浜、登別、富浦
0%
白白三芝御内日 白金台、白金高輪、三田、芝公園、御成門、内幸町、日比谷
0%
白白麻六溜永四 白金台、白金高輪、麻布十番、六本木一丁目、溜池山王、永田町、四ツ谷
0%
白鳩古川御沢軍 白丸、鳩ノ巣、古里、川井、御嶽、沢井、軍畑
0%
白飯神南簗海稲 白馬、飯森、神城、南神城、簗場、海ノ口、稲尾
0%
白苗札桑琴発発 白石、苗穂、札幌、桑園、琴似、発寒中央、発寒
0%
白普田島岩摂新 白井海岸、普代、田野畑、島越、岩泉小本、摂待、新田老
0%
白武武浦影御秩 白久、武州日野、武州中川、浦山口、影森、御花畑、秩父
0%
白平新上北島恵 白石、平和、新札幌、上野幌、北広島、島松、恵み野
0%
白麻六溜永四市 白金高輪、麻布十番、六本木一丁目、溜池山王、永田町、四ツ谷、市ケ谷
0%
白妙菊大綱日元 白楽、妙蓮寺、菊名、大倉山、綱島、日吉、元住吉
0%
粕新北樋大江心 粕川、新屋、北原、樋越、大胡、江木、心臓血管センター
0%
粕膳新新東赤桐 粕川、膳、新里、新川、東新川、赤城、桐生球場前
0%
函駒競深柏杉五 函館アリーナ前、駒場車庫前、競馬場前、深堀町、柏木町、杉並町、五稜郭公園前
0%
函三沼片原東吉 函南、三島、沼津、片浜、原、東田子の浦、吉原
0%
函市魚十宝青谷 函館駅前、市役所前、魚市場通、十字街、宝来町、青柳町、谷地頭
0%
函市魚十末大函 函館駅前、市役所前、魚市場通、十字街、末広町、大町、函館どつく前
0%
函松新千昭堀千 函館駅前、松風町、新川町、千歳町、昭和橋、堀川町、千代台
0%
函大末十魚市函 函館どつく前、大町、末広町、十字街、魚市場通、市役所前、函館駅前
0%
箱川松区上山上 箱石、川内、松草、区界、上米内、山岸、上盛岡
0%
箱塔大宮小彫強 箱根湯本、塔ノ沢、大平台、宮ノ下、小涌谷、彫刻の森、強羅
0%
箱風入箱塔大宮 箱根板橋、風祭、入生田、箱根湯本、塔ノ沢、大平台、宮ノ下
0%
箱陸腹茂蟇花千 箱石、陸中川井、腹帯、茂市、蟇目、花原市、千徳
0%
八芦千仙つ柴国 八幡山、芦花公園、千歳烏山、仙川、つつじヶ丘、柴崎、国領
0%
八井羽大追上土 八郎潟、井川さくら、羽後飯塚、大久保、追分、上飯島、土崎
0%
八磯宮山一佐田 八木沢・宮古短大、磯鶏、宮古、山口団地、一の渡、佐羽根、田老
0%
八羽松羽左上戸 八津、羽後長戸呂、松葉、羽後中里、左通、上桧木内、戸沢
0%
八浦五六塩上大 八色、浦佐、五日町、六日町、塩沢、上越国際スキー場前、大沢
0%
八榎南佐物四都 八街、榎戸、南酒々井、佐倉、物井、四街道、都賀
0%
八海羽青臼龍太 八千穂、海瀬、羽黒下、青沼、臼田、龍岡城、太田部
0%
八干旭飯倉猿松 八日市場、干潟、旭、飯岡、倉橋、猿田、松岸
0%
八京勝志ユ京京 八千代台、京成大和田、勝田台、志津、ユーカリが丘、京成臼井、京成佐倉
0%
八五姉長袖巌木 八幡宿、五井、姉ケ崎、長浦、袖ケ浦、巌根、木更津
0%
八鯉鹿森北東鶴 八郎潟、鯉川、鹿渡、森岳、北金岡、東能代、鶴形
0%
八高馬小松海佐 八千穂、高岩、馬流、小海、松原湖、海尻、佐久海ノ口
0%
八黒旭台北北勾 八乙女、黒松、旭ヶ丘、台原、北仙台、北四番丁、勾当台公園
0%
八三南流流柏柏 八潮、三郷中央、南流山、流山セントラルパーク、流山おおたかの森、柏の葉キャンパス、柏たなか
0%
八山野落石森駒 八雲、山越、野田生、落部、石倉、森、駒ケ岳
0%
八実京京谷船大 八千代台、実籾、京成大久保、京成津田沼、谷津、船橋競馬場、大神宮下
0%
八渋敷津岩沼後 八木原、渋川、敷島、津久田、岩本、沼田、後閑
0%
八春藤南川七清 八木崎、春日部、藤の牛島、南桜井、川間、七光台、清水公園
0%
八助曳上自さ積 八幡、助信、曳馬、上島、自動車学校前、さぎの宮、積志
0%
八小越北越小越 八色、小出、越後堀之内、北堀之内、越後川口、小千谷、越後滝谷
0%
八上桜下明代笹 八幡山、上北沢、桜上水、下高井戸、明大前、代田橋、笹塚
0%
八上東太長三大 八積、上総一ノ宮、東浪見、太東、長者町、三門、大原
0%
八常五元く北新 八柱、常盤平、五香、元山、くぬぎ山、北初富、新鎌ヶ谷
0%
八新新太百篠拓 八軒、新川、新琴似、太平、百合が原、篠路、拓北
0%
八西高相藤上四 八王子、西八王子、高尾、相模湖、藤野、上野原、四方津
0%
八青川国大青仙 八木山動物公園、青葉山、川内、国際センター、大町西公園、青葉通一番町、仙台
0%
八相橋相矢淵古 八王子みなみ野、相原、橋本、相模原、矢部、淵野辺、古淵
0%
八滝あ岩大白松 八森、滝ノ間、あきた白神、岩館、大間越、白神岳登山口、松神
0%
八津払豊陸織岩 八木沢・宮古短大、津軽石、払川、豊間根、陸中山田、織笠、岩手船越
0%
八鶴京花生京子 八丁畷、鶴見市場、京急鶴見、花月総持寺、生麦、京急新子安、子安
0%
八湯兄田横荒小 八幡平、湯瀬温泉、兄畑、田山、横間、荒屋新町、小屋の畑
0%
八日成松横飯八 八街、日向、成東、松尾、横芝、飯倉、八日市場
0%
八八船北飯東西 八千代中央、八千代緑が丘、船橋日大前、北習志野、飯山満、東海神、西船橋
0%
八舞中塩中下大 八木沢、舞田、中野、塩田町、中塩田、下之郷、大学前
0%
八片八相橋相矢 八王子、片倉、八王子みなみ野、相原、橋本、相模原、矢部
0%
八豊東岩七大大 八木崎、豊春、東岩槻、岩槻、七里、大和田、大宮公園
0%
八北小拝東箱金 八王子、北八王子、小宮、拝島、東福生、箱根ケ崎、金子
0%
八茂新本永大土 八積、茂原、新茂原、本納、永田、大網、土気
0%
八陸鹿柴十末土 八幡平、陸中大里、鹿角花輪、柴平、十和田南、末広、土深井
0%
八六青北南浅新 八潮、六町、青井、北千住、南千住、浅草、新御徒町
0%
鉢男み東小武つ 鉢形、男衾、みなみ寄居、東武竹沢、小川町、武蔵嵐山、つきのわ
0%
発稲手稲星ほ銭 発寒、稲積公園、手稲、稲穂、星置、ほしみ、銭函
0%
発琴桑札苗白厚 発寒中央、琴似、桑園、札幌、苗穂、白石、厚別
0%
発発稲手稲星ほ 発寒中央、発寒、稲積公園、手稲、稲穂、星置、ほしみ
0%
発発琴桑札苗白 発寒、発寒中央、琴似、桑園、札幌、苗穂、白石
0%
抜家大福神門合 抜里、家山、大和田、福用、神尾、門出、合格
0%
抜川地塩下田駿 抜里、川根温泉笹間渡、地名、塩郷、下泉、田野口、駿河徳山
0%
鳩古川御沢軍二 鳩ノ巣、古里、川井、御嶽、沢井、軍畑、二俣尾
0%
反東白妙菊大綱 反町、東白楽、白楽、妙蓮寺、菊名、大倉山、綱島
0%
板十赤北浮戸戸 板橋、十条、赤羽、北赤羽、浮間舟渡、戸田公園、戸田
0%
板新西巣千白春 板橋区役所前、新板橋、西巣鴨、巣鴨、千石、白山、春日
0%
板鶴陸五木中陸 板柳、鶴泊、陸奥鶴田、五所川原、木造、中田、陸奥森田
0%
板藤静新栃新合 板倉東洋大前、藤岡、静和、新大平下、栃木、新栃木、合戦場
0%
板峠大関米置高 板谷、峠、大沢、関根、米沢、置賜、高畠
0%
板板新西巣千白 板橋本町、板橋区役所前、新板橋、西巣鴨、巣鴨、千石、白山
0%
板柳新栗南幸杉 板倉東洋大前、柳生、新古河、栗橋、南栗橋、幸手、杉戸高野台
0%
飯旭干八飯横松 飯岡、旭、干潟、八日市場、飯倉、横芝、松尾
0%
飯横松成日八榎 飯倉、横芝、松尾、成東、日向、八街、榎戸
0%
飯花医平桜笹上 飯坂温泉、花水坂、医王寺前、平野、桜水、笹谷、上松川
0%
飯元仏入稲武狭 飯能、元加治、仏子、入間市、稲荷山公園、武蔵藤沢、狭山ヶ丘
0%
飯後東本駒西王 飯田橋、後楽園、東大前、本駒込、駒込、西ケ原、王子
0%
飯江護東池要千 飯田橋、江戸川橋、護国寺、東池袋、池袋、要町、千川
0%
飯桜伊元下市下 飯田、桜町、伊那上郷、元善光寺、下市田、市田、下平
0%
飯市麹永桜有銀 飯田橋、市ケ谷、麹町、永田町、桜田門、有楽町、銀座一丁目
0%
飯市四永溜六麻 飯田橋、市ケ谷、四ツ谷、永田町、溜池山王、六本木一丁目、麻布十番
0%
飯市四信千代新 飯田橋、市ケ谷、四ツ谷、信濃町、千駄ケ谷、代々木、新宿
0%
飯春本上新蔵両 飯田橋、春日、本郷三丁目、上野御徒町、新御徒町、蔵前、両国
0%
飯神南簗海稲信 飯森、神城、南神城、簗場、海ノ口、稲尾、信濃木崎
0%
飯水御秋浅両錦 飯田橋、水道橋、御茶ノ水、秋葉原、浅草橋、両国、錦糸町
0%
飯相岩塚和富大 飯田岡、相模沼田、岩原、塚原、和田河原、富士フイルム前、大雄山
0%
飯大神刈峰羽大 飯詰、大曲、神宮寺、刈和野、峰吉川、羽後境、大張野
0%
飯長上佐軽安高 飯山、長野、上田、佐久平、軽井沢、安中榛名、高崎
0%
飯田伊小駒大宮 飯島、田切、伊那福岡、小町屋、駒ケ根、大田切、宮田
0%
飯白信白千南中 飯森、白馬、信濃森上、白馬大池、千国、南小谷、中土
0%
飯八干旭飯倉猿 飯倉、八日市場、干潟、旭、飯岡、倉橋、猿田
0%
飯北信戸上上桑 飯山、北飯山、信濃平、戸狩野沢温泉、上境、上桑名川、桑名川
0%
飯北船八八村東 飯山満、北習志野、船橋日大前、八千代緑が丘、八千代中央、村上、東葉勝田台
0%
飯里高上上上上 飯給、里見、高滝、上総久保、上総鶴舞、上総川間、上総牛久
0%
飯蓮替上立信豊 飯山、蓮、替佐、上今井、立ケ花、信濃浅野、豊野
0%
磐翁猪川関猪上 磐梯町、翁島、猪苗代、川桁、関都、猪苗代湖畔、上戸
0%
磐近中磐磐里磐 磐城塙、近津、中豊、磐城棚倉、磐城浅川、里白石、磐城石川
0%
磐原鹿日相駒新 磐城太田、原ノ町、鹿島、日立木、相馬、駒ケ嶺、新地
0%
磐御袋愛掛菊金 磐田、御厨、袋井、愛野、掛川、菊川、金谷
0%
磐大菅神小夏川 磐城常葉、大越、菅谷、神俣、小野新町、夏井、川前
0%
磐谷小川泉川野 磐城守山、谷田川、小塩江、川東、泉郷、川辺沖、野木沢
0%
磐中近磐磐南東 磐城棚倉、中豊、近津、磐城塙、磐城石井、南石井、東館
0%
磐南東矢下常袋 磐城石井、南石井、東館、矢祭山、下野宮、常陸大子、袋田
0%
磐磐近中磐磐里 磐城石井、磐城塙、近津、中豊、磐城棚倉、磐城浅川、里白石
0%
磐磐中近磐磐南 磐城浅川、磐城棚倉、中豊、近津、磐城塙、磐城石井、南石井
0%
磐磐南東矢下常 磐城塙、磐城石井、南石井、東館、矢祭山、下野宮、常陸大子
0%
磐磐里磐野川泉 磐城棚倉、磐城浅川、里白石、磐城石川、野木沢、川辺沖、泉郷
0%
磐野川泉川小谷 磐城石川、野木沢、川辺沖、泉郷、川東、小塩江、谷田川
0%
磐里磐磐中近磐 磐城石川、里白石、磐城浅川、磐城棚倉、中豊、近津、磐城塙
0%
磐里磐野川泉川 磐城浅川、里白石、磐城石川、野木沢、川辺沖、泉郷、川東
0%
比ニ昆蘭目熱黒 比羅夫、ニセコ、昆布、蘭越、目名、熱郛、黒松内
0%
比奥阿戸上左羽 比立内、奥阿仁、阿仁マタギ、戸沢、上桧木内、左通、羽後中里
0%
比岩笑萱荒阿小 比立内、岩野目、笑内、萱草、荒瀬、阿仁合、小渕
0%
比倶小銀然仁余 比羅夫、倶知安、小沢、銀山、然別、仁木、余市
0%
比蘭塩和剣士多 比布、蘭留、塩狩、和寒、剣淵、士別、多寄
0%
緋端愛柏北西東 緋牛内、端野、愛し野、柏陽、北見、西北見、東相内
0%
飛王栄梶荒荒小 飛鳥山、王子駅前、栄町、梶原、荒川車庫前、荒川遊園地前、小台
0%
飛清清グゆゆゆ 飛山城跡、清陵高校前、清原地区市民センター前、グリーンスタジアム前、ゆいの杜西、ゆいの杜中央、ゆいの杜東
0%
飛西調布国柴つ 飛田給、西調布、調布、布田、国領、柴崎、つつじヶ丘
0%
飛滝西新庚巣大 飛鳥山、滝野川一丁目、西ヶ原四丁目、新庚申塚、庚申塚、巣鴨新田、大塚駅前
0%
飛武多東府分中 飛田給、武蔵野台、多磨霊園、東府中、府中、分倍河原、中河原
0%
樋大江心赤上片 樋越、大胡、江木、心臓血管センター、赤坂、上泉、片貝
0%
樋波寄桜小ふ永 樋口、波久礼、寄居、桜沢、小前田、ふかや花園、永田
0%
樋北新粕膳新新 樋越、北原、新屋、粕川、膳、新里、新川
0%
樋野長上親皆和 樋口、野上、長瀞、上長瀞、親鼻、皆野、和銅黒谷
0%
尾奥三都東浜寸 尾奈、奥浜名湖、三ヶ日、都筑、東都筑、浜名湖佐久米、寸座
0%
尾荻山喜会姥塩 尾登、荻野、山都、喜多方、会津豊川、姥堂、塩川
0%
尾九自緑大北旗 尾山台、九品仏、自由が丘、緑が丘、大岡山、北千束、旗の台
0%
尾接奥ひ長ア奥 尾盛、接岨峡温泉、奥大井湖上、ひらんだ、長島ダム、アプトいちしろ、奥泉
0%
尾津柏平館新運 尾上高校前、津軽尾上、柏農高校前、平賀、館田、新里、運動公園前
0%
尾門厚茶浜姉厚 尾幌、門静、厚岸、茶内、浜中、姉別、厚床
0%
尾野上徳豊日鹿 尾登、野沢、上野尻、徳沢、豊実、日出谷、鹿瀬
0%
毘嘉金芦川大深 毘沙門、嘉瀬、金木、芦野公園、川倉、大沢内、深郷田
0%
美し十まほ虫う 美佐島、しんざ、十日町、まつだい、ほくほく大島、虫川大杉、うらがわら
0%
美岩泉上笹桜平 美術館図書館前、岩代清水、泉、上松川、笹谷、桜水、平野
0%
美光峰岩上幌豊 美唄、光珠内、峰延、岩見沢、上幌向、幌向、豊幌
0%
美上西ラ中鹿学 美馬牛、上富良野、西中、ラベンダー畑、中富良野、鹿討、学田
0%
美川緑札清中知 美留和、川湯温泉、緑、札弦、清里町、中斜里、知床斜里
0%
美智智日名名風 美深、智北、智恵文、日進、名寄、名寄高校、風連
0%
美茶奈豊砂滝江 美唄、茶志内、奈井江、豊沼、砂川、滝川、江部乙
0%
美中佐岩北滑中 美里、中佐都、佐久平、岩村田、北中込、滑津、中込
0%
美天咲音筬佐天 美深、天塩川温泉、咲来、音威子府、筬島、佐久、天塩中川
0%
美緋端愛柏北西 美幌、緋牛内、端野、愛し野、柏陽、北見、西北見
0%
美美上西ラ中鹿 美瑛、美馬牛、上富良野、西中、ラベンダー畑、中富良野、鹿討
0%
美美北千西西西 美馬牛、美瑛、北美瑛、千代ケ岡、西聖和、西神楽、西瑞穂
0%
美浜遠遠積さ自 美薗中央公園、浜北、遠州小松、遠州西ヶ崎、積志、さぎの宮、自動車学校前
0%
美平殿那高中金 美乃浜学園、平磯、殿山、那珂湊、高田の鉄橋、中根、金上
0%
美北千西西西西 美瑛、北美瑛、千代ケ岡、西聖和、西神楽、西瑞穂、西御料
0%
美摩磯標茅塘細 美留和、摩周、磯分内、標茶、茅沼、塘路、細岡
0%
姫東和久鷲花加 姫宮、東武動物公園、和戸、久喜、鷲宮、花崎、加須
0%
姫北春一武せ大 姫宮、北春日部、春日部、一ノ割、武里、せんげん台、大袋
0%
姫頸根小平北中 姫川、頸城大野、根知、小滝、平岩、北小谷、中土
0%
百高南平長北京 百草園、高幡不動、南平、平山城址公園、長沼、北野、京王八王子
0%
百篠拓ああロ太 百合が原、篠路、拓北、あいの里教育大、あいの里公園、ロイズタウン、太美
0%
百新柿鶴玉町相 百合ヶ丘、新百合ヶ丘、柿生、鶴川、玉川学園前、町田、相模大野
0%
百太新新八桑札 百合が原、太平、新琴似、新川、八軒、桑園、札幌
0%
俵小下馬東横東 俵田、小櫃、下郡、馬来田、東横田、横田、東清川
0%
標磯摩美川緑札 標茶、磯分内、摩周、美留和、川湯温泉、緑、札弦
0%
標茅塘細釧遠東 標茶、茅沼、塘路、細岡、釧路湿原、遠矢、東釧路
0%
氷小千要池雑西 氷川台、小竹向原、千川、要町、池袋、雑司が谷、西早稲田
0%
氷小千要池東護 氷川台、小竹向原、千川、要町、池袋、東池袋、護国寺
0%
表青永半九神大 表参道、青山一丁目、永田町、半蔵門、九段下、神保町、大手町
0%
苗札桑琴発発稲 苗穂、札幌、桑園、琴似、発寒中央、発寒、稲積公園
0%
苗白厚森大野高 苗穂、白石、厚別、森林公園、大麻、野幌、高砂
0%
苗白平新上北島 苗穂、白石、平和、新札幌、上野幌、北広島、島松
0%
品愛松塩国陸岩 品井沼、愛宕、松島、塩釜、国府多賀城、陸前山王、岩切
0%
品高田浜新有東 品川、高輪ゲートウェイ、田町、浜松町、新橋、有楽町、東京
0%
品鹿松小田瀬梅 品井沼、鹿島台、松山町、小牛田、田尻、瀬峰、梅ケ沢
0%
品新小熱三新静 品川、新横浜、小田原、熱海、三島、新富士、静岡
0%
品西武新横保東 品川、西大井、武蔵小杉、新川崎、横浜、保土ケ谷、東戸塚
0%
品大五目恵渋原 品川、大崎、五反田、目黒、恵比寿、渋谷、原宿
0%
品大大蒲川鶴新 品川、大井町、大森、蒲田、川崎、鶴見、新子安
0%
品北新青鮫立大 品川、北品川、新馬場、青物横丁、鮫洲、立会川、大森海岸
0%
浜遠遠積さ自上 浜北、遠州小松、遠州西ヶ崎、積志、さぎの宮、自動車学校前、上島
0%
浜掛静新三熱小 浜松、掛川、静岡、新富士、三島、熱海、小田原
0%
浜原北藻鱒桂網 浜小清水、原生花園、北浜、藻琴、鱒浦、桂台、網走
0%
浜高富久三井吉 浜田山、高井戸、富士見ヶ丘、久我山、三鷹台、井の頭公園、吉祥寺
0%
浜高舞弁新鷲新 浜松、高塚、舞阪、弁天島、新居町、鷲津、新所原
0%
浜山坂新駒相日 浜吉田、山下、坂元、新地、駒ケ嶺、相馬、日立木
0%
浜姉厚別落昆西 浜中、姉別、厚床、別当賀、落石、昆布盛、西和田
0%
浜新有東神秋御 浜松町、新橋、有楽町、東京、神田、秋葉原、御徒町
0%
浜森菊住西大東 浜町、森下、菊川、住吉、西大島、大島、東大島
0%
浜寸西気岡金常 浜名湖佐久米、寸座、西気賀、気賀、岡地、金指、常葉大学前
0%
浜西永明東新下 浜田山、西永福、永福町、明大前、東松原、新代田、下北沢
0%
浜竹上佐大青君 浜金谷、竹岡、上総湊、佐貫町、大貫、青堀、君津
0%
浜茶厚門尾上別 浜中、茶内、厚岸、門静、尾幌、上尾幌、別保
0%
浜田高品大五目 浜松町、田町、高輪ゲートウェイ、品川、大崎、五反田、目黒
0%
浜田高品大大蒲 浜松町、田町、高輪ゲートウェイ、品川、大井町、大森、蒲田
0%
浜東都三奥尾知 浜名湖佐久米、東都筑、都筑、三ヶ日、奥浜名湖、尾奈、知波田
0%
浜保安岩富那館 浜金谷、保田、安房勝山、岩井、富浦、那古船形、館山
0%
不武西洗大奥田 不動前、武蔵小山、西小山、洗足、大岡山、奥沢、田園調布
0%
富あ足山小桐岩 富田、あしかがフラワーパーク、足利、山前、小俣、桐生、岩宿
0%
富す青茅上下岡 富士見、すずらんの里、青柳、茅野、上諏訪、下諏訪、岡谷
0%
富や梁新二大保 富野、やながわ希望の森公園前、梁川、新田、二井田、大泉、保原
0%
富学鹿中ラ西上 富良野、学田、鹿討、中富良野、ラベンダー畑、西中、上富良野
0%
富兜あ丸北南角 富野、兜、あぶくま、丸森、北丸森、南角田、角田
0%
富岩安保浜竹上 富浦、岩井、安房勝山、保田、浜金谷、竹岡、上総湊
0%
富岩裾長下大沼 富士岡、岩波、裾野、長泉なめり、下土狩、大岡、沼津
0%
富月下葭寿三東 富士山、月江寺、下吉田、葭池温泉前、寿、三つ峠、東桂
0%
富源富西沼芝稲 富士根、源道寺、富士宮、西富士宮、沼久保、芝川、稲子
0%
富源富入竪柚富 富士宮、源道寺、富士根、入山瀬、竪堀、柚木、富士
0%
富黒糸上飯長上 富山、黒部宇奈月温泉、糸魚川、上越妙高、飯山、長野、上田
0%
富湘湘西片目湘 富士見町、湘南町屋、湘南深沢、西鎌倉、片瀬山、目白山下、湘南江の島
0%
富城伊伊伊伊片 富戸、城ヶ崎海岸、伊豆高原、伊豆大川、伊豆北川、伊豆熱川、片瀬白田
0%
富信小長日穴新 富士見、信濃境、小淵沢、長坂、日野春、穴山、新府
0%
富新蒲由興清草 富士川、新蒲原、蒲原、由比、興津、清水、草薙
0%
富中練桜江東椎 富士見台、中村橋、練馬、桜台、江古田、東長崎、椎名町
0%
富長長長河愛五 富沢、長町南、長町、長町一丁目、河原町、愛宕橋、五橋
0%
富鶴東北森鹿鯉 富根、鶴形、東能代、北金岡、森岳、鹿渡、鯉川
0%
富天桐赤東新新 富士山下、天王宿、桐生球場前、赤城、東新川、新川、新里
0%
富登虎竹北萩白 富浦、登別、虎杖浜、竹浦、北吉原、萩野、白老
0%
富那館九千千南 富浦、那古船形、館山、九重、千倉、千歳、南三原
0%
富南御足駿谷山 富士岡、南御殿場、御殿場、足柄、駿河小山、谷峨、山北
0%
富二前鷹糠早下 富根、二ツ井、前山、鷹ノ巣、糠沢、早口、下川沿
0%
富富吉東原片沼 富士川、富士、吉原、東田子の浦、原、片浜、沼津
0%
富富月下葭寿三 富士急ハイランド、富士山、月江寺、下吉田、葭池温泉前、寿、三つ峠
0%
富富新蒲由興清 富士、富士川、新蒲原、蒲原、由比、興津、清水
0%
富幌鷲東本崎黄 富浦、幌別、鷲別、東室蘭、本輪西、崎守、黄金
0%
富夜大双浪桃小 富岡、夜ノ森、大野、双葉、浪江、桃内、小高
0%
富野上芦平茂赤 富良野、野花南、上芦別、芦別、平岸、茂尻、赤平
0%
富柚竪入富源富 富士、柚木、竪堀、入山瀬、富士根、源道寺、富士宮
0%
富和塚岩相飯穴 富士フイルム前、和田河原、塚原、岩原、相模沼田、飯田岡、穴部
0%
布国柴つ仙千芦 布田、国領、柴崎、つつじヶ丘、仙川、千歳烏山、芦花公園
0%
府勝越今桑越間 府屋、勝木、越後寒川、今川、桑川、越後早川、間島
0%
府鼠小あ五小三 府屋、鼠ケ関、小岩川、あつみ温泉、五十川、小波渡、三瀬
0%
府東多武飛西調 府中、東府中、多磨霊園、武蔵野台、飛田給、西調布、調布
0%
府南稲矢稲中登 府中本町、南多摩、稲城長沼、矢野口、稲田堤、中野島、登戸
0%
府分西谷矢西立 府中本町、分倍河原、西府、谷保、矢川、西国立、立川
0%
府北西新新東新 府中本町、北府中、西国分寺、新小平、新秋津、東所沢、新座
0%
敷遠円森遠戸原 敷地、遠江一宮、円田、森町病院前、遠州森、戸綿、原田
0%
敷渋八群新井高 敷島、渋川、八木原、群馬総社、新前橋、井野、高崎問屋町
0%
敷津岩沼後上水 敷島、津久田、岩本、沼田、後閑、上牧、水上
0%
敷豊上天二西岩 敷地、豊岡、上野部、天竜二俣、二俣本町、西鹿島、岩水寺
0%
普田島岩摂新田 普代、田野畑、島越、岩泉小本、摂待、新田老、田老
0%
普白堀野十陸陸 普代、白井海岸、堀内、野田玉川、十府ヶ浦海岸、陸中野田、陸中宇部
0%
浮戸戸北武中南 浮間舟渡、戸田公園、戸田、北戸田、武蔵浦和、中浦和、南与野
0%
浮北赤十板池新 浮間舟渡、北赤羽、赤羽、十条、板橋、池袋、新宿
0%
附朝信桐本善権 附属中学前、朝陽、信濃吉田、桐原、本郷、善光寺下、権堂
0%
附柳村日須北小 附属中学前、柳原、村山、日野、須坂、北須坂、小布施
0%
撫弘石大長碇津 撫牛子、弘前、石川、大鰐温泉、長峰、碇ケ関、津軽湯の沢
0%
撫川北浪大鶴津 撫牛子、川部、北常盤、浪岡、大釈迦、鶴ケ坂、津軽新城
0%
武安浅弁鶴国鶴 武蔵白石、安善、浅野、弁天橋、鶴見小野、国道、鶴見
0%
武一春北姫東和 武里、一ノ割、春日部、北春日部、姫宮、東武動物公園、和戸
0%
武稲入仏元飯東 武蔵藤沢、稲荷山公園、入間市、仏子、元加治、飯能、東飯能
0%
武浦影御秩大和 武州中川、浦山口、影森、御花畑、秩父、大野原、和銅黒谷
0%
武永ふ小桜寄波 武川、永田、ふかや花園、小前田、桜沢、寄居、波久礼
0%
武笠的西川南指 武蔵高萩、笠幡、的場、西川越、川越、南古谷、指扇
0%
武元日綱大菊妙 武蔵小杉、元住吉、日吉、綱島、大倉山、菊名、妙蓮寺
0%
武高東飯元仏入 武蔵横手、高麗、東飯能、飯能、元加治、仏子、入間市
0%
武三吉西荻阿高 武蔵境、三鷹、吉祥寺、西荻窪、荻窪、阿佐ケ谷、高円寺
0%
武上上井下鷺都 武蔵関、上石神井、上井草、井荻、下井草、鷺ノ宮、都立家政
0%
武新横保東戸大 武蔵小杉、新川崎、横浜、保土ケ谷、東戸塚、戸塚、大船
0%
武新多田奥大洗 武蔵小杉、新丸子、多摩川、田園調布、奥沢、大岡山、洗足
0%
武新多田自都学 武蔵小杉、新丸子、多摩川、田園調布、自由が丘、都立大学、学芸大学
0%
武西洗大奥田多 武蔵小山、西小山、洗足、大岡山、奥沢、田園調布、多摩川
0%
武西大恵渋新池 武蔵小杉、西大井、大崎、恵比寿、渋谷、新宿、池袋
0%
武西北新東新新 武蔵浦和、西浦和、北朝霞、新座、東所沢、新秋津、新小平
0%
武多東府分中聖 武蔵野台、多磨霊園、東府中、府中、分倍河原、中河原、聖蹟桜ヶ丘
0%
武津久宿登中稲 武蔵溝ノ口、津田山、久地、宿河原、登戸、中野島、稲田堤
0%
武東武国西国立 武蔵境、東小金井、武蔵小金井、国分寺、西国分寺、国立、立川
0%
武東武三吉西荻 武蔵小金井、東小金井、武蔵境、三鷹、吉祥寺、西荻窪、荻窪
0%
武東武川西一坂 武州唐沢、東毛呂、武州長瀬、川角、西大家、一本松、坂戸
0%
武武浦影御秩大 武州日野、武州中川、浦山口、影森、御花畑、秩父、大野原
0%
武武向平鹿矢尻 武蔵中原、武蔵小杉、向河原、平間、鹿島田、矢向、尻手
0%
武武津久宿登中 武蔵新城、武蔵溝ノ口、津田山、久地、宿河原、登戸、中野島
0%
武武武向平鹿矢 武蔵新城、武蔵中原、武蔵小杉、向河原、平間、鹿島田、矢向
0%
武武武秋東熊拝 武蔵五日市、武蔵増戸、武蔵引田、秋川、東秋留、熊川、拝島
0%
武武武津久宿登 武蔵中原、武蔵新城、武蔵溝ノ口、津田山、久地、宿河原、登戸
0%
武武武武向平鹿 武蔵溝ノ口、武蔵新城、武蔵中原、武蔵小杉、向河原、平間、鹿島田
0%
武武武武津久宿 武蔵小杉、武蔵中原、武蔵新城、武蔵溝ノ口、津田山、久地、宿河原
0%
武別上尾門厚茶 武佐、別保、上尾幌、尾幌、門静、厚岸、茶内
0%
武北戸戸浮北赤 武蔵浦和、北戸田、戸田、戸田公園、浮間舟渡、北赤羽、赤羽
0%
武明大ひ石上熊 武川、明戸、大麻生、ひろせ野鳥の森、石原、上熊谷、熊谷
0%
舞戸踊中立下湘 舞岡、戸塚、踊場、中田、立場、下飯田、湘南台
0%
舞三要船磐大菅 舞木、三春、要田、船引、磐城常葉、大越、菅谷
0%
舞中塩中下大神 舞田、中野、塩田町、中塩田、下之郷、大学前、神畑
0%
舞弁新鷲新二豊 舞阪、弁天島、新居町、鷲津、新所原、二川、豊橋
0%
風大千北陸陸鰺 風合瀬、大戸瀬、千畳敷、北金ケ沢、陸奥柳田、陸奥赤石、鰺ケ沢
0%
風名名日智智美 風連、名寄高校、名寄、日進、智恵文、智北、美深
0%
風驫追広深横艫 風合瀬、驫木、追良瀬、広戸、深浦、横磯、艫作
0%
福羽岩大新下玉 福原、羽黒、岩瀬、大和、新治、下館、玉戸
0%
福卸福瀬向高上 福島、卸町、福島学院前、瀬上、向瀬上、高子、上保原
0%
福牛拝昭中東西 福生、牛浜、拝島、昭島、中神、東中神、西立川
0%
福郡新那宇小大 福島、郡山、新白河、那須塩原、宇都宮、小山、大宮
0%
福月美豊学豊大 福住、月寒中央、美園、豊平公園、学園前、豊水すすきの、大通
0%
福県多館茂川羽 福居、県、多々良、館林、茂林寺前、川俣、羽生
0%
福笹庭板峠大関 福島、笹木野、庭坂、板谷、峠、大沢、関根
0%
福産幸並並鳥南 福浦、産業振興センター、幸浦、並木中央、並木北、鳥浜、南部市場
0%
福市八海海野金 福浦、市大医学部、八景島、海の公園柴口、海の公園南口、野島公園、金沢八景
0%
福神門合日代新 福用、神尾、門出、合格、日切、代官町、新金谷
0%
福瀬向高上保大 福島学院前、瀬上、向瀬上、高子、上保原、保原、大泉
0%
福曽美岩泉上笹 福島、曽根田、美術館図書館前、岩代清水、泉、上松川、笹谷
0%
福大家抜川地塩 福用、大和田、家山、抜里、川根温泉笹間渡、地名、塩郷
0%
福東足野韮太細 福居、東武和泉、足利市、野州山辺、韮川、太田、細谷
0%
福南金松安二杉 福島、南福島、金谷川、松川、安達、二本松、杉田
0%
福白仙古く一水 福島、白石蔵王、仙台、古川、くりこま高原、一ノ関、水沢江刺
0%
福陸中多下西本 福田町、陸前高砂、中野栄、多賀城、下馬、西塩釜、本塩釜
0%
腹陸箱川松区上 腹帯、陸中川井、箱石、川内、松草、区界、上米内
0%
淵古町成長十中 淵野辺、古淵、町田、成瀬、長津田、十日市場、中山
0%
払津八磯宮山一 払川、津軽石、八木沢・宮古短大、磯鶏、宮古、山口団地、一の渡
0%
払豊陸織岩浪吉 払川、豊間根、陸中山田、織笠、岩手船越、浪板海岸、吉里吉里
0%
仏元飯東高武東 仏子、元加治、飯能、東飯能、高麗、武蔵横手、東吾野
0%
仏入稲武狭小西 仏子、入間市、稲荷山公園、武蔵藤沢、狭山ヶ丘、小手指、西所沢
0%
物佐南榎八日成 物井、佐倉、南酒々井、榎戸、八街、日向、成東
0%
物四都東千稲津 物井、四街道、都賀、東千葉、千葉、稲毛、津田沼
0%
分粟南吉北岩巻 分水、粟生津、南吉田、吉田、北吉田、岩室、巻
0%
分寺桐小妙出小 分水、寺泊、桐原、小島谷、妙法寺、出雲崎、小木ノ城
0%
分府東多武飛西 分倍河原、府中、東府中、多磨霊園、武蔵野台、飛田給、西調布
0%
分府南稲矢稲中 分倍河原、府中本町、南多摩、稲城長沼、矢野口、稲田堤、中野島
0%
平為温田門唐金 平岡、為栗、温田、田本、門島、唐笠、金野
0%
平横森足越津越 平滝、横倉、森宮野原、足滝、越後田中、津南、越後鹿渡
0%
平角階大金大種 平内、角の浜、階上、大蛇、金浜、大久喜、種差海岸
0%
平釜両鵜大吉浪 平田、釜石、両石、鵜住居、大槌、吉里吉里、浪板海岸
0%
平茅辻藤大戸横 平塚、茅ケ崎、辻堂、藤沢、大船、戸塚、横浜
0%
平岩村間越桑今 平林、岩船町、村上、間島、越後早川、桑川、今川
0%
平久俵小下馬東 平山、久留里、俵田、小櫃、下郡、馬来田、東横田
0%
平向武武武武津 平間、向河原、武蔵小杉、武蔵中原、武蔵新城、武蔵溝ノ口、津田山
0%
平坂平岩村間越 平木田、坂町、平林、岩船町、村上、間島、越後早川
0%
平坂平中金加新 平林、坂町、平木田、中条、金塚、加治、新発田
0%
平桜笹上泉岩美 平野、桜水、笹谷、上松川、泉、岩代清水、美術館図書館前
0%
平山一有清花油 平泉、山ノ目、一ノ関、有壁、清水原、花泉、油島
0%
平種玉宿陸有陸 平内、種市、玉川、宿戸、陸中八木、有家、陸中中野
0%
平小滋田大信上 平原、小諸、滋野、田中、大屋、信濃国分寺、上田
0%
平信西桑上上戸 平滝、信濃白鳥、西大滝、桑名川、上桑名川、上境、戸狩野沢温泉
0%
平新上北島恵恵 平和、新札幌、上野幌、北広島、島松、恵み野、恵庭
0%
平前陸水金六北 平泉、前沢、陸中折居、水沢、金ケ崎、六原、北上
0%
平足上陸洞松小 平倉、足ケ瀬、上有住、陸中大橋、洞泉、松倉、小佐野
0%
平大二国鴨小早 平塚、大磯、二宮、国府津、鴨宮、小田原、早川
0%
平大梅京雑六京 平和島、大森町、梅屋敷、京急蒲田、雑色、六郷土手、京急川崎
0%
平大立鮫青新北 平和島、大森海岸、立会川、鮫洲、青物横丁、新馬場、北品川
0%
平中金加新中月 平木田、中条、金塚、加治、新発田、中浦、月岡
0%
平殿那高中金工 平磯、殿山、那珂湊、高田の鉄橋、中根、金上、工機前
0%
平唐吉三甫恋綾 平田、唐丹、吉浜、三陸、甫嶺、恋し浜、綾里
0%
平南高百聖中分 平山城址公園、南平、高幡不動、百草園、聖蹟桜ヶ丘、中河原、分倍河原
0%
平柏津尾田田境 平賀、柏農高校前、津軽尾上、尾上高校前、田んぼアート、田舎館、境松
0%
平飛清清グゆゆ 平石中央小学校前、飛山城跡、清陵高校前、清原地区市民センター前、グリーンスタジアム前、ゆいの杜西、ゆいの杜中央
0%
平北松安赤小荒 平館、北森、松尾八幡平、安比高原、赤坂田、小屋の畑、荒屋新町
0%
平北中南千白信 平岩、北小谷、中土、南小谷、千国、白馬大池、信濃森上
0%
平鶯伊中小大水 平岡、鶯巣、伊那小沢、中井侍、小和田、大嵐、水窪
0%
並幸産福市八海 並木中央、幸浦、産業振興センター、福浦、市大医学部、八景島、海の公園柴口
0%
米柿上潟土犀黒 米山、柿崎、上下浜、潟町、土底浜、犀潟、黒井
0%
米笠青鯨柏茨安 米山、笠島、青海川、鯨波、柏崎、茨目、安田
0%
米関大峠板庭笹 米沢、関根、大沢、峠、板谷、庭坂、笹木野
0%
米桂阿前小阿荒 米内沢、桂瀬、阿仁前田温泉、前田南、小渕、阿仁合、荒瀬
0%
米上合大縄西鷹 米内沢、上杉、合川、大野台、縄文小ヶ田、西鷹巣、鷹巣
0%
米置高赤中羽か 米沢、置賜、高畠、赤湯、中川、羽前中山、かみのやま温泉
0%
米南西成中羽犬 米沢、南米沢、西米沢、成島、中郡、羽前小松、犬川
0%
別厚姉浜茶厚門 別当賀、厚床、姉別、浜中、茶内、厚岸、門静
0%
別八舞中塩中下 別所温泉、八木沢、舞田、中野、塩田町、中塩田、下之郷
0%
片伊伊伊伊城富 片瀬白田、伊豆熱川、伊豆北川、伊豆大川、伊豆高原、城ヶ崎海岸、富戸
0%
片伊今河稲蓮伊 片瀬白田、伊豆稲取、今井浜海岸、河津、稲梓、蓮台寺、伊豆急下田
0%
片岸新北新仲セ 片倉町、岸根公園、新横浜、北新横浜、新羽、仲町台、センター南
0%
片原東吉富富新 片浜、原、東田子の浦、吉原、富士、富士川、新蒲原
0%
片鵠本藤藤善六 片瀬江ノ島、鵠沼海岸、本鵠沼、藤沢、藤沢本町、善行、六会日大前
0%
片三三横高桜関 片倉町、三ツ沢上町、三ツ沢下町、横浜、高島町、桜木町、関内
0%
片上赤心江大樋 片貝、上泉、赤坂、心臓血管センター、江木、大胡、樋越
0%
片八相橋相矢淵 片倉、八王子みなみ野、相原、橋本、相模原、矢部、淵野辺
0%
弁新鷲新二豊西 弁天島、新居町、鷲津、新所原、二川、豊橋、西小坂井
0%
弁浅安武浜昭扇 弁天橋、浅野、安善、武蔵白石、浜川崎、昭和、扇町
0%
保ひ東清秋所西 保谷、ひばりヶ丘、東久留米、清瀬、秋津、所沢、西所沢
0%
保安岩富那館九 保田、安房勝山、岩井、富浦、那古船形、館山、九重
0%
保横新武西大恵 保土ケ谷、横浜、新川崎、武蔵小杉、西大井、大崎、恵比寿
0%
保横新武西品新 保土ケ谷、横浜、新川崎、武蔵小杉、西大井、品川、新橋
0%
保加羽田矢古新 保内、加茂、羽生田、田上、矢代田、古津、新津
0%
保上高向瀬福卸 保原、上保原、高子、向瀬上、瀬上、福島学院前、卸町
0%
保大石練富中練 保谷、大泉学園、石神井公園、練馬高野台、富士見台、中村橋、練馬
0%
保大二新梁や富 保原、大泉、二井田、新田、梁川、やながわ希望の森公園前、富野
0%
保東戸大北鎌逗 保土ケ谷、東戸塚、戸塚、大船、北鎌倉、鎌倉、逗子
0%
保東三東帯見押 保内、東三条、三条、東光寺、帯織、見附、押切
0%
保浜竹上佐大青 保田、浜金谷、竹岡、上総湊、佐貫町、大貫、青堀
0%
甫三吉唐平釜両 甫嶺、三陸、吉浜、唐丹、平田、釜石、両石
0%
穂柏豊南中一梓 穂高、柏矢町、豊科、南豊科、中萱、一日市場、梓橋
0%
穂有安細北信安 穂高、有明、安曇追分、細野、北細野、信濃松川、安曇沓掛
0%
宝下仁鴻大小滝 宝積寺、下野花岡、仁井田、鴻野山、大金、小塙、滝
0%
宝氏蒲片矢野西 宝積寺、氏家、蒲須坂、片岡、矢板、野崎、西那須野
0%
宝十魚市函松新 宝来町、十字街、魚市場通、市役所前、函館駅前、松風町、新川町
0%
宝東新大三泉高 宝町、東銀座、新橋、大門、三田、泉岳寺、高輪台
0%
峰羽大和四秋泉 峰吉川、羽後境、大張野、和田、四ツ小屋、秋田、泉外旭川
0%
峰光美茶奈豊砂 峰延、光珠内、美唄、茶志内、奈井江、豊沼、砂川
0%
芳か芳芳ゆゆゆ 芳賀・高根沢工業団地、かしの森公園前、芳賀町工業団地管理センター前、芳賀台、ゆいの杜東、ゆいの杜中央、ゆいの杜西
0%
芳ゆゆゆグ清清 芳賀台、ゆいの杜東、ゆいの杜中央、ゆいの杜西、グリーンスタジアム前、清原地区市民センター前、清陵高校前
0%
芳芳ゆゆゆグ清 芳賀町工業団地管理センター前、芳賀台、ゆいの杜東、ゆいの杜中央、ゆいの杜西、グリーンスタジアム前、清原地区市民センター前
0%
蓬郷瀬蟹中大津 蓬田、郷沢、瀬辺地、蟹田、中小国、大平、津軽二股
0%
蓬中後左奥津油 蓬田、中沢、後潟、左堰、奥内、津軽宮田、油川
0%
豊下幌糠問天佐 豊富、下沼、幌延、糠南、問寒別、天塩中川、佐久
0%
豊月新銀有桜永 豊洲、月島、新富町、銀座一丁目、有楽町、桜田門、永田町
0%
豊江高野大森厚 豊幌、江別、高砂、野幌、大麻、森林公園、厚別
0%
豊砂滝江妹深納 豊沼、砂川、滝川、江部乙、妹背牛、深川、納内
0%
豊上天二西岩宮 豊岡、上野部、天竜二俣、二俣本町、西鹿島、岩水寺、宮口
0%
豊信立上替蓮飯 豊野、信濃浅野、立ケ花、上今井、替佐、蓮、飯山
0%
豊新浦厚音白西 豊頃、新吉野、浦幌、厚内、音別、白糠、西庶路
0%
豊新市有有東青 豊洲、新豊洲、市場前、有明テニスの森、有明、東京ビッグサイト、青海
0%
豊東岩七大大北 豊春、東岩槻、岩槻、七里、大和田、大宮公園、北大宮
0%
豊洞有長伊北稀 豊浦、洞爺、有珠、長和、伊達紋別、北舟岡、稀府
0%
豊徳上野尾荻山 豊実、徳沢、上野尻、野沢、尾登、荻野、山都
0%
豊奈茶美光峰岩 豊沼、奈井江、茶志内、美唄、光珠内、峰延、岩見沢
0%
豊南中一梓島島 豊科、南豊科、中萱、一日市場、梓橋、島高松、島内
0%
豊二新鷲新弁舞 豊橋、二川、新所原、鷲津、新居町、弁天島、舞阪
0%
豊日鹿津三五東 豊実、日出谷、鹿瀬、津川、三川、五十島、東下条
0%
豊日立国西国武 豊田、日野、立川、国立、西国分寺、国分寺、武蔵小金井
0%
豊柏新増逆高六 豊四季、柏、新柏、増尾、逆井、高柳、六実
0%
豊柏穂有安細北 豊科、柏矢町、穂高、有明、安曇追分、細野、北細野
0%
豊白新白久泉矢 豊原、白坂、新白河、白河、久田野、泉崎、矢吹
0%
豊八春藤南川七 豊春、八木崎、春日部、藤の牛島、南桜井、川間、七光台
0%
豊磐御袋愛掛菊 豊田町、磐田、御厨、袋井、愛野、掛川、菊川
0%
豊敷遠円森遠戸 豊岡、敷地、遠江一宮、円田、森町病院前、遠州森、戸綿
0%
豊払津八磯宮山 豊間根、払川、津軽石、八木沢・宮古短大、磯鶏、宮古、山口団地
0%
豊幌上岩峰光美 豊幌、幌向、上幌向、岩見沢、峰延、光珠内、美唄
0%
豊陸織岩浪吉大 豊間根、陸中山田、織笠、岩手船越、浪板海岸、吉里吉里、大槌
0%
豊流初江運梅野 豊四季、流山おおたかの森、初石、江戸川台、運河、梅郷、野田市
0%
北く元五常八み 北初富、くぬぎ山、元山、五香、常盤平、八柱、みのり台
0%
北綾亀金松北馬 北千住、綾瀬、亀有、金町、松戸、北松戸、馬橋
0%
北綾北町西千根 北綾瀬、綾瀬、北千住、町屋、西日暮里、千駄木、根津
0%
北安茨柏鯨青笠 北条、安田、茨目、柏崎、鯨波、青海川、笠島
0%
北羽楯高山面奥 北山形、羽前千歳、楯山、高瀬、山寺、面白山高原、奥新川
0%
北羽南漆高天天 北山形、羽前千歳、南出羽、漆山、高擶、天童南、天童
0%
北羽鑓羽鶯角生 北大曲、羽後四ツ屋、鑓見内、羽後長野、鶯野、角館、生田
0%
北浦南蕨西川赤 北浦和、浦和、南浦和、蕨、西川口、川口、赤羽
0%
北益七多市笹天 北山、益子、七井、多田羅、市塙、笹原田、天矢場
0%
北越小八浦五六 北堀之内、越後堀之内、小出、八色、浦佐、五日町、六日町
0%
北越新蒲新獨草 北越谷、越谷、新越谷、蒲生、新田、獨協大学前、草加
0%
北越長塚越来前 北条、越後広田、長鳥、塚山、越後岩塚、来迎寺、前川
0%
北押見帯東三東 北長岡、押切、見附、帯織、東光寺、三条、東三条
0%
北桶北上宮大さ 北本、桶川、北上尾、上尾、宮原、大宮、さいたま新都心
0%
北下大中と上東 北池袋、下板橋、大山、中板橋、ときわ台、上板橋、東武練馬
0%
北鎌逗東田横衣 北鎌倉、鎌倉、逗子、東逗子、田浦、横須賀、衣笠
0%
北丸あ兜富や梁 北丸森、丸森、あぶくま、兜、富野、やながわ希望の森公園前、梁川
0%
北岩巻越越内内 北吉田、岩室、巻、越後曽根、越後赤塚、内野西が丘、内野
0%
北岩佐中美三乙 北中込、岩村田、佐久平、中佐都、美里、三岡、乙女
0%
北旗荏中戸下大 北千束、旗の台、荏原町、中延、戸越公園、下神明、大井町
0%
北稀黄崎本東鷲 北舟岡、稀府、黄金、崎守、本輪西、東室蘭、鷲別
0%
北吉南粟分寺桐 北吉田、吉田、南吉田、粟生津、分水、寺泊、桐原
0%
北牛堀鐘東曳押 北千住、牛田、堀切、鐘ヶ淵、東向島、曳舟、押上
0%
北京山め狭高高 北野、京王片倉、山田、めじろ台、狭間、高尾、高尾山口
0%
北群安磯松西横 北高崎、群馬八幡、安中、磯部、松井田、西松井田、横川
0%
北群丹児松用寄 北藤岡、群馬藤岡、丹荘、児玉、松久、用土、寄居
0%
北原浜止知中清 北浜、原生花園、浜小清水、止別、知床斜里、中斜里、清里町
0%
北戸戸浮北赤十 北戸田、戸田、戸田公園、浮間舟渡、北赤羽、赤羽、十条
0%
北勾広仙五愛河 北四番丁、勾当台公園、広瀬通、仙台、五橋、愛宕橋、河原町
0%
北香寒宮倉門社 北茅ケ崎、香川、寒川、宮山、倉見、門沢橋、社家
0%
北高高滝三二鎌 北習志野、高根木戸、高根公団、滝不動、三咲、二和向台、鎌ヶ谷大仏
0%
北高東森つ武小 北坂戸、高坂、東松山、森林公園、つきのわ、武蔵嵐山、小川町
0%
北鴻北吹行熊籠 北本、鴻巣、北鴻巣、吹上、行田、熊谷、籠原
0%
北砂東酒本南遊 北余目、砂越、東酒田、酒田、本楯、南鳥海、遊佐
0%
北細安有穂柏豊 北細野、細野、安曇追分、有明、穂高、柏矢町、豊科
0%
北坂若鶴霞川川 北坂戸、坂戸、若葉、鶴ヶ島、霞ヶ関、川越市、川越
0%
北三豊牟古黒妙 北長野、三才、豊野、牟礼、古間、黒姫、妙高高原
0%
北山蔵茂か羽中 北山形、山形、蔵王、茂吉記念館前、かみのやま温泉、羽前中山、中川
0%
北秋東松大新西 北国分、秋山、東松戸、松飛台、大町、新鎌ヶ谷、西白井
0%
北小五梅西竹谷 北千住、小菅、五反野、梅島、西新井、竹ノ塚、谷塚
0%
北小都桜延信中 北須坂、小布施、都住、桜沢、延徳、信州中野、中野松川
0%
北小拝東箱金東 北八王子、小宮、拝島、東福生、箱根ケ崎、金子、東飯能
0%
北松安赤小荒横 北森、松尾八幡平、安比高原、赤坂田、小屋の畑、荒屋新町、横間
0%
北上宮大さ浦赤 北上尾、上尾、宮原、大宮、さいたま新都心、浦和、赤羽
0%
北上新平白苗札 北広島、上野幌、新札幌、平和、白石、苗穂、札幌
0%
北信安信南信北 北細野、信濃松川、安曇沓掛、信濃常盤、南大町、信濃大町、北大町
0%
北信戸上上桑西 北飯山、信濃平、戸狩野沢温泉、上境、上桑名川、桑名川、西大滝
0%
北信南信安信北 北大町、信濃大町、南大町、信濃常盤、安曇沓掛、信濃松川、北細野
0%
北新三森下波渕 北新・松本大学前、新村、三溝、森口、下島、波田、渕東
0%
北新初鎌二三滝 北初富、新鎌ヶ谷、初富、鎌ヶ谷大仏、二和向台、三咲、滝不動
0%
北新盛い二八七 北上、新花巻、盛岡、いわて沼宮内、二戸、八戸、七戸十和田
0%
北新青鮫立大平 北品川、新馬場、青物横丁、鮫洲、立会川、大森海岸、平和島
0%
北新仲セセ中あ 北新横浜、新羽、仲町台、センター南、センター北、中川、あざみ野
0%
北新東新新西北 北朝霞、新座、東所沢、新秋津、新小平、西国分寺、北府中
0%
北新東西雑池要 北参道、新宿三丁目、東新宿、西早稲田、雑司が谷、池袋、要町
0%
北新徳鹿涸大常 北浦湖畔、新鉾田、徳宿、鹿島旭、涸沼、大洗、常澄
0%
北新馬北松金亀 北小金、新松戸、馬橋、北松戸、松戸、金町、亀有
0%
北新粕膳新新東 北原、新屋、粕川、膳、新里、新川、東新川
0%
北新樅楡東家合 北鹿沼、新鹿沼、樅山、楡木、東武金崎、家中、合戦場
0%
北森鹿鯉八井羽 北金岡、森岳、鹿渡、鯉川、八郎潟、井川さくら、羽後飯塚
0%
北真寺久ひ折下 北真岡、真岡、寺内、久下田、ひぐち、折本、下館二高前
0%
北須日村柳附朝 北須坂、須坂、日野、村山、柳原、附属中学前、朝陽
0%
北水一く古仙白 北上、水沢江刺、一ノ関、くりこま高原、古川、仙台、白石蔵王
0%
北水小新守南戸 北水海道、水海道、小絹、新守谷、守谷、南守谷、戸頭
0%
北西武南東東南 北朝霞、西浦和、武蔵浦和、南浦和、東浦和、東川口、南越谷
0%
北西北益七多市 北真岡、西田井、北山、益子、七井、多田羅、市塙
0%
北西北真寺久ひ 北山、西田井、北真岡、真岡、寺内、久下田、ひぐち
0%
北赤十板池新渋 北赤羽、赤羽、十条、板橋、池袋、新宿、渋谷
0%
北千西西西西緑 北美瑛、千代ケ岡、西聖和、西神楽、西瑞穂、西御料、緑が丘
0%
北千大風驫追広 北金ケ沢、千畳敷、大戸瀬、風合瀬、驫木、追良瀬、広戸
0%
北川撫弘石大長 北常盤、川部、撫牛子、弘前、石川、大鰐温泉、長峰
0%
北村花花石日紫 北上、村崎野、花巻、花巻空港、石鳥谷、日詰、紫波中央
0%
北大せ武一春北 北越谷、大袋、せんげん台、武里、一ノ割、春日部、北春日部
0%
北大戸東保横新 北鎌倉、大船、戸塚、東戸塚、保土ケ谷、横浜、新川崎
0%
北大鹿鹿長荒鹿 北浦湖畔、大洋、鹿島灘、鹿島大野、長者ヶ浜潮騒はまなす公園前、荒野台、鹿島サッカースタジアム
0%
北大船槻岩館名 北白川、大河原、船岡、槻木、岩沼、館腰、名取
0%
北大袖村東さ神 北大石田、大石田、袖崎、村山、東根、さくらんぼ東根、神町
0%
北大大七岩東豊 北大宮、大宮公園、大和田、七里、岩槻、東岩槻、豊春
0%
北大緑自九尾等 北千束、大岡山、緑が丘、自由が丘、九品仏、尾山台、等々力
0%
北竹虎登富幌鷲 北吉原、竹浦、虎杖浜、登別、富浦、幌別、鷲別
0%
北中南千白信白 北小谷、中土、南小谷、千国、白馬大池、信濃森上、白馬
0%
北町西千根湯新 北千住、町屋、西日暮里、千駄木、根津、湯島、新御茶ノ水
0%
北長宮前来越塚 北長岡、長岡、宮内、前川、来迎寺、越後岩塚、塚山
0%
北長平南高百聖 北野、長沼、平山城址公園、南平、高幡不動、百草園、聖蹟桜ヶ丘
0%
北鳥沢東八滝あ 北能代、鳥形、沢目、東八森、八森、滝ノ間、あきた白神
0%
北田伊伊下沢赤 北殿、田畑、伊那北、伊那市、下島、沢渡、赤木
0%
北島恵恵サ長千 北広島、島松、恵み野、恵庭、サッポロビール庭園、長都、千歳
0%
北島島梓一中南 北松本、島内、島高松、梓橋、一日市場、中萱、南豊科
0%
北東羽羽羽南寒 北山形、東金井、羽前山辺、羽前金沢、羽前長崎、南寒河江、寒河江
0%
北東国葛陸愛陸 北山、東北福祉大前、国見、葛岡、陸前落合、愛子、陸前白沢
0%
北東鶴富二前鷹 北金岡、東能代、鶴形、富根、二ツ井、前山、鷹ノ巣
0%
北当太ロああ拓 北海道医療大学、当別、太美、ロイズタウン、あいの里公園、あいの里教育大、拓北
0%
北南角横岡東槻 北丸森、南角田、角田、横倉、岡、東船岡、槻木
0%
北南三入上仲秋 北千住、南千住、三ノ輪、入谷、上野、仲御徒町、秋葉原
0%
北南柏北我天取 北小金、南柏、柏、北柏、我孫子、天王台、取手
0%
北馬新北南柏北 北松戸、馬橋、新松戸、北小金、南柏、柏、北柏
0%
北萩白社錦糸青 北吉原、萩野、白老、社台、錦岡、糸井、青葉
0%
北柏愛端緋美西 北見、柏陽、愛し野、端野、緋牛内、美幌、西女満別
0%
北柏南北新馬北 北柏、柏、南柏、北小金、新松戸、馬橋、北松戸
0%
北八陸下向三小 北高岩、八戸、陸奥市川、下田、向山、三沢、小川原
0%
北板下明下上東 北鹿沼、板荷、下小代、明神、下今市、上今市、東武日光
0%
北飯蓮替上立信 北飯山、飯山、蓮、替佐、上今井、立ケ花、信濃浅野
0%
北樋大江心赤上 北原、樋越、大胡、江木、心臓血管センター、赤坂、上泉
0%
北美美上西ラ中 北美瑛、美瑛、美馬牛、上富良野、西中、ラベンダー畑、中富良野
0%
北姫東和久鷲花 北春日部、姫宮、東武動物公園、和戸、久喜、鷲宮、花崎
0%
北浮戸戸北武中 北赤羽、浮間舟渡、戸田公園、戸田、北戸田、武蔵浦和、中浦和
0%
北武中南与北大 北戸田、武蔵浦和、中浦和、南与野、与野本町、北与野、大宮
0%
北平小根頸姫糸 北小谷、平岩、小滝、根知、頸城大野、姫川、糸魚川
0%
北北勾広仙五愛 北仙台、北四番丁、勾当台公園、広瀬通、仙台、五橋、愛宕橋
0%
北北台旭黒八泉 北四番丁、北仙台、台原、旭ヶ丘、黒松、八乙女、泉中央
0%
北北東国葛陸愛 北仙台、北山、東北福祉大前、国見、葛岡、陸前落合、愛子
0%
北木伊沢羽伊宮 北殿、木ノ下、伊那松島、沢、羽場、伊那新町、宮木
0%
北柳江藤立横岩 北上、柳原、江釣子、藤根、立川目、横川目、岩沢
0%
北有吹陸有近金 北野辺地、有戸、吹越、陸奥横浜、有畑、近川、金谷沢
0%
北余西藤鶴羽羽 北余目、余目、西袋、藤島、鶴岡、羽前大山、羽前水沢
0%
北陸古塚西東西 北浦、陸前谷地、古川、塚目、西古川、東大崎、西大崎
0%
北陸陸鰺鳴越陸 北金ケ沢、陸奥柳田、陸奥赤石、鰺ケ沢、鳴沢、越水、陸奥森田
0%
北浪大鶴津新青 北常盤、浪岡、大釈迦、鶴ケ坂、津軽新城、新青森、青森
0%
北六金水陸前平 北上、六原、金ケ崎、水沢、陸中折居、前沢、平泉
0%
牧大田伊韮原伊 牧之郷、大仁、田京、伊豆長岡、韮山、原木、伊豆仁田
0%
堀お青京京江国 堀切菖蒲園、お花茶屋、青砥、京成高砂、京成小岩、江戸川、国府台
0%
堀牛北小五梅西 堀切、牛田、北千住、小菅、五反野、梅島、西新井
0%
堀京千町新日京 堀切菖蒲園、京成関屋、千住大橋、町屋、新三河島、日暮里、京成上野
0%
堀県横汐逸安京 堀ノ内、県立大学、横須賀中央、汐入、逸見、安針塚、京急田浦
0%
堀昭千新松函市 堀川町、昭和橋、千歳町、新川町、松風町、函館駅前、市役所前
0%
堀鐘東曳押と浅 堀切、鐘ヶ淵、東向島、曳舟、押上、とうきょうスカイツリー、浅草
0%
堀千中五杉柏深 堀川町、千代台、中央病院前、五稜郭公園前、杉並町、柏木町、深堀町
0%
堀白普田島岩摂 堀内、白井海岸、普代、田野畑、島越、岩泉小本、摂待
0%
幌下豊兜勇南稚 幌延、下沼、豊富、兜沼、勇知、南稚内、稚内
0%
幌糠問天佐筬音 幌延、糠南、問寒別、天塩中川、佐久、筬島、音威子府
0%
幌上岩峰光美茶 幌向、上幌向、岩見沢、峰延、光珠内、美唄、茶志内
0%
幌中平南澄自真 幌平橋、中の島、平岸、南平岸、澄川、自衛隊前、真駒内
0%
幌富登虎竹北萩 幌別、富浦、登別、虎杖浜、竹浦、北吉原、萩野
0%
幌豊江高野大森 幌向、豊幌、江別、高砂、野幌、大麻、森林公園
0%
幌鷲東本崎黄稀 幌別、鷲別、東室蘭、本輪西、崎守、黄金、稀府
0%
本愛伊鶴東秦渋 本厚木、愛甲石田、伊勢原、鶴巻温泉、東海大学前、秦野、渋沢
0%
本岡深籠熊行吹 本庄、岡部、深谷、籠原、熊谷、行田、吹上
0%
本下西船東津幕 本八幡、下総中山、西船橋、船橋、東船橋、津田沼、幕張本郷
0%
本会会会会会只 本名、会津越川、会津横田、会津大塩、会津塩沢、会津蒲生、只見
0%
本会会会早会会 本名、会津川口、会津中川、会津水沼、早戸、会津宮下、会津西方
0%
本岳比岳須神岳 本吉原、岳南原田、比奈、岳南富士岡、須津、神谷、岳南江尾
0%
本桐信朝附柳村 本郷、桐原、信濃吉田、朝陽、附属中学前、柳原、村山
0%
本五日郡安須鏡 本宮、五百川、日和田、郡山、安積永盛、須賀川、鏡石
0%
本御淡大東銀霞 本郷三丁目、御茶ノ水、淡路町、大手町、東京、銀座、霞ケ関
0%
本厚海座相小相 本厚木、厚木、海老名、座間、相武台前、小田急相模原、相模大野
0%
本港洋新磯根山 本郷台、港南台、洋光台、新杉田、磯子、根岸、山手
0%
本高上越浦長燕 本庄早稲田、高崎、上毛高原、越後湯沢、浦佐、長岡、燕三条
0%
本崎黄稀北伊長 本輪西、崎守、黄金、稀府、北舟岡、伊達紋別、長和
0%
本市小新平亀錦 本八幡、市川、小岩、新小岩、平井、亀戸、錦糸町
0%
本志志蓮西高新 本蓮沼、志村坂上、志村三丁目、蓮根、西台、高島平、新高島平
0%
本酒東砂北余西 本楯、酒田、東酒田、砂越、北余目、余目、西袋
0%
本小陸白鮫陸種 本八戸、小中野、陸奥湊、白銀、鮫、陸奥白浜、種差海岸
0%
本上新蔵両森清 本郷三丁目、上野御徒町、新御徒町、蔵前、両国、森下、清澄白河
0%
本新茂八上東太 本納、新茂原、茂原、八積、上総一ノ宮、東浪見、太東
0%
本水花中小神沢 本宿、水沼、花輪、中野、小中、神戸、沢入
0%
本杉二安松金南 本宮、杉田、二本松、安達、松川、金谷川、南福島
0%
本西下多中陸福 本塩釜、西塩釜、下馬、多賀城、中野栄、陸前高砂、福田町
0%
本浅蔵浅東人日 本所吾妻橋、浅草、蔵前、浅草橋、東日本橋、人形町、日本橋
0%
本蘇浜八五姉長 本千葉、蘇我、浜野、八幡宿、五井、姉ケ崎、長浦
0%
本東後飯市四永 本駒込、東大前、後楽園、飯田橋、市ケ谷、四ツ谷、永田町
0%
本東陸松高手陸 本塩釜、東塩釜、陸前浜田、松島海岸、高城町、手樽、陸前富山
0%
本東鷲幌富登虎 本輪西、東室蘭、鷲別、幌別、富浦、登別、虎杖浜
0%
本藤藤善六湘長 本鵠沼、藤沢、藤沢本町、善行、六会日大前、湘南台、長後
0%
本南遊吹女小上 本楯、南鳥海、遊佐、吹浦、女鹿、小砂川、上浜
0%
本板板新西巣千 本蓮沼、板橋本町、板橋区役所前、新板橋、西巣鴨、巣鴨、千石
0%
摩美川緑札清中 摩周、美留和、川湯温泉、緑、札弦、清里町、中斜里
0%
麻赤大汐築勝月 麻布十番、赤羽橋、大門、汐留、築地市場、勝どき、月島
0%
麻六青国代新都 麻布十番、六本木、青山一丁目、国立競技場、代々木、新宿、都庁前
0%
妹江滝砂豊奈茶 妹背牛、江部乙、滝川、砂川、豊沼、奈井江、茶志内
0%
幕新南二市新舞 幕張豊砂、新習志野、南船橋、二俣新町、市川塩浜、新浦安、舞浜
0%
幕津東船西下本 幕張本郷、津田沼、東船橋、船橋、西船橋、下総中山、本八幡
0%
鱒荒岩綾遠青岩 鱒沢、荒谷前、岩手二日町、綾織、遠野、青笹、岩手上郷
0%
鱒藻北原浜止知 鱒浦、藻琴、北浜、原生花園、浜小清水、止別、知床斜里
0%
鱒柏宮岩晴土小 鱒沢、柏木平、宮守、岩根橋、晴山、土沢、小山田
0%
末十魚市函松新 末広町、十字街、魚市場通、市役所前、函館駅前、松風町、新川町
0%
末十柴鹿陸八湯 末広、十和田南、柴平、鹿角花輪、陸中大里、八幡平、湯瀬温泉
0%
末神三日京銀新 末広町、神田、三越前、日本橋、京橋、銀座、新橋
0%
末土沢十大扇東 末広、土深井、沢尻、十二所、大滝温泉、扇田、東大館
0%
万みみ守柏柏流 万博記念公園、みどりの、みらい平、守谷、柏たなか、柏の葉キャンパス、流山おおたかの森
0%
万高程多中大松 万願寺、高幡不動、程久保、多摩動物公園、中央大学・明星大学、大塚・帝京大学、松が谷
0%
万袋羽群長川岩 万座・鹿沢口、袋倉、羽根尾、群馬大津、長野原草津口、川原湯温泉、岩島
0%
万渡陸石曽鹿佳 万石浦、渡波、陸前稲井、石巻、曽波神、鹿又、佳景山
0%
妙関二新北上南 妙高高原、関山、二本木、新井、北新井、上越妙高、南高田
0%
妙菊大綱日元武 妙蓮寺、菊名、大倉山、綱島、日吉、元住吉、武蔵小杉
0%
妙出小石礼西刈 妙法寺、出雲崎、小木ノ城、石地、礼拝、西山、刈羽
0%
妙小桐寺分粟南 妙法寺、小島谷、桐原、寺泊、分水、粟生津、南吉田
0%
名館岩逢亘浜山 名取、館腰、岩沼、逢隈、亘理、浜吉田、山下
0%
名館岩槻船大北 名取、館腰、岩沼、槻木、船岡、大河原、北白川
0%
名三豊浜掛静新 名古屋、三河安城、豊橋、浜松、掛川、静岡、新富士
0%
名筒能浦梶え糸 名立、筒石、能生、浦本、梶屋敷、えちご押上ひすい海岸、糸魚川
0%
名南太長仙東岩 名取、南仙台、太子堂、長町、仙台、東仙台、岩切
0%
名日智智美天咲 名寄、日進、智恵文、智北、美深、天塩川温泉、咲来
0%
名風瑞多士剣和 名寄高校、風連、瑞穂、多寄、士別、剣淵、和寒
0%
名名日智智美天 名寄高校、名寄、日進、智恵文、智北、美深、天塩川温泉
0%
名名風瑞多士剣 名寄、名寄高校、風連、瑞穂、多寄、士別、剣淵
0%
明永西浜高富久 明大前、永福町、西永福、浜田山、高井戸、富士見ヶ丘、久我山
0%
明下桜上八芦千 明大前、下高井戸、桜上水、上北沢、八幡山、芦花公園、千歳烏山
0%
明下板北新樅楡 明神、下小代、板荷、北鹿沼、新鹿沼、樅山、楡木
0%
明西坂聖冠姨稲 明科、西条、坂北、聖高原、冠着、姨捨、稲荷山
0%
明大ひ石上熊ソ 明戸、大麻生、ひろせ野鳥の森、石原、上熊谷、熊谷、ソシオ流通センター
0%
明田松南平村広 明科、田沢、松本、南松本、平田、村井、広丘
0%
明東新下池駒神 明大前、東松原、新代田、下北沢、池ノ上、駒場東大前、神泉
0%
明表乃赤国霞日 明治神宮前、表参道、乃木坂、赤坂、国会議事堂前、霞ケ関、日比谷
0%
明武永ふ小桜寄 明戸、武川、永田、ふかや花園、小前田、桜沢、寄居
0%
明北新東西雑池 明治神宮前、北参道、新宿三丁目、東新宿、西早稲田、雑司が谷、池袋
0%
鳴越陸中木五陸 鳴沢、越水、陸奥森田、中田、木造、五所川原、陸奥鶴田
0%
鳴川池上有岩西 鳴子御殿湯、川渡温泉、池月、上野目、有備館、岩出山、西大崎
0%
鳴中堺赤立最大 鳴子温泉、中山平温泉、堺田、赤倉温泉、立小路、最上、大堀
0%
鳴鳴川池上有岩 鳴子温泉、鳴子御殿湯、川渡温泉、池月、上野目、有備館、岩出山
0%
鳴鳴中堺赤立最 鳴子御殿湯、鳴子温泉、中山平温泉、堺田、赤倉温泉、立小路、最上
0%
鳴鰺陸陸北千大 鳴沢、鰺ケ沢、陸奥赤石、陸奥柳田、北金ケ沢、千畳敷、大戸瀬
0%
面奥作熊陸愛陸 面白山高原、奥新川、作並、熊ケ根、陸前白沢、愛子、陸前落合
0%
面学鬼都東向大 面影橋、学習院下、鬼子母神前、都電雑司ヶ谷、東池袋四丁目、向原、大塚駅前
0%
面山高楯羽北山 面白山高原、山寺、高瀬、楯山、羽前千歳、北山形、山形
0%
茂か羽中赤高置 茂吉記念館前、かみのやま温泉、羽前中山、中川、赤湯、高畠、置賜
0%
茂館多県福東足 茂林寺前、館林、多々良、県、福居、東武和泉、足利市
0%
茂上清久東七五 茂辺地、上磯、清川口、久根別、東久根別、七重浜、五稜郭
0%
茂新本永大土誉 茂原、新茂原、本納、永田、大網、土気、誉田
0%
茂川羽南加花鷲 茂林寺前、川俣、羽生、南羽生、加須、花崎、鷲宮
0%
茂蔵山北羽南漆 茂吉記念館前、蔵王、山形、北山形、羽前千歳、南出羽、漆山
0%
茂天笹市多七益 茂木、天矢場、笹原田、市塙、多田羅、七井、益子
0%
茂八上東太長三 茂原、八積、上総一ノ宮、東浪見、太東、長者町、三門
0%
茂腹陸箱川松区 茂市、腹帯、陸中川井、箱石、川内、松草、区界
0%
毛伊下鼎切飯桜 毛賀、伊那八幡、下山村、鼎、切石、飯田、桜町
0%
毛越明小竹折寄 毛呂、越生、明覚、小川町、竹沢、折原、寄居
0%
網桂鱒藻北原浜 網走、桂台、鱒浦、藻琴、北浜、原生花園、浜小清水
0%
網呼女西美緋端 網走、呼人、女満別、西女満別、美幌、緋牛内、端野
0%
木巌袖長姉五八 木更津、巌根、袖ケ浦、長浦、姉ケ崎、五井、八幡宿
0%
木原宮藪奈木贄 木曽福島、原野、宮ノ越、藪原、奈良井、木曽平沢、贄川
0%
木五陸鶴板林藤 木造、五所川原、陸奥鶴田、鶴泊、板柳、林崎、藤崎
0%
木細太韮野足東 木崎、細谷、太田、韮川、野州山辺、足利市、東武和泉
0%
木札泉釜渡茂上 木古内、札苅、泉沢、釜谷、渡島当別、茂辺地、上磯
0%
木上倉須大野十 木曽福島、上松、倉本、須原、大桑、野尻、十二兼
0%
木中陸越鳴鰺陸 木造、中田、陸奥森田、越水、鳴沢、鰺ケ沢、陸奥赤石
0%
木東南西葛浦南 木場、東陽町、南砂町、西葛西、葛西、浦安、南行徳
0%
木奈藪宮原木上 木曽平沢、奈良井、藪原、宮ノ越、原野、木曽福島、上松
0%
木北田伊伊下沢 木ノ下、北殿、田畑、伊那北、伊那市、下島、沢渡
0%
木竜富夜大双浪 木戸、竜田、富岡、夜ノ森、大野、双葉、浪江
0%
目金斗二一小小 目時、金田一温泉、斗米、二戸、一戸、小鳥谷、小繋
0%
目恵渋原代新新 目黒、恵比寿、渋谷、原宿、代々木、新宿、新大久保
0%
目五大品高田浜 目黒、五反田、大崎、品川、高輪ゲートウェイ、田町、浜松町
0%
目高新新代原渋 目白、高田馬場、新大久保、新宿、代々木、原宿、渋谷
0%
目三諏剣苫北八 目時、三戸、諏訪ノ平、剣吉、苫米地、北高岩、八戸
0%
目池大巣駒田西 目白、池袋、大塚、巣鴨、駒込、田端、西日暮里
0%
目白白三芝御内 目黒、白金台、白金高輪、三田、芝公園、御成門、内幸町
0%
目白白麻六溜永 目黒、白金台、白金高輪、麻布十番、六本木一丁目、溜池山王、永田町
0%
目不武西洗大奥 目黒、不動前、武蔵小山、西小山、洗足、大岡山、奥沢
0%
目片西湘湘富大 目白山下、片瀬山、西鎌倉、湘南深沢、湘南町屋、富士見町、大船
0%
目蘭昆ニ比倶小 目名、蘭越、昆布、ニセコ、比羅夫、倶知安、小沢
0%
問糠幌下豊兜勇 問寒別、糠南、幌延、下沼、豊富、兜沼、勇知
0%
門あ芦大芦湯塔 門田、あまや、芦ノ牧温泉、大川ダム公園、芦ノ牧温泉南、湯野上温泉、塔のへつり
0%
門月勝築汐大赤 門前仲町、月島、勝どき、築地市場、汐留、大門、赤羽橋
0%
門社厚海入相下 門沢橋、社家、厚木、海老名、入谷、相武台下、下溝
0%
門神福大家抜川 門出、神尾、福用、大和田、家山、抜里、川根温泉笹間渡
0%
門清森両蔵新上 門前仲町、清澄白河、森下、両国、蔵前、新御徒町、上野御徒町
0%
門倉宮寒香北茅 門沢橋、倉見、宮山、寒川、香川、北茅ケ崎、茅ケ崎
0%
門田温為平鶯伊 門島、田本、温田、為栗、平岡、鶯巣、伊那小沢
0%
門尾上別武東釧 門静、尾幌、上尾幌、別保、武佐、東釧路、釧路
0%
門木東南西葛浦 門前仲町、木場、東陽町、南砂町、西葛西、葛西、浦安
0%
夜信中信延桜都 夜間瀬、信濃竹原、中野松川、信州中野、延徳、桜沢、都住
0%
夜大双浪桃小磐 夜ノ森、大野、双葉、浪江、桃内、小高、磐城太田
0%
野愛清七川南藤 野田市、愛宕、清水公園、七光台、川間、南桜井、藤の牛島
0%
野海海八市福産 野島公園、海の公園南口、海の公園柴口、八景島、市大医学部、福浦、産業振興センター
0%
野玉常静瓜常上 野上原、玉川村、常陸大宮、静、瓜連、常陸鴻巣、上菅谷
0%
野高塩国陸岩東 野蒜、高城町、塩釜、国府多賀城、陸前山王、岩切、東仙台
0%
野高江豊幌上岩 野幌、高砂、江別、豊幌、幌向、上幌向、岩見沢
0%
野山中下西上袋 野上原、山方宿、中舟生、下小川、西金、上小川、袋田
0%
野山八山黒国長 野田生、山越、八雲、山崎、黒岩、国縫、長万部
0%
野狩清小西浅野 野辺地、狩場沢、清水川、小湊、西平内、浅虫温泉、野内
0%
野十南田坂落中 野尻、十二兼、南木曽、田立、坂下、落合川、中津川
0%
野沼新中下高西 野方、沼袋、新井薬師前、中井、下落合、高田馬場、西武新宿
0%
野上芦平茂赤滝 野花南、上芦別、芦別、平岸、茂尻、赤平、滝川
0%
野上徳豊日鹿津 野沢、上野尻、徳沢、豊実、日出谷、鹿瀬、津川
0%
野信佐佐海松小 野辺山、信濃川上、佐久広瀬、佐久海ノ口、海尻、松原湖、小海
0%
野壬国お安西江 野州大塚、壬生、国谷、おもちゃのまち、安塚、西川田、江曽島
0%
野千乙上小三向 野辺地、千曳、乙供、上北町、小川原、三沢、向山
0%
野川泉川小谷磐 野木沢、川辺沖、泉郷、川東、小塩江、谷田川、磐城守山
0%
野浅西小清狩野 野内、浅虫温泉、西平内、小湊、清水川、狩場沢、野辺地
0%
野足東福県多館 野州山辺、足利市、東武和泉、福居、県、多々良、館林
0%
野大森厚白苗札 野幌、大麻、森林公園、厚別、白石、苗穂、札幌
0%
野大須倉上木原 野尻、大桑、須原、倉本、上松、木曽福島、原野
0%
野都鷺下井上上 野方、都立家政、鷺ノ宮、下井草、井荻、上井草、上石神井
0%
野東陸陸手高松 野蒜、東名、陸前大塚、陸前富山、手樽、高城町、松島海岸
0%
野韮太細木世境 野州山辺、韮川、太田、細谷、木崎、世良田、境町
0%
野梅運江初流豊 野田市、梅郷、運河、江戸川台、初石、流山おおたかの森、豊四季
0%
野磐里磐磐中近 野木沢、磐城石川、里白石、磐城浅川、磐城棚倉、中豊、近津
0%
野樋波寄桜小ふ 野上、樋口、波久礼、寄居、桜沢、小前田、ふかや花園
0%
野尾荻山喜会姥 野沢、尾登、荻野、山都、喜多方、会津豊川、姥堂
0%
野北有吹陸有近 野辺地、北野辺地、有戸、吹越、陸奥横浜、有畑、近川
0%
野堀白普田島岩 野田玉川、堀内、白井海岸、普代、田野畑、島越、岩泉小本
0%
野野壬国お安西 野州平川、野州大塚、壬生、国谷、おもちゃのまち、安塚、西川田
0%
野矢片蒲氏宝岡 野崎、矢板、片岡、蒲須坂、氏家、宝積寺、岡本
0%
野落石森駒赤大 野田生、落部、石倉、森、駒ケ岳、赤井川、大沼公園
0%
野陸鹿矢東陸石 野蒜、陸前小野、鹿妻、矢本、東矢本、陸前赤井、石巻あゆみ野
0%
野陸矢陸石蛇陸 野蒜、陸前小野、矢本、陸前赤井、石巻あゆみ野、蛇田、陸前山下
0%
弥会ふ養会田会 弥五島、会津下郷、ふるさと公園、養鱒公園、会津長野、田島高校前、会津田島
0%
弥塔湯芦大芦あ 弥五島、塔のへつり、湯野上温泉、芦ノ牧温泉南、大川ダム公園、芦ノ牧温泉、あまや
0%
矢稲中登宿久津 矢野口、稲田堤、中野島、登戸、宿河原、久地、津田山
0%
矢稲南府分西谷 矢野口、稲城長沼、南多摩、府中本町、分倍河原、西府、谷保
0%
矢下常袋上西下 矢祭山、下野宮、常陸大子、袋田、上小川、西金、下小川
0%
矢岩川長群羽袋 矢倉、岩島、川原湯温泉、長野原草津口、群馬大津、羽根尾、袋倉
0%
矢吉西燕燕北東 矢作、吉田、西燕、燕、燕三条、北三条、東三条
0%
矢郷群中市小小 矢倉、郷原、群馬原町、中之条、市城、小野上温泉、小野上
0%
矢古紫日石花花 矢幅、古館、紫波中央、日詰、石鳥谷、花巻空港、花巻
0%
矢古新さ荻亀越 矢代田、古津、新津、さつき野、荻川、亀田、越後石山
0%
矢鹿平向武武武 矢向、鹿島田、平間、向河原、武蔵小杉、武蔵中原、武蔵新城
0%
矢鹿陸野東陸陸 矢本、鹿妻、陸前小野、野蒜、東名、陸前大塚、陸前富山
0%
矢小千摺柴猊陸 矢越、小梨、千厩、摺沢、柴宿、猊鼻渓、陸中松川
0%
矢川吉西久前曲 矢島、川辺、吉沢、西滝沢、久保田、前郷、曲沢
0%
矢泉久白新白豊 矢吹、泉崎、久田野、白河、新白河、白坂、豊原
0%
矢相橋相八片八 矢部、相模原、橋本、相原、八王子みなみ野、片倉、八王子
0%
矢谷西分府南稲 矢川、谷保、西府、分倍河原、府中本町、南多摩、稲城長沼
0%
矢田羽加保東三 矢代田、田上、羽生田、加茂、保内、東三条、三条
0%
矢東南磐磐近中 矢祭山、東館、南石井、磐城石井、磐城塙、近津、中豊
0%
矢東陸石蛇陸石 矢本、東矢本、陸前赤井、石巻あゆみ野、蛇田、陸前山下、石巻
0%
矢北秋東松大新 矢切、北国分、秋山、東松戸、松飛台、大町、新鎌ヶ谷
0%
矢野浅西小清狩 矢田前、野内、浅虫温泉、西平内、小湊、清水川、狩場沢
0%
矢陸野高塩国陸 矢本、陸前小野、野蒜、高城町、塩釜、国府多賀城、陸前山王
0%
薬子鮎黒曲前久 薬師堂、子吉、鮎川、黒沢、曲沢、前郷、久保田
0%
薬習北高高滝三 薬園台、習志野、北習志野、高根木戸、高根公団、滝不動、三咲
0%
柳み鶴ふ上新川 柳瀬川、みずほ台、鶴瀬、ふじみ野、上福岡、新河岸、川越
0%
柳横後飯大神刈 柳田、横手、後三年、飯詰、大曲、神宮寺、刈和野
0%
柳江藤立横岩和 柳原、江釣子、藤根、立川目、横川目、岩沢、和賀仙人
0%
柳鵠湘江腰鎌七 柳小路、鵠沼、湘南海岸公園、江ノ島、腰越、鎌倉高校前、七里ヶ浜
0%
柳志朝朝和成下 柳瀬川、志木、朝霞台、朝霞、和光市、成増、下赤塚
0%
柳新栗南幸杉東 柳生、新古河、栗橋、南栗橋、幸手、杉戸高野台、東武動物公園
0%
柳村日須北小都 柳原、村山、日野、須坂、北須坂、小布施、都住
0%
柳醍十下湯上三 柳田、醍醐、十文字、下湯沢、湯沢、上湯沢、三関
0%
柳板藤静新栃新 柳生、板倉東洋大前、藤岡、静和、新大平下、栃木、新栃木
0%
柳附朝信桐本善 柳原、附属中学前、朝陽、信濃吉田、桐原、本郷、善光寺下
0%
油花清有一山平 油島、花泉、清水原、有壁、一ノ関、山ノ目、平泉
0%
油津奥左後中蓬 油川、津軽宮田、奥内、左堰、後潟、中沢、蓬田
0%
友岩羽石高神土 友部、岩間、羽鳥、石岡、高浜、神立、土浦
0%
友宍笠稲福羽岩 友部、宍戸、笠間、稲田、福原、羽黒、岩瀬
0%
友内赤偕水勝佐 友部、内原、赤塚、偕楽園、水戸、勝田、佐和
0%
有安細北信安信 有明、安曇追分、細野、北細野、信濃松川、安曇沓掛、信濃常盤
0%
有一山平前陸水 有壁、一ノ関、山ノ目、平泉、前沢、陸中折居、水沢
0%
有岩西東西塚古 有備館、岩出山、西大崎、東大崎、西古川、塚目、古川
0%
有銀新月豊辰新 有楽町、銀座一丁目、新富町、月島、豊洲、辰巳、新木場
0%
有桜永麹市飯江 有楽町、桜田門、永田町、麹町、市ケ谷、飯田橋、江戸川橋
0%
有上池川鳴鳴中 有備館、上野目、池月、川渡温泉、鳴子御殿湯、鳴子温泉、中山平温泉
0%
有吹陸有近金赤 有戸、吹越、陸奥横浜、有畑、近川、金谷沢、赤川
0%
有清花油石新梅 有壁、清水原、花泉、油島、石越、新田、梅ケ沢
0%
有長伊北稀黄崎 有珠、長和、伊達紋別、北舟岡、稀府、黄金、崎守
0%
有東神秋御上鶯 有楽町、東京、神田、秋葉原、御徒町、上野、鶯谷
0%
有東青テ東台お 有明、東京ビッグサイト、青海、テレコムセンター、東京国際クルーズターミナル、台場、お台場海浜公園
0%
有洞豊大礼小静 有珠、洞爺、豊浦、大岸、礼文、小幌、静狩
0%
有穂柏豊南中一 有明、穂高、柏矢町、豊科、南豊科、中萱、一日市場
0%
有名筒能浦梶え 有間川、名立、筒石、能生、浦本、梶屋敷、えちご押上ひすい海岸
0%
有有東青テ東台 有明テニスの森、有明、東京ビッグサイト、青海、テレコムセンター、東京国際クルーズターミナル、台場
0%
有陸宿玉種平角 有家、陸中八木、宿戸、玉川、種市、平内、角の浜
0%
柚竪入富源富西 柚木、竪堀、入山瀬、富士根、源道寺、富士宮、西富士宮
0%
柚長古県県草御 柚木、長沼、古庄、県総合運動場、県立美術館前、草薙、御門台
0%
由蒲新富富吉東 由比、蒲原、新蒲原、富士川、富士、吉原、東田子の浦
0%
由興清草東静安 由比、興津、清水、草薙、東静岡、静岡、安倍川
0%
由古三追安早遠 由仁、古山、三川、追分、安平、早来、遠浅
0%
由長極稲七鎌腰 由比ヶ浜、長谷、極楽寺、稲村ヶ崎、七里ヶ浜、鎌倉高校前、腰越
0%
祐学都自田多新 祐天寺、学芸大学、都立大学、自由が丘、田園調布、多摩川、新丸子
0%
遊吹女小上象金 遊佐、吹浦、女鹿、小砂川、上浜、象潟、金浦
0%
遊南本酒東砂北 遊佐、南鳥海、本楯、酒田、東酒田、砂越、北余目
0%
余仁然銀小倶比 余市、仁木、然別、銀山、小沢、倶知安、比羅夫
0%
余西藤鶴羽羽三 余目、西袋、藤島、鶴岡、羽前大山、羽前水沢、三瀬
0%
余南狩清高古津 余目、南野、狩川、清川、高屋、古口、津谷
0%
余北砂東酒本南 余目、北余目、砂越、東酒田、酒田、本楯、南鳥海
0%
与南中武北戸戸 与野本町、南与野、中浦和、武蔵浦和、北戸田、戸田、戸田公園
0%
与北浦南蕨西川 与野、北浦和、浦和、南浦和、蕨、西川口、川口
0%
用安静東草清興 用宗、安倍川、静岡、東静岡、草薙、清水、興津
0%
用松児丹群北倉 用土、松久、児玉、丹荘、群馬藤岡、北藤岡、倉賀野
0%
用焼西藤六島金 用宗、焼津、西焼津、藤枝、六合、島田、金谷
0%
要千小氷平地地 要町、千川、小竹向原、氷川台、平和台、地下鉄赤塚、地下鉄成増
0%
要船磐大菅神小 要田、船引、磐城常葉、大越、菅谷、神俣、小野新町
0%
要池東護江飯市 要町、池袋、東池袋、護国寺、江戸川橋、飯田橋、市ケ谷
0%
踊戸舞下上港上 踊場、戸塚、舞岡、下永谷、上永谷、港南中央、上大岡
0%
養ふ会弥塔湯芦 養鱒公園、ふるさと公園、会津下郷、弥五島、塔のへつり、湯野上温泉、芦ノ牧温泉南
0%
養会田会中会会 養鱒公園、会津長野、田島高校前、会津田島、中荒井、会津荒海、会津山村道場
0%
養上月飯里高上 養老渓谷、上総大久保、月崎、飯給、里見、高滝、上総久保
0%
来越塚長越北安 来迎寺、越後岩塚、塚山、長鳥、越後広田、北条、安田
0%
来前宮長北押見 来迎寺、前川、宮内、長岡、北長岡、押切、見附
0%
落鰍市市芦甲東 落居、鰍沢口、市川大門、市川本町、芦川、甲斐上野、東花輪
0%
落甲久市甲下波 落居、甲斐岩間、久那土、市ノ瀬、甲斐常葉、下部温泉、波高島
0%
落高早神飯九竹 落合、高田馬場、早稲田、神楽坂、飯田橋、九段下、竹橋
0%
落坂田南十野大 落合川、坂下、田立、南木曽、十二兼、野尻、大桑
0%
落石森駒赤大大 落部、石倉、森、駒ケ岳、赤井川、大沼公園、大沼
0%
落中東中西都新 落合南長崎、中井、東中野、中野坂上、西新宿五丁目、都庁前、新宿
0%
落別厚姉浜茶厚 落石、別当賀、厚床、姉別、浜中、茶内、厚岸
0%
落野山八山黒国 落部、野田生、山越、八雲、山崎、黒岩、国縫
0%
乱神さ東村袖大 乱川、神町、さくらんぼ東根、東根、村山、袖崎、大石田
0%
乱天天高漆南羽 乱川、天童、天童南、高擶、漆山、南出羽、羽前千歳
0%
蘭昆ニ比倶小銀 蘭越、昆布、ニセコ、比羅夫、倶知安、小沢、銀山
0%
蘭比北永新旭旭 蘭留、比布、北永山、永山、新旭川、旭川四条、旭川
0%
蘭余仁然銀小倶 蘭島、余市、仁木、然別、銀山、小沢、倶知安
0%
利池十豊新浦厚 利別、池田、十弗、豊頃、新吉野、浦幌、厚内
0%
利幕札帯柏西大 利別、幕別、札内、帯広、柏林台、西帯広、大成
0%
梨西今時南長あ 梨郷、西大塚、今泉、時庭、南長井、長井、あやめ公園
0%
里高上上上上馬 里見、高滝、上総久保、上総鶴舞、上総川間、上総牛久、馬立
0%
里磐磐中近磐磐 里白石、磐城浅川、磐城棚倉、中豊、近津、磐城塙、磐城石井
0%
里磐野川泉川小 里白石、磐城石川、野木沢、川辺沖、泉郷、川東、小塩江
0%
陸ウ艫横深広追 陸奥沢辺、ウェスパ椿山、艫作、横磯、深浦、広戸、追良瀬
0%
陸愛陸葛国東北 陸前白沢、愛子、陸前落合、葛岡、国見、東北福祉大前、北山
0%
陸愛陸熊作奥面 陸前落合、愛子、陸前白沢、熊ケ根、作並、奥新川、面白山高原
0%
陸綾恋甫三吉唐 陸前赤崎、綾里、恋し浜、甫嶺、三陸、吉浜、唐丹
0%
陸下向三小上乙 陸奥市川、下田、向山、三沢、小川原、上北町、乙供
0%
陸葛国東北北東 陸前落合、葛岡、国見、東北福祉大前、北山、北仙台、東照宮
0%
陸岩陸猊柴摺千 陸中門崎、岩ノ下、陸中松川、猊鼻渓、柴宿、摺沢、千厩
0%
陸苦小福陸中多 陸前原ノ町、苦竹、小鶴新田、福田町、陸前高砂、中野栄、多賀城
0%
陸熊作奥面山高 陸前白沢、熊ケ根、作並、奥新川、面白山高原、山寺、高瀬
0%
陸古塚西東西岩 陸前谷地、古川、塚目、西古川、東大崎、西大崎、岩出山
0%
陸五木中陸越鳴 陸奥鶴田、五所川原、木造、中田、陸奥森田、越水、鳴沢
0%
陸国塩高野陸矢 陸前山王、国府多賀城、塩釜、高城町、野蒜、陸前小野、矢本
0%
陸国塩松愛品鹿 陸前山王、国府多賀城、塩釜、松島、愛宕、品井沼、鹿島台
0%
陸鮫白陸小本長 陸奥白浜、鮫、白銀、陸奥湊、小中野、本八戸、長苗代
0%
陸侍陸有陸宿玉 陸中夏井、侍浜、陸中中野、有家、陸中八木、宿戸、玉川
0%
陸鹿柴十末土沢 陸中大里、鹿角花輪、柴平、十和田南、末広、土深井、沢尻
0%
陸蛇石陸東矢鹿 陸前山下、蛇田、石巻あゆみ野、陸前赤井、東矢本、矢本、鹿妻
0%
陸手高松陸東本 陸前富山、手樽、高城町、松島海岸、陸前浜田、東塩釜、本塩釜
0%
陸種大金大階角 陸奥白浜、種差海岸、大久喜、金浜、大蛇、階上、角の浜
0%
陸十松白大岩あ 陸奥岩崎、十二湖、松神、白神岳登山口、大間越、岩館、あきた白神
0%
陸十野堀白普田 陸中野田、十府ヶ浦海岸、野田玉川、堀内、白井海岸、普代、田野畑
0%
陸宿玉種平角階 陸中八木、宿戸、玉川、種市、平内、角の浜、階上
0%
陸松高手陸陸東 陸前浜田、松島海岸、高城町、手樽、陸前富山、陸前大塚、東名
0%
陸上足平岩青遠 陸中大橋、上有住、足ケ瀬、平倉、岩手上郷、青笹、遠野
0%
陸織岩浪吉大鵜 陸中山田、織笠、岩手船越、浪板海岸、吉里吉里、大槌、鵜住居
0%
陸水金六北村花 陸中折居、水沢、金ケ崎、六原、北上、村崎野、花巻
0%
陸石曽鹿佳前涌 陸前稲井、石巻、曽波神、鹿又、佳景山、前谷地、涌谷
0%
陸前平山一有清 陸中折居、前沢、平泉、山ノ目、一ノ関、有壁、清水原
0%
陸中多下西本東 陸前高砂、中野栄、多賀城、下馬、西塩釜、本塩釜、東塩釜
0%
陸中木五陸鶴板 陸奥森田、中田、木造、五所川原、陸奥鶴田、鶴泊、板柳
0%
陸東本西下多中 陸前浜田、東塩釜、本塩釜、西塩釜、下馬、多賀城、中野栄
0%
陸東野陸鹿矢東 陸前大塚、東名、野蒜、陸前小野、鹿妻、矢本、東矢本
0%
陸東矢鹿陸野東 陸前赤井、東矢本、矢本、鹿妻、陸前小野、野蒜、東名
0%
陸白鮫陸種大金 陸奥湊、白銀、鮫、陸奥白浜、種差海岸、大久喜、金浜
0%
陸八湯兄田横荒 陸中大里、八幡平、湯瀬温泉、兄畑、田山、横間、荒屋新町
0%
陸福小苦陸宮榴 陸前高砂、福田町、小鶴新田、苦竹、陸前原ノ町、宮城野原、榴ケ岡
0%
陸腹茂蟇花千宮 陸中川井、腹帯、茂市、蟇目、花原市、千徳、宮古
0%
陸豊払津八磯宮 陸中山田、豊間根、払川、津軽石、八木沢・宮古短大、磯鶏、宮古
0%
陸野高塩国陸岩 陸前小野、野蒜、高城町、塩釜、国府多賀城、陸前山王、岩切
0%
陸野東陸陸手高 陸前小野、野蒜、東名、陸前大塚、陸前富山、手樽、高城町
0%
陸矢陸石蛇陸石 陸前小野、矢本、陸前赤井、石巻あゆみ野、蛇田、陸前山下、石巻
0%
陸矢陸野高塩国 陸前赤井、矢本、陸前小野、野蒜、高城町、塩釜、国府多賀城
0%
陸有近金赤下大 陸奥横浜、有畑、近川、金谷沢、赤川、下北、大湊
0%
陸有陸宿玉種平 陸中中野、有家、陸中八木、宿戸、玉川、種市、平内
0%
陸陸ウ艫横深広 陸奥岩崎、陸奥沢辺、ウェスパ椿山、艫作、横磯、深浦、広戸
0%
陸陸手高松陸東 陸前大塚、陸前富山、手樽、高城町、松島海岸、陸前浜田、東塩釜
0%
陸陸十松白大岩 陸奥沢辺、陸奥岩崎、十二湖、松神、白神岳登山口、大間越、岩館
0%
陸陸十野堀白普 陸中宇部、陸中野田、十府ヶ浦海岸、野田玉川、堀内、白井海岸、普代
0%
陸陸東野陸鹿矢 陸前富山、陸前大塚、東名、野蒜、陸前小野、鹿妻、矢本
0%
陸陸北千大風驫 陸奥赤石、陸奥柳田、北金ケ沢、千畳敷、大戸瀬、風合瀬、驫木
0%
陸陸鰺鳴越陸中 陸奥柳田、陸奥赤石、鰺ケ沢、鳴沢、越水、陸奥森田、中田
0%
陸猊柴摺千小矢 陸中松川、猊鼻渓、柴宿、摺沢、千厩、小梨、矢越
0%
陸鰺鳴越陸中木 陸奥赤石、鰺ケ沢、鳴沢、越水、陸奥森田、中田、木造
0%
立横岩和ゆほゆ 立川目、横川目、岩沢、和賀仙人、ゆだ錦秋湖、ほっとゆだ、ゆだ高原
0%
立高立立柴甲万 立飛、高松、立川北、立川南、柴崎体育館、甲州街道、万願寺
0%
立国三吉新四東 立川、国分寺、三鷹、吉祥寺、新宿、四ツ谷、東京
0%
立最大鵜瀬東長 立小路、最上、大堀、鵜杉、瀬見温泉、東長沢、長沢
0%
立柴甲万高程多 立川南、柴崎体育館、甲州街道、万願寺、高幡不動、程久保、多摩動物公園
0%
立上替蓮飯北信 立ケ花、上今井、替佐、蓮、飯山、北飯山、信濃平
0%
立西東中昭拝牛 立川、西立川、東中神、中神、昭島、拝島、牛浜
0%
立西矢谷西分府 立川、西国立、矢川、谷保、西府、分倍河原、府中本町
0%
立赤堺中鳴鳴川 立小路、赤倉温泉、堺田、中山平温泉、鳴子温泉、鳴子御殿湯、川渡温泉
0%
立大平大梅京雑 立会川、大森海岸、平和島、大森町、梅屋敷、京急蒲田、雑色
0%
立中踊戸舞下上 立場、中田、踊場、戸塚、舞岡、下永谷、上永谷
0%
立日豊八西高相 立川、日野、豊田、八王子、西八王子、高尾、相模湖
0%
立立高立泉砂玉 立川南、立川北、高松、立飛、泉体育館、砂川七番、玉川上水
0%
立立柴甲万高程 立川北、立川南、柴崎体育館、甲州街道、万願寺、高幡不動、程久保
0%
流柏柏守みみ万 流山おおたかの森、柏の葉キャンパス、柏たなか、守谷、みらい平、みどりの、万博記念公園
0%
流豊柏新増逆高 流山おおたかの森、豊四季、柏、新柏、増尾、逆井、高柳
0%
流流南三八六青 流山おおたかの森、流山セントラルパーク、南流山、三郷中央、八潮、六町、青井
0%
流流柏柏守みみ 流山セントラルパーク、流山おおたかの森、柏の葉キャンパス、柏たなか、守谷、みらい平、みどりの
0%
溜永四市飯後東 溜池山王、永田町、四ツ谷、市ケ谷、飯田橋、後楽園、東大前
0%
溜虎新銀京日三 溜池山王、虎ノ門、新橋、銀座、京橋、日本橋、三越前
0%
留西生安遠瀬丸 留辺蘂、西留辺蘂、生田原、安国、遠軽、瀬戸瀬、丸瀬布
0%
留相東西北柏愛 留辺蘂、相内、東相内、西北見、北見、柏陽、愛し野
0%
竜塩韮新穴日長 竜王、塩崎、韮崎、新府、穴山、日野春、長坂
0%
竜甲酒石春山東 竜王、甲府、酒折、石和温泉、春日居町、山梨市、東山梨
0%
竜富夜大双浪桃 竜田、富岡、夜ノ森、大野、双葉、浪江、桃内
0%
龍臼青羽海八高 龍岡城、臼田、青沼、羽黒下、海瀬、八千穂、高岩
0%
龍牛ひ荒土神高 龍ケ崎市、牛久、ひたち野うしく、荒川沖、土浦、神立、高浜
0%
龍太中滑北岩佐 龍岡城、太田部、中込、滑津、北中込、岩村田、佐久平
0%
両鵜大吉浪岩織 両石、鵜住居、大槌、吉里吉里、浪板海岸、岩手船越、織笠
0%
両釜平唐吉三甫 両石、釜石、平田、唐丹、吉浜、三陸、甫嶺
0%
両森清門月勝築 両国、森下、清澄白河、門前仲町、月島、勝どき、築地市場
0%
両浅秋御水飯市 両国、浅草橋、秋葉原、御茶ノ水、水道橋、飯田橋、市ケ谷
0%
両蔵新上本春飯 両国、蔵前、新御徒町、上野御徒町、本郷三丁目、春日、飯田橋
0%
梁や富兜あ丸北 梁川、やながわ希望の森公園前、富野、兜、あぶくま、丸森、北丸森
0%
梁新二大保上高 梁川、新田、二井田、大泉、保原、上保原、高子
0%
梁鳥猿大初笹甲 梁川、鳥沢、猿橋、大月、初狩、笹子、甲斐大和
0%
緑井五穴飯相岩 緑町、井細田、五百羅漢、穴部、飯田岡、相模沼田、岩原
0%
緑札清中知止浜 緑、札弦、清里町、中斜里、知床斜里、止別、浜小清水
0%
緑自九尾等上二 緑が丘、自由が丘、九品仏、尾山台、等々力、上野毛、二子玉川
0%
緑西西西西千北 緑が丘、西御料、西瑞穂、西神楽、西聖和、千代ケ岡、北美瑛
0%
緑大北旗荏中戸 緑が丘、大岡山、北千束、旗の台、荏原町、中延、戸越公園
0%
林板鶴陸五木中 林崎、板柳、鶴泊、陸奥鶴田、五所川原、木造、中田
0%
礼石小出妙小桐 礼拝、石地、小木ノ城、出雲崎、妙法寺、小島谷、桐原
0%
礼大豊洞有長伊 礼文、大岸、豊浦、洞爺、有珠、長和、伊達紋別
0%
恋甫三吉唐平釜 恋し浜、甫嶺、三陸、吉浜、唐丹、平田、釜石
0%
練新落中東中西 練馬、新江古田、落合南長崎、中井、東中野、中野坂上、西新宿五丁目
0%
練石大保ひ東清 練馬高野台、石神井公園、大泉学園、保谷、ひばりヶ丘、東久留米、清瀬
0%
練中富練石大保 練馬、中村橋、富士見台、練馬高野台、石神井公園、大泉学園、保谷
0%
練富中練桜江東 練馬高野台、富士見台、中村橋、練馬、桜台、江古田、東長崎
0%
蓮稲河今伊片伊 蓮台寺、稲梓、河津、今井浜海岸、伊豆稲取、片瀬白田、伊豆熱川
0%
蓮池千久御雪石 蓮沼、池上、千鳥町、久が原、御嶽山、雪が谷大塚、石川台
0%
蓮東土大さ浦赤 蓮田、東大宮、土呂、大宮、さいたま新都心、浦和、赤羽
0%
蓮白新久東栗古 蓮田、白岡、新白岡、久喜、東鷲宮、栗橋、古河
0%
蓮飯北信戸上上 蓮、飯山、北飯山、信濃平、戸狩野沢温泉、上境、上桑名川
0%
連宮仙青大国川 連坊、宮城野通、仙台、青葉通一番町、大町西公園、国際センター、川内
0%
浪岩織陸豊払津 浪板海岸、岩手船越、織笠、陸中山田、豊間根、払川、津軽石
0%
浪吉大鵜両釜平 浪板海岸、吉里吉里、大槌、鵜住居、両石、釜石、平田
0%
浪双大夜富竜木 浪江、双葉、大野、夜ノ森、富岡、竜田、木戸
0%
浪大三長太東上 浪花、大原、三門、長者町、太東、東浪見、上総一ノ宮
0%
浪桃小磐原鹿日 浪江、桃内、小高、磐城太田、原ノ町、鹿島、日立木
0%
浪北川撫弘石大 浪岡、北常盤、川部、撫牛子、弘前、石川、大鰐温泉
0%
六塩上大石越岩 六日町、塩沢、上越国際スキー場前、大沢、石打、越後湯沢、岩原スキー場前
0%
六卸薬連宮仙青 六丁の目、卸町、薬師堂、連坊、宮城野通、仙台、青葉通一番町
0%
六魚美し十まほ 六日町、魚沼丘陵、美佐島、しんざ、十日町、まつだい、ほくほく大島
0%
六京八鶴京花生 六郷土手、京急川崎、八丁畷、鶴見市場、京急鶴見、花月総持寺、生麦
0%
六金水陸前平山 六原、金ケ崎、水沢、陸中折居、前沢、平泉、山ノ目
0%
六雑京梅大平大 六郷土手、雑色、京急蒲田、梅屋敷、大森町、平和島、大森海岸
0%
六湘長高桜大鶴 六会日大前、湘南台、長後、高座渋谷、桜ヶ丘、大和、鶴間
0%
六新鎌馬塚新船 六実、新鎌ヶ谷、鎌ヶ谷、馬込沢、塚田、新船橋、船橋
0%
六青国代新都西 六本木、青山一丁目、国立競技場、代々木、新宿、都庁前、西新宿五丁目
0%
六島金菊掛愛袋 六合、島田、金谷、菊川、掛川、愛野、袋井
0%
六藤西焼用安静 六合、藤枝、西焼津、焼津、用宗、安倍川、静岡
0%
六八三南流流柏 六町、八潮、三郷中央、南流山、流山セントラルパーク、流山おおたかの森、柏の葉キャンパス
0%
六北村花花石日 六原、北上、村崎野、花巻、花巻空港、石鳥谷、日詰
0%
六溜永四市飯後 六本木一丁目、溜池山王、永田町、四ツ谷、市ケ谷、飯田橋、後楽園
0%
和ゆほゆ黒小相 和賀仙人、ゆだ錦秋湖、ほっとゆだ、ゆだ高原、黒沢、小松川、相野々
0%
和塩蘭比北永新 和寒、塩狩、蘭留、比布、北永山、永山、新旭川
0%
和皆親上長野樋 和銅黒谷、皆野、親鼻、上長瀞、長瀞、野上、樋口
0%
和久鷲花加南羽 和戸、久喜、鷲宮、花崎、加須、南羽生、羽生
0%
和剣士多瑞風名 和寒、剣淵、士別、多寄、瑞穂、風連、名寄高校
0%
和狛喜成祖千経 和泉多摩川、狛江、喜多見、成城学園前、祖師ヶ谷大蔵、千歳船橋、経堂
0%
和四秋泉土上追 和田、四ツ小屋、秋田、泉外旭川、土崎、上飯島、追分
0%
和上西鶴二希三 和田町、上星川、西谷、鶴ヶ峰、二俣川、希望ヶ丘、三ツ境
0%
和成下東上と中 和光市、成増、下赤塚、東武練馬、上板橋、ときわ台、中板橋
0%
和大羽峰刈神大 和田、大張野、羽後境、峰吉川、刈和野、神宮寺、大曲
0%
和大秩御影浦武 和銅黒谷、大野原、秩父、御花畑、影森、浦山口、武州中川
0%
和地地平氷小千 和光市、地下鉄成増、地下鉄赤塚、平和台、氷川台、小竹向原、千川
0%
和塚岩相飯穴五 和田河原、塚原、岩原、相模沼田、飯田岡、穴部、五百羅漢
0%
和東姫北春一武 和戸、東武動物公園、姫宮、北春日部、春日部、一ノ割、武里
0%
脇船天二上出追 脇本、船越、天王、二田、上二田、出戸浜、追分
0%
鷲花加南羽川茂 鷲宮、花崎、加須、南羽生、羽生、川俣、茂林寺前
0%
鷲久和東姫北春 鷲宮、久喜、和戸、東武動物公園、姫宮、北春日部、春日部
0%
鷲東本崎黄稀北 鷲別、東室蘭、本輪西、崎守、黄金、稀府、北舟岡
0%
鷲幌富登虎竹北 鷲別、幌別、富浦、登別、虎杖浜、竹浦、北吉原
0%
亘逢岩館名南太 亘理、逢隈、岩沼、館腰、名取、南仙台、太子堂
0%
亘浜山坂新駒相 亘理、浜吉田、山下、坂元、新地、駒ケ嶺、相馬
0%
蕨西川赤東王上 蕨、西川口、川口、赤羽、東十条、王子、上中里
0%
蕨南浦北与さ大 蕨、南浦和、浦和、北浦和、与野、さいたま新都心、大宮
0%
偕赤内友岩羽石 偕楽園、赤塚、内原、友部、岩間、羽鳥、石岡
0%
姨冠聖坂西明田 姨捨、冠着、聖高原、坂北、西条、明科、田沢
0%
屏杉京能金金追 屏風浦、杉田、京急富岡、能見台、金沢文庫、金沢八景、追浜
0%
楡東家合新栃新 楡木、東武金崎、家中、合戦場、新栃木、栃木、新大平下
0%
楡樅新北板下明 楡木、樅山、新鹿沼、北鹿沼、板荷、下小代、明神
0%
榴宮陸苦小福陸 榴ケ岡、宮城野原、陸前原ノ町、苦竹、小鶴新田、福田町、陸前高砂
0%
樅新北板下明下 樅山、新鹿沼、北鹿沼、板荷、下小代、明神、下今市
0%
樅楡東家合新栃 樅山、楡木、東武金崎、家中、合戦場、新栃木、栃木
0%
渕波下森三新北 渕東、波田、下島、森口、三溝、新村、北新・松本大学前
0%
涸鹿徳新北大鹿 涸沼、鹿島旭、徳宿、新鉾田、北浦湖畔、大洋、鹿島灘
0%
猊柴摺千小矢折 猊鼻渓、柴宿、摺沢、千厩、小梨、矢越、折壁
0%
獨新蒲新越北大 獨協大学前、新田、蒲生、新越谷、越谷、北越谷、大袋
0%
籠熊行吹北鴻北 籠原、熊谷、行田、吹上、北鴻巣、鴻巣、北本
0%
籠深岡本神新倉 籠原、深谷、岡部、本庄、神保原、新町、倉賀野
0%
簗海稲信北信南 簗場、海ノ口、稲尾、信濃木崎、北大町、信濃大町、南大町
0%
簗南神飯白信白 簗場、南神城、神城、飯森、白馬、信濃森上、白馬大池
0%
艫ウ陸陸十松白 艫作、ウェスパ椿山、陸奥沢辺、陸奥岩崎、十二湖、松神、白神岳登山口
0%
茗後本御淡大東 茗荷谷、後楽園、本郷三丁目、御茶ノ水、淡路町、大手町、東京
0%
葭寿三東十都谷 葭池温泉前、寿、三つ峠、東桂、十日市場、都留文科大学前、谷村町
0%
藪越魚越上入大 藪神、越後広瀬、魚沼田中、越後須原、上条、入広瀬、大白川
0%
藪宮原木上倉須 藪原、宮ノ越、原野、木曽福島、上松、倉本、須原
0%
藪奈木贄日洗塩 藪原、奈良井、木曽平沢、贄川、日出塩、洗馬、塩尻
0%
螢富栢開新渋秦 螢田、富水、栢山、開成、新松田、渋沢、秦野
0%
蟇茂腹陸箱川松 蟇目、茂市、腹帯、陸中川井、箱石、川内、松草
0%
贄木奈藪宮原木 贄川、木曽平沢、奈良井、藪原、宮ノ越、原野、木曽福島
0%
頸根小平北中南 頸城大野、根知、小滝、平岩、北小谷、中土、南小谷
0%
驫追広深横艫ウ 驫木、追良瀬、広戸、深浦、横磯、艫作、ウェスパ椿山
0%
驫風大千北陸陸 驫木、風合瀬、大戸瀬、千畳敷、北金ケ沢、陸奥柳田、陸奥赤石
0%
鰺鳴越陸中木五 鰺ケ沢、鳴沢、越水、陸奥森田、中田、木造、五所川原
0%
鰺陸陸北千大風 鰺ケ沢、陸奥赤石、陸奥柳田、北金ケ沢、千畳敷、大戸瀬、風合瀬
0%
鶯伊中小大水向 鶯巣、伊那小沢、中井侍、小和田、大嵐、水窪、向市場
0%
鶯角生神刺田赤 鶯野、角館、生田、神代、刺巻、田沢湖、赤渕
0%
鶯上御秋神東有 鶯谷、上野、御徒町、秋葉原、神田、東京、有楽町
0%
鶯日西田上王東 鶯谷、日暮里、西日暮里、田端、上中里、王子、東十条
0%
西西西ロ電中石 西線11条、西線14条、西線16条、ロープウェイ入口、電車事業所前、中央図書館前、石山通
0%
東菊バ大西西円 東札幌、菊水、バスセンター前、大通、西11丁目、西18丁目、円山公園
0%
白東菊バ大西西 白石、東札幌、菊水、バスセンター前、大通、西11丁目、西18丁目
0%
菊バ大西西円西 菊水、バスセンター前、大通、西11丁目、西18丁目、円山公園、西28丁目
0%
西西円西二琴発 西11丁目、西18丁目、円山公園、西28丁目、二十四軒、琴似、発寒南
0%
大西西円西二琴 大通、西11丁目、西18丁目、円山公園、西28丁目、二十四軒、琴似
0%
西大バ菊東白南 西11丁目、大通、バスセンター前、菊水、東札幌、白石、南郷7丁目
0%
西西西西中西西 西線11条、西線9条旭山公園通、西線6条、西15丁目、中央区役所前、西8丁目、西4丁目
0%
中幌中す大さ北 中の島、幌平橋、中島公園、すすきの、大通、さっぽろ、北12条
0%
北さ大す中幌中 北12条、さっぽろ、大通、すすきの、中島公園、幌平橋、中の島
0%
幌中す大さ北北 幌平橋、中島公園、すすきの、大通、さっぽろ、北12条、北18条
0%
中す大さ北北北 中島公園、すすきの、大通、さっぽろ、北12条、北18条、北24条
0%
す大さ北北北北 すすきの、大通、さっぽろ、北12条、北18条、北24条、北34条
0%
大さ北北北北麻 大通、さっぽろ、北12条、北18条、北24条、北34条、麻生
0%
さ北東環元新栄 さっぽろ、北13条東、東区役所前、環状通東、元町、新道東、栄町
0%
羽新羽天整昭流 羽田空港第1ターミナル、新整備場、羽田空港第3ターミナル、天空橋、整備場、昭和島、流通センター
0%
栄新元環東北さ 栄町、新道東、元町、環状通東、東区役所前、北13条東、さっぽろ
0%
学豊大さ北東環 学園前、豊水すすきの、大通、さっぽろ、北13条東、東区役所前、環状通東
0%
環東北さ大豊学 環状通東、東区役所前、北13条東、さっぽろ、大通、豊水すすきの、学園前
0%
元環東北さ大豊 元町、環状通東、東区役所前、北13条東、さっぽろ、大通、豊水すすきの
0%
新元環東北さ大 新道東、元町、環状通東、東区役所前、北13条東、さっぽろ、大通
0%
東北さ大豊学豊 東区役所前、北13条東、さっぽろ、大通、豊水すすきの、学園前、豊平公園
0%
美豊学豊大さ北 美園、豊平公園、学園前、豊水すすきの、大通、さっぽろ、北13条東
0%
豊学豊大さ北東 豊平公園、学園前、豊水すすきの、大通、さっぽろ、北13条東、東区役所前
0%
豊大さ北東環元 豊水すすきの、大通、さっぽろ、北13条東、東区役所前、環状通東、元町
0%
北さ大豊学豊美 北13条東、さっぽろ、大通、豊水すすきの、学園前、豊平公園、美園
0%
南南白東菊バ大 南郷13丁目、南郷7丁目、白石、東札幌、菊水、バスセンター前、大通
0%
西西西西西中西 西線14条、西線11条、西線9条旭山公園通、西線6条、西15丁目、中央区役所前、西8丁目
0%
西西ロ電中石東 西線14条、西線16条、ロープウェイ入口、電車事業所前、中央図書館前、石山通、東屯田通
0%
西西西西西西ロ 西15丁目、西線6条、西線9条旭山公園通、西線11条、西線14条、西線16条、ロープウェイ入口
0%
中西西西西西西 中央区役所前、西15丁目、西線6条、西線9条旭山公園通、西線11条、西線14条、西線16条
0%
西中西西狸す資 西15丁目、中央区役所前、西8丁目、西4丁目、狸小路、すすきの、資生館小学校前
0%
西ロ電中石東幌 西線16条、ロープウェイ入口、電車事業所前、中央図書館前、石山通、東屯田通、幌南小学校前
0%
東石中電ロ西西 東屯田通、石山通、中央図書館前、電車事業所前、ロープウェイ入口、西線16条、西線14条
0%
石中電ロ西西西 石山通、中央図書館前、電車事業所前、ロープウェイ入口、西線16条、西線14条、西線11条
0%
中電ロ西西西西 中央図書館前、電車事業所前、ロープウェイ入口、西線16条、西線14条、西線11条、西線9条旭山公園通
0%
電ロ西西西西西 電車事業所前、ロープウェイ入口、西線16条、西線14条、西線11条、西線9条旭山公園通、西線6条
0%
ロ西西西西西西 ロープウェイ入口、西線16条、西線14条、西線11条、西線9条旭山公園通、西線6条、西15丁目
0%
西西西西西西中 西線16条、西線14条、西線11条、西線9条旭山公園通、西線6条、西15丁目、中央区役所前
0%
円西西大バ菊東 円山公園、西18丁目、西11丁目、大通、バスセンター前、菊水、東札幌
0%
西西大バ菊東白 西18丁目、西11丁目、大通、バスセンター前、菊水、東札幌、白石
0%
北北さ大す中幌 北18条、北12条、さっぽろ、大通、すすきの、中島公園、幌平橋
0%
ひ大南南南白東 ひばりが丘、大谷地、南郷18丁目、南郷13丁目、南郷7丁目、白石、東札幌
0%
新ひ大南南南白 新さっぽろ、ひばりが丘、大谷地、南郷18丁目、南郷13丁目、南郷7丁目、白石
0%
大南南南白東菊 大谷地、南郷18丁目、南郷13丁目、南郷7丁目、白石、東札幌、菊水
0%
南南南白東菊バ 南郷18丁目、南郷13丁目、南郷7丁目、白石、東札幌、菊水、バスセンター前
0%
西円西二琴発宮 西18丁目、円山公園、西28丁目、二十四軒、琴似、発寒南、宮の沢
0%
ロ電中石東幌山 ロープウェイ入口、電車事業所前、中央図書館前、石山通、東屯田通、幌南小学校前、山鼻19条
0%
行静山幌東石中 行啓通、静修学園前、山鼻19条、幌南小学校前、東屯田通、石山通、中央図書館前
0%
山幌東石中電ロ 山鼻19条、幌南小学校前、東屯田通、石山通、中央図書館前、電車事業所前、ロープウェイ入口
0%
静山幌東石中電 静修学園前、山鼻19条、幌南小学校前、東屯田通、石山通、中央図書館前、電車事業所前
0%
石東幌山静行中 石山通、東屯田通、幌南小学校前、山鼻19条、静修学園前、行啓通、中島公園通
0%
中行静山幌東石 中島公園通、行啓通、静修学園前、山鼻19条、幌南小学校前、東屯田通、石山通
0%
中石東幌山静行 中央図書館前、石山通、東屯田通、幌南小学校前、山鼻19条、静修学園前、行啓通
0%
電中石東幌山静 電車事業所前、中央図書館前、石山通、東屯田通、幌南小学校前、山鼻19条、静修学園前
0%
山静行中山東資 山鼻19条、静修学園前、行啓通、中島公園通、山鼻9条、東本願寺前、資生館小学校前
0%
東幌山静行中山 東屯田通、幌南小学校前、山鼻19条、静修学園前、行啓通、中島公園通、山鼻9条
0%
幌山静行中山東 幌南小学校前、山鼻19条、静修学園前、行啓通、中島公園通、山鼻9条、東本願寺前
0%
京大京宗公京空 京成佐倉、大佐倉、京成酒々井、宗吾参道、公津の杜、京成成田、空港第2ビル
0%
京東新千印成空 京成高砂、東松戸、新鎌ヶ谷、千葉ニュータウン中央、印旛日本医大、成田湯川、空港第2ビル
0%
空京公宗京大京 空港第2ビル、京成成田、公津の杜、宗吾参道、京成酒々井、大佐倉、京成佐倉
0%
空成印千新東京 空港第2ビル、成田湯川、印旛日本医大、千葉ニュータウン中央、新鎌ヶ谷、東松戸、京成高砂
0%
空成佐四千東品 空港第2ビル、成田、佐倉、四街道、千葉、東京、品川
0%
成空京公宗京大 成田空港、空港第2ビル、京成成田、公津の杜、宗吾参道、京成酒々井、大佐倉
0%
成空成佐四千東 成田空港、空港第2ビル、成田、佐倉、四街道、千葉、東京
0%
大京宗公京空成 大佐倉、京成酒々井、宗吾参道、公津の杜、京成成田、空港第2ビル、成田空港
0%
東新千印成空成 東松戸、新鎌ヶ谷、千葉ニュータウン中央、印旛日本医大、成田湯川、空港第2ビル、成田空港
0%
東千四佐成空成 東京、千葉、四街道、佐倉、成田、空港第2ビル、成田空港
0%
品東千四佐成空 品川、東京、千葉、四街道、佐倉、成田、空港第2ビル
0%
羽羽新羽天整昭 羽田空港第2ターミナル、羽田空港第1ターミナル、新整備場、羽田空港第3ターミナル、天空橋、整備場、昭和島
0%
北北北さ大す中 北24条、北18条、北12条、さっぽろ、大通、すすきの、中島公園
0%
宮発琴二西円西 宮の沢、発寒南、琴似、二十四軒、西28丁目、円山公園、西18丁目
0%
琴二西円西西大 琴似、二十四軒、西28丁目、円山公園、西18丁目、西11丁目、大通
0%
西円西西大バ菊 西28丁目、円山公園、西18丁目、西11丁目、大通、バスセンター前、菊水
0%
二西円西西大バ 二十四軒、西28丁目、円山公園、西18丁目、西11丁目、大通、バスセンター前
0%
発琴二西円西西 発寒南、琴似、二十四軒、西28丁目、円山公園、西18丁目、西11丁目
0%
宇東駅峰陽宇平 宇都宮駅東口、東宿郷、駅東公園前、峰、陽東3丁目、宇都宮大学陽東キャンパス、平石
0%
新羽天整昭流大 新整備場、羽田空港第3ターミナル、天空橋、整備場、昭和島、流通センター、大井競馬場前
0%
清清飛平平宇陽 清原地区市民センター前、清陵高校前、飛山城跡、平石中央小学校前、平石、宇都宮大学陽東キャンパス、陽東3丁目
0%
清飛平平宇陽峰 清陵高校前、飛山城跡、平石中央小学校前、平石、宇都宮大学陽東キャンパス、陽東3丁目、峰
0%
大流昭整天羽新 大井競馬場前、流通センター、昭和島、整備場、天空橋、羽田空港第3ターミナル、新整備場
0%
東駅峰陽宇平平 東宿郷、駅東公園前、峰、陽東3丁目、宇都宮大学陽東キャンパス、平石、平石中央小学校前
0%
飛平平宇陽峰駅 飛山城跡、平石中央小学校前、平石、宇都宮大学陽東キャンパス、陽東3丁目、峰、駅東公園前
0%
平宇陽峰駅東宇 平石、宇都宮大学陽東キャンパス、陽東3丁目、峰、駅東公園前、東宿郷、宇都宮駅東口
0%
平平宇陽峰駅東 平石中央小学校前、平石、宇都宮大学陽東キャンパス、陽東3丁目、峰、駅東公園前、東宿郷
0%
峰陽宇平平飛清 峰、陽東3丁目、宇都宮大学陽東キャンパス、平石、平石中央小学校前、飛山城跡、清陵高校前
0%
陽宇平平飛清清 陽東3丁目、宇都宮大学陽東キャンパス、平石、平石中央小学校前、飛山城跡、清陵高校前、清原地区市民センター前
0%
流昭整天羽新羽 流通センター、昭和島、整備場、天空橋、羽田空港第3ターミナル、新整備場、羽田空港第1ターミナル
0%
北北北北さ大す 北34条、北24条、北18条、北12条、さっぽろ、大通、すすきの
0%
麻北北北北さ大 麻生、北34条、北24条、北18条、北12条、さっぽろ、大通
0%
東資す狸西西中 東本願寺前、資生館小学校前、すすきの、狸小路、西4丁目、西8丁目、中央区役所前
0%
資す狸西西中西 資生館小学校前、すすきの、狸小路、西4丁目、西8丁目、中央区役所前、西15丁目
0%
す狸西西中西西 すすきの、狸小路、西4丁目、西8丁目、中央区役所前、西15丁目、西線6条
0%
狸西西中西西西 狸小路、西4丁目、西8丁目、中央区役所前、西15丁目、西線6条、西線9条旭山公園通
0%
西西中西西西西 西4丁目、西8丁目、中央区役所前、西15丁目、西線6条、西線9条旭山公園通、西線11条
0%
西狸す資東山中 西4丁目、狸小路、すすきの、資生館小学校前、東本願寺前、山鼻9条、中島公園通
0%
西西中西西狸す 西線6条、西15丁目、中央区役所前、西8丁目、西4丁目、狸小路、すすきの
0%
西西西西西ロ電 西線6条、西線9条旭山公園通、西線11条、西線14条、西線16条、ロープウェイ入口、電車事業所前
0%
大バ菊東白南南 大通、バスセンター前、菊水、東札幌、白石、南郷7丁目、南郷13丁目
0%
バ菊東白南南南 バスセンター前、菊水、東札幌、白石、南郷7丁目、南郷13丁目、南郷18丁目
0%
菊東白南南南大 菊水、東札幌、白石、南郷7丁目、南郷13丁目、南郷18丁目、大谷地
0%
東白南南南大ひ 東札幌、白石、南郷7丁目、南郷13丁目、南郷18丁目、大谷地、ひばりが丘
0%
白南南南大ひ新 白石、南郷7丁目、南郷13丁目、南郷18丁目、大谷地、ひばりが丘、新さっぽろ
0%
西中西西西西西 西8丁目、中央区役所前、西15丁目、西線6条、西線9条旭山公園通、西線11条、西線14条
0%
西西狸す資東山 西8丁目、西4丁目、狸小路、すすきの、資生館小学校前、東本願寺前、山鼻9条
0%
す資東山中行静 すすきの、資生館小学校前、東本願寺前、山鼻9条、中島公園通、行啓通、静修学園前
0%
行中山東資す狸 行啓通、中島公園通、山鼻9条、東本願寺前、資生館小学校前、すすきの、狸小路
0%
静行中山東資す 静修学園前、行啓通、中島公園通、山鼻9条、東本願寺前、資生館小学校前、すすきの
0%
西西西西ロ電中 西線9条旭山公園通、西線11条、西線14条、西線16条、ロープウェイ入口、電車事業所前、中央図書館前
0%
山中行静山幌東 山鼻9条、中島公園通、行啓通、静修学園前、山鼻19条、幌南小学校前、東屯田通
0%
資東山中行静山 資生館小学校前、東本願寺前、山鼻9条、中島公園通、行啓通、静修学園前、山鼻19条
0%
東山中行静山幌 東本願寺前、山鼻9条、中島公園通、行啓通、静修学園前、山鼻19条、幌南小学校前
0%
中山東資す狸西 中島公園通、山鼻9条、東本願寺前、資生館小学校前、すすきの、狸小路、西4丁目
0%
山東資す狸西西 山鼻9条、東本願寺前、資生館小学校前、すすきの、狸小路、西4丁目、西8丁目
0%
西西西中西西狸 西線9条旭山公園通、西線6条、西15丁目、中央区役所前、西8丁目、西4丁目、狸小路
0%
J木竜富夜大双 Jヴィレッジ、木戸、竜田、富岡、夜ノ森、大野、双葉
0%
久末広J木竜富 久ノ浜、末続、広野、Jヴィレッジ、木戸、竜田、富岡
0%
広J木竜富夜大 広野、Jヴィレッジ、木戸、竜田、富岡、夜ノ森、大野
0%
四久末広J木竜 四ツ倉、久ノ浜、末続、広野、Jヴィレッジ、木戸、竜田
0%
双大夜富竜木J 双葉、大野、夜ノ森、富岡、竜田、木戸、Jヴィレッジ
0%
大夜富竜木J広 大野、夜ノ森、富岡、竜田、木戸、Jヴィレッジ、広野
0%
末広J木竜富夜 末続、広野、Jヴィレッジ、木戸、竜田、富岡、夜ノ森
0%
木J広末久四草 木戸、Jヴィレッジ、広野、末続、久ノ浜、四ツ倉、草野
0%
夜富竜木J広末 夜ノ森、富岡、竜田、木戸、Jヴィレッジ、広野、末続
0%
竜木J広末久四 竜田、木戸、Jヴィレッジ、広野、末続、久ノ浜、四ツ倉
0%
三三津京Y京北 三崎口、三浦海岸、津久井浜、京急長沢、YRP野比、京急久里浜、北久里浜
0%
三津京Y京北新 三浦海岸、津久井浜、京急長沢、YRP野比、京急久里浜、北久里浜、新大津
0%
津京Y京北新堀 津久井浜、京急長沢、YRP野比、京急久里浜、北久里浜、新大津、堀ノ内
0%
北京Y京津三三 北久里浜、京急久里浜、YRP野比、京急長沢、津久井浜、三浦海岸、三崎口
0%
堀新北京Y京津 堀ノ内、新大津、北久里浜、京急久里浜、YRP野比、京急長沢、津久井浜
0%
No matching quizzes found
Score Distribution
Percent of People with Each Score
Percentile by Number Answered
Your Score History
You have not taken this quiz since the last reset